{"text_format":"3","workbook":"xlsx","n_sheets":31,"sheets":["List of Items & Enquiry number","Source Data","PMT Schedule Selector","Deviation Schedule","175077","175078","182712","175081","175082","182713","0175097","175098","182719","175083","175084","0182714","189879","189923","189925","175085","175086","182715","175091","175092","0182716","175095","175096","0182717","175093","175094","0182718"],"not_rendered":{"images":1,"defined_names":784},"read":"whole","date_system":"1900"}

{"sheet":"List of Items & Enquiry number","index":0,"n_rows":45,"n_cols":3,"rows_kept":45,"merged":[[0,0,0,2],[9,0,9,2],[12,0,12,2],[16,0,16,2]]}
["Steps to follow to prepare this file for tender"]
[1,"Enter the Enquiry number in the cell below (B14) so that the number is carried through to the AB Schedule Sheets"]
[1.1,"Leave enquiry number blank if not known"]
[2,"Go to Source Data worksheet and confirm the figures from columns BL to BO and EL are correct"]
[3,"Fix any other requirements on Source Data if there has been a change to the spec"]
[4,"Hide Source Data Sheet"]
[5,"Hide this sheet"]
[6,"Hide any unnecessary sheets if not needed for the tender"]
[]
["NOTE:"]
[null,"This AB schedule is only for Ester Oil options. If the the tender scope includes Ester options, please also submit the Ester Oil or Ester/Ester Schedule to the Buyer"]
[]
["Type Enquiry Number in the cell below (overtype the green text) so that it transfers to all the AB Schedules"]
[">>>","Enquiry Number: 123456XYZ"]
[]
[]
["List of Items "]
["SAP Number","Description","Schedule Name"]
["0175077","TFR 16kVA 11kV/242V COASTAL D3021","Single-phase, 16 kVA, 11 kV/242V  (Coastal, Ester Oil Only)"]
["0175078","TFR 16kVA 22kV/242V COASTAL D3021","Single-phase, 16 kVA, 22 kV/242V  (Coastal, Ester Oil Only)"]
["0182712","TRF 16kVA 33kV/242V COASTAL D3192","Single-phase, 16 kVA, 33 kV/242V  (Coastal, Ester Oil Only)"]
["0175081","TFR 25kVA 11kV/420V COASTAL D3021","Three-phase, 25 kVA, 11 kV/420V (Coastal, Ester Oil Only)"]
["0175082","TFR 25kVA 22kV/420V COASTAL D3021","Three-phase, 25 kVA, 22 kV/420V (Coastal, Ester Oil Only)"]
["0182713","TRF 25kVA 33kV/420V COASTAL D3192","Three Phase, 25 kVA, 33 kV/420V (Coastal, Ester Oil Only)"]
["0175097","TFR 32kVA 11kV/+242/-242V COASTAL D3021","Dual-phase, 32 kVA, 11 kV/+242V/-242V (Coastal, Ester Oil Only)"]
["0175098","TFR 32kVA 22kV/+242/-242V COASTAL D3021","Dual-phase, 32 kVA, 22 kV/+242V/-242V (Coastal, Ester Oil Only)"]
["0182719","TRF 32kVA 33kV/+242/-242V COASTAL D3192","Dual-phase, 32 kVA, 33 kV/+242V/-242V (Coastal, Ester Oil Only)"]
["0175083","TFR 50kVA 11kV/420V COASTAL D3021","Three Phase, 50 kVA, 11 kV/420V (Coastal, Ester Oil Only)"]
["0175084","TFR 50kVA 22kV/420V COASTAL D3021","Three-phase, 50 kVA, 22 kV/420V (Coastal, Ester Oil Only)"]
["0182714","TRF 50kVA 33kV/420V COASTAL D3192","Three Phase, 50 kVA, 33 kV/420V (Coastal, Ester Oil Only)"]
["0189879","TFR 64kVA 11kV/+242/-242V COASTAL D3021","Dual-phase, 64 kVA, 11 kV/+242V/-242V (Coastal, Ester Oil Only)"]
["0189923","TFR 64kVA 22kV/+242/-242V COASTAL D3021","Dual-phase, 64 kVA, 22 kV/+242V/-242V (Coastal, Ester Oil Only)"]
["0189925","TRF 64kVA 33kV/+242/-242V COASTAL D3192","Dual-phase, 64 kVA, 33 kV/+242V/-242V (Coastal, Ester Oil Only)"]
["0175085","TFR 100kVA 11kV/420V COASTAL D3021","Three Phase, 100 kVA, 11 kV/420V (Coastal, Ester Oil Only)"]
["0175086","TFR 100kVA 22kV/420V COASTAL D3021","Three-phase, 100 kVA, 22 kV/420V (Coastal, Ester Oil Only)"]
["0182715","TRF 100kVA 33kV/420V COASTAL D3192","Three Phase, 100 kVA, 33 kV/420V (Coastal, Ester Oil Only)"]
["0175091","TFR 200kVA 11kV/420V COASTAL D3021","Three Phase, 200 kVA, 11 kV/420V (Coastal, Ester Oil Only)"]
["0175092","TFR 200kVA 22kV/420V COASTAL D3021","Three-phase, 200 kVA, 22 kV/420V (Coastal, Ester Oil Only)"]
["0182716","TRF 200kVA 33kV/420V COASTAL D3192","Three Phase, 200 kVA, 33 kV/420V (Coastal, Ester Oil Only)"]
["0175095","TFR 315kVA 11kV/420V COASTAL D3021","Three Phase, 315 kVA, 11 kV/420V (Coastal, Ester Oil Only)"]
["0175096","TFR 315kVA 22kV/420V COASTAL D3021","Three-phase, 315 kVA, 22 kV/420V (Coastal, Ester Oil Only)"]
["0182717","TRF 315kVA 33kV/420V COASTAL D3192","Three Phase, 315 kVA, 33 kV/420V (Coastal, Ester Oil Only)"]
["0175093","TFR 500kVA 11kV/420V COASTAL D3021","Three Phase, 500 kVA, 11 kV/420V (Coastal, Ester Oil Only)"]
["0175094","TFR 500kVA 22kV/420V COASTAL D3021","Three-phase, 500 kVA, 22 kV/420V (Coastal, Ester Oil Only)"]
["0182718","TRF 500kVA 33kV/420V COASTAL D3192","Three Phase, 500 kVA, 33 kV/420V (Coastal, Ester Oil Only)"]

{"sheet":"Source Data","index":1,"n_rows":29,"n_cols":142,"rows_kept":29}
["Select Pole Mounted Transformer (kVA, kV) here!","Identification","Name of manufacturer","Name of supplier","Product code for Inland transformers","Product code for Coastal transformers","Are the transformers covered by the SABS  certification mark?","State SABS 780 permit number","Oil Type","Ratings","Power rating","Rated primary voltage","Rated no-load secondary voltage","Frequency","Number of phases","Vector Group","Insulation levels","BIL - Primary","BIL - Secondary","Power frequency withstand voltage - Primary","Power frequency withstand voltage – Secondary","Inter-turn winding insulation","Type (Enamel or Paper)","Enamel grade (if applicable)","Paper thickness (if applicable)","Paper type (if applicable)","Paper make (if applicable)","Paper minimum impulse withstand","Paper minimum power frequency withstand ","Inter-turn winding insulation stres","Interlayer insulation","Highest interlayer stress in non-tap part of winding (<5kV/mm is not acceptable as the calculated value must be presented)","Highest interlayer stress in tap part of winding (<5kV/mm is not acceptable as the calculated value must be presented)","Paper type.","Paper make.","Tapping connections","Type ","Tapping range","MV Bushings for Inland transformers","Make ","Product code","Material (e.g. Porcelain)","Specific creepage distance","Clamping","Type","Stem diameter","MV Bushings for Coastal Transformers","Make ","Product code","Material (e.g. Porcelain)","Specific creepage distance","Clamping","Type","Stem diameter","LV Bushings","Make ","Product code","Material (e.g. Porcelain)","Stem diameter","Supplied with flag ","Flag supplied with 2 x M12 x 40 mm set screws, 4 x flatwashers, 2 x spring washers and 2 x nuts","Losses","Loss factor base (Cost of Dx or Gx) ","No-load Loss Factor, NLLF ","Load Loss Factor, LLF","Guaranteed no-load losses, PNL","Guaranteed load losses, PLL","Impedance voltage & X/R ratio","Impedance at principle tapping (specific design impedances to be stated)","X/R ratio","Audio-sound level (clause 8.5.3 of SANS 780)","Maximum limit of transformer audio-sound level","MV winding wire","Material (e.g. Cu or Al)","Type (e.g. Round, Strip or Foil)","LV winding wire","Material (e.g. Cu or Al)","Type (e.g. Round, Strip or Foil)","Core material","Core material ","Type/code ","Maximum Flux Density of Material","Supplier","Tank and tank cover","Tank type: Sealed","Plain, rigid or corrugated","Transformer dimensions","Wo (including surge arrester)","Lo","Ht","Mass","Oil capacity","Minimum clearance between live MV terminals and from MV live terminals to any part of the tank greater than twice the BIL ","Minimum mechanical clearance of 100 mm between the brackets and LV bushings shall be maintained","Pole mounting bracket","Single pole mounting bracket required? (Yes or No)","Supplied with: - 2 x clamps","                     - 1 x threaded rod (M20 x 350 mm)","                     - 4 x threaded rods (M20 x 250 mm)","                     - 12 x nuts, flat washers & spring washers (M20)","Dimension Mo","Dimension h1","Dimension W1","Mounting hole diameter","Mounting hole centres","Transformer under base","Under base required? (Yes or No)","Lml","Lmw (300, 400 or 450)","Ls","Lmh","Mounting hole diameter","Lifting lugs","Lifting lugs fitted","Hole diameter","Earthing terminals","Boss material ","Boss depth","Set screw material","Set screw dimensions","Supplied with washer and spring washer","Surge arrester brackets","Surge arrester brackets fitted","Mounting hole diameter","Dimension D (worst case)","Dimension E (worst case)","Dimension F (worst case)","Corrosion protection Inland transformers","Indicate the coating system (i.e. DS numbers according to DSP 240-75655504) that is offered. (e.g. DS-7 for mild steel)","Tank ","Radiators","Threaded rods and accessories","Colour of final coat","Corrosion protection for Coastal transformers","Indicate the coating system (i.e. DS numbers according to DSP 240-75655504) that is offered. (e.g. DS-14 + DS-15 for zinc sprayed mild steel with duplex coating)","Tank ","Radiators","Threaded rods and accessories","Colour of final coat","All Type Tests in Accordance with SANS 780:","All Routine Tests in Accordance with SANS 780","Amorphous Losses (Guaranteed no-load losses, PNL)"]
["Single-phase, 16 kVA, 11 kV/242V  (Coastal, Ester Oil Only)",null,"xxxxxxxxxxx","xxxxxxxxxxx","xxxxxxxxxxx","xxxxxxxxxxx","xxxxxxxxxxx","xxxxxxxxxxx","Ester Oil",null,16,11,242,50,"1 ph","N/A",null,95,30,28,8,null,"xxxxxxxxxxx","Grade 3","> 0.125","xxxxxxxxxxx","xxxxxxxxxxx",21,8,"<5",null,"< 5","< 5 ","xxxxxxxxxxx","xxxxxxxxxxx",null,"External","0, +2.5 , +5",null,"xxxxxxxxxxx","xxxxxxxxxxx","xxxxxxxxxxx","≥ 31","Base","Draw lead","M12",null,"xxxxxxxxxxx","xxxxxxxxxxx","xxxxxxxxxxx","≥ 31","Base","Draw lead","M12",null,"xxxxxxxxxxx","xxxxxxxxxxx","xxxxxxxxxxx","M12","Yes","Yes",null,"Distribution",{"v":80500,"d":"80,500"},{"v":17500,"d":"17,500"},49,320,null,"3,0 to 4,5","xxxxxxxxxx",null,"≤ 48 ",null,"xxxxxxxxxxx","xxxxxxxxxxx",null,"xxxxxxxxxxx","xxxxxxxxxxx",null,"Steel or Amporphous","xxxxxxxxxxx","xxxxxxxxxxx","xxxxxxxxxxx",null,"Sealed","xxxxxxxxxx",null,"≤ 1 080 ","≤ 1 500 ","≤ 1 500 ","≤ 900 ","xxxxxxxxxxx",{"$f":"2*R2","v":190},100,null,"Yes","Yes","Yes","Yes","Yes",400,"≤ 400 ","≤ 450 ",22,146,null,"No",400,"xxxxxxxxxxx","≥ 320","≤ 120 ",22,null,"Yes","≥ 30 ",null,"316 Stainless Steel or Mild Steel","≥ 30","316 Stainless Steel or Mild Steel","M12 x 25 ","Yes",null,"Yes",14,"≥ 200","≥ 190 ","≥ 150",null,null,"xxxxxxxxxxx","xxxxxxxxxxx","xxxxxxxxxxx","Avocado",null,null,"xxxxxxxxxxx","xxxxxxxxxxx","xxxxxxxxxxx","Azure Blue","Report Numbers","Report Numbers",23]
["Single-phase, 16 kVA, 22 kV/242V  (Coastal, Ester Oil Only)",null,"xxxxxxxxxxx","xxxxxxxxxxx","xxxxxxxxxxx","xxxxxxxxxxx","xxxxxxxxxxx","xxxxxxxxxxx","Ester Oil",null,16,22,242,50,"1 ph","N/A",null,150,30,50,8,null,"xxxxxxxxxxx","Grade 3","> 0.125","xxxxxxxxxxx","xxxxxxxxxxx",21,8,"<5",null,"< 5","< 5 ","xxxxxxxxxxx","xxxxxxxxxxx",null,"External","0, +2.5 , +5",null,"xxxxxxxxxxx","xxxxxxxxxxx","xxxxxxxxxxx","≥ 31","Base","Draw lead","M12",null,"xxxxxxxxxxx","xxxxxxxxxxx","xxxxxxxxxxx","≥ 31","Base","Draw lead","M12",null,"xxxxxxxxxxx","xxxxxxxxxxx","xxxxxxxxxxx","M12","Yes","Yes",null,"Distribution",{"v":80500,"d":"80,500"},{"v":17500,"d":"17,500"},49,320,null,"3,0 to 4,5","xxxxxxxxxx",null,"≤ 48 ",null,"xxxxxxxxxxx","xxxxxxxxxxx",null,"xxxxxxxxxxx","xxxxxxxxxxx",null,"Steel or Amporphous","xxxxxxxxxxx","xxxxxxxxxxx","xxxxxxxxxxx",null,"Sealed","xxxxxxxxxx",null,"≤ 1 080 ","≤ 1 500 ","≤ 1 500 ","≤ 900 ","xxxxxxxxxxx",{"$f":"2*R3","v":300},100,null,"Yes","Yes","Yes","Yes","Yes",400,"≤ 400 ","≤ 450 ",22,146,null,"No",400,"xxxxxxxxxxx","≥ 320","≤ 120 ",22,null,"Yes","≥ 30 ",null,"316 Stainless Steel or Mild Steel","≥ 30","316 Stainless Steel or Mild Steel","M12 x 25 ","Yes",null,"Yes",14,"≥ 200","≥ 300 ","≥ 150",null,null,"xxxxxxxxxxx","xxxxxxxxxxx","xxxxxxxxxxx","Avocado",null,null,"xxxxxxxxxxx","xxxxxxxxxxx","xxxxxxxxxxx","Azure Blue","Report Numbers","Report Numbers",23]
["Single-phase, 16 kVA, 33 kV/242V  (Coastal, Ester Oil Only)",null,"xxxxxxxxxxx","xxxxxxxxxxx","xxxxxxxxxxx","xxxxxxxxxxx","xxxxxxxxxxx","xxxxxxxxxxx","Ester Oil",null,16,33,242,50,"1 ph","N/A",null,200,30,70,8,null,"xxxxxxxxxxx","Grade 3","> 0.125","xxxxxxxxxxx","xxxxxxxxxxx",21,8,"<5",null,"< 5","< 5 ","xxxxxxxxxxx","xxxxxxxxxxx",null,"External","0, +2.5 , +5",null,"xxxxxxxxxxx","xxxxxxxxxxx","xxxxxxxxxxx","≥ 31","Base","Draw lead","M12",null,"xxxxxxxxxxx","xxxxxxxxxxx","xxxxxxxxxxx","≥ 31","Base","Draw lead","M12",null,"xxxxxxxxxxx","xxxxxxxxxxx","xxxxxxxxxxx","M12","Yes","Yes",null,"Distribution",{"v":80500,"d":"80,500"},{"v":17500,"d":"17,500"},49,320,null,"3,0 to 4,5","xxxxxxxxxx",null,"≤ 48 ",null,"xxxxxxxxxxx","xxxxxxxxxxx",null,"xxxxxxxxxxx","xxxxxxxxxxx",null,"Steel or Amporphous","xxxxxxxxxxx","xxxxxxxxxxx","xxxxxxxxxxx",null,"Sealed","xxxxxxxxxx",null,"≤ 1 080 ","≤ 1 500 ","≤ 1 500 ","≤ 900 ","xxxxxxxxxxx",400,100,null,"Yes","Yes","Yes","Yes","Yes",400,"≤ 400 ","≤ 450 ",22,146,null,"No",400,"xxxxxxxxxxx","≥ 320","≤ 120 ",22,null,"Yes","≥ 30 ",null,"316 Stainless Steel or Mild Steel","≥ 30","316 Stainless Steel or Mild Steel","M12 x 25 ","Yes",null,"Yes",14,"≥ 200","≥ 400 ","≥ 150",null,null,"xxxxxxxxxxx","xxxxxxxxxxx","xxxxxxxxxxx","Avocado",null,null,"xxxxxxxxxxx","xxxxxxxxxxx","xxxxxxxxxxx","Azure Blue","Report Numbers","Report Numbers",23]
["Three-phase, 25 kVA, 11 kV/420V (Coastal, Ester Oil Only)",null,"xxxxxxxxxxx","xxxxxxxxxxx","xxxxxxxxxxx","xxxxxxxxxxx","xxxxxxxxxxx","xxxxxxxxxxx","Ester Oil",null,25,11,420,50,"3ph","Dyn11 or Yzn11",null,95,30,28,8,null,"xxxxxxxxxxx","Grade 3","> 0.125","xxxxxxxxxxx","xxxxxxxxxxx",21,8,"<5",null,"< 5","< 5 ","xxxxxxxxxxx","xxxxxxxxxxx",null,"Switch","0, ±2.5, ±5",null,"xxxxxxxxxxx","xxxxxxxxxxx","xxxxxxxxxxx","≥ 31","Base","Draw lead","M12",null,"xxxxxxxxxxx","xxxxxxxxxxx","xxxxxxxxxxx","≥ 31","Base","Draw lead","M12",null,"xxxxxxxxxxx","xxxxxxxxxxx","xxxxxxxxxxx","M12","Yes","Yes",null,"Distribution",{"v":80500,"d":"80,500"},{"v":17500,"d":"17,500"},70,520,null,"3,0 to 4,5","xxxxxxxxxx",null,"≤ 48 ",null,"xxxxxxxxxxx","xxxxxxxxxxx",null,"xxxxxxxxxxx","xxxxxxxxxxx",null,"Steel or Amporphous","xxxxxxxxxxx","xxxxxxxxxxx","xxxxxxxxxxx",null,"Sealed","xxxxxxxxxx",null,"≤ 1 080 ","≤ 1 500 ","≤ 1 500 ","≤ 900 ","xxxxxxxxxxx",190,100,null,"Yes","Yes","Yes","Yes","Yes",400,"≤ 400 ","≤ 450 ",22,146,null,"Yes",400,"xxxxxxxxxxx","≥ 320","≤ 120 ",22,null,"Yes","≥ 30 ",null,"316 Stainless Steel or Mild Steel","≥ 30","316 Stainless Steel or Mild Steel","M12 x 25 ","Yes",null,"Yes",14,"≥ 200","≥ 190","≥ 150",null,null,"xxxxxxxxxxx","xxxxxxxxxxx","xxxxxxxxxxx","Avocado",null,null,"xxxxxxxxxxx","xxxxxxxxxxx","xxxxxxxxxxx","Azure Blue","Report Numbers","Report Numbers",30]
["Three-phase, 25 kVA, 22 kV/420V (Coastal, Ester Oil Only)",null,"xxxxxxxxxxx","xxxxxxxxxxx","xxxxxxxxxxx","xxxxxxxxxxx","xxxxxxxxxxx","xxxxxxxxxxx","Ester Oil",null,25,22,420,50,"3ph","Dyn11 or Yzn11",null,150,30,50,8,null,"xxxxxxxxxxx","Grade 3","> 0.125","xxxxxxxxxxx","xxxxxxxxxxx",21,8,"<5",null,"< 5","< 5 ","xxxxxxxxxxx","xxxxxxxxxxx",null,"Switch","0, ±2.5, ±5",null,"xxxxxxxxxxx","xxxxxxxxxxx","xxxxxxxxxxx","≥ 31","Base","Draw lead","M12",null,"xxxxxxxxxxx","xxxxxxxxxxx","xxxxxxxxxxx","≥ 31","Base","Draw lead","M12",null,"xxxxxxxxxxx","xxxxxxxxxxx","xxxxxxxxxxx","M12","Yes","Yes",null,"Distribution",{"v":80500,"d":"80,500"},{"v":17500,"d":"17,500"},70,520,null,"3,0 to 4,5","xxxxxxxxxx",null,"≤ 48 ",null,"xxxxxxxxxxx","xxxxxxxxxxx",null,"xxxxxxxxxxx","xxxxxxxxxxx",null,"Steel or Amporphous","xxxxxxxxxxx","xxxxxxxxxxx","xxxxxxxxxxx",null,"Sealed","xxxxxxxxxx",null,"≤ 1 080 ","≤ 1 500 ","≤ 1 500 ","≤ 900 ","xxxxxxxxxxx",300,100,null,"Yes","Yes","Yes","Yes","Yes",400,"≤ 400 ","≤ 450 ",22,146,null,"Yes",400,"xxxxxxxxxxx","≥ 320","≤ 120 ",22,null,"Yes","≥ 30 ",null,"316 Stainless Steel or Mild Steel","≥ 30","316 Stainless Steel or Mild Steel","M12 x 25 ","Yes",null,"Yes",14,"≥ 200","≥ 300","≥ 150",null,null,"xxxxxxxxxxx","xxxxxxxxxxx","xxxxxxxxxxx","Avocado",null,null,"xxxxxxxxxxx","xxxxxxxxxxx","xxxxxxxxxxx","Azure Blue","Report Numbers","Report Numbers",30]
["Three Phase, 25 kVA, 33 kV/420V (Coastal, Ester Oil Only)",null,"xxxxxxxxxxx","xxxxxxxxxxx","xxxxxxxxxxx","xxxxxxxxxxx","xxxxxxxxxxx","xxxxxxxxxxx","Ester Oil",null,25,33,420,50,"3ph","Dyn11 or Yzn11",null,200,30,70,8,null,"xxxxxxxxxxx","Grade 3","> 0.125","xxxxxxxxxxx","xxxxxxxxxxx",21,8,"<5",null,"< 5","< 5 ","xxxxxxxxxxx","xxxxxxxxxxx",null,"Switch","0, ±2.5, ±5",null,"xxxxxxxxxxx","xxxxxxxxxxx","xxxxxxxxxxx","≥ 31","Base","Draw lead","M12",null,"xxxxxxxxxxx","xxxxxxxxxxx","xxxxxxxxxxx","≥ 31","Base","Draw lead","M12",null,"xxxxxxxxxxx","xxxxxxxxxxx","xxxxxxxxxxx","M12","Yes","Yes",null,"Distribution",{"v":80500,"d":"80,500"},{"v":17500,"d":"17,500"},70,520,null,"3,0 to 4,5","xxxxxxxxxx",null,"≤ 48 ",null,"xxxxxxxxxxx","xxxxxxxxxxx",null,"xxxxxxxxxxx","xxxxxxxxxxx",null,"Steel or Amporphous","xxxxxxxxxxx","xxxxxxxxxxx","xxxxxxxxxxx",null,"Sealed","xxxxxxxxxx",null,"≤ 1 080 ","≤ 1 500 ","≤ 1 500 ","≤ 900 ","xxxxxxxxxxx",400,100,null,"Yes","Yes","Yes","Yes","Yes",400,"≤ 400 ","≤ 450 ",22,146,null,"Yes",400,"xxxxxxxxxxx","≥ 320","≤ 120 ",22,null,"Yes","≥ 30 ",null,"316 Stainless Steel or Mild Steel","≥ 30","316 Stainless Steel or Mild Steel","M12 x 25 ","Yes",null,"Yes",14,"≥ 200","≥ 400 ","≥ 150",null,null,"xxxxxxxxxxx","xxxxxxxxxxx","xxxxxxxxxxx","Avocado",null,null,"xxxxxxxxxxx","xxxxxxxxxxx","xxxxxxxxxxx","Azure Blue","Report Numbers","Report Numbers",30]
["Dual-phase, 32 kVA, 11 kV/+242V/-242V (Coastal, Ester Oil Only)",null,"xxxxxxxxxxx","xxxxxxxxxxx","xxxxxxxxxxx","xxxxxxxxxxx","xxxxxxxxxxx","xxxxxxxxxxx","Ester Oil",null,32,11,"±242",50,"2ph","N/A",null,95,30,28,8,null,"xxxxxxxxxxx","Grade 3","> 0.125","xxxxxxxxxxx","xxxxxxxxxxx",21,8,"<5",null,"< 5","< 5 ","xxxxxxxxxxx","xxxxxxxxxxx",null,"Switch","0, ±2.5, ±5",null,"xxxxxxxxxxx","xxxxxxxxxxx","xxxxxxxxxxx","≥ 31","Base","Draw lead","M12",null,"xxxxxxxxxxx","xxxxxxxxxxx","xxxxxxxxxxx","≥ 31","Base","Draw lead","M12",null,"xxxxxxxxxxx","xxxxxxxxxxx","xxxxxxxxxxx","M12","Yes","Yes",null,"Distribution",{"v":80500,"d":"80,500"},{"v":17500,"d":"17,500"},76,540,null,"3,0 to 4,5","xxxxxxxxxx",null,"≤ 48 ",null,"xxxxxxxxxxx","xxxxxxxxxxx",null,"xxxxxxxxxxx","xxxxxxxxxxx",null,"Steel or Amporphous","xxxxxxxxxxx","xxxxxxxxxxx","xxxxxxxxxxx",null,"Sealed","xxxxxxxxxx",null,"≤ 1 080 ","≤ 1 500 ","≤ 1 500 ","≤ 900 ","xxxxxxxxxxx",190,100,null,"Yes","Yes","Yes","Yes","Yes",400,"≤ 400 ","≤ 450 ",22,146,null,"No",400,"xxxxxxxxxxx","≥ 320","≤ 120 ",22,null,"Yes","≥ 30 ",null,"316 Stainless Steel or Mild Steel","≥ 30","316 Stainless Steel or Mild Steel","M12 x 25 ","Yes",null,"Yes",14,"≥ 200","≥ 190","≥ 150",null,null,"xxxxxxxxxxx","xxxxxxxxxxx","xxxxxxxxxxx","Avocado",null,null,"xxxxxxxxxxx","xxxxxxxxxxx","xxxxxxxxxxx","Azure Blue","Report Numbers","Report Numbers",36]
["Dual-phase, 32 kVA, 22 kV/+242V/-242V (Coastal, Ester Oil Only)",null,"xxxxxxxxxxx","xxxxxxxxxxx","xxxxxxxxxxx","xxxxxxxxxxx","xxxxxxxxxxx","xxxxxxxxxxx","Ester Oil",null,32,22,"±242",50,"2ph","N/A",null,150,30,50,8,null,"xxxxxxxxxxx","Grade 3","> 0.125","xxxxxxxxxxx","xxxxxxxxxxx",21,8,"<5",null,"< 5","< 5 ","xxxxxxxxxxx","xxxxxxxxxxx",null,"Switch","0, ±2.5, ±5",null,"xxxxxxxxxxx","xxxxxxxxxxx","xxxxxxxxxxx","≥ 31","Base","Draw lead","M12",null,"xxxxxxxxxxx","xxxxxxxxxxx","xxxxxxxxxxx","≥ 31","Base","Draw lead","M12",null,"xxxxxxxxxxx","xxxxxxxxxxx","xxxxxxxxxxx","M12","Yes","Yes",null,"Distribution",{"v":80500,"d":"80,500"},{"v":17500,"d":"17,500"},76,540,null,"3,0 to 4,5","xxxxxxxxxx",null,"≤ 48 ",null,"xxxxxxxxxxx","xxxxxxxxxxx",null,"xxxxxxxxxxx","xxxxxxxxxxx",null,"Steel or Amporphous","xxxxxxxxxxx","xxxxxxxxxxx","xxxxxxxxxxx",null,"Sealed","xxxxxxxxxx",null,"≤ 1 080 ","≤ 1 500 ","≤ 1 500 ","≤ 900 ","xxxxxxxxxxx",300,100,null,"Yes","Yes","Yes","Yes","Yes",400,"≤ 400 ","≤ 450 ",22,146,null,"No",400,"xxxxxxxxxxx","≥ 320","≤ 120 ",22,null,"Yes","≥ 30 ",null,"316 Stainless Steel or Mild Steel","≥ 30","316 Stainless Steel or Mild Steel","M12 x 25 ","Yes",null,"Yes",14,"≥ 200","≥ 300","≥ 150",null,null,"xxxxxxxxxxx","xxxxxxxxxxx","xxxxxxxxxxx","Avocado",null,null,"xxxxxxxxxxx","xxxxxxxxxxx","xxxxxxxxxxx","Azure Blue","Report Numbers","Report Numbers",36]
["Dual-phase, 32 kVA, 33 kV/+242V/-242V (Coastal, Ester Oil Only)",null,"xxxxxxxxxxx","xxxxxxxxxxx","xxxxxxxxxxx","xxxxxxxxxxx","xxxxxxxxxxx","xxxxxxxxxxx","Ester Oil",null,32,33,"±242",50,"2ph","N/A",null,200,30,70,8,null,"xxxxxxxxxxx","Grade 3","> 0.125","xxxxxxxxxxx","xxxxxxxxxxx",21,8,"<5",null,"< 5","< 5 ","xxxxxxxxxxx","xxxxxxxxxxx",null,"Switch","0, ±2.5, ±5",null,"xxxxxxxxxxx","xxxxxxxxxxx","xxxxxxxxxxx","≥ 31","Base","Draw lead","M12",null,"xxxxxxxxxxx","xxxxxxxxxxx","xxxxxxxxxxx","≥ 31","Base","Draw lead","M12",null,"xxxxxxxxxxx","xxxxxxxxxxx","xxxxxxxxxxx","M12","Yes","Yes",null,"Distribution",{"v":80500,"d":"80,500"},{"v":17500,"d":"17,500"},190,630,null,"3,0 to 4,5","xxxxxxxxxx",null,"≤ 48 ",null,"xxxxxxxxxxx","xxxxxxxxxxx",null,"xxxxxxxxxxx","xxxxxxxxxxx",null,"Steel or Amporphous","xxxxxxxxxxx","xxxxxxxxxxx","xxxxxxxxxxx",null,"Sealed","xxxxxxxxxx",null,"≤ 1 080 ","≤ 1 500 ","≤ 1 500 ","≤ 900 ","xxxxxxxxxxx",400,100,null,"Yes","Yes","Yes","Yes","Yes",400,"≤ 400 ","≤ 450 ",22,146,null,"No",400,"xxxxxxxxxxx","≥ 320","≤ 120 ",22,null,"Yes","≥ 30 ",null,"316 Stainless Steel or Mild Steel","≥ 30","316 Stainless Steel or Mild Steel","M12 x 25 ","Yes",null,"Yes",14,"≥ 200","≥ 400 ","≥ 150",null,null,"xxxxxxxxxxx","xxxxxxxxxxx","xxxxxxxxxxx","Avocado",null,null,"xxxxxxxxxxx","xxxxxxxxxxx","xxxxxxxxxxx","Azure Blue","Report Numbers","Report Numbers",36]
["Three Phase, 50 kVA, 11 kV/420V (Coastal, Ester Oil Only)",null,"xxxxxxxxxxx","xxxxxxxxxxx","xxxxxxxxxxx","xxxxxxxxxxx","xxxxxxxxxxx","xxxxxxxxxxx","Ester Oil",null,50,11,420,50,"3ph","Dyn11 or Yzn11",null,95,30,28,8,null,"xxxxxxxxxxx","Grade 3","> 0.125","xxxxxxxxxxx","xxxxxxxxxxx",21,8,"<5",null,"< 5","< 5 ","xxxxxxxxxxx","xxxxxxxxxxx",null,"Switch","0, ±2.5, ±5",null,"xxxxxxxxxxx","xxxxxxxxxxx","xxxxxxxxxxx","≥ 31","Base","Draw lead","M12",null,"xxxxxxxxxxx","xxxxxxxxxxx","xxxxxxxxxxx","≥ 31","Base","Draw lead","M12",null,"xxxxxxxxxxx","xxxxxxxxxxx","xxxxxxxxxxx","M12","Yes","Yes",null,"Distribution",{"v":80500,"d":"80,500"},{"v":17500,"d":"17,500"},110,880,null,"3,0 to 4,5","xxxxxxxxxx",null,"≤ 48 ",null,"xxxxxxxxxxx","xxxxxxxxxxx",null,"xxxxxxxxxxx","xxxxxxxxxxx",null,"Steel or Amporphous","xxxxxxxxxxx","xxxxxxxxxxx","xxxxxxxxxxx",null,"Sealed","xxxxxxxxxx",null,"≤ 1 080 ","≤ 1 500 ","≤ 1 500 ","≤ 900 ","xxxxxxxxxxx",190,100,null,"Yes","Yes","Yes","Yes","Yes",400,"≤ 400 ","≤ 450 ",22,146,null,"Yes",400,"xxxxxxxxxxx","≥ 320","≤ 120 ",22,null,"Yes","≥ 30 ",null,"316 Stainless Steel or Mild Steel","≥ 30","316 Stainless Steel or Mild Steel","M12 x 25 ","Yes",null,"Yes",14,"≥ 200","≥ 190","≥ 150",null,null,"xxxxxxxxxxx","xxxxxxxxxxx","xxxxxxxxxxx","Avocado",null,null,"xxxxxxxxxxx","xxxxxxxxxxx","xxxxxxxxxxx","Azure Blue","Report Numbers","Report Numbers",40]
["Three-phase, 50 kVA, 22 kV/420V (Coastal, Ester Oil Only)",null,"xxxxxxxxxxx","xxxxxxxxxxx","xxxxxxxxxxx","xxxxxxxxxxx","xxxxxxxxxxx","xxxxxxxxxxx","Ester Oil",null,50,22,420,50,"3ph","Dyn11 or Yzn11",null,150,30,50,8,null,"xxxxxxxxxxx","Grade 3","> 0.125","xxxxxxxxxxx","xxxxxxxxxxx",21,8,"<5",null,"< 5","< 5 ","xxxxxxxxxxx","xxxxxxxxxxx",null,"Switch","0, ±2.5, ±5",null,"xxxxxxxxxxx","xxxxxxxxxxx","xxxxxxxxxxx","≥ 31","Base","Draw lead","M12",null,"xxxxxxxxxxx","xxxxxxxxxxx","xxxxxxxxxxx","≥ 31","Base","Draw lead","M12",null,"xxxxxxxxxxx","xxxxxxxxxxx","xxxxxxxxxxx","M12","Yes","Yes",null,"Distribution",{"v":80500,"d":"80,500"},{"v":17500,"d":"17,500"},110,880,null,"3,0 to 4,5","xxxxxxxxxx",null,"≤ 48 ",null,"xxxxxxxxxxx","xxxxxxxxxxx",null,"xxxxxxxxxxx","xxxxxxxxxxx",null,"Steel or Amporphous","xxxxxxxxxxx","xxxxxxxxxxx","xxxxxxxxxxx",null,"Sealed","xxxxxxxxxx",null,"≤ 1 080 ","≤ 1 500 ","≤ 1 500 ","≤ 900 ","xxxxxxxxxxx",300,100,null,"Yes","Yes","Yes","Yes","Yes",400,"≤ 400 ","≤ 450 ",22,146,null,"Yes",400,"xxxxxxxxxxx","≥ 320","≤ 120 ",22,null,"Yes","≥ 30 ",null,"316 Stainless Steel or Mild Steel","≥ 30","316 Stainless Steel or Mild Steel","M12 x 25 ","Yes",null,"Yes",14,"≥ 200","≥ 300","≥ 150",null,null,"xxxxxxxxxxx","xxxxxxxxxxx","xxxxxxxxxxx","Avocado",null,null,"xxxxxxxxxxx","xxxxxxxxxxx","xxxxxxxxxxx","Azure Blue","Report Numbers","Report Numbers",40]
["Three Phase, 50 kVA, 33 kV/420V (Coastal, Ester Oil Only)",null,"xxxxxxxxxxx","xxxxxxxxxxx","xxxxxxxxxxx","xxxxxxxxxxx","xxxxxxxxxxx","xxxxxxxxxxx","Ester Oil",null,50,33,420,50,"3ph","Dyn11 or Yzn11",null,200,30,70,8,null,"xxxxxxxxxxx","Grade 3","> 0.125","xxxxxxxxxxx","xxxxxxxxxxx",21,8,"<5",null,"< 5","< 5 ","xxxxxxxxxxx","xxxxxxxxxxx",null,"Switch","0, ±2.5, ±5",null,"xxxxxxxxxxx","xxxxxxxxxxx","xxxxxxxxxxx","≥ 31","Base","Draw lead","M12",null,"xxxxxxxxxxx","xxxxxxxxxxx","xxxxxxxxxxx","≥ 31","Base","Draw lead","M12",null,"xxxxxxxxxxx","xxxxxxxxxxx","xxxxxxxxxxx","M12","Yes","Yes",null,"Distribution",{"v":80500,"d":"80,500"},{"v":17500,"d":"17,500"},110,880,null,"3,0 to 4,5","xxxxxxxxxx",null,"≤ 48 ",null,"xxxxxxxxxxx","xxxxxxxxxxx",null,"xxxxxxxxxxx","xxxxxxxxxxx",null,"Steel or Amporphous","xxxxxxxxxxx","xxxxxxxxxxx","xxxxxxxxxxx",null,"Sealed","xxxxxxxxxx",null,"≤ 1 080 ","≤ 1 500 ","≤ 1 500 ","≤ 900 ","xxxxxxxxxxx",400,100,null,"Yes","Yes","Yes","Yes","Yes",400,"≤ 400 ","≤ 450 ",22,146,null,"Yes",400,"xxxxxxxxxxx","≥ 320","≤ 120 ",22,null,"Yes","≥ 30 ",null,"316 Stainless Steel or Mild Steel","≥ 30","316 Stainless Steel or Mild Steel","M12 x 25 ","Yes",null,"Yes",14,"≥ 200","≥ 400 ","≥ 150",null,null,"xxxxxxxxxxx","xxxxxxxxxxx","xxxxxxxxxxx","Avocado",null,null,"xxxxxxxxxxx","xxxxxxxxxxx","xxxxxxxxxxx","Azure Blue","Report Numbers","Report Numbers",40]
["Dual-phase, 64 kVA, 11 kV/+242V/-242V (Coastal, Ester Oil Only)",null,"xxxxxxxxxxx","xxxxxxxxxxx","xxxxxxxxxxx","xxxxxxxxxxx","xxxxxxxxxxx","xxxxxxxxxxx","Ester Oil",null,64,11,"±242",50,"2ph","N/A",null,95,30,28,8,null,"xxxxxxxxxxx","Grade 3","> 0.125","xxxxxxxxxxx","xxxxxxxxxxx",21,8,"<5",null,"< 5","< 5 ","xxxxxxxxxxx","xxxxxxxxxxx",null,"Switch","0, ±2.5, ±5",null,"xxxxxxxxxxx","xxxxxxxxxxx","xxxxxxxxxxx","≥ 31","Base","Draw lead","M12",null,"xxxxxxxxxxx","xxxxxxxxxxx","xxxxxxxxxxx","≥ 31","Base","Draw lead","M12",null,"xxxxxxxxxxx","xxxxxxxxxxx","xxxxxxxxxxx","M12","Yes","Yes",null,"Distribution",{"v":80500,"d":"80,500"},{"v":17500,"d":"17,500"},119,910,null,"3,0 to 4,5","xxxxxxxxxx",null,"≤ 48 ",null,"xxxxxxxxxxx","xxxxxxxxxxx",null,"xxxxxxxxxxx","xxxxxxxxxxx",null,"Steel or Amporphous","xxxxxxxxxxx","xxxxxxxxxxx","xxxxxxxxxxx",null,"Sealed","xxxxxxxxxx",null,"≤ 1 080 ","≤ 1 500 ","≤ 1 500 ","≤ 900 ","xxxxxxxxxxx",190,100,null,"Yes","Yes","Yes","Yes","Yes",400,"≤ 400 ","≤ 450 ",22,146,null,"No",400,"xxxxxxxxxxx","≥ 320","≤ 120 ",22,null,"Yes","≥ 30 ",null,"316 Stainless Steel or Mild Steel","≥ 30","316 Stainless Steel or Mild Steel","M12 x 25 ","Yes",null,"Yes",14,"≥ 200","≥ 190","≥ 150",null,null,"xxxxxxxxxxx","xxxxxxxxxxx","xxxxxxxxxxx","Avocado",null,null,"xxxxxxxxxxx","xxxxxxxxxxx","xxxxxxxxxxx","Azure Blue","Report Numbers","Report Numbers",57]
["Dual-phase, 64 kVA, 22 kV/+242V/-242V (Coastal, Ester Oil Only)",null,"xxxxxxxxxxx","xxxxxxxxxxx","xxxxxxxxxxx","xxxxxxxxxxx","xxxxxxxxxxx","xxxxxxxxxxx","Ester Oil",null,64,22,"±242",50,"2ph","N/A",null,150,30,50,8,null,"xxxxxxxxxxx","Grade 3","> 0.125","xxxxxxxxxxx","xxxxxxxxxxx",21,8,"<5",null,"< 5","< 5 ","xxxxxxxxxxx","xxxxxxxxxxx",null,"Switch","0, ±2.5, ±5",null,"xxxxxxxxxxx","xxxxxxxxxxx","xxxxxxxxxxx","≥ 31","Base","Draw lead","M12",null,"xxxxxxxxxxx","xxxxxxxxxxx","xxxxxxxxxxx","≥ 31","Base","Draw lead","M12",null,"xxxxxxxxxxx","xxxxxxxxxxx","xxxxxxxxxxx","M12","Yes","Yes",null,"Distribution",{"v":80500,"d":"80,500"},{"v":17500,"d":"17,500"},119,910,null,"3,0 to 4,5","xxxxxxxxxx",null,"≤ 48 ",null,"xxxxxxxxxxx","xxxxxxxxxxx",null,"xxxxxxxxxxx","xxxxxxxxxxx",null,"Steel or Amporphous","xxxxxxxxxxx","xxxxxxxxxxx","xxxxxxxxxxx",null,"Sealed","xxxxxxxxxx",null,"≤ 1 080 ","≤ 1 500 ","≤ 1 500 ","≤ 900 ","xxxxxxxxxxx",300,100,null,"Yes","Yes","Yes","Yes","Yes",400,"≤ 400 ","≤ 450 ",22,146,null,"No",400,"xxxxxxxxxxx","≥ 320","≤ 120 ",22,null,"Yes","≥ 30 ",null,"316 Stainless Steel or Mild Steel","≥ 30","316 Stainless Steel or Mild Steel","M12 x 25 ","Yes",null,"Yes",14,"≥ 200","≥ 300","≥ 150",null,null,"xxxxxxxxxxx","xxxxxxxxxxx","xxxxxxxxxxx","Avocado",null,null,"xxxxxxxxxxx","xxxxxxxxxxx","xxxxxxxxxxx","Azure Blue","Report Numbers","Report Numbers",57]
["Dual-phase, 64 kVA, 33 kV/+242V/-242V (Coastal, Ester Oil Only)",null,"xxxxxxxxxxx","xxxxxxxxxxx","xxxxxxxxxxx","xxxxxxxxxxx","xxxxxxxxxxx","xxxxxxxxxxx","Ester Oil",null,64,33,"±242",50,"2ph","N/A",null,200,30,70,8,null,"xxxxxxxxxxx","Grade 3","> 0.125","xxxxxxxxxxx","xxxxxxxxxxx",21,8,"<5",null,"< 5","< 5 ","xxxxxxxxxxx","xxxxxxxxxxx",null,"Switch","0, ±2.5, ±5",null,"xxxxxxxxxxx","xxxxxxxxxxx","xxxxxxxxxxx","≥ 31","Base","Draw lead","M12",null,"xxxxxxxxxxx","xxxxxxxxxxx","xxxxxxxxxxx","≥ 31","Base","Draw lead","M12",null,"xxxxxxxxxxx","xxxxxxxxxxx","xxxxxxxxxxx","M12","Yes","Yes",null,"Distribution",{"v":80500,"d":"80,500"},{"v":17500,"d":"17,500"},290,1200,null,"3,0 to 4,5","xxxxxxxxxx",null,"≤ 48 ",null,"xxxxxxxxxxx","xxxxxxxxxxx",null,"xxxxxxxxxxx","xxxxxxxxxxx",null,"Steel or Amporphous","xxxxxxxxxxx","xxxxxxxxxxx","xxxxxxxxxxx",null,"Sealed","xxxxxxxxxx",null,"≤ 1 080 ","≤ 1 500 ","≤ 1 500 ","≤ 900 ","xxxxxxxxxxx",400,100,null,"Yes","Yes","Yes","Yes","Yes",400,"≤ 400 ","≤ 450 ",22,146,null,"No",400,"xxxxxxxxxxx","≥ 320","≤ 120 ",22,null,"Yes","≥ 30 ",null,"316 Stainless Steel or Mild Steel","≥ 30","316 Stainless Steel or Mild Steel","M12 x 25 ","Yes",null,"Yes",14,"≥ 200","≥ 400 ","≥ 150",null,null,"xxxxxxxxxxx","xxxxxxxxxxx","xxxxxxxxxxx","Avocado",null,null,"xxxxxxxxxxx","xxxxxxxxxxx","xxxxxxxxxxx","Azure Blue","Report Numbers","Report Numbers",57]
["Three Phase, 100 kVA, 11 kV/420V (Coastal, Ester Oil Only)",null,"xxxxxxxxxxx","xxxxxxxxxxx","xxxxxxxxxxx","xxxxxxxxxxx","xxxxxxxxxxx","xxxxxxxxxxx","Ester Oil",null,100,11,420,50,"3ph","Dyn11 or Yzn11",null,95,30,28,8,null,"xxxxxxxxxxx","Grade 3","> 0.125","xxxxxxxxxxx","xxxxxxxxxxx",21,8,"<5",null,"< 5","< 5 ","xxxxxxxxxxx","xxxxxxxxxxx",null,"Switch","0, ±2.5, ±5",null,"xxxxxxxxxxx","xxxxxxxxxxx","xxxxxxxxxxx","≥ 31","Base","Draw lead","M12",null,"xxxxxxxxxxx","xxxxxxxxxxx","xxxxxxxxxxx","≥ 31","Base","Draw lead","M12",null,"xxxxxxxxxxx","xxxxxxxxxxx","xxxxxxxxxxx","M12","Yes","Yes",null,"Distribution",{"v":80500,"d":"80,500"},{"v":17500,"d":"17,500"},190,1500,null,"3,0 to 4,5","xxxxxxxxxx",null,"≤ 48 ",null,"xxxxxxxxxxx","xxxxxxxxxxx",null,"xxxxxxxxxxx","xxxxxxxxxxx",null,"Steel or Amporphous","xxxxxxxxxxx","xxxxxxxxxxx","xxxxxxxxxxx",null,"Sealed","xxxxxxxxxx",null,"≤ 1 080 ","≤ 1 500 ","≤ 1 500 ","≤ 900 ","xxxxxxxxxxx",190,100,null,"Yes","Yes","Yes","Yes","Yes",400,"≤ 400 ","≤ 450 ",22,146,null,"Yes",400,"xxxxxxxxxxx","≥ 320","≤ 120 ",22,null,"Yes","≥ 30 ",null,"316 Stainless Steel or Mild Steel","≥ 30","316 Stainless Steel or Mild Steel","M12 x 25 ","Yes",null,"Yes",14,"≥ 200","≥ 190","≥ 150",null,null,"xxxxxxxxxxx","xxxxxxxxxxx","xxxxxxxxxxx","Avocado",null,null,"xxxxxxxxxxx","xxxxxxxxxxx","xxxxxxxxxxx","Azure Blue","Report Numbers","Report Numbers",70]
["Three-phase, 100 kVA, 22 kV/420V (Coastal, Ester Oil Only)",null,"xxxxxxxxxxx","xxxxxxxxxxx","xxxxxxxxxxx","xxxxxxxxxxx","xxxxxxxxxxx","xxxxxxxxxxx","Ester Oil",null,100,22,420,50,"3ph","Dyn11 or Yzn11",null,150,30,50,8,null,"xxxxxxxxxxx","Grade 3","> 0.125","xxxxxxxxxxx","xxxxxxxxxxx",21,8,"<5",null,"< 5","< 5 ","xxxxxxxxxxx","xxxxxxxxxxx",null,"Switch","0, ±2.5, ±5",null,"xxxxxxxxxxx","xxxxxxxxxxx","xxxxxxxxxxx","≥ 31","Base","Draw lead","M12",null,"xxxxxxxxxxx","xxxxxxxxxxx","xxxxxxxxxxx","≥ 31","Base","Draw lead","M12",null,"xxxxxxxxxxx","xxxxxxxxxxx","xxxxxxxxxxx","M12","Yes","Yes",null,"Distribution",{"v":80500,"d":"80,500"},{"v":17500,"d":"17,500"},190,1500,null,"3,0 to 4,5","xxxxxxxxxx",null,"≤ 48 ",null,"xxxxxxxxxxx","xxxxxxxxxxx",null,"xxxxxxxxxxx","xxxxxxxxxxx",null,"Steel or Amporphous","xxxxxxxxxxx","xxxxxxxxxxx","xxxxxxxxxxx",null,"Sealed","xxxxxxxxxx",null,"≤ 1 080 ","≤ 1 500 ","≤ 1 500 ","≤ 900 ","xxxxxxxxxxx",300,100,null,"Yes","Yes","Yes","Yes","Yes",400,"≤ 400 ","≤ 450 ",22,146,null,"Yes",400,"xxxxxxxxxxx","≥ 320","≤ 120 ",22,null,"Yes","≥ 30 ",null,"316 Stainless Steel or Mild Steel","≥ 30","316 Stainless Steel or Mild Steel","M12 x 25 ","Yes",null,"Yes",14,"≥ 200","≥ 300","≥ 150",null,null,"xxxxxxxxxxx","xxxxxxxxxxx","xxxxxxxxxxx","Avocado",null,null,"xxxxxxxxxxx","xxxxxxxxxxx","xxxxxxxxxxx","Azure Blue","Report Numbers","Report Numbers",70]
["Three Phase, 100 kVA, 33 kV/420V (Coastal, Ester Oil Only)",null,"xxxxxxxxxxx","xxxxxxxxxxx","xxxxxxxxxxx","xxxxxxxxxxx","xxxxxxxxxxx","xxxxxxxxxxx","Ester Oil",null,100,33,420,50,"3ph","Dyn11 or Yzn11",null,200,30,70,8,null,"xxxxxxxxxxx","Grade 3","> 0.125","xxxxxxxxxxx","xxxxxxxxxxx",21,8,"<5",null,"< 5","< 5 ","xxxxxxxxxxx","xxxxxxxxxxx",null,"Switch","0, ±2.5, ±5",null,"xxxxxxxxxxx","xxxxxxxxxxx","xxxxxxxxxxx","≥ 31","Base","Draw lead","M12",null,"xxxxxxxxxxx","xxxxxxxxxxx","xxxxxxxxxxx","≥ 31","Base","Draw lead","M12",null,"xxxxxxxxxxx","xxxxxxxxxxx","xxxxxxxxxxx","M12","Yes","Yes",null,"Distribution",{"v":80500,"d":"80,500"},{"v":17500,"d":"17,500"},190,1500,null,"3,0 to 4,5","xxxxxxxxxx",null,"≤ 48 ",null,"xxxxxxxxxxx","xxxxxxxxxxx",null,"xxxxxxxxxxx","xxxxxxxxxxx",null,"Steel or Amporphous","xxxxxxxxxxx","xxxxxxxxxxx","xxxxxxxxxxx",null,"Sealed","xxxxxxxxxx",null,"≤ 1 080 ","≤ 1 500 ","≤ 1 500 ","≤ 900 ","xxxxxxxxxxx",400,100,null,"Yes","Yes","Yes","Yes","Yes",400,"≤ 400 ","≤ 450 ",22,146,null,"Yes",400,"xxxxxxxxxxx","≥ 320","≤ 120 ",22,null,"Yes","≥ 30 ",null,"316 Stainless Steel or Mild Steel","≥ 30","316 Stainless Steel or Mild Steel","M12 x 25 ","Yes",null,"Yes",14,"≥ 200","≥ 400 ","≥ 150",null,null,"xxxxxxxxxxx","xxxxxxxxxxx","xxxxxxxxxxx","Avocado",null,null,"xxxxxxxxxxx","xxxxxxxxxxx","xxxxxxxxxxx","Azure Blue","Report Numbers","Report Numbers",70]
["Three Phase, 200 kVA, 11 kV/420V (Coastal, Ester Oil Only)",null,"xxxxxxxxxxx","xxxxxxxxxxx","xxxxxxxxxxx","xxxxxxxxxxx","xxxxxxxxxxx","xxxxxxxxxxx","Ester Oil",null,200,11,420,50,"3ph","Dyn11 or Yzn11",null,95,30,28,8,null,"xxxxxxxxxxx","Grade 3","> 0.125","xxxxxxxxxxx","xxxxxxxxxxx",21,8,"<5",null,"< 5","< 5 ","xxxxxxxxxxx","xxxxxxxxxxx",null,"Switch","0, ±2.5, ±5",null,"xxxxxxxxxxx","xxxxxxxxxxx","xxxxxxxxxxx","≥ 31","Base","Draw lead","M12",null,"xxxxxxxxxxx","xxxxxxxxxxx","xxxxxxxxxxx","≥ 31","Base","Draw lead","M12",null,"xxxxxxxxxxx","xxxxxxxxxxx","xxxxxxxxxxx","M12","Yes","Yes",null,"Distribution",{"v":80500,"d":"80,500"},{"v":17500,"d":"17,500"},320,2600,null,"4,0 to 5,0","xxxxxxxxxx",null,"≤ 48 ",null,"xxxxxxxxxxx","xxxxxxxxxxx",null,"xxxxxxxxxxx","xxxxxxxxxxx",null,"Steel or Amporphous","xxxxxxxxxxx","xxxxxxxxxxx","xxxxxxxxxxx",null,"Sealed","xxxxxxxxxx",null,"xxxxxxxxxxx","≤ 1 500","≤ 2 000","≤ 1 700","xxxxxxxxxxx",190,100,null,"No","N/A","N/A","N/A","N/A","N/A","N/A","N/A","N/A","N/A",null,"Yes",400,"xxxxxxxxxxx","≥ 320","≤ 120 ",22,null,"Yes","≥ 30 ",null,"316 Stainless Steel or Mild Steel","≥ 30","316 Stainless Steel or Mild Steel","M12 x 25 ","Yes",null,"Yes",14,"≥ 200","≥ 190","≥ 150",null,null,"xxxxxxxxxxx","xxxxxxxxxxx","xxxxxxxxxxx","Avocado",null,null,"xxxxxxxxxxx","xxxxxxxxxxx","xxxxxxxxxxx","Azure Blue","Report Numbers","Report Numbers",120]
["Three-phase, 200 kVA, 22 kV/420V (Coastal, Ester Oil Only)",null,"xxxxxxxxxxx","xxxxxxxxxxx","xxxxxxxxxxx","xxxxxxxxxxx","xxxxxxxxxxx","xxxxxxxxxxx","Ester Oil",null,200,22,420,50,"3ph","Dyn11 or Yzn11",null,150,30,50,8,null,"xxxxxxxxxxx","Grade 3","> 0.125","xxxxxxxxxxx","xxxxxxxxxxx",21,8,"<5",null,"< 5","< 5 ","xxxxxxxxxxx","xxxxxxxxxxx",null,"Switch","0, ±2.5, ±5",null,"xxxxxxxxxxx","xxxxxxxxxxx","xxxxxxxxxxx","≥ 31","Base","Draw lead","M12",null,"xxxxxxxxxxx","xxxxxxxxxxx","xxxxxxxxxxx","≥ 31","Base","Draw lead","M12",null,"xxxxxxxxxxx","xxxxxxxxxxx","xxxxxxxxxxx","M12","Yes","Yes",null,"Distribution",{"v":80500,"d":"80,500"},{"v":17500,"d":"17,500"},320,2600,null,"4,0 to 5,0","xxxxxxxxxx",null,"≤ 48 ",null,"xxxxxxxxxxx","xxxxxxxxxxx",null,"xxxxxxxxxxx","xxxxxxxxxxx",null,"Steel or Amporphous","xxxxxxxxxxx","xxxxxxxxxxx","xxxxxxxxxxx",null,"Sealed","xxxxxxxxxx",null,"xxxxxxxxxxx","≤ 1 500 ","≤ 2000","≤ 1700","xxxxxxxxxxx",300,100,null,"No","N/A","N/A","N/A","N/A","N/A","N/A","N/A","N/A","N/A",null,"Yes",400,"xxxxxxxxxxx","≥ 320","≤ 120 ",22,null,"Yes","≥ 30 ",null,"316 Stainless Steel or Mild Steel","≥ 30","316 Stainless Steel or Mild Steel","M12 x 25 ","Yes",null,"Yes",14,"≥ 200","≥ 300","≥ 150",null,null,"xxxxxxxxxxx","xxxxxxxxxxx","xxxxxxxxxxx","Avocado",null,null,"xxxxxxxxxxx","xxxxxxxxxxx","xxxxxxxxxxx","Azure Blue","Report Numbers","Report Numbers",120]
["Three Phase, 200 kVA, 33 kV/420V (Coastal, Ester Oil Only)",null,"xxxxxxxxxxx","xxxxxxxxxxx","xxxxxxxxxxx","xxxxxxxxxxx","xxxxxxxxxxx","xxxxxxxxxxx","Ester Oil",null,200,33,420,50,"3ph","Dyn11 or Yzn11",null,200,30,70,8,null,"xxxxxxxxxxx","Grade 3","> 0.125","xxxxxxxxxxx","xxxxxxxxxxx",21,8,"<5",null,"< 5","< 5 ","xxxxxxxxxxx","xxxxxxxxxxx",null,"Switch","0, ±2.5, ±5",null,"xxxxxxxxxxx","xxxxxxxxxxx","xxxxxxxxxxx","≥ 31","Base","Draw lead","M12",null,"xxxxxxxxxxx","xxxxxxxxxxx","xxxxxxxxxxx","≥ 31","Base","Draw lead","M12",null,"xxxxxxxxxxx","xxxxxxxxxxx","xxxxxxxxxxx","M12","Yes","Yes",null,"Distribution",{"v":80500,"d":"80,500"},{"v":17500,"d":"17,500"},320,2600,null,"4,0 to 5,0","xxxxxxxxxx",null,"≤ 48 ",null,"xxxxxxxxxxx","xxxxxxxxxxx",null,"xxxxxxxxxxx","xxxxxxxxxxx",null,"Steel or Amporphous","xxxxxxxxxxx","xxxxxxxxxxx","xxxxxxxxxxx",null,"Sealed","xxxxxxxxxx",null,"xxxxxxxxxxx","≤ 1 500 ","≤ 2000","≤ 1700","xxxxxxxxxxx",400,100,null,"No","N/A","N/A","N/A","N/A","N/A","N/A","N/A","N/A","N/A",null,"Yes",400,"xxxxxxxxxxx","≥ 320","≤ 120 ",22,null,"Yes","≥ 30 ",null,"316 Stainless Steel or Mild Steel","≥ 30","316 Stainless Steel or Mild Steel","M12 x 25 ","Yes",null,"Yes",14,"≥ 200","≥ 400 ","≥ 150",null,null,"xxxxxxxxxxx","xxxxxxxxxxx","xxxxxxxxxxx","Avocado",null,null,"xxxxxxxxxxx","xxxxxxxxxxx","xxxxxxxxxxx","Azure Blue","Report Numbers","Report Numbers",120]
["Three Phase, 315 kVA, 11 kV/420V (Coastal, Ester Oil Only)",null,"xxxxxxxxxxx","xxxxxxxxxxx","xxxxxxxxxxx","xxxxxxxxxxx","xxxxxxxxxxx","xxxxxxxxxxx","Ester Oil",null,315,11,420,50,"3ph","Dyn11 or Yzn11",null,95,30,28,8,null,"xxxxxxxxxxx","Grade 3","> 0.125","xxxxxxxxxxx","xxxxxxxxxxx",21,8,"<5",null,"< 5","< 5 ","xxxxxxxxxxx","xxxxxxxxxxx",null,"Switch","0, ±2.5, ±5",null,"xxxxxxxxxxx","xxxxxxxxxxx","xxxxxxxxxxx","≥ 31","Base","Draw lead","M12",null,"xxxxxxxxxxx","xxxxxxxxxxx","xxxxxxxxxxx","≥ 31","Base","Draw lead","M12",null,"xxxxxxxxxxx","xxxxxxxxxxx","xxxxxxxxxxx","M12","Yes","Yes",null,"Distribution",{"v":80500,"d":"80,500"},{"v":17500,"d":"17,500"},450,3600,null,"4,0 to 5,0","xxxxxxxxxx",null,"≤ 50",null,"xxxxxxxxxxx","xxxxxxxxxxx",null,"xxxxxxxxxxx","xxxxxxxxxxx",null,"Steel or Amporphous","xxxxxxxxxxx","xxxxxxxxxxx","xxxxxxxxxxx",null,"Sealed","xxxxxxxxxx",null,"≤ 1 800","≤ 1 500 ","≤ 2000","≤ 3500","xxxxxxxxxxx",190,100,null,"No","N/A","N/A","N/A","N/A","N/A","N/A","N/A","N/A","N/A",null,"Yes",400,"xxxxxxxxxxx","≥ 320","≤ 120 ",22,null,"Yes","≥ 30 ",null,"316 Stainless Steel or Mild Steel","≥ 30","316 Stainless Steel or Mild Steel","M12 x 25 ","Yes",null,"Yes",14,"≥ 200","≥ 190","≥ 150",null,null,"xxxxxxxxxxx","xxxxxxxxxxx","xxxxxxxxxxx","Avocado",null,null,"xxxxxxxxxxx","xxxxxxxxxxx","xxxxxxxxxxx","Azure Blue","Report Numbers","Report Numbers",170]
["Three-phase, 315 kVA, 22 kV/420V (Coastal, Ester Oil Only)",null,"xxxxxxxxxxx","xxxxxxxxxxx","xxxxxxxxxxx","xxxxxxxxxxx","xxxxxxxxxxx","xxxxxxxxxxx","Ester Oil",null,315,22,420,50,"3ph","Dyn11 or Yzn11",null,150,30,50,8,null,"xxxxxxxxxxx","Grade 3","> 0.125","xxxxxxxxxxx","xxxxxxxxxxx",21,8,"<5",null,"< 5","< 5 ","xxxxxxxxxxx","xxxxxxxxxxx",null,"Switch","0, ±2.5, ±5",null,"xxxxxxxxxxx","xxxxxxxxxxx","xxxxxxxxxxx","≥ 31","Base","Draw lead","M12",null,"xxxxxxxxxxx","xxxxxxxxxxx","xxxxxxxxxxx","≥ 31","Base","Draw lead","M12",null,"xxxxxxxxxxx","xxxxxxxxxxx","xxxxxxxxxxx","M12","Yes","Yes",null,"Distribution",{"v":80500,"d":"80,500"},{"v":17500,"d":"17,500"},450,3600,null,"4,0 to 5,0","xxxxxxxxxx",null,"≤ 50",null,"xxxxxxxxxxx","xxxxxxxxxxx",null,"xxxxxxxxxxx","xxxxxxxxxxx",null,"Steel or Amporphous","xxxxxxxxxxx","xxxxxxxxxxx","xxxxxxxxxxx",null,"Sealed","xxxxxxxxxx",null,"≤ 1 800","≤ 1 500 ","≤ 2000","≤ 3500","xxxxxxxxxxx",300,100,null,"No","N/A","N/A","N/A","N/A","N/A","N/A","N/A","N/A","N/A",null,"Yes",400,"xxxxxxxxxxx","≥ 320","≤ 120 ",22,null,"Yes","≥ 30 ",null,"316 Stainless Steel or Mild Steel","≥ 30","316 Stainless Steel or Mild Steel","M12 x 25 ","Yes",null,"Yes",14,"≥ 200","≥ 300","≥ 150",null,null,"xxxxxxxxxxx","xxxxxxxxxxx","xxxxxxxxxxx","Avocado",null,null,"xxxxxxxxxxx","xxxxxxxxxxx","xxxxxxxxxxx","Azure Blue","Report Numbers","Report Numbers",170]
["Three Phase, 315 kVA, 33 kV/420V (Coastal, Ester Oil Only)",null,"xxxxxxxxxxx","xxxxxxxxxxx","xxxxxxxxxxx","xxxxxxxxxxx","xxxxxxxxxxx","xxxxxxxxxxx","Ester Oil",null,315,33,420,50,"3ph","Dyn11 or Yzn11",null,200,30,70,8,null,"xxxxxxxxxxx","Grade 3","> 0.125","xxxxxxxxxxx","xxxxxxxxxxx",21,8,"<5",null,"< 5","< 5 ","xxxxxxxxxxx","xxxxxxxxxxx",null,"Switch","0, ±2.5, ±5",null,"xxxxxxxxxxx","xxxxxxxxxxx","xxxxxxxxxxx","≥ 31","Base","Draw lead","M12",null,"xxxxxxxxxxx","xxxxxxxxxxx","xxxxxxxxxxx","≥ 31","Base","Draw lead","M12",null,"xxxxxxxxxxx","xxxxxxxxxxx","xxxxxxxxxxx","M12","Yes","Yes",null,"Distribution",{"v":80500,"d":"80,500"},{"v":17500,"d":"17,500"},450,3600,null,"4,0 to 5,0","xxxxxxxxxx",null,"≤ 50",null,"xxxxxxxxxxx","xxxxxxxxxxx",null,"xxxxxxxxxxx","xxxxxxxxxxx",null,"Steel or Amporphous","xxxxxxxxxxx","xxxxxxxxxxx","xxxxxxxxxxx",null,"Sealed","xxxxxxxxxx",null,"≤ 1 800","≤ 1 500 ","≤ 2000","≤ 3500","xxxxxxxxxxx",400,100,null,"No","N/A","N/A","N/A","N/A","N/A","N/A","N/A","N/A","N/A",null,"Yes",400,"xxxxxxxxxxx","≥ 320","≤ 120 ",22,null,"Yes","≥ 30 ",null,"316 Stainless Steel or Mild Steel","≥ 30","316 Stainless Steel or Mild Steel","M12 x 25 ","Yes",null,"Yes",14,"≥ 200","≥ 400 ","≥ 150",null,null,"xxxxxxxxxxx","xxxxxxxxxxx","xxxxxxxxxxx","Avocado",null,null,"xxxxxxxxxxx","xxxxxxxxxxx","xxxxxxxxxxx","Azure Blue","Report Numbers","Report Numbers",170]
["Three Phase, 500 kVA, 11 kV/420V (Coastal, Ester Oil Only)",null,"xxxxxxxxxxx","xxxxxxxxxxx","xxxxxxxxxxx","xxxxxxxxxxx","xxxxxxxxxxx","xxxxxxxxxxx","Ester Oil",null,500,11,420,50,"3ph","Dyn11 or Yzn11",null,95,30,28,8,null,"xxxxxxxxxxx","Grade 3","> 0.125","xxxxxxxxxxx","xxxxxxxxxxx",21,8,"<5",null,"< 5","< 5 ","xxxxxxxxxxx","xxxxxxxxxxx",null,"Switch","0, ±2.5, ±5",null,"xxxxxxxxxxx","xxxxxxxxxxx","xxxxxxxxxxx","≥ 31","Base","Draw lead","M12",null,"xxxxxxxxxxx","xxxxxxxxxxx","xxxxxxxxxxx","≥ 31","Base","Draw lead","M12",null,"xxxxxxxxxxx","xxxxxxxxxxx","xxxxxxxxxxx","M12","Yes","Yes",null,"Distribution",{"v":80500,"d":"80,500"},{"v":17500,"d":"17,500"},630,5200,null,"4,0 to 5,0","xxxxxxxxxx",null,"≤ 52",null,"xxxxxxxxxxx","xxxxxxxxxxx",null,"xxxxxxxxxxx","xxxxxxxxxxx",null,"Steel or Amporphous","xxxxxxxxxxx","xxxxxxxxxxx","xxxxxxxxxxx",null,"Sealed","xxxxxxxxxx",null,"≤ 1 800","≤ 1 500 ","≤ 2000","≤ 3500","xxxxxxxxxxx",190,100,null,"No","N/A","N/A","N/A","N/A","N/A","N/A","N/A","N/A","N/A",null,"Yes",400,"xxxxxxxxxxx","≥ 320","≤ 120 ",22,null,"Yes","≥ 30 ",null,"316 Stainless Steel or Mild Steel","≥ 30","316 Stainless Steel or Mild Steel","M12 x 25 ","Yes",null,"Yes",14,"≥ 200","≥ 190","≥ 150",null,null,"xxxxxxxxxxx","xxxxxxxxxxx","xxxxxxxxxxx","Avocado",null,null,"xxxxxxxxxxx","xxxxxxxxxxx","xxxxxxxxxxx","Azure Blue","Report Numbers","Report Numbers",230]
["Three-phase, 500 kVA, 22 kV/420V (Coastal, Ester Oil Only)",null,"xxxxxxxxxxx","xxxxxxxxxxx","xxxxxxxxxxx","xxxxxxxxxxx","xxxxxxxxxxx","xxxxxxxxxxx","Ester Oil",null,500,22,420,50,"3ph","Dyn11 or Yzn11",null,150,30,50,8,null,"xxxxxxxxxxx","Grade 3","> 0.125","xxxxxxxxxxx","xxxxxxxxxxx",21,8,"<5",null,"< 5","< 5 ","xxxxxxxxxxx","xxxxxxxxxxx",null,"Switch","0, ±2.5, ±5",null,"xxxxxxxxxxx","xxxxxxxxxxx","xxxxxxxxxxx","≥ 31","Base","Draw lead","M12",null,"xxxxxxxxxxx","xxxxxxxxxxx","xxxxxxxxxxx","≥ 31","Base","Draw lead","M12",null,"xxxxxxxxxxx","xxxxxxxxxxx","xxxxxxxxxxx","M12","Yes","Yes",null,"Distribution",{"v":80500,"d":"80,500"},{"v":17500,"d":"17,500"},630,5200,null,"4,0 to 5,0","xxxxxxxxxx",null,"≤ 52",null,"xxxxxxxxxxx","xxxxxxxxxxx",null,"xxxxxxxxxxx","xxxxxxxxxxx",null,"Steel or Amporphous","xxxxxxxxxxx","xxxxxxxxxxx","xxxxxxxxxxx",null,"Sealed","xxxxxxxxxx",null,"≤ 1 800","≤ 1 500 ","≤ 2000","≤ 3500","xxxxxxxxxxx",300,100,null,"No","N/A","N/A","N/A","N/A","N/A","N/A","N/A","N/A","N/A",null,"Yes",400,"xxxxxxxxxxx","≥ 320","≤ 120 ",22,null,"Yes","≥ 30 ",null,"316 Stainless Steel or Mild Steel","≥ 30","316 Stainless Steel or Mild Steel","M12 x 25 ","Yes",null,"Yes",14,"≥ 200","≥ 300","≥ 150",null,null,"xxxxxxxxxxx","xxxxxxxxxxx","xxxxxxxxxxx","Avocado",null,null,"xxxxxxxxxxx","xxxxxxxxxxx","xxxxxxxxxxx","Azure Blue","Report Numbers","Report Numbers",230]
["Three Phase, 500 kVA, 33 kV/420V (Coastal, Ester Oil Only)",null,"xxxxxxxxxxx","xxxxxxxxxxx","xxxxxxxxxxx","xxxxxxxxxxx","xxxxxxxxxxx","xxxxxxxxxxx","Ester Oil",null,500,33,420,50,"3ph","Dyn11 or Yzn11",null,200,30,70,8,null,"xxxxxxxxxxx","Grade 3","> 0.125","xxxxxxxxxxx","xxxxxxxxxxx",21,8,"<5",null,"< 5","< 5 ","xxxxxxxxxxx","xxxxxxxxxxx",null,"Switch","0, ±2.5, ±5",null,"xxxxxxxxxxx","xxxxxxxxxxx","xxxxxxxxxxx","≥ 31","Base","Draw lead","M12",null,"xxxxxxxxxxx","xxxxxxxxxxx","xxxxxxxxxxx","≥ 31","Base","Draw lead","M12",null,"xxxxxxxxxxx","xxxxxxxxxxx","xxxxxxxxxxx","M12","Yes","Yes",null,"Distribution",{"v":80500,"d":"80,500"},{"v":17500,"d":"17,500"},630,5200,null,"4,0 to 5,0","xxxxxxxxxx",null,"≤ 52",null,"xxxxxxxxxxx","xxxxxxxxxxx",null,"xxxxxxxxxxx","xxxxxxxxxxx",null,"Steel or Amporphous","xxxxxxxxxxx","xxxxxxxxxxx","xxxxxxxxxxx",null,"Sealed","xxxxxxxxxx",null,"≤ 1 800","≤ 1 500 ","≤ 2000","≤ 3500","xxxxxxxxxxx",400,100,null,"No","N/A","N/A","N/A","N/A","N/A","N/A","N/A","N/A","N/A",null,"Yes",400,"xxxxxxxxxxx","≥ 320","≤ 120 ",22,null,"Yes","≥ 30 ",null,"316 Stainless Steel or Mild Steel","≥ 30","316 Stainless Steel or Mild Steel","M12 x 25 ","Yes",null,"Yes",14,"≥ 200","≥ 400 ","≥ 150",null,null,"xxxxxxxxxxx","xxxxxxxxxxx","xxxxxxxxxxx","Avocado",null,null,"xxxxxxxxxxx","xxxxxxxxxxx","xxxxxxxxxxx","Azure Blue","Report Numbers","Report Numbers",230]
[1,2,3,4,5,6,7,8,9,10,11,12,13,14,15,16,17,18,19,20,21,22,23,24,25,26,27,28,29,30,31,32,33,34,35,36,37,38,39,40,41,42,43,44,45,46,47,48,49,50,51,52,53,54,55,56,57,58,59,60,61,62,63,64,65,66,67,68,69,70,71,72,73,74,75,76,77,78,79,80,81,82,83,84,85,86,87,88,89,90,91,92,93,94,95,96,97,98,99,100,101,102,103,104,105,106,107,108,109,110,111,112,113,114,115,116,117,118,119,120,121,122,123,124,125,126,127,128,129,130,131,132,133,134,135,136,137,138,139,140,141,142]

{"sheet":"PMT Schedule Selector","index":2,"n_rows":145,"n_cols":7,"rows_kept":145,"hidden":true,"merged":[[2,5,2,6],[3,5,3,6],[8,5,8,6],[9,1,9,6]]}
[]
[]
[{"$nulls":5},"Specification: DSP 240-45395762 Rev.4"]
[{"$nulls":5},{"$f":"'List of Items & Enquiry number'!B14","v":"Enquiry Number: 123456XYZ"}]
[]
[{"$nulls":3},"TECHNICAL SCHEDULES A & B FOR \nPOLE-MOUNTED  DISTRIBUTION TRANSFORMERS"]
[{"$nulls":3},"Select Pole Mounted Transformer (kVA, kV) here!"]
[]
[null,"Schedule A:  Purchaser's specific requirements"]
[null,"Schedule B:  Guarantees and technical particulars of equipment offered"]
[null,"Item","Sub-clause of 240- 45395762","Description",null,"Schedule A","Schedule B"]
[null,1,null,"Identification"]
[null,1.1,null,"Name of manufacturer",null,{"$f":"VLOOKUP($D$7,'Source Data'!$A$2:$EK$28,3,FALSE)","v":{"$error":"#N/A"}}]
[null,1.2000000000000002,null,"Name of supplier",null,{"$f":"VLOOKUP($D$7,'Source Data'!$A$2:$EK$28,4,FALSE)","v":{"$error":"#N/A"}}]
[null,1.3,null,"Product code for Coastal transformers",null,{"$f":"VLOOKUP($D$7,'Source Data'!$A$2:$EK$28,6,FALSE)","v":{"$error":"#N/A"}}]
[null,1.4,null,"Are the transformers covered by the SANS 780 certification mark?",null,{"$f":"VLOOKUP($D$7,'Source Data'!$A$2:$EK$28,7,FALSE)","v":{"$error":"#N/A"}}]
[null,1.5,null,"State SANS 780 permit number",null,{"$f":"VLOOKUP($D$7,'Source Data'!$A$2:$EK$28,8,FALSE)","v":{"$error":"#N/A"}}]
[null,1.6,null,"Oil Type",null,{"$f":"VLOOKUP($D$7,'Source Data'!$A$2:$EK$28,9,FALSE)","v":{"$error":"#N/A"}}]
[null,2,3,"Ratings"]
[null,2.1,null,"Power rating","kVA",{"$f":"VLOOKUP($D$7,'Source Data'!$A$2:$EK$28,11,FALSE)","v":{"$error":"#N/A"}}]
[null,2.2,null,"Rated primary voltage","kV",{"$f":"VLOOKUP($D$7,'Source Data'!$A$2:$EK$28,12,FALSE)","v":{"$error":"#N/A"}}]
[null,2.3000000000000003,null,"Rated no-load secondary voltage","V",{"$f":"VLOOKUP($D$7,'Source Data'!$A$2:$EK$28,13,FALSE)","v":{"$error":"#N/A"}}]
[null,2.4000000000000004,null,"Frequency","Hz",{"$f":"VLOOKUP($D$7,'Source Data'!$A$2:$EK$28,14,FALSE)","v":{"$error":"#N/A"}}]
[null,2.5,null,"Number of phases",null,{"$f":"VLOOKUP($D$7,'Source Data'!$A$2:$EK$28,15,FALSE)","v":{"$error":"#N/A"}}]
[null,2.6,null,"Vector Group",null,{"$f":"VLOOKUP($D$7,'Source Data'!$A$2:$EK$28,16,FALSE)","v":{"$error":"#N/A"}},"xxxxxxxxxxx"]
[null,3,"3.2.5","Insulation levels"]
[null,3.1,null,"BIL - Primary","kV",{"$f":"VLOOKUP($D$7,'Source Data'!$A$2:$EK$28,18,FALSE)","v":{"$error":"#N/A"}}]
[null,3.2,null,"BIL - Secondary","kV",{"$f":"VLOOKUP($D$7,'Source Data'!$A$2:$EK$28,19,FALSE)","v":{"$error":"#N/A"}}]
[null,3.3000000000000003,null,"Power frequency withstand voltage - Primary","kV",{"$f":"VLOOKUP($D$7,'Source Data'!$A$2:$EK$28,20,FALSE)","v":{"$error":"#N/A"}}]
[null,3.4000000000000004,null,"Power frequency withstand voltage – Secondary","kV",{"$f":"VLOOKUP($D$7,'Source Data'!$A$2:$EK$28,21,FALSE)","v":{"$error":"#N/A"}}]
[null,4,"3.2.8","Inter-turn winding insulation"]
[null,4.1,null,"Type (Enamel or Paper)",null,{"$f":"VLOOKUP($D$7,'Source Data'!$A$2:$EK$28,23,FALSE)","v":{"$error":"#N/A"}}]
[null,4.199999999999999,null,"Enamel grade (if applicable)",null,{"$f":"VLOOKUP($D$7,'Source Data'!$A$2:$EK$28,24,FALSE)","v":{"$error":"#N/A"}}]
[null,4.3,null,"Paper thickness (if applicable)","mm",{"$f":"VLOOKUP($D$7,'Source Data'!$A$2:$EK$28,25,FALSE)","v":{"$error":"#N/A"}}]
[null,4.3999999999999995,null,"Paper type (if applicable)",null,{"$f":"VLOOKUP($D$7,'Source Data'!$A$2:$EK$28,26,FALSE)","v":{"$error":"#N/A"}}]
[null,4.5,null,"Paper make (if applicable)",null,{"$f":"VLOOKUP($D$7,'Source Data'!$A$2:$EK$28,27,FALSE)","v":{"$error":"#N/A"}}]
[null,4.6,null,"Paper minimum impulse withstand","kV",{"$f":"VLOOKUP($D$7,'Source Data'!$A$2:$EK$28,28,FALSE)","v":{"$error":"#N/A"}}]
[null,4.7,null,"Paper minimum power frequency withstand ","kV",{"$f":"VLOOKUP($D$7,'Source Data'!$A$2:$EK$28,29,FALSE)","v":{"$error":"#N/A"}}]
[null,4.8,null,"Inter-turn winding insulation stress shall not exceed 5 kV/mm","kV/mm",{"$f":"VLOOKUP($D$7,'Source Data'!$A$2:$EK$28,30,FALSE)","v":{"$error":"#N/A"}}]
[null,5,"3.2.9","Interlayer insulation"]
[null,5.1,null,"Highest interlayer stress in non-tap part of winding (<5kV/mm is not acceptable as the calculated value must be presented)","kV/mm",{"$f":"VLOOKUP($D$7,'Source Data'!$A$2:$EK$28,32,FALSE)","v":{"$error":"#N/A"}}]
[null,5.199999999999999,null,"Highest interlayer stress in tap part of winding (<5kV/mm is not acceptable as the calculated value must be presented)","kV/mm",{"$f":"VLOOKUP($D$7,'Source Data'!$A$2:$EK$28,33,FALSE)","v":{"$error":"#N/A"}}]
[null,5.3,null,"Paper type.",null,{"$f":"VLOOKUP($D$7,'Source Data'!$A$2:$EK$28,34,FALSE)","v":{"$error":"#N/A"}}]
[null,5.3999999999999995,null,"Paper make.",null,{"$f":"VLOOKUP($D$7,'Source Data'!$A$2:$EK$28,35,FALSE)","v":{"$error":"#N/A"}}]
[null,6,"3.2.10","Tapping connections"]
[null,6.1,null,"Type ",null,{"$f":"VLOOKUP($D$7,'Source Data'!$A$2:$EK$28,37,FALSE)","v":{"$error":"#N/A"}}]
[null,6.2,null,"Tapping range","%",{"$f":"VLOOKUP($D$7,'Source Data'!$A$2:$EK$28,38,FALSE)","v":{"$error":"#N/A"}}]
[null,7,"3.2.11","MV Bushings for Coastal Transformers"]
[null,7.1,null,"Make ",null,{"$f":"VLOOKUP($D$7,'Source Data'!$A$2:$EK$28,48,FALSE)","v":{"$error":"#N/A"}}]
[null,7.2,null,"Product code",null,{"$f":"VLOOKUP($D$7,'Source Data'!$A$2:$EK$28,49,FALSE)","v":{"$error":"#N/A"}}]
[null,7.3,null,"Material (e.g. Porcelain)",null,{"$f":"VLOOKUP($D$7,'Source Data'!$A$2:$EK$28,50,FALSE)","v":{"$error":"#N/A"}}]
[null,7.4,null,"Specific creepage distance","mm/kV",{"$f":"VLOOKUP($D$7,'Source Data'!$A$2:$EK$28,51,FALSE)","v":{"$error":"#N/A"}}]
[null,7.5,null,"Clamping",null,{"$f":"VLOOKUP($D$7,'Source Data'!$A$2:$EK$28,52,FALSE)","v":{"$error":"#N/A"}}]
[null,7.6,null,"Type",null,{"$f":"VLOOKUP($D$7,'Source Data'!$A$2:$EK$28,53,FALSE)","v":{"$error":"#N/A"}}]
[null,7.7,null,"Stem diameter",null,{"$f":"VLOOKUP($D$7,'Source Data'!$A$2:$EK$28,54,FALSE)","v":{"$error":"#N/A"}}]
[null,8,"3.2.11","LV Bushings"]
[null,8.1,null,"Make ",null,{"$f":"VLOOKUP($D$7,'Source Data'!$A$2:$EK$28,56,FALSE)","v":{"$error":"#N/A"}}]
[null,8.2,null,"Product code",null,{"$f":"VLOOKUP($D$7,'Source Data'!$A$2:$EK$28,57,FALSE)","v":{"$error":"#N/A"}}]
[null,8.3,null,"Material (e.g. Porcelain)",null,{"$f":"VLOOKUP($D$7,'Source Data'!$A$2:$EK$28,58,FALSE)","v":{"$error":"#N/A"}}]
[null,8.4,null,"Stem diameter",null,{"$f":"VLOOKUP($D$7,'Source Data'!$A$2:$EK$28,59,FALSE)","v":{"$error":"#N/A"}}]
[null,8.5,null,"Supplied with flag ",null,{"$f":"VLOOKUP($D$7,'Source Data'!$A$2:$EK$28,60,FALSE)","v":{"$error":"#N/A"}}]
[null,8.6,null,"Flag supplied with 2 x M12 x 40 mm set screws, 4 x flatwashers, 2 x spring washers and 2 x nuts",null,{"$f":"VLOOKUP($D$7,'Source Data'!$A$2:$EK$28,61,FALSE)","v":{"$error":"#N/A"}}]
[null,9,"3.2.14","Losses"]
[null,9.1,null,"Loss factor base (Cost of Dx or Gx) ",null,{"$f":"VLOOKUP($D$7,'Source Data'!$A$2:$EK$28,63,FALSE)","v":{"$error":"#N/A"}},"xxxxxxxxxxx"]
[null,9.2,null,"No-load Loss Factor, NLLF ","R/kW",{"$f":"VLOOKUP($D$7,'Source Data'!$A$2:$EK$28,64,FALSE)","v":{"$error":"#N/A"}},"xxxxxxxxxxx"]
[null,9.3,null,"Load Loss Factor, LLF","R/kW",{"$f":"VLOOKUP($D$7,'Source Data'!$A$2:$EK$28,65,FALSE)","v":{"$error":"#N/A"}},"xxxxxxxxxxx"]
[null,9.4,null,"Guaranteed no-load losses, PNL (Steel Core)","W",{"$f":"VLOOKUP($D$7,'Source Data'!$A$2:$EK$28,66,FALSE)","v":{"$error":"#N/A"}}]
[null,9.5,null,"Guaranteed no-load losses, PNL (only if Amorphous Core is offered)","W",{"$f":"VLOOKUP($D$7,'Source Data'!$A$2:$EL$28,142,FALSE)","v":{"$error":"#N/A"}}]
[null,9.6,null,"Guaranteed load losses, PLL","W",{"$f":"VLOOKUP($D$7,'Source Data'!$A$2:$EK$28,67,FALSE)","v":{"$error":"#N/A"}}]
[null,10,"3.2.14","Impedance voltage & X/R ratio"]
[null,10.1,null,"Impedance at principle tapping (specific design impedances to be stated)","%",{"$f":"VLOOKUP($D$7,'Source Data'!$A$2:$EK$28,69,FALSE)","v":{"$error":"#N/A"}}]
[null,10.2,null,"X/R ratio",null,{"$f":"VLOOKUP($D$7,'Source Data'!$A$2:$EK$28,70,FALSE)","v":{"$error":"#N/A"}}]
[null,11,null,"Audio-sound level (clause 8.5.3 of SANS 780)"]
[null,11.1,null,"Maximum limit of transformer audio-sound level","db(A)",{"$f":"VLOOKUP($D$7,'Source Data'!$A$2:$EK$28,72,FALSE)","v":{"$error":"#N/A"}}]
[null,12,null,"MV winding wire"]
[null,12.1,null,"Material (e.g. Cu or Al)",null,{"$f":"VLOOKUP($D$7,'Source Data'!$A$2:$EK$28,74,FALSE)","v":{"$error":"#N/A"}}]
[null,12.2,null,"Type (e.g. Round, Strip or Foil)",null,{"$f":"VLOOKUP($D$7,'Source Data'!$A$2:$EK$28,75,FALSE)","v":{"$error":"#N/A"}}]
[null,13,null,"LV winding wire"]
[null,13.1,null,"Material (e.g. Cu or Al)",null,{"$f":"VLOOKUP($D$7,'Source Data'!$A$2:$EK$28,77,FALSE)","v":{"$error":"#N/A"}}]
[null,13.2,null,"Type (e.g. Round, Strip or Foil)",null,{"$f":"VLOOKUP($D$7,'Source Data'!$A$2:$EK$28,78,FALSE)","v":{"$error":"#N/A"}}]
[null,14,null,"Core material"]
[null,14.1,null,"Core material ",null,{"$f":"VLOOKUP($D$7,'Source Data'!$A$2:$EK$28,80,FALSE)","v":{"$error":"#N/A"}}]
[null,14.2,null,"Type/code ",null,{"$f":"VLOOKUP($D$7,'Source Data'!$A$2:$EK$28,81,FALSE)","v":{"$error":"#N/A"}}]
[null,14.3,null,"Maximum Flux Density of Material",null,{"$f":"VLOOKUP($D$7,'Source Data'!$A$2:$EK$28,82,FALSE)","v":{"$error":"#N/A"}}]
[null,14.4,null,"Supplier",null,{"$f":"VLOOKUP($D$7,'Source Data'!$A$2:$EK$28,83,FALSE)","v":{"$error":"#N/A"}}]
[null,15,"3.3.2","Tank and tank cover"]
[null,15.1,null,"Tank type: Sealed",null,{"$f":"VLOOKUP($D$7,'Source Data'!$A$2:$EK$28,85,FALSE)","v":{"$error":"#N/A"}}]
[null,15.2,null,"Plain, rigid or corrugated",null,{"$f":"VLOOKUP($D$7,'Source Data'!$A$2:$EK$28,86,FALSE)","v":{"$error":"#N/A"}}]
[null,16,"3.3.3","Transformer dimensions"]
[null,16.1,"Figure 12","Wo (including surge arrester)","mm",{"$f":"VLOOKUP($D$7,'Source Data'!$A$2:$EK$28,88,FALSE)","v":{"$error":"#N/A"}}]
[null,16.2,"Figure 12","Lo","mm",{"$f":"VLOOKUP($D$7,'Source Data'!$A$2:$EK$28,89,FALSE)","v":{"$error":"#N/A"}}]
[null,16.3,"Figure 12","Ht","mm",{"$f":"VLOOKUP($D$7,'Source Data'!$A$2:$EK$28,90,FALSE)","v":{"$error":"#N/A"}}]
[null,16.4,"Figure 12","Mass","kg",{"$f":"VLOOKUP($D$7,'Source Data'!$A$2:$EK$28,91,FALSE)","v":{"$error":"#N/A"}}]
[null,16.5,null,"Oil capacity","l",{"$f":"VLOOKUP($D$7,'Source Data'!$A$2:$EK$28,92,FALSE)","v":{"$error":"#N/A"}}]
[null,16.6,null,"Minimum clearance between live MV terminals and from MV live terminals to any part of the tank greater than twice the BIL ","mm",{"$f":"VLOOKUP($D$7,'Source Data'!$A$2:$EK$28,93,FALSE)","v":{"$error":"#N/A"}}]
[null,16.7,"3.3.4","Minimum mechanical clearance of 100 mm between the brackets and LV bushings shall be maintained","mm",{"$f":"VLOOKUP($D$7,'Source Data'!$A$2:$EK$28,94,FALSE)","v":{"$error":"#N/A"}}]
[null,17,"3.3.4","Pole mounting bracket"]
[null,17.1,null,"Single pole mounting bracket required? (Yes or No)",null,{"$f":"VLOOKUP($D$7,'Source Data'!$A$2:$EK$28,96,FALSE)","v":{"$error":"#N/A"}}]
[null,"17.2.1",null,"Supplied with: - 2 x clamps",null,{"$f":"VLOOKUP($D$7,'Source Data'!$A$2:$EK$28,97,FALSE)","v":{"$error":"#N/A"}}]
[null,"17.2.2",null,"                     - 1 x threaded rod (M20 x 350 mm)",null,{"$f":"VLOOKUP($D$7,'Source Data'!$A$2:$EK$28,98,FALSE)","v":{"$error":"#N/A"}}]
[null,"17.2.3",null,"                     - 4 x threaded rods (M20 x 250 mm)",null,{"$f":"VLOOKUP($D$7,'Source Data'!$A$2:$EK$28,99,FALSE)","v":{"$error":"#N/A"}}]
[null,"17.2.4",null,"                     - 12 x nuts, flat washers & spring washers (M20)",null,{"$f":"VLOOKUP($D$7,'Source Data'!$A$2:$EK$28,100,FALSE)","v":{"$error":"#N/A"}}]
[null,17.2,"Figure 13","Dimension Mo","mm",{"$f":"VLOOKUP($D$7,'Source Data'!$A$2:$EK$28,101,FALSE)","v":{"$error":"#N/A"}}]
[null,17.3,"Figure 13","Dimension h1","mm",{"$f":"VLOOKUP($D$7,'Source Data'!$A$2:$EK$28,102,FALSE)","v":{"$error":"#N/A"}}]
[null,17.4,"Figure 13","Dimension W1","mm",{"$f":"VLOOKUP($D$7,'Source Data'!$A$2:$EK$28,103,FALSE)","v":{"$error":"#N/A"}}]
[null,17.5,"Figure 13","Mounting hole diameter","mm",{"$f":"VLOOKUP($D$7,'Source Data'!$A$2:$EK$28,104,FALSE)","v":{"$error":"#N/A"}}]
[null,17.6,"Figure 13","Mounting hole centres","mm",{"$f":"VLOOKUP($D$7,'Source Data'!$A$2:$EK$28,105,FALSE)","v":{"$error":"#N/A"}}]
[null,18,"3.3.5","Transformer under base"]
[null,18.1,null,"Under base required? (Yes or No)",null,{"$f":"VLOOKUP($D$7,'Source Data'!$A$2:$EK$28,107,FALSE)","v":{"$error":"#N/A"}},"xxxxxxxxxxx"]
[null,18.2,"Figure14","Lml","mm",{"$f":"VLOOKUP($D$7,'Source Data'!$A$2:$EK$28,108,FALSE)","v":{"$error":"#N/A"}},"N/A"]
[null,18.3,"Figure14","Lmw (300, 400 or 450)","mm",{"$f":"VLOOKUP($D$7,'Source Data'!$A$2:$EK$28,109,FALSE)","v":{"$error":"#N/A"}},"N/A"]
[null,18.4,"Figure14","Ls","mm",{"$f":"VLOOKUP($D$7,'Source Data'!$A$2:$EK$28,110,FALSE)","v":{"$error":"#N/A"}},"N/A"]
[null,18.5,"Figure14","Lmh","mm",{"$f":"VLOOKUP($D$7,'Source Data'!$A$2:$EK$28,111,FALSE)","v":{"$error":"#N/A"}},"N/A"]
[null,18.6,"Figure14","Mounting hole diameter","mm",{"$f":"VLOOKUP($D$7,'Source Data'!$A$2:$EK$28,112,FALSE)","v":{"$error":"#N/A"}},"N/A"]
[null,19,"3.3.6","Lifting lugs"]
[null,19.1,null,"Lifting lugs fitted",null,{"$f":"VLOOKUP($D$7,'Source Data'!$A$2:$EK$28,114,FALSE)","v":{"$error":"#N/A"}}]
[null,19.2,null,"Hole diameter","mm",{"$f":"VLOOKUP($D$7,'Source Data'!$A$2:$EK$28,115,FALSE)","v":{"$error":"#N/A"}}]
[null,20,"3.3.7","Earthing terminals"]
[null,20.1,null,"Boss material ",null,{"$f":"VLOOKUP($D$7,'Source Data'!$A$2:$EK$28,117,FALSE)","v":{"$error":"#N/A"}}]
[null,20.2,null,"Boss depth","mm",{"$f":"VLOOKUP($D$7,'Source Data'!$A$2:$EK$28,118,FALSE)","v":{"$error":"#N/A"}}]
[null,20.3,null,"Set screw material",null,{"$f":"VLOOKUP($D$7,'Source Data'!$A$2:$EK$28,119,FALSE)","v":{"$error":"#N/A"}}]
[null,20.4,null,"Set screw dimensions","mm",{"$f":"VLOOKUP($D$7,'Source Data'!$A$2:$EK$28,120,FALSE)","v":{"$error":"#N/A"}}]
[null,20.5,null,"Supplied with washer and spring washer",null,{"$f":"VLOOKUP($D$7,'Source Data'!$A$2:$EK$28,121,FALSE)","v":{"$error":"#N/A"}}]
[null,21,"3.3.8","Surge arrester brackets"]
[null,21.1,null,"Surge arrester brackets fitted",null,{"$f":"VLOOKUP($D$7,'Source Data'!$A$2:$EK$28,123,FALSE)","v":{"$error":"#N/A"}}]
[null,21.2,"Figure 16","Mounting hole diameter","mm",{"$f":"VLOOKUP($D$7,'Source Data'!$A$2:$EK$28,124,FALSE)","v":{"$error":"#N/A"}}]
[null,21.3,"Figure 16","Dimension D (worst case)","mm",{"$f":"VLOOKUP($D$7,'Source Data'!$A$2:$EK$28,125,FALSE)","v":{"$error":"#N/A"}}]
[null,21.4,"Figure 16","Dimension E (worst case)","mm",{"$f":"VLOOKUP($D$7,'Source Data'!$A$2:$EK$28,126,FALSE)","v":{"$error":"#N/A"}}]
[null,21.5,"Figure 16","Dimension F (worst case)","mm",{"$f":"VLOOKUP($D$7,'Source Data'!$A$2:$EK$28,127,FALSE)","v":{"$error":"#N/A"}}]
[null,22,3.4,"Corrosion protection for Coastal transformers"]
[null,22.1,null,"Indicate the coating system (i.e. DS numbers according to DSP 240-75655504) that is offered. (e.g. DS-14 + DS-15 for zinc sprayed mild steel with duplex coating)"]
[null,22.2,null,"Tank ",null,{"$f":"VLOOKUP($D$7,'Source Data'!$A$2:$EK$28,136,FALSE)","v":{"$error":"#N/A"}}]
[null,22.3,null,"Radiators",null,{"$f":"VLOOKUP($D$7,'Source Data'!$A$2:$EK$28,137,FALSE)","v":{"$error":"#N/A"}}]
[null,22.4,null,"Threaded rods and accessories",null,{"$f":"VLOOKUP($D$7,'Source Data'!$A$2:$EK$28,138,FALSE)","v":{"$error":"#N/A"}}]
[null,22.5,null,"Colour of final coat",null,{"$f":"VLOOKUP($D$7,'Source Data'!$A$2:$EK$28,139,FALSE)","v":{"$error":"#N/A"}}]
[null,23,4.2,"All Type Tests in Accordance with SANS 780:\n\n• Temperature rise test \n• Dielectric type test\n• Tank stiffness test \n• Corrugated tank fatigue test\n• Equivalent disturbing current test (This test is only applicable to SWER transformers)\n• Short Circuit Withstand Test\n• Natural ageing and pollution performance test",null,{"$f":"VLOOKUP($D$7,'Source Data'!$A$2:$EK$28,140,FALSE)","v":{"$error":"#N/A"}}]
[null,24,4.3,"All Routine Tests in Accordance with SANS 780:\n\n• Measurement of winding resistance\n• Measurement of voltage ratio and phase displacement\n• Measurement of short-circuit impedance and load loss\n• Measurement of no-load loss and current\n• Separate source voltage test\n• Induced overvoltage test\n• Measurement of paint thickness\n• Test for effectiveness of sealing\n• Measurement of secondary voltage across outer two terminals to be 484 V. (Only applicable to dual-phase transformers.) \n• Measurement of insulation resistance test\n• Reactance (%)\n• Dielectric routine tests\n• Vector group test ",null,{"$f":"VLOOKUP($D$7,'Source Data'!$A$2:$EK$28,141,FALSE)","v":{"$error":"#N/A"}}]
[null,24,3.4,"Corrosion protection for Coastal transformers"]
[null,24.1,null,"Indicate the coating system (i.e. DS numbers according to DSP 34-1658) that is offered. (e.g. DS-14 + DS-15 for zinc sprayed mild steel with duplex coating)"]
[null,24.2,null,"Tank ",null,"xxxxxxxxxxx"]
[null,24.3,null,"Radiators",null,"xxxxxxxxxxx"]
[null,24.4,null,"Threaded rods and accessories",null,"xxxxxxxxxxx"]
[null,24.5,null,"Colour of final coat",null,{"$f":"VLOOKUP($D$7,'Source Data'!$A$2:$EK$28,133,FALSE)","v":{"$error":"#N/A"}}]
[null,25,null,"All Type Tests in Accordance with SANS 780 inc Short Circuit Withstand Tests:\n• Temperature rise test \n• Impulse type test \n• Tank stiffness test \n• Natural ageing and pollution performance test \n• Equivalent disturbing current test \n",null,"Report Numbers"]
[null,26,null,"All Routine Tests in Accordance with SANS 780\n\n• Measurement of winding resistance\n• Measurement of voltage ratio and phase displacement\n• Measurement of short-circuit impedance and load loss\n• Measurement of no-load loss and current\n• Separate source voltage test\n• Induced overvoltage test\n• Measurement of paint thickness\n• Test for effectiveness of sealing\n• Measurement of secondary voltage across outer two terminals to be 484 V. (Only applicable to dual-phase transformers.) \n• Measurement of insulation resistance test\n",null,"Report Numbers"]

{"sheet":"Deviation Schedule","index":3,"n_rows":44,"n_cols":9,"rows_kept":44,"merged":[[0,0,0,6],[1,0,1,6],[2,0,2,6],[2,8,2,10],[3,0,3,6],[4,2,4,6],[5,2,5,6],[6,2,6,6],[7,2,7,6],[8,2,8,6],[9,2,9,6],[10,2,10,6],[11,2,11,6],[12,2,12,6],[13,2,13,6],[14,2,14,6],[15,2,15,6],[16,2,16,6],[17,2,17,6],[18,2,18,6],[19,2,19,6],[20,2,20,6],[21,2,21,6],[22,2,22,6],[23,2,23,6],[24,2,24,6],[25,2,25,6],[26,2,26,6],[27,2,27,6],[28,2,28,6],[29,2,29,6],[30,2,30,6],[31,2,31,6],[32,2,32,6],[33,2,33,6],[34,2,34,6],[36,1,36,6],[39,1,39,3],[39,5,39,6],[43,1,43,3],[43,5,43,6]]}
["Deviation schedule"]
["Specification: DSP 240-45395762 Rev.4  Enquiry no.: "]
["SAP No.: ",{"$nulls":7}," BIDDER TO STATE SAP NUMBER"]
["Any deviations offered to this specification shall be listed below with reasons for deviation.  In addition, evidence shall be provided that the proposed deviation will at least be more cost-effective that that specified by Eskom."]
["Item","Clause","Description of Deviation"]
{"$rows_empty":31}
[null,"SUPPLIER SIGNATURES"]
[]
[null,"         "]
[null,"Name (Print)",{"$nulls":3},"Company Name"]
[]
[]
[]
[null,"Sign",{"$nulls":3},"Date"]

{"sheet":"175077","index":4,"n_rows":137,"n_cols":7,"rows_kept":137,"merged":[[2,5,2,6],[3,5,3,6],[7,5,9,6],[9,1,9,3]]}
[]
[]
[{"$nulls":5},"Specification: DSP 240-45395762 Rev.4"]
[{"$nulls":5},{"$f":"'List of Items & Enquiry number'!B14","v":"Enquiry Number: 123456XYZ"}]
[]
[{"$nulls":3},"TECHNICAL SCHEDULES A & B FOR \nPOLE-MOUNTED  DISTRIBUTION TRANSFORMERS"]
[{"$nulls":3},"Single-phase, 16 kVA, 11 kV/242V  (Coastal, Ester Oil Only)"]
[{"$nulls":5},"Deviations from the specific requirements stated in Schedule A must be recorded and explained in the Deviation Schedule"]
[null,"Schedule A:  Purchaser's specific requirements"]
[null,"Schedule B:  Guarantees and technical particulars of equipment offered"]
[null,"Item","Sub-clause of 240- 45395762","Description",null,"Schedule A","Schedule B"]
[null,1,null,"Identification"]
[null,1.1,null,"Name of manufacturer",null,{"$f":"VLOOKUP($D$7,'Source Data'!$A$2:$EK$28,3,FALSE)","v":"xxxxxxxxxxx"}]
[null,1.2000000000000002,null,"Name of supplier",null,{"$f":"VLOOKUP($D$7,'Source Data'!$A$2:$EK$28,4,FALSE)","v":"xxxxxxxxxxx"}]
[null,1.3,null,"Product code for Coastal transformers",null,{"$f":"VLOOKUP($D$7,'Source Data'!$A$2:$EK$28,6,FALSE)","v":"xxxxxxxxxxx"}]
[null,1.4,null,"Are the transformers covered by the SANS 780 certification mark?",null,{"$f":"VLOOKUP($D$7,'Source Data'!$A$2:$EK$28,7,FALSE)","v":"xxxxxxxxxxx"}]
[null,1.5,null,"State SANS 780 permit number",null,{"$f":"VLOOKUP($D$7,'Source Data'!$A$2:$EK$28,8,FALSE)","v":"xxxxxxxxxxx"}]
[null,1.6,null,"Oil Type",null,{"$f":"VLOOKUP($D$7,'Source Data'!$A$2:$EK$28,9,FALSE)","v":"Ester Oil"}]
[null,2,3,"Ratings"]
[null,2.1,null,"Power rating","kVA",{"$f":"VLOOKUP($D$7,'Source Data'!$A$2:$EK$28,11,FALSE)","v":16}]
[null,2.2,null,"Rated primary voltage","kV",{"$f":"VLOOKUP($D$7,'Source Data'!$A$2:$EK$28,12,FALSE)","v":11}]
[null,2.3000000000000003,null,"Rated no-load secondary voltage","V",{"$f":"VLOOKUP($D$7,'Source Data'!$A$2:$EK$28,13,FALSE)","v":242}]
[null,2.4000000000000004,null,"Frequency","Hz",{"$f":"VLOOKUP($D$7,'Source Data'!$A$2:$EK$28,14,FALSE)","v":50}]
[null,2.5,null,"Number of phases",null,{"$f":"VLOOKUP($D$7,'Source Data'!$A$2:$EK$28,15,FALSE)","v":"1 ph"}]
[null,2.6,null,"Vector Group",null,{"$f":"VLOOKUP($D$7,'Source Data'!$A$2:$EK$28,16,FALSE)","v":"N/A"},"xxxxxxxxxxx"]
[null,3,"3.2.5","Insulation levels"]
[null,3.1,null,"BIL - Primary","kV",{"$f":"VLOOKUP($D$7,'Source Data'!$A$2:$EK$28,18,FALSE)","v":95}]
[null,3.2,null,"BIL - Secondary","kV",{"$f":"VLOOKUP($D$7,'Source Data'!$A$2:$EK$28,19,FALSE)","v":30}]
[null,3.3000000000000003,null,"Power frequency withstand voltage - Primary","kV",{"$f":"VLOOKUP($D$7,'Source Data'!$A$2:$EK$28,20,FALSE)","v":28}]
[null,3.4000000000000004,null,"Power frequency withstand voltage – Secondary","kV",{"$f":"VLOOKUP($D$7,'Source Data'!$A$2:$EK$28,21,FALSE)","v":8}]
[null,4,"3.2.8","Inter-turn winding insulation"]
[null,4.1,null,"Type (Enamel or Paper)",null,{"$f":"VLOOKUP($D$7,'Source Data'!$A$2:$EK$28,23,FALSE)","v":"xxxxxxxxxxx"}]
[null,4.199999999999999,null,"Enamel grade (if applicable)",null,{"$f":"VLOOKUP($D$7,'Source Data'!$A$2:$EK$28,24,FALSE)","v":"Grade 3"}]
[null,4.3,null,"Paper thickness (if applicable)","mm",{"$f":"VLOOKUP($D$7,'Source Data'!$A$2:$EK$28,25,FALSE)","v":"> 0.125"}]
[null,4.3999999999999995,null,"Paper type (if applicable)",null,{"$f":"VLOOKUP($D$7,'Source Data'!$A$2:$EK$28,26,FALSE)","v":"xxxxxxxxxxx"}]
[null,4.5,null,"Paper make (if applicable)",null,{"$f":"VLOOKUP($D$7,'Source Data'!$A$2:$EK$28,27,FALSE)","v":"xxxxxxxxxxx"}]
[null,4.6,null,"Paper minimum impulse withstand","kV",{"$f":"VLOOKUP($D$7,'Source Data'!$A$2:$EK$28,28,FALSE)","v":21}]
[null,4.7,null,"Paper minimum power frequency withstand ","kV",{"$f":"VLOOKUP($D$7,'Source Data'!$A$2:$EK$28,29,FALSE)","v":8}]
[null,4.8,null,"Inter-turn winding insulation stress shall not exceed 5 kV/mm","kV/mm",{"$f":"VLOOKUP($D$7,'Source Data'!$A$2:$EK$28,30,FALSE)","v":"<5"}]
[null,5,"3.2.9","Interlayer insulation"]
[null,5.1,null,"Highest interlayer stress in non-tap part of winding (<5kV/mm is not acceptable as the calculated value must be presented)","kV/mm",{"$f":"VLOOKUP($D$7,'Source Data'!$A$2:$EK$28,32,FALSE)","v":"< 5"}]
[null,5.199999999999999,null,"Highest interlayer stress in tap part of winding (<5kV/mm is not acceptable as the calculated value must be presented)","kV/mm",{"$f":"VLOOKUP($D$7,'Source Data'!$A$2:$EK$28,33,FALSE)","v":"< 5 "}]
[null,5.3,null,"Paper type.",null,{"$f":"VLOOKUP($D$7,'Source Data'!$A$2:$EK$28,34,FALSE)","v":"xxxxxxxxxxx"}]
[null,5.3999999999999995,null,"Paper make.",null,{"$f":"VLOOKUP($D$7,'Source Data'!$A$2:$EK$28,35,FALSE)","v":"xxxxxxxxxxx"}]
[null,6,"3.2.10","Tapping connections"]
[null,6.1,null,"Type ",null,{"$f":"VLOOKUP($D$7,'Source Data'!$A$2:$EK$28,37,FALSE)","v":"External"}]
[null,6.2,null,"Tapping range","%",{"$f":"VLOOKUP($D$7,'Source Data'!$A$2:$EK$28,38,FALSE)","v":"0, +2.5 , +5"}]
[null,7,"3.2.11","MV Bushings for Coastal Transformers"]
[null,7.1,null,"Make ",null,{"$f":"VLOOKUP($D$7,'Source Data'!$A$2:$EK$28,48,FALSE)","v":"xxxxxxxxxxx"}]
[null,7.2,null,"Product code",null,{"$f":"VLOOKUP($D$7,'Source Data'!$A$2:$EK$28,49,FALSE)","v":"xxxxxxxxxxx"}]
[null,7.3,null,"Material (e.g. Porcelain)",null,{"$f":"VLOOKUP($D$7,'Source Data'!$A$2:$EK$28,50,FALSE)","v":"xxxxxxxxxxx"}]
[null,7.4,null,"Specific creepage distance","mm/kV",{"$f":"VLOOKUP($D$7,'Source Data'!$A$2:$EK$28,51,FALSE)","v":"≥ 31"}]
[null,7.5,null,"Clamping",null,{"$f":"VLOOKUP($D$7,'Source Data'!$A$2:$EK$28,52,FALSE)","v":"Base"}]
[null,7.6,null,"Type",null,{"$f":"VLOOKUP($D$7,'Source Data'!$A$2:$EK$28,53,FALSE)","v":"Draw lead"}]
[null,7.7,null,"Stem diameter",null,{"$f":"VLOOKUP($D$7,'Source Data'!$A$2:$EK$28,54,FALSE)","v":"M12"}]
[null,8,"3.2.11","LV Bushings"]
[null,8.1,null,"Make ",null,{"$f":"VLOOKUP($D$7,'Source Data'!$A$2:$EK$28,56,FALSE)","v":"xxxxxxxxxxx"}]
[null,8.2,null,"Product code",null,{"$f":"VLOOKUP($D$7,'Source Data'!$A$2:$EK$28,57,FALSE)","v":"xxxxxxxxxxx"}]
[null,8.3,null,"Material (e.g. Porcelain)",null,{"$f":"VLOOKUP($D$7,'Source Data'!$A$2:$EK$28,58,FALSE)","v":"xxxxxxxxxxx"}]
[null,8.4,null,"Stem diameter",null,{"$f":"VLOOKUP($D$7,'Source Data'!$A$2:$EK$28,59,FALSE)","v":"M12"}]
[null,8.5,null,"Supplied with flag ",null,{"$f":"VLOOKUP($D$7,'Source Data'!$A$2:$EK$28,60,FALSE)","v":"Yes"}]
[null,8.6,null,"Flag supplied with 2 x M12 x 40 mm set screws, 4 x flatwashers, 2 x spring washers and 2 x nuts",null,{"$f":"VLOOKUP($D$7,'Source Data'!$A$2:$EK$28,61,FALSE)","v":"Yes"}]
[null,9,"3.2.14","Losses"]
[null,9.1,null,"Loss factor base (Cost of Dx or Gx) ",null,{"$f":"VLOOKUP($D$7,'Source Data'!$A$2:$EK$28,63,FALSE)","v":"Distribution"},"xxxxxxxxxxx"]
[null,9.2,null,"No-load Loss Factor, NLLF ","R/kW",{"$f":"VLOOKUP($D$7,'Source Data'!$A$2:$EK$28,64,FALSE)","v":80500},"xxxxxxxxxxx"]
[null,9.3,null,"Load Loss Factor, LLF","R/kW",{"$f":"VLOOKUP($D$7,'Source Data'!$A$2:$EK$28,65,FALSE)","v":17500},"xxxxxxxxxxx"]
[null,9.4,null,"Guaranteed no-load losses, PNL (Steel Core)","W",{"$f":"VLOOKUP($D$7,'Source Data'!$A$2:$EK$28,66,FALSE)","v":49}]
[null,9.5,null,"Guaranteed no-load losses, PNL (only if Amorphous Core is offered)","W",{"$f":"VLOOKUP($D$7,'Source Data'!$A$2:$EL$28,142,FALSE)","v":23}]
[null,9.6,null,"Guaranteed load losses, PLL","W",{"$f":"VLOOKUP($D$7,'Source Data'!$A$2:$EK$28,67,FALSE)","v":320}]
[null,10,"3.2.14","Impedance voltage & X/R ratio"]
[null,10.1,null,"Impedance at principle tapping (specific design impedances to be stated)","%",{"$f":"VLOOKUP($D$7,'Source Data'!$A$2:$EK$28,69,FALSE)","v":"3,0 to 4,5"}]
[null,10.2,null,"X/R ratio",null,{"$f":"VLOOKUP($D$7,'Source Data'!$A$2:$EK$28,70,FALSE)","v":"xxxxxxxxxx"}]
[null,11,null,"Audio-sound level (SANS 780)"]
[null,11.1,null,"Maximum limit of transformer audio-sound level","db(A)",{"$f":"VLOOKUP($D$7,'Source Data'!$A$2:$EK$28,72,FALSE)","v":"≤ 48 "}]
[null,12,null,"MV winding wire"]
[null,12.1,null,"Material (e.g. Cu or Al)",null,{"$f":"VLOOKUP($D$7,'Source Data'!$A$2:$EK$28,74,FALSE)","v":"xxxxxxxxxxx"}]
[null,12.2,null,"Type (e.g. Round, Strip or Foil)",null,{"$f":"VLOOKUP($D$7,'Source Data'!$A$2:$EK$28,75,FALSE)","v":"xxxxxxxxxxx"}]
[null,13,null,"LV winding wire"]
[null,13.1,null,"Material (e.g. Cu or Al)",null,{"$f":"VLOOKUP($D$7,'Source Data'!$A$2:$EK$28,77,FALSE)","v":"xxxxxxxxxxx"}]
[null,13.2,null,"Type (e.g. Round, Strip or Foil)",null,{"$f":"VLOOKUP($D$7,'Source Data'!$A$2:$EK$28,78,FALSE)","v":"xxxxxxxxxxx"}]
[null,14,null,"Core material"]
[null,14.1,null,"Core material ",null,{"$f":"VLOOKUP($D$7,'Source Data'!$A$2:$EK$28,80,FALSE)","v":"Steel or Amporphous"}]
[null,14.2,null,"Type/code ",null,{"$f":"VLOOKUP($D$7,'Source Data'!$A$2:$EK$28,81,FALSE)","v":"xxxxxxxxxxx"}]
[null,14.3,null,"Maximum Flux Density of Material",null,{"$f":"VLOOKUP($D$7,'Source Data'!$A$2:$EK$28,82,FALSE)","v":"xxxxxxxxxxx"}]
[null,14.4,null,"Supplier",null,{"$f":"VLOOKUP($D$7,'Source Data'!$A$2:$EK$28,83,FALSE)","v":"xxxxxxxxxxx"}]
[null,15,"3.3.2","Tank and tank cover"]
[null,15.1,null,"Tank type: Sealed",null,{"$f":"VLOOKUP($D$7,'Source Data'!$A$2:$EK$28,85,FALSE)","v":"Sealed"}]
[null,15.2,null,"Plain, rigid or corrugated",null,{"$f":"VLOOKUP($D$7,'Source Data'!$A$2:$EK$28,86,FALSE)","v":"xxxxxxxxxx"}]
[null,16,"3.3.3","Transformer dimensions"]
[null,16.1,"Figure 12","Wo (including surge arrester)","mm",{"$f":"VLOOKUP($D$7,'Source Data'!$A$2:$EK$28,88,FALSE)","v":"≤ 1 080 "}]
[null,16.2,"Figure 12","Lo","mm",{"$f":"VLOOKUP($D$7,'Source Data'!$A$2:$EK$28,89,FALSE)","v":"≤ 1 500 "}]
[null,16.3,"Figure 12","Ht","mm",{"$f":"VLOOKUP($D$7,'Source Data'!$A$2:$EK$28,90,FALSE)","v":"≤ 1 500 "}]
[null,16.4,"Figure 12","Mass","kg",{"$f":"VLOOKUP($D$7,'Source Data'!$A$2:$EK$28,91,FALSE)","v":"≤ 900 "}]
[null,16.5,null,"Oil capacity","l",{"$f":"VLOOKUP($D$7,'Source Data'!$A$2:$EK$28,92,FALSE)","v":"xxxxxxxxxxx"}]
[null,16.6,null,"Minimum clearance between live MV terminals and from MV live terminals to any part of the tank greater than twice the BIL ","mm",{"$f":"VLOOKUP($D$7,'Source Data'!$A$2:$EK$28,93,FALSE)","v":190}]
[null,16.7,"3.3.4","Minimum mechanical clearance of 100 mm between the brackets and LV bushings shall be maintained","mm",{"$f":"VLOOKUP($D$7,'Source Data'!$A$2:$EK$28,94,FALSE)","v":100}]
[null,17,"3.3.4","Pole mounting bracket"]
[null,17.1,null,"Single pole mounting bracket required? (Yes or No)",null,{"$f":"VLOOKUP($D$7,'Source Data'!$A$2:$EK$28,96,FALSE)","v":"Yes"}]
[null,"17.2.1",null,"Supplied with: - 2 x clamps",null,{"$f":"VLOOKUP($D$7,'Source Data'!$A$2:$EK$28,97,FALSE)","v":"Yes"}]
[null,"17.2.2",null,"                     - 1 x threaded rod (M20 x 350 mm)",null,{"$f":"VLOOKUP($D$7,'Source Data'!$A$2:$EK$28,98,FALSE)","v":"Yes"}]
[null,"17.2.3",null,"                     - 4 x threaded rods (M20 x 250 mm)",null,{"$f":"VLOOKUP($D$7,'Source Data'!$A$2:$EK$28,99,FALSE)","v":"Yes"}]
[null,"17.2.4",null,"                     - 12 x nuts, flat washers & spring washers (M20)",null,{"$f":"VLOOKUP($D$7,'Source Data'!$A$2:$EK$28,100,FALSE)","v":"Yes"}]
[null,17.2,"Figure 13","Dimension Mo","mm",{"$f":"VLOOKUP($D$7,'Source Data'!$A$2:$EK$28,101,FALSE)","v":400}]
[null,17.3,"Figure 13","Dimension h1","mm",{"$f":"VLOOKUP($D$7,'Source Data'!$A$2:$EK$28,102,FALSE)","v":"≤ 400 "}]
[null,17.4,"Figure 13","Dimension W1","mm",{"$f":"VLOOKUP($D$7,'Source Data'!$A$2:$EK$28,103,FALSE)","v":"≤ 450 "}]
[null,17.5,"Figure 13","Mounting hole diameter","mm",{"$f":"VLOOKUP($D$7,'Source Data'!$A$2:$EK$28,104,FALSE)","v":22}]
[null,17.6,"Figure 13","Mounting hole centres","mm",{"$f":"VLOOKUP($D$7,'Source Data'!$A$2:$EK$28,105,FALSE)","v":146}]
[null,18,"3.3.5","Transformer under base"]
[null,18.1,null,"Under base required? (Yes or No)",null,{"$f":"VLOOKUP($D$7,'Source Data'!$A$2:$EK$28,107,FALSE)","v":"No"},"xxxxxxxxxxx"]
[null,18.2,"Figure14","Lml","mm",{"$f":"VLOOKUP($D$7,'Source Data'!$A$2:$EK$28,108,FALSE)","v":400},"N/A"]
[null,18.3,"Figure14","Lmw (300, 400 or 450)","mm",{"$f":"VLOOKUP($D$7,'Source Data'!$A$2:$EK$28,109,FALSE)","v":"xxxxxxxxxxx"},"N/A"]
[null,18.4,"Figure14","Ls","mm",{"$f":"VLOOKUP($D$7,'Source Data'!$A$2:$EK$28,110,FALSE)","v":"≥ 320"},"N/A"]
[null,18.5,"Figure14","Lmh","mm",{"$f":"VLOOKUP($D$7,'Source Data'!$A$2:$EK$28,111,FALSE)","v":"≤ 120 "},"N/A"]
[null,18.6,"Figure14","Mounting hole diameter","mm",{"$f":"VLOOKUP($D$7,'Source Data'!$A$2:$EK$28,112,FALSE)","v":22},"N/A"]
[null,19,"3.3.6","Lifting lugs"]
[null,19.1,null,"Lifting lugs fitted",null,{"$f":"VLOOKUP($D$7,'Source Data'!$A$2:$EK$28,114,FALSE)","v":"Yes"}]
[null,19.2,null,"Hole diameter","mm",{"$f":"VLOOKUP($D$7,'Source Data'!$A$2:$EK$28,115,FALSE)","v":"≥ 30 "}]
[null,20,"3.3.7","Earthing terminals"]
[null,20.1,null,"Boss material ",null,{"$f":"VLOOKUP($D$7,'Source Data'!$A$2:$EK$28,117,FALSE)","v":"316 Stainless Steel or Mild Steel"}]
[null,20.2,null,"Boss depth","mm",{"$f":"VLOOKUP($D$7,'Source Data'!$A$2:$EK$28,118,FALSE)","v":"≥ 30"}]
[null,20.3,null,"Set screw material",null,{"$f":"VLOOKUP($D$7,'Source Data'!$A$2:$EK$28,119,FALSE)","v":"316 Stainless Steel or Mild Steel"}]
[null,20.4,null,"Set screw dimensions","mm",{"$f":"VLOOKUP($D$7,'Source Data'!$A$2:$EK$28,120,FALSE)","v":"M12 x 25 "}]
[null,20.5,null,"Supplied with washer and spring washer",null,{"$f":"VLOOKUP($D$7,'Source Data'!$A$2:$EK$28,121,FALSE)","v":"Yes"}]
[null,21,"3.3.8","Surge arrester brackets"]
[null,21.1,null,"Surge arrester brackets fitted",null,{"$f":"VLOOKUP($D$7,'Source Data'!$A$2:$EK$28,123,FALSE)","v":"Yes"}]
[null,21.2,"Figure 16","Mounting hole diameter","mm",{"$f":"VLOOKUP($D$7,'Source Data'!$A$2:$EK$28,124,FALSE)","v":14}]
[null,21.3,"Figure 16","Dimension D (worst case)","mm",{"$f":"VLOOKUP($D$7,'Source Data'!$A$2:$EK$28,125,FALSE)","v":"≥ 200"}]
[null,21.4,"Figure 16","Dimension E (worst case)","mm",{"$f":"VLOOKUP($D$7,'Source Data'!$A$2:$EK$28,126,FALSE)","v":"≥ 190 "}]
[null,21.5,"Figure 16","Dimension F (worst case)","mm",{"$f":"VLOOKUP($D$7,'Source Data'!$A$2:$EK$28,127,FALSE)","v":"≥ 150"}]
[null,22,3.4,"Corrosion protection for Coastal transformers"]
[null,22.1,null,"Indicate the coating system (i.e. DS numbers according to DSP 240-75655504) that is offered. (e.g. DS-14 + DS-15 for zinc sprayed mild steel with duplex coating)"]
[null,22.2,null,"Tank ",null,{"$f":"VLOOKUP($D$7,'Source Data'!$A$2:$EK$28,136,FALSE)","v":"xxxxxxxxxxx"}]
[null,22.3,null,"Radiators",null,{"$f":"VLOOKUP($D$7,'Source Data'!$A$2:$EK$28,137,FALSE)","v":"xxxxxxxxxxx"}]
[null,22.4,null,"Threaded rods and accessories",null,{"$f":"VLOOKUP($D$7,'Source Data'!$A$2:$EK$28,138,FALSE)","v":"xxxxxxxxxxx"}]
[null,22.5,null,"Colour of final coat",null,{"$f":"VLOOKUP($D$7,'Source Data'!$A$2:$EK$28,139,FALSE)","v":"Azure Blue"}]
[null,23,4.2,"All Type Tests in Accordance with SANS 780:\n\n• Temperature rise test \n• Dielectric type test\n• Tank stiffness test \n• Corrugated tank fatigue test\n• Equivalent disturbing current test (This test is only applicable to SWER transformers)\n• Short Circuit Withstand Test\n• Natural ageing and pollution performance test",null,{"$f":"VLOOKUP($D$7,'Source Data'!$A$2:$EK$28,140,FALSE)","v":"Report Numbers"}]
[null,24,4.3,"All Routine Tests in Accordance with SANS 780:\n\n• Measurement of winding resistance\n• Measurement of voltage ratio and phase displacement\n• Measurement of short-circuit impedance and load loss\n• Measurement of no-load loss and current\n• Separate source voltage test\n• Induced overvoltage test\n• Measurement of paint thickness\n• Test for effectiveness of sealing\n• Measurement of secondary voltage across outer two terminals to be 484 V. (Only applicable to dual-phase transformers.) \n• Measurement of insulation resistance test\n• Reactance (%)\n• Dielectric routine tests\n• Vector group test ",null,{"$f":"VLOOKUP($D$7,'Source Data'!$A$2:$EK$28,141,FALSE)","v":"Report Numbers"}]

{"sheet":"175078","index":5,"n_rows":137,"n_cols":7,"rows_kept":137,"merged":[[2,5,2,6],[3,5,3,6],[7,5,9,6],[9,1,9,3]]}
[]
[]
[{"$nulls":5},"Specification: DSP 240-45395762 Rev.4"]
[{"$nulls":5},{"$f":"'List of Items & Enquiry number'!B14","v":"Enquiry Number: 123456XYZ"}]
[]
[{"$nulls":3},"TECHNICAL SCHEDULES A & B FOR \nPOLE-MOUNTED  DISTRIBUTION TRANSFORMERS"]
[{"$nulls":3},"Single-phase, 16 kVA, 22 kV/242V  (Coastal, Ester Oil Only)"]
[{"$nulls":5},"Deviations from the specific requirements stated in Schedule A must be recorded and explained in the Deviation Schedule"]
[null,"Schedule A:  Purchaser's specific requirements"]
[null,"Schedule B:  Guarantees and technical particulars of equipment offered"]
[null,"Item","Sub-clause of 240- 45395762","Description",null,"Schedule A","Schedule B"]
[null,1,null,"Identification"]
[null,1.1,null,"Name of manufacturer",null,{"$f":"VLOOKUP($D$7,'Source Data'!$A$2:$EK$28,3,FALSE)","v":"xxxxxxxxxxx"}]
[null,1.2000000000000002,null,"Name of supplier",null,{"$f":"VLOOKUP($D$7,'Source Data'!$A$2:$EK$28,4,FALSE)","v":"xxxxxxxxxxx"}]
[null,1.3,null,"Product code for Coastal transformers",null,{"$f":"VLOOKUP($D$7,'Source Data'!$A$2:$EK$28,6,FALSE)","v":"xxxxxxxxxxx"}]
[null,1.4,null,"Are the transformers covered by the SANS 780 certification mark?",null,{"$f":"VLOOKUP($D$7,'Source Data'!$A$2:$EK$28,7,FALSE)","v":"xxxxxxxxxxx"}]
[null,1.5,null,"State SANS 780 permit number",null,{"$f":"VLOOKUP($D$7,'Source Data'!$A$2:$EK$28,8,FALSE)","v":"xxxxxxxxxxx"}]
[null,1.6,null,"Oil Type",null,{"$f":"VLOOKUP($D$7,'Source Data'!$A$2:$EK$28,9,FALSE)","v":"Ester Oil"}]
[null,2,3,"Ratings"]
[null,2.1,null,"Power rating","kVA",{"$f":"VLOOKUP($D$7,'Source Data'!$A$2:$EK$28,11,FALSE)","v":16}]
[null,2.2,null,"Rated primary voltage","kV",{"$f":"VLOOKUP($D$7,'Source Data'!$A$2:$EK$28,12,FALSE)","v":22}]
[null,2.3000000000000003,null,"Rated no-load secondary voltage","V",{"$f":"VLOOKUP($D$7,'Source Data'!$A$2:$EK$28,13,FALSE)","v":242}]
[null,2.4000000000000004,null,"Frequency","Hz",{"$f":"VLOOKUP($D$7,'Source Data'!$A$2:$EK$28,14,FALSE)","v":50}]
[null,2.5,null,"Number of phases",null,{"$f":"VLOOKUP($D$7,'Source Data'!$A$2:$EK$28,15,FALSE)","v":"1 ph"}]
[null,2.6,null,"Vector Group",null,{"$f":"VLOOKUP($D$7,'Source Data'!$A$2:$EK$28,16,FALSE)","v":"N/A"},"xxxxxxxxxxx"]
[null,3,"3.2.5","Insulation levels"]
[null,3.1,null,"BIL - Primary","kV",{"$f":"VLOOKUP($D$7,'Source Data'!$A$2:$EK$28,18,FALSE)","v":150}]
[null,3.2,null,"BIL - Secondary","kV",{"$f":"VLOOKUP($D$7,'Source Data'!$A$2:$EK$28,19,FALSE)","v":30}]
[null,3.3000000000000003,null,"Power frequency withstand voltage - Primary","kV",{"$f":"VLOOKUP($D$7,'Source Data'!$A$2:$EK$28,20,FALSE)","v":50}]
[null,3.4000000000000004,null,"Power frequency withstand voltage – Secondary","kV",{"$f":"VLOOKUP($D$7,'Source Data'!$A$2:$EK$28,21,FALSE)","v":8}]
[null,4,"3.2.8","Inter-turn winding insulation"]
[null,4.1,null,"Type (Enamel or Paper)",null,{"$f":"VLOOKUP($D$7,'Source Data'!$A$2:$EK$28,23,FALSE)","v":"xxxxxxxxxxx"}]
[null,4.199999999999999,null,"Enamel grade (if applicable)",null,{"$f":"VLOOKUP($D$7,'Source Data'!$A$2:$EK$28,24,FALSE)","v":"Grade 3"}]
[null,4.3,null,"Paper thickness (if applicable)","mm",{"$f":"VLOOKUP($D$7,'Source Data'!$A$2:$EK$28,25,FALSE)","v":"> 0.125"}]
[null,4.3999999999999995,null,"Paper type (if applicable)",null,{"$f":"VLOOKUP($D$7,'Source Data'!$A$2:$EK$28,26,FALSE)","v":"xxxxxxxxxxx"}]
[null,4.5,null,"Paper make (if applicable)",null,{"$f":"VLOOKUP($D$7,'Source Data'!$A$2:$EK$28,27,FALSE)","v":"xxxxxxxxxxx"}]
[null,4.6,null,"Paper minimum impulse withstand","kV",{"$f":"VLOOKUP($D$7,'Source Data'!$A$2:$EK$28,28,FALSE)","v":21}]
[null,4.7,null,"Paper minimum power frequency withstand ","kV",{"$f":"VLOOKUP($D$7,'Source Data'!$A$2:$EK$28,29,FALSE)","v":8}]
[null,4.8,null,"Inter-turn winding insulation stress shall not exceed 5 kV/mm","kV/mm",{"$f":"VLOOKUP($D$7,'Source Data'!$A$2:$EK$28,30,FALSE)","v":"<5"}]
[null,5,"3.2.9","Interlayer insulation"]
[null,5.1,null,"Highest interlayer stress in non-tap part of winding (<5kV/mm is not acceptable as the calculated value must be presented)","kV/mm",{"$f":"VLOOKUP($D$7,'Source Data'!$A$2:$EK$28,32,FALSE)","v":"< 5"}]
[null,5.199999999999999,null,"Highest interlayer stress in tap part of winding (<5kV/mm is not acceptable as the calculated value must be presented)","kV/mm",{"$f":"VLOOKUP($D$7,'Source Data'!$A$2:$EK$28,33,FALSE)","v":"< 5 "}]
[null,5.3,null,"Paper type.",null,{"$f":"VLOOKUP($D$7,'Source Data'!$A$2:$EK$28,34,FALSE)","v":"xxxxxxxxxxx"}]
[null,5.3999999999999995,null,"Paper make.",null,{"$f":"VLOOKUP($D$7,'Source Data'!$A$2:$EK$28,35,FALSE)","v":"xxxxxxxxxxx"}]
[null,6,"3.2.10","Tapping connections"]
[null,6.1,null,"Type ",null,{"$f":"VLOOKUP($D$7,'Source Data'!$A$2:$EK$28,37,FALSE)","v":"External"}]
[null,6.2,null,"Tapping range","%",{"$f":"VLOOKUP($D$7,'Source Data'!$A$2:$EK$28,38,FALSE)","v":"0, +2.5 , +5"}]
[null,7,"3.2.11","MV Bushings for Coastal Transformers"]
[null,7.1,null,"Make ",null,{"$f":"VLOOKUP($D$7,'Source Data'!$A$2:$EK$28,48,FALSE)","v":"xxxxxxxxxxx"}]
[null,7.2,null,"Product code",null,{"$f":"VLOOKUP($D$7,'Source Data'!$A$2:$EK$28,49,FALSE)","v":"xxxxxxxxxxx"}]
[null,7.3,null,"Material (e.g. Porcelain)",null,{"$f":"VLOOKUP($D$7,'Source Data'!$A$2:$EK$28,50,FALSE)","v":"xxxxxxxxxxx"}]
[null,7.4,null,"Specific creepage distance","mm/kV",{"$f":"VLOOKUP($D$7,'Source Data'!$A$2:$EK$28,51,FALSE)","v":"≥ 31"}]
[null,7.5,null,"Clamping",null,{"$f":"VLOOKUP($D$7,'Source Data'!$A$2:$EK$28,52,FALSE)","v":"Base"}]
[null,7.6,null,"Type",null,{"$f":"VLOOKUP($D$7,'Source Data'!$A$2:$EK$28,53,FALSE)","v":"Draw lead"}]
[null,7.7,null,"Stem diameter",null,{"$f":"VLOOKUP($D$7,'Source Data'!$A$2:$EK$28,54,FALSE)","v":"M12"}]
[null,8,"3.2.11","LV Bushings"]
[null,8.1,null,"Make ",null,{"$f":"VLOOKUP($D$7,'Source Data'!$A$2:$EK$28,56,FALSE)","v":"xxxxxxxxxxx"}]
[null,8.2,null,"Product code",null,{"$f":"VLOOKUP($D$7,'Source Data'!$A$2:$EK$28,57,FALSE)","v":"xxxxxxxxxxx"}]
[null,8.3,null,"Material (e.g. Porcelain)",null,{"$f":"VLOOKUP($D$7,'Source Data'!$A$2:$EK$28,58,FALSE)","v":"xxxxxxxxxxx"}]
[null,8.4,null,"Stem diameter",null,{"$f":"VLOOKUP($D$7,'Source Data'!$A$2:$EK$28,59,FALSE)","v":"M12"}]
[null,8.5,null,"Supplied with flag ",null,{"$f":"VLOOKUP($D$7,'Source Data'!$A$2:$EK$28,60,FALSE)","v":"Yes"}]
[null,8.6,null,"Flag supplied with 2 x M12 x 40 mm set screws, 4 x flatwashers, 2 x spring washers and 2 x nuts",null,{"$f":"VLOOKUP($D$7,'Source Data'!$A$2:$EK$28,61,FALSE)","v":"Yes"}]
[null,9,"3.2.14","Losses"]
[null,9.1,null,"Loss factor base (Cost of Dx or Gx) ",null,{"$f":"VLOOKUP($D$7,'Source Data'!$A$2:$EK$28,63,FALSE)","v":"Distribution"},"xxxxxxxxxxx"]
[null,9.2,null,"No-load Loss Factor, NLLF ","R/kW",{"$f":"VLOOKUP($D$7,'Source Data'!$A$2:$EK$28,64,FALSE)","v":80500},"xxxxxxxxxxx"]
[null,9.3,null,"Load Loss Factor, LLF","R/kW",{"$f":"VLOOKUP($D$7,'Source Data'!$A$2:$EK$28,65,FALSE)","v":17500},"xxxxxxxxxxx"]
[null,9.4,null,"Guaranteed no-load losses, PNL (Steel Core)","W",{"$f":"VLOOKUP($D$7,'Source Data'!$A$2:$EK$28,66,FALSE)","v":49}]
[null,9.5,null,"Guaranteed no-load losses, PNL (only if Amorphous Core is offered)","W",{"$f":"VLOOKUP($D$7,'Source Data'!$A$2:$EL$28,142,FALSE)","v":23}]
[null,9.6,null,"Guaranteed load losses, PLL","W",{"$f":"VLOOKUP($D$7,'Source Data'!$A$2:$EK$28,67,FALSE)","v":320}]
[null,10,"3.2.14","Impedance voltage & X/R ratio"]
[null,10.1,null,"Impedance at principle tapping (specific design impedances to be stated)","%",{"$f":"VLOOKUP($D$7,'Source Data'!$A$2:$EK$28,69,FALSE)","v":"3,0 to 4,5"}]
[null,10.2,null,"X/R ratio",null,{"$f":"VLOOKUP($D$7,'Source Data'!$A$2:$EK$28,70,FALSE)","v":"xxxxxxxxxx"}]
[null,11,null,"Audio-sound level (SANS 780)"]
[null,11.1,null,"Maximum limit of transformer audio-sound level","db(A)",{"$f":"VLOOKUP($D$7,'Source Data'!$A$2:$EK$28,72,FALSE)","v":"≤ 48 "}]
[null,12,null,"MV winding wire"]
[null,12.1,null,"Material (e.g. Cu or Al)",null,{"$f":"VLOOKUP($D$7,'Source Data'!$A$2:$EK$28,74,FALSE)","v":"xxxxxxxxxxx"}]
[null,12.2,null,"Type (e.g. Round, Strip or Foil)",null,{"$f":"VLOOKUP($D$7,'Source Data'!$A$2:$EK$28,75,FALSE)","v":"xxxxxxxxxxx"}]
[null,13,null,"LV winding wire"]
[null,13.1,null,"Material (e.g. Cu or Al)",null,{"$f":"VLOOKUP($D$7,'Source Data'!$A$2:$EK$28,77,FALSE)","v":"xxxxxxxxxxx"}]
[null,13.2,null,"Type (e.g. Round, Strip or Foil)",null,{"$f":"VLOOKUP($D$7,'Source Data'!$A$2:$EK$28,78,FALSE)","v":"xxxxxxxxxxx"}]
[null,14,null,"Core material"]
[null,14.1,null,"Core material ",null,{"$f":"VLOOKUP($D$7,'Source Data'!$A$2:$EK$28,80,FALSE)","v":"Steel or Amporphous"}]
[null,14.2,null,"Type/code ",null,{"$f":"VLOOKUP($D$7,'Source Data'!$A$2:$EK$28,81,FALSE)","v":"xxxxxxxxxxx"}]
[null,14.3,null,"Maximum Flux Density of Material",null,{"$f":"VLOOKUP($D$7,'Source Data'!$A$2:$EK$28,82,FALSE)","v":"xxxxxxxxxxx"}]
[null,14.4,null,"Supplier",null,{"$f":"VLOOKUP($D$7,'Source Data'!$A$2:$EK$28,83,FALSE)","v":"xxxxxxxxxxx"}]
[null,15,"3.3.2","Tank and tank cover"]
[null,15.1,null,"Tank type: Sealed",null,{"$f":"VLOOKUP($D$7,'Source Data'!$A$2:$EK$28,85,FALSE)","v":"Sealed"}]
[null,15.2,null,"Plain, rigid or corrugated",null,{"$f":"VLOOKUP($D$7,'Source Data'!$A$2:$EK$28,86,FALSE)","v":"xxxxxxxxxx"}]
[null,16,"3.3.3","Transformer dimensions"]
[null,16.1,"Figure 12","Wo (including surge arrester)","mm",{"$f":"VLOOKUP($D$7,'Source Data'!$A$2:$EK$28,88,FALSE)","v":"≤ 1 080 "}]
[null,16.2,"Figure 12","Lo","mm",{"$f":"VLOOKUP($D$7,'Source Data'!$A$2:$EK$28,89,FALSE)","v":"≤ 1 500 "}]
[null,16.3,"Figure 12","Ht","mm",{"$f":"VLOOKUP($D$7,'Source Data'!$A$2:$EK$28,90,FALSE)","v":"≤ 1 500 "}]
[null,16.4,"Figure 12","Mass","kg",{"$f":"VLOOKUP($D$7,'Source Data'!$A$2:$EK$28,91,FALSE)","v":"≤ 900 "}]
[null,16.5,null,"Oil capacity","l",{"$f":"VLOOKUP($D$7,'Source Data'!$A$2:$EK$28,92,FALSE)","v":"xxxxxxxxxxx"}]
[null,16.6,null,"Minimum clearance between live MV terminals and from MV live terminals to any part of the tank greater than twice the BIL ","mm",{"$f":"VLOOKUP($D$7,'Source Data'!$A$2:$EK$28,93,FALSE)","v":300}]
[null,16.7,"3.3.4","Minimum mechanical clearance of 100 mm between the brackets and LV bushings shall be maintained","mm",{"$f":"VLOOKUP($D$7,'Source Data'!$A$2:$EK$28,94,FALSE)","v":100}]
[null,17,"3.3.4","Pole mounting bracket"]
[null,17.1,null,"Single pole mounting bracket required? (Yes or No)",null,{"$f":"VLOOKUP($D$7,'Source Data'!$A$2:$EK$28,96,FALSE)","v":"Yes"}]
[null,"17.2.1",null,"Supplied with: - 2 x clamps",null,{"$f":"VLOOKUP($D$7,'Source Data'!$A$2:$EK$28,97,FALSE)","v":"Yes"}]
[null,"17.2.2",null,"                     - 1 x threaded rod (M20 x 350 mm)",null,{"$f":"VLOOKUP($D$7,'Source Data'!$A$2:$EK$28,98,FALSE)","v":"Yes"}]
[null,"17.2.3",null,"                     - 4 x threaded rods (M20 x 250 mm)",null,{"$f":"VLOOKUP($D$7,'Source Data'!$A$2:$EK$28,99,FALSE)","v":"Yes"}]
[null,"17.2.4",null,"                     - 12 x nuts, flat washers & spring washers (M20)",null,{"$f":"VLOOKUP($D$7,'Source Data'!$A$2:$EK$28,100,FALSE)","v":"Yes"}]
[null,17.2,"Figure 13","Dimension Mo","mm",{"$f":"VLOOKUP($D$7,'Source Data'!$A$2:$EK$28,101,FALSE)","v":400}]
[null,17.3,"Figure 13","Dimension h1","mm",{"$f":"VLOOKUP($D$7,'Source Data'!$A$2:$EK$28,102,FALSE)","v":"≤ 400 "}]
[null,17.4,"Figure 13","Dimension W1","mm",{"$f":"VLOOKUP($D$7,'Source Data'!$A$2:$EK$28,103,FALSE)","v":"≤ 450 "}]
[null,17.5,"Figure 13","Mounting hole diameter","mm",{"$f":"VLOOKUP($D$7,'Source Data'!$A$2:$EK$28,104,FALSE)","v":22}]
[null,17.6,"Figure 13","Mounting hole centres","mm",{"$f":"VLOOKUP($D$7,'Source Data'!$A$2:$EK$28,105,FALSE)","v":146}]
[null,18,"3.3.5","Transformer under base"]
[null,18.1,null,"Under base required? (Yes or No)",null,{"$f":"VLOOKUP($D$7,'Source Data'!$A$2:$EK$28,107,FALSE)","v":"No"},"xxxxxxxxxxx"]
[null,18.2,"Figure14","Lml","mm",{"$f":"VLOOKUP($D$7,'Source Data'!$A$2:$EK$28,108,FALSE)","v":400},"N/A"]
[null,18.3,"Figure14","Lmw (300, 400 or 450)","mm",{"$f":"VLOOKUP($D$7,'Source Data'!$A$2:$EK$28,109,FALSE)","v":"xxxxxxxxxxx"},"N/A"]
[null,18.4,"Figure14","Ls","mm",{"$f":"VLOOKUP($D$7,'Source Data'!$A$2:$EK$28,110,FALSE)","v":"≥ 320"},"N/A"]
[null,18.5,"Figure14","Lmh","mm",{"$f":"VLOOKUP($D$7,'Source Data'!$A$2:$EK$28,111,FALSE)","v":"≤ 120 "},"N/A"]
[null,18.6,"Figure14","Mounting hole diameter","mm",{"$f":"VLOOKUP($D$7,'Source Data'!$A$2:$EK$28,112,FALSE)","v":22},"N/A"]
[null,19,"3.3.6","Lifting lugs"]
[null,19.1,null,"Lifting lugs fitted",null,{"$f":"VLOOKUP($D$7,'Source Data'!$A$2:$EK$28,114,FALSE)","v":"Yes"}]
[null,19.2,null,"Hole diameter","mm",{"$f":"VLOOKUP($D$7,'Source Data'!$A$2:$EK$28,115,FALSE)","v":"≥ 30 "}]
[null,20,"3.3.7","Earthing terminals"]
[null,20.1,null,"Boss material ",null,{"$f":"VLOOKUP($D$7,'Source Data'!$A$2:$EK$28,117,FALSE)","v":"316 Stainless Steel or Mild Steel"}]
[null,20.2,null,"Boss depth","mm",{"$f":"VLOOKUP($D$7,'Source Data'!$A$2:$EK$28,118,FALSE)","v":"≥ 30"}]
[null,20.3,null,"Set screw material",null,{"$f":"VLOOKUP($D$7,'Source Data'!$A$2:$EK$28,119,FALSE)","v":"316 Stainless Steel or Mild Steel"}]
[null,20.4,null,"Set screw dimensions","mm",{"$f":"VLOOKUP($D$7,'Source Data'!$A$2:$EK$28,120,FALSE)","v":"M12 x 25 "}]
[null,20.5,null,"Supplied with washer and spring washer",null,{"$f":"VLOOKUP($D$7,'Source Data'!$A$2:$EK$28,121,FALSE)","v":"Yes"}]
[null,21,"3.3.8","Surge arrester brackets"]
[null,21.1,null,"Surge arrester brackets fitted",null,{"$f":"VLOOKUP($D$7,'Source Data'!$A$2:$EK$28,123,FALSE)","v":"Yes"}]
[null,21.2,"Figure 16","Mounting hole diameter","mm",{"$f":"VLOOKUP($D$7,'Source Data'!$A$2:$EK$28,124,FALSE)","v":14}]
[null,21.3,"Figure 16","Dimension D (worst case)","mm",{"$f":"VLOOKUP($D$7,'Source Data'!$A$2:$EK$28,125,FALSE)","v":"≥ 200"}]
[null,21.4,"Figure 16","Dimension E (worst case)","mm",{"$f":"VLOOKUP($D$7,'Source Data'!$A$2:$EK$28,126,FALSE)","v":"≥ 300 "}]
[null,21.5,"Figure 16","Dimension F (worst case)","mm",{"$f":"VLOOKUP($D$7,'Source Data'!$A$2:$EK$28,127,FALSE)","v":"≥ 150"}]
[null,22,3.4,"Corrosion protection for Coastal transformers"]
[null,22.1,null,"Indicate the coating system (i.e. DS numbers according to DSP 240-75655504) that is offered. (e.g. DS-14 + DS-15 for zinc sprayed mild steel with duplex coating)"]
[null,22.2,null,"Tank ",null,{"$f":"VLOOKUP($D$7,'Source Data'!$A$2:$EK$28,136,FALSE)","v":"xxxxxxxxxxx"}]
[null,22.3,null,"Radiators",null,{"$f":"VLOOKUP($D$7,'Source Data'!$A$2:$EK$28,137,FALSE)","v":"xxxxxxxxxxx"}]
[null,22.4,null,"Threaded rods and accessories",null,{"$f":"VLOOKUP($D$7,'Source Data'!$A$2:$EK$28,138,FALSE)","v":"xxxxxxxxxxx"}]
[null,22.5,null,"Colour of final coat",null,{"$f":"VLOOKUP($D$7,'Source Data'!$A$2:$EK$28,139,FALSE)","v":"Azure Blue"}]
[null,23,4.2,"All Type Tests in Accordance with SANS 780:\n\n• Temperature rise test \n• Dielectric type test\n• Tank stiffness test \n• Corrugated tank fatigue test\n• Equivalent disturbing current test (This test is only applicable to SWER transformers)\n• Short Circuit Withstand Test\n• Natural ageing and pollution performance test",null,{"$f":"VLOOKUP($D$7,'Source Data'!$A$2:$EK$28,140,FALSE)","v":"Report Numbers"}]
[null,24,4.3,"All Routine Tests in Accordance with SANS 780:\n\n• Measurement of winding resistance\n• Measurement of voltage ratio and phase displacement\n• Measurement of short-circuit impedance and load loss\n• Measurement of no-load loss and current\n• Separate source voltage test\n• Induced overvoltage test\n• Measurement of paint thickness\n• Test for effectiveness of sealing\n• Measurement of secondary voltage across outer two terminals to be 484 V. (Only applicable to dual-phase transformers.) \n• Measurement of insulation resistance test\n• Reactance (%)\n• Dielectric routine tests\n• Vector group test ",null,{"$f":"VLOOKUP($D$7,'Source Data'!$A$2:$EK$28,141,FALSE)","v":"Report Numbers"}]

{"sheet":"182712","index":6,"n_rows":137,"n_cols":7,"rows_kept":137,"merged":[[2,5,2,6],[3,5,3,6],[7,5,9,6],[9,1,9,3]]}
[]
[]
[{"$nulls":5},"Specification: DSP 240-45395762 Rev.4"]
[{"$nulls":5},{"$f":"'List of Items & Enquiry number'!B14","v":"Enquiry Number: 123456XYZ"}]
[]
[{"$nulls":3},"TECHNICAL SCHEDULES A & B FOR \nPOLE-MOUNTED  DISTRIBUTION TRANSFORMERS"]
[{"$nulls":3},"Single-phase, 16 kVA, 33 kV/242V  (Coastal, Ester Oil Only)"]
[{"$nulls":5},"Deviations from the specific requirements stated in Schedule A must be recorded and explained in the Deviation Schedule"]
[null,"Schedule A:  Purchaser's specific requirements"]
[null,"Schedule B:  Guarantees and technical particulars of equipment offered"]
[null,"Item","Sub-clause of 240- 45395762","Description",null,"Schedule A","Schedule B"]
[null,1,null,"Identification"]
[null,1.1,null,"Name of manufacturer",null,{"$f":"VLOOKUP($D$7,'Source Data'!$A$2:$EK$28,3,FALSE)","v":"xxxxxxxxxxx"}]
[null,1.2000000000000002,null,"Name of supplier",null,{"$f":"VLOOKUP($D$7,'Source Data'!$A$2:$EK$28,4,FALSE)","v":"xxxxxxxxxxx"}]
[null,1.3,null,"Product code for Coastal transformers",null,{"$f":"VLOOKUP($D$7,'Source Data'!$A$2:$EK$28,6,FALSE)","v":"xxxxxxxxxxx"}]
[null,1.4,null,"Are the transformers covered by the SANS 780 certification mark?",null,{"$f":"VLOOKUP($D$7,'Source Data'!$A$2:$EK$28,7,FALSE)","v":"xxxxxxxxxxx"}]
[null,1.5,null,"State SANS 780 permit number",null,{"$f":"VLOOKUP($D$7,'Source Data'!$A$2:$EK$28,8,FALSE)","v":"xxxxxxxxxxx"}]
[null,1.6,null,"Oil Type",null,{"$f":"VLOOKUP($D$7,'Source Data'!$A$2:$EK$28,9,FALSE)","v":"Ester Oil"}]
[null,2,3,"Ratings"]
[null,2.1,null,"Power rating","kVA",{"$f":"VLOOKUP($D$7,'Source Data'!$A$2:$EK$28,11,FALSE)","v":16}]
[null,2.2,null,"Rated primary voltage","kV",{"$f":"VLOOKUP($D$7,'Source Data'!$A$2:$EK$28,12,FALSE)","v":33}]
[null,2.3000000000000003,null,"Rated no-load secondary voltage","V",{"$f":"VLOOKUP($D$7,'Source Data'!$A$2:$EK$28,13,FALSE)","v":242}]
[null,2.4000000000000004,null,"Frequency","Hz",{"$f":"VLOOKUP($D$7,'Source Data'!$A$2:$EK$28,14,FALSE)","v":50}]
[null,2.5,null,"Number of phases",null,{"$f":"VLOOKUP($D$7,'Source Data'!$A$2:$EK$28,15,FALSE)","v":"1 ph"}]
[null,2.6,null,"Vector Group",null,{"$f":"VLOOKUP($D$7,'Source Data'!$A$2:$EK$28,16,FALSE)","v":"N/A"},"xxxxxxxxxxx"]
[null,3,"3.2.5","Insulation levels"]
[null,3.1,null,"BIL - Primary","kV",{"$f":"VLOOKUP($D$7,'Source Data'!$A$2:$EK$28,18,FALSE)","v":200}]
[null,3.2,null,"BIL - Secondary","kV",{"$f":"VLOOKUP($D$7,'Source Data'!$A$2:$EK$28,19,FALSE)","v":30}]
[null,3.3000000000000003,null,"Power frequency withstand voltage - Primary","kV",{"$f":"VLOOKUP($D$7,'Source Data'!$A$2:$EK$28,20,FALSE)","v":70}]
[null,3.4000000000000004,null,"Power frequency withstand voltage – Secondary","kV",{"$f":"VLOOKUP($D$7,'Source Data'!$A$2:$EK$28,21,FALSE)","v":8}]
[null,4,"3.2.8","Inter-turn winding insulation"]
[null,4.1,null,"Type (Enamel or Paper)",null,{"$f":"VLOOKUP($D$7,'Source Data'!$A$2:$EK$28,23,FALSE)","v":"xxxxxxxxxxx"}]
[null,4.199999999999999,null,"Enamel grade (if applicable)",null,{"$f":"VLOOKUP($D$7,'Source Data'!$A$2:$EK$28,24,FALSE)","v":"Grade 3"}]
[null,4.3,null,"Paper thickness (if applicable)","mm",{"$f":"VLOOKUP($D$7,'Source Data'!$A$2:$EK$28,25,FALSE)","v":"> 0.125"}]
[null,4.3999999999999995,null,"Paper type (if applicable)",null,{"$f":"VLOOKUP($D$7,'Source Data'!$A$2:$EK$28,26,FALSE)","v":"xxxxxxxxxxx"}]
[null,4.5,null,"Paper make (if applicable)",null,{"$f":"VLOOKUP($D$7,'Source Data'!$A$2:$EK$28,27,FALSE)","v":"xxxxxxxxxxx"}]
[null,4.6,null,"Paper minimum impulse withstand","kV",{"$f":"VLOOKUP($D$7,'Source Data'!$A$2:$EK$28,28,FALSE)","v":21}]
[null,4.7,null,"Paper minimum power frequency withstand ","kV",{"$f":"VLOOKUP($D$7,'Source Data'!$A$2:$EK$28,29,FALSE)","v":8}]
[null,4.8,null,"Inter-turn winding insulation stress shall not exceed 5 kV/mm","kV/mm",{"$f":"VLOOKUP($D$7,'Source Data'!$A$2:$EK$28,30,FALSE)","v":"<5"}]
[null,5,"3.2.9","Interlayer insulation"]
[null,5.1,null,"Highest interlayer stress in non-tap part of winding (<5kV/mm is not acceptable as the calculated value must be presented)","kV/mm",{"$f":"VLOOKUP($D$7,'Source Data'!$A$2:$EK$28,32,FALSE)","v":"< 5"}]
[null,5.199999999999999,null,"Highest interlayer stress in tap part of winding (<5kV/mm is not acceptable as the calculated value must be presented)","kV/mm",{"$f":"VLOOKUP($D$7,'Source Data'!$A$2:$EK$28,33,FALSE)","v":"< 5 "}]
[null,5.3,null,"Paper type.",null,{"$f":"VLOOKUP($D$7,'Source Data'!$A$2:$EK$28,34,FALSE)","v":"xxxxxxxxxxx"}]
[null,5.3999999999999995,null,"Paper make.",null,{"$f":"VLOOKUP($D$7,'Source Data'!$A$2:$EK$28,35,FALSE)","v":"xxxxxxxxxxx"}]
[null,6,"3.2.10","Tapping connections"]
[null,6.1,null,"Type ",null,{"$f":"VLOOKUP($D$7,'Source Data'!$A$2:$EK$28,37,FALSE)","v":"External"}]
[null,6.2,null,"Tapping range","%",{"$f":"VLOOKUP($D$7,'Source Data'!$A$2:$EK$28,38,FALSE)","v":"0, +2.5 , +5"}]
[null,7,"3.2.11","MV Bushings for Coastal Transformers"]
[null,7.1,null,"Make ",null,{"$f":"VLOOKUP($D$7,'Source Data'!$A$2:$EK$28,48,FALSE)","v":"xxxxxxxxxxx"}]
[null,7.2,null,"Product code",null,{"$f":"VLOOKUP($D$7,'Source Data'!$A$2:$EK$28,49,FALSE)","v":"xxxxxxxxxxx"}]
[null,7.3,null,"Material (e.g. Porcelain)",null,{"$f":"VLOOKUP($D$7,'Source Data'!$A$2:$EK$28,50,FALSE)","v":"xxxxxxxxxxx"}]
[null,7.4,null,"Specific creepage distance","mm/kV",{"$f":"VLOOKUP($D$7,'Source Data'!$A$2:$EK$28,51,FALSE)","v":"≥ 31"}]
[null,7.5,null,"Clamping",null,{"$f":"VLOOKUP($D$7,'Source Data'!$A$2:$EK$28,52,FALSE)","v":"Base"}]
[null,7.6,null,"Type",null,{"$f":"VLOOKUP($D$7,'Source Data'!$A$2:$EK$28,53,FALSE)","v":"Draw lead"}]
[null,7.7,null,"Stem diameter",null,{"$f":"VLOOKUP($D$7,'Source Data'!$A$2:$EK$28,54,FALSE)","v":"M12"}]
[null,8,"3.2.11","LV Bushings"]
[null,8.1,null,"Make ",null,{"$f":"VLOOKUP($D$7,'Source Data'!$A$2:$EK$28,56,FALSE)","v":"xxxxxxxxxxx"}]
[null,8.2,null,"Product code",null,{"$f":"VLOOKUP($D$7,'Source Data'!$A$2:$EK$28,57,FALSE)","v":"xxxxxxxxxxx"}]
[null,8.3,null,"Material (e.g. Porcelain)",null,{"$f":"VLOOKUP($D$7,'Source Data'!$A$2:$EK$28,58,FALSE)","v":"xxxxxxxxxxx"}]
[null,8.4,null,"Stem diameter",null,{"$f":"VLOOKUP($D$7,'Source Data'!$A$2:$EK$28,59,FALSE)","v":"M12"}]
[null,8.5,null,"Supplied with flag ",null,{"$f":"VLOOKUP($D$7,'Source Data'!$A$2:$EK$28,60,FALSE)","v":"Yes"}]
[null,8.6,null,"Flag supplied with 2 x M12 x 40 mm set screws, 4 x flatwashers, 2 x spring washers and 2 x nuts",null,{"$f":"VLOOKUP($D$7,'Source Data'!$A$2:$EK$28,61,FALSE)","v":"Yes"}]
[null,9,"3.2.14","Losses"]
[null,9.1,null,"Loss factor base (Cost of Dx or Gx) ",null,{"$f":"VLOOKUP($D$7,'Source Data'!$A$2:$EK$28,63,FALSE)","v":"Distribution"},"xxxxxxxxxxx"]
[null,9.2,null,"No-load Loss Factor, NLLF ","R/kW",{"$f":"VLOOKUP($D$7,'Source Data'!$A$2:$EK$28,64,FALSE)","v":80500},"xxxxxxxxxxx"]
[null,9.3,null,"Load Loss Factor, LLF","R/kW",{"$f":"VLOOKUP($D$7,'Source Data'!$A$2:$EK$28,65,FALSE)","v":17500},"xxxxxxxxxxx"]
[null,9.4,null,"Guaranteed no-load losses, PNL (Steel Core)","W",{"$f":"VLOOKUP($D$7,'Source Data'!$A$2:$EK$28,66,FALSE)","v":49}]
[null,9.5,null,"Guaranteed no-load losses, PNL (only if Amorphous Core is offered)","W",{"$f":"VLOOKUP($D$7,'Source Data'!$A$2:$EL$28,142,FALSE)","v":23}]
[null,9.6,null,"Guaranteed load losses, PLL","W",{"$f":"VLOOKUP($D$7,'Source Data'!$A$2:$EK$28,67,FALSE)","v":320}]
[null,10,"3.2.14","Impedance voltage & X/R ratio"]
[null,10.1,null,"Impedance at principle tapping (specific design impedances to be stated)","%",{"$f":"VLOOKUP($D$7,'Source Data'!$A$2:$EK$28,69,FALSE)","v":"3,0 to 4,5"}]
[null,10.2,null,"X/R ratio",null,{"$f":"VLOOKUP($D$7,'Source Data'!$A$2:$EK$28,70,FALSE)","v":"xxxxxxxxxx"}]
[null,11,null,"Audio-sound level (SANS 780)"]
[null,11.1,null,"Maximum limit of transformer audio-sound level","db(A)",{"$f":"VLOOKUP($D$7,'Source Data'!$A$2:$EK$28,72,FALSE)","v":"≤ 48 "}]
[null,12,null,"MV winding wire"]
[null,12.1,null,"Material (e.g. Cu or Al)",null,{"$f":"VLOOKUP($D$7,'Source Data'!$A$2:$EK$28,74,FALSE)","v":"xxxxxxxxxxx"}]
[null,12.2,null,"Type (e.g. Round, Strip or Foil)",null,{"$f":"VLOOKUP($D$7,'Source Data'!$A$2:$EK$28,75,FALSE)","v":"xxxxxxxxxxx"}]
[null,13,null,"LV winding wire"]
[null,13.1,null,"Material (e.g. Cu or Al)",null,{"$f":"VLOOKUP($D$7,'Source Data'!$A$2:$EK$28,77,FALSE)","v":"xxxxxxxxxxx"}]
[null,13.2,null,"Type (e.g. Round, Strip or Foil)",null,{"$f":"VLOOKUP($D$7,'Source Data'!$A$2:$EK$28,78,FALSE)","v":"xxxxxxxxxxx"}]
[null,14,null,"Core material"]
[null,14.1,null,"Core material ",null,{"$f":"VLOOKUP($D$7,'Source Data'!$A$2:$EK$28,80,FALSE)","v":"Steel or Amporphous"}]
[null,14.2,null,"Type/code ",null,{"$f":"VLOOKUP($D$7,'Source Data'!$A$2:$EK$28,81,FALSE)","v":"xxxxxxxxxxx"}]
[null,14.3,null,"Maximum Flux Density of Material",null,{"$f":"VLOOKUP($D$7,'Source Data'!$A$2:$EK$28,82,FALSE)","v":"xxxxxxxxxxx"}]
[null,14.4,null,"Supplier",null,{"$f":"VLOOKUP($D$7,'Source Data'!$A$2:$EK$28,83,FALSE)","v":"xxxxxxxxxxx"}]
[null,15,"3.3.2","Tank and tank cover"]
[null,15.1,null,"Tank type: Sealed",null,{"$f":"VLOOKUP($D$7,'Source Data'!$A$2:$EK$28,85,FALSE)","v":"Sealed"}]
[null,15.2,null,"Plain, rigid or corrugated",null,{"$f":"VLOOKUP($D$7,'Source Data'!$A$2:$EK$28,86,FALSE)","v":"xxxxxxxxxx"}]
[null,16,"3.3.3","Transformer dimensions"]
[null,16.1,"Figure 12","Wo (including surge arrester)","mm",{"$f":"VLOOKUP($D$7,'Source Data'!$A$2:$EK$28,88,FALSE)","v":"≤ 1 080 "}]
[null,16.2,"Figure 12","Lo","mm",{"$f":"VLOOKUP($D$7,'Source Data'!$A$2:$EK$28,89,FALSE)","v":"≤ 1 500 "}]
[null,16.3,"Figure 12","Ht","mm",{"$f":"VLOOKUP($D$7,'Source Data'!$A$2:$EK$28,90,FALSE)","v":"≤ 1 500 "}]
[null,16.4,"Figure 12","Mass","kg",{"$f":"VLOOKUP($D$7,'Source Data'!$A$2:$EK$28,91,FALSE)","v":"≤ 900 "}]
[null,16.5,null,"Oil capacity","l",{"$f":"VLOOKUP($D$7,'Source Data'!$A$2:$EK$28,92,FALSE)","v":"xxxxxxxxxxx"}]
[null,16.6,null,"Minimum clearance between live MV terminals and from MV live terminals to any part of the tank greater than twice the BIL ","mm",{"$f":"VLOOKUP($D$7,'Source Data'!$A$2:$EK$28,93,FALSE)","v":400}]
[null,16.7,"3.3.4","Minimum mechanical clearance of 100 mm between the brackets and LV bushings shall be maintained","mm",{"$f":"VLOOKUP($D$7,'Source Data'!$A$2:$EK$28,94,FALSE)","v":100}]
[null,17,"3.3.4","Pole mounting bracket"]
[null,17.1,null,"Single pole mounting bracket required? (Yes or No)",null,{"$f":"VLOOKUP($D$7,'Source Data'!$A$2:$EK$28,96,FALSE)","v":"Yes"}]
[null,"17.2.1",null,"Supplied with: - 2 x clamps",null,{"$f":"VLOOKUP($D$7,'Source Data'!$A$2:$EK$28,97,FALSE)","v":"Yes"}]
[null,"17.2.2",null,"                     - 1 x threaded rod (M20 x 350 mm)",null,{"$f":"VLOOKUP($D$7,'Source Data'!$A$2:$EK$28,98,FALSE)","v":"Yes"}]
[null,"17.2.3",null,"                     - 4 x threaded rods (M20 x 250 mm)",null,{"$f":"VLOOKUP($D$7,'Source Data'!$A$2:$EK$28,99,FALSE)","v":"Yes"}]
[null,"17.2.4",null,"                     - 12 x nuts, flat washers & spring washers (M20)",null,{"$f":"VLOOKUP($D$7,'Source Data'!$A$2:$EK$28,100,FALSE)","v":"Yes"}]
[null,17.2,"Figure 13","Dimension Mo","mm",{"$f":"VLOOKUP($D$7,'Source Data'!$A$2:$EK$28,101,FALSE)","v":400}]
[null,17.3,"Figure 13","Dimension h1","mm",{"$f":"VLOOKUP($D$7,'Source Data'!$A$2:$EK$28,102,FALSE)","v":"≤ 400 "}]
[null,17.4,"Figure 13","Dimension W1","mm",{"$f":"VLOOKUP($D$7,'Source Data'!$A$2:$EK$28,103,FALSE)","v":"≤ 450 "}]
[null,17.5,"Figure 13","Mounting hole diameter","mm",{"$f":"VLOOKUP($D$7,'Source Data'!$A$2:$EK$28,104,FALSE)","v":22}]
[null,17.6,"Figure 13","Mounting hole centres","mm",{"$f":"VLOOKUP($D$7,'Source Data'!$A$2:$EK$28,105,FALSE)","v":146}]
[null,18,"3.3.5","Transformer under base"]
[null,18.1,null,"Under base required? (Yes or No)",null,{"$f":"VLOOKUP($D$7,'Source Data'!$A$2:$EK$28,107,FALSE)","v":"No"},"xxxxxxxxxxx"]
[null,18.2,"Figure14","Lml","mm",{"$f":"VLOOKUP($D$7,'Source Data'!$A$2:$EK$28,108,FALSE)","v":400},"N/A"]
[null,18.3,"Figure14","Lmw (300, 400 or 450)","mm",{"$f":"VLOOKUP($D$7,'Source Data'!$A$2:$EK$28,109,FALSE)","v":"xxxxxxxxxxx"},"N/A"]
[null,18.4,"Figure14","Ls","mm",{"$f":"VLOOKUP($D$7,'Source Data'!$A$2:$EK$28,110,FALSE)","v":"≥ 320"},"N/A"]
[null,18.5,"Figure14","Lmh","mm",{"$f":"VLOOKUP($D$7,'Source Data'!$A$2:$EK$28,111,FALSE)","v":"≤ 120 "},"N/A"]
[null,18.6,"Figure14","Mounting hole diameter","mm",{"$f":"VLOOKUP($D$7,'Source Data'!$A$2:$EK$28,112,FALSE)","v":22},"N/A"]
[null,19,"3.3.6","Lifting lugs"]
[null,19.1,null,"Lifting lugs fitted",null,{"$f":"VLOOKUP($D$7,'Source Data'!$A$2:$EK$28,114,FALSE)","v":"Yes"}]
[null,19.2,null,"Hole diameter","mm",{"$f":"VLOOKUP($D$7,'Source Data'!$A$2:$EK$28,115,FALSE)","v":"≥ 30 "}]
[null,20,"3.3.7","Earthing terminals"]
[null,20.1,null,"Boss material ",null,{"$f":"VLOOKUP($D$7,'Source Data'!$A$2:$EK$28,117,FALSE)","v":"316 Stainless Steel or Mild Steel"}]
[null,20.2,null,"Boss depth","mm",{"$f":"VLOOKUP($D$7,'Source Data'!$A$2:$EK$28,118,FALSE)","v":"≥ 30"}]
[null,20.3,null,"Set screw material",null,{"$f":"VLOOKUP($D$7,'Source Data'!$A$2:$EK$28,119,FALSE)","v":"316 Stainless Steel or Mild Steel"}]
[null,20.4,null,"Set screw dimensions","mm",{"$f":"VLOOKUP($D$7,'Source Data'!$A$2:$EK$28,120,FALSE)","v":"M12 x 25 "}]
[null,20.5,null,"Supplied with washer and spring washer",null,{"$f":"VLOOKUP($D$7,'Source Data'!$A$2:$EK$28,121,FALSE)","v":"Yes"}]
[null,21,"3.3.8","Surge arrester brackets"]
[null,21.1,null,"Surge arrester brackets fitted",null,{"$f":"VLOOKUP($D$7,'Source Data'!$A$2:$EK$28,123,FALSE)","v":"Yes"}]
[null,21.2,"Figure 16","Mounting hole diameter","mm",{"$f":"VLOOKUP($D$7,'Source Data'!$A$2:$EK$28,124,FALSE)","v":14}]
[null,21.3,"Figure 16","Dimension D (worst case)","mm",{"$f":"VLOOKUP($D$7,'Source Data'!$A$2:$EK$28,125,FALSE)","v":"≥ 200"}]
[null,21.4,"Figure 16","Dimension E (worst case)","mm",{"$f":"VLOOKUP($D$7,'Source Data'!$A$2:$EK$28,126,FALSE)","v":"≥ 400 "}]
[null,21.5,"Figure 16","Dimension F (worst case)","mm",{"$f":"VLOOKUP($D$7,'Source Data'!$A$2:$EK$28,127,FALSE)","v":"≥ 150"}]
[null,22,3.4,"Corrosion protection for Coastal transformers"]
[null,22.1,null,"Indicate the coating system (i.e. DS numbers according to DSP 240-75655504) that is offered. (e.g. DS-14 + DS-15 for zinc sprayed mild steel with duplex coating)"]
[null,22.2,null,"Tank ",null,{"$f":"VLOOKUP($D$7,'Source Data'!$A$2:$EK$28,136,FALSE)","v":"xxxxxxxxxxx"}]
[null,22.3,null,"Radiators",null,{"$f":"VLOOKUP($D$7,'Source Data'!$A$2:$EK$28,137,FALSE)","v":"xxxxxxxxxxx"}]
[null,22.4,null,"Threaded rods and accessories",null,{"$f":"VLOOKUP($D$7,'Source Data'!$A$2:$EK$28,138,FALSE)","v":"xxxxxxxxxxx"}]
[null,22.5,null,"Colour of final coat",null,{"$f":"VLOOKUP($D$7,'Source Data'!$A$2:$EK$28,139,FALSE)","v":"Azure Blue"}]
[null,23,4.2,"All Type Tests in Accordance with SANS 780:\n\n• Temperature rise test \n• Dielectric type test\n• Tank stiffness test \n• Corrugated tank fatigue test\n• Equivalent disturbing current test (This test is only applicable to SWER transformers)\n• Short Circuit Withstand Test\n• Natural ageing and pollution performance test",null,{"$f":"VLOOKUP($D$7,'Source Data'!$A$2:$EK$28,140,FALSE)","v":"Report Numbers"}]
[null,24,4.3,"All Routine Tests in Accordance with SANS 780:\n\n• Measurement of winding resistance\n• Measurement of voltage ratio and phase displacement\n• Measurement of short-circuit impedance and load loss\n• Measurement of no-load loss and current\n• Separate source voltage test\n• Induced overvoltage test\n• Measurement of paint thickness\n• Test for effectiveness of sealing\n• Measurement of secondary voltage across outer two terminals to be 484 V. (Only applicable to dual-phase transformers.) \n• Measurement of insulation resistance test\n• Reactance (%)\n• Dielectric routine tests\n• Vector group test ",null,{"$f":"VLOOKUP($D$7,'Source Data'!$A$2:$EK$28,141,FALSE)","v":"Report Numbers"}]

{"sheet":"175081","index":7,"n_rows":137,"n_cols":7,"rows_kept":137,"merged":[[2,5,2,6],[3,5,3,6],[7,5,9,6],[9,1,9,3]]}
[]
[]
[{"$nulls":5},"Specification: DSP 240-45395762 Rev.4"]
[{"$nulls":5},{"$f":"'List of Items & Enquiry number'!B14","v":"Enquiry Number: 123456XYZ"}]
[]
[{"$nulls":3},"TECHNICAL SCHEDULES A & B FOR \nPOLE-MOUNTED  DISTRIBUTION TRANSFORMERS"]
[{"$nulls":3},"Three-phase, 25 kVA, 11 kV/420V (Coastal, Ester Oil Only)"]
[{"$nulls":5},"Deviations from the specific requirements stated in Schedule A must be recorded and explained in the Deviation Schedule"]
[null,"Schedule A:  Purchaser's specific requirements"]
[null,"Schedule B:  Guarantees and technical particulars of equipment offered"]
[null,"Item","Sub-clause of 240- 45395762","Description",null,"Schedule A","Schedule B"]
[null,1,null,"Identification"]
[null,1.1,null,"Name of manufacturer",null,{"$f":"VLOOKUP($D$7,'Source Data'!$A$2:$EK$28,3,FALSE)","v":"xxxxxxxxxxx"}]
[null,1.2000000000000002,null,"Name of supplier",null,{"$f":"VLOOKUP($D$7,'Source Data'!$A$2:$EK$28,4,FALSE)","v":"xxxxxxxxxxx"}]
[null,1.3,null,"Product code for Coastal transformers",null,{"$f":"VLOOKUP($D$7,'Source Data'!$A$2:$EK$28,6,FALSE)","v":"xxxxxxxxxxx"}]
[null,1.4,null,"Are the transformers covered by the SANS 780 certification mark?",null,{"$f":"VLOOKUP($D$7,'Source Data'!$A$2:$EK$28,7,FALSE)","v":"xxxxxxxxxxx"}]
[null,1.5,null,"State SANS 780 permit number",null,{"$f":"VLOOKUP($D$7,'Source Data'!$A$2:$EK$28,8,FALSE)","v":"xxxxxxxxxxx"}]
[null,1.6,null,"Oil Type",null,{"$f":"VLOOKUP($D$7,'Source Data'!$A$2:$EK$28,9,FALSE)","v":"Ester Oil"}]
[null,2,3,"Ratings"]
[null,2.1,null,"Power rating","kVA",{"$f":"VLOOKUP($D$7,'Source Data'!$A$2:$EK$28,11,FALSE)","v":25}]
[null,2.2,null,"Rated primary voltage","kV",{"$f":"VLOOKUP($D$7,'Source Data'!$A$2:$EK$28,12,FALSE)","v":11}]
[null,2.3000000000000003,null,"Rated no-load secondary voltage","V",{"$f":"VLOOKUP($D$7,'Source Data'!$A$2:$EK$28,13,FALSE)","v":420}]
[null,2.4000000000000004,null,"Frequency","Hz",{"$f":"VLOOKUP($D$7,'Source Data'!$A$2:$EK$28,14,FALSE)","v":50}]
[null,2.5,null,"Number of phases",null,{"$f":"VLOOKUP($D$7,'Source Data'!$A$2:$EK$28,15,FALSE)","v":"3ph"}]
[null,2.6,null,"Vector Group",null,{"$f":"VLOOKUP($D$7,'Source Data'!$A$2:$EK$28,16,FALSE)","v":"Dyn11 or Yzn11"}]
[null,3,"3.2.5","Insulation levels"]
[null,3.1,null,"BIL - Primary","kV",{"$f":"VLOOKUP($D$7,'Source Data'!$A$2:$EK$28,18,FALSE)","v":95}]
[null,3.2,null,"BIL - Secondary","kV",{"$f":"VLOOKUP($D$7,'Source Data'!$A$2:$EK$28,19,FALSE)","v":30}]
[null,3.3000000000000003,null,"Power frequency withstand voltage - Primary","kV",{"$f":"VLOOKUP($D$7,'Source Data'!$A$2:$EK$28,20,FALSE)","v":28}]
[null,3.4000000000000004,null,"Power frequency withstand voltage – Secondary","kV",{"$f":"VLOOKUP($D$7,'Source Data'!$A$2:$EK$28,21,FALSE)","v":8}]
[null,4,"3.2.8","Inter-turn winding insulation"]
[null,4.1,null,"Type (Enamel or Paper)",null,{"$f":"VLOOKUP($D$7,'Source Data'!$A$2:$EK$28,23,FALSE)","v":"xxxxxxxxxxx"}]
[null,4.199999999999999,null,"Enamel grade (if applicable)",null,{"$f":"VLOOKUP($D$7,'Source Data'!$A$2:$EK$28,24,FALSE)","v":"Grade 3"}]
[null,4.3,null,"Paper thickness (if applicable)","mm",{"$f":"VLOOKUP($D$7,'Source Data'!$A$2:$EK$28,25,FALSE)","v":"> 0.125"}]
[null,4.3999999999999995,null,"Paper type (if applicable)",null,{"$f":"VLOOKUP($D$7,'Source Data'!$A$2:$EK$28,26,FALSE)","v":"xxxxxxxxxxx"}]
[null,4.5,null,"Paper make (if applicable)",null,{"$f":"VLOOKUP($D$7,'Source Data'!$A$2:$EK$28,27,FALSE)","v":"xxxxxxxxxxx"}]
[null,4.6,null,"Paper minimum impulse withstand","kV",{"$f":"VLOOKUP($D$7,'Source Data'!$A$2:$EK$28,28,FALSE)","v":21}]
[null,4.7,null,"Paper minimum power frequency withstand ","kV",{"$f":"VLOOKUP($D$7,'Source Data'!$A$2:$EK$28,29,FALSE)","v":8}]
[null,4.8,null,"Inter-turn winding insulation stress shall not exceed 5 kV/mm","kV/mm",{"$f":"VLOOKUP($D$7,'Source Data'!$A$2:$EK$28,30,FALSE)","v":"<5"}]
[null,5,"3.2.9","Interlayer insulation"]
[null,5.1,null,"Highest interlayer stress in non-tap part of winding (<5kV/mm is not acceptable as the calculated value must be presented)","kV/mm",{"$f":"VLOOKUP($D$7,'Source Data'!$A$2:$EK$28,32,FALSE)","v":"< 5"}]
[null,5.199999999999999,null,"Highest interlayer stress in tap part of winding (<5kV/mm is not acceptable as the calculated value must be presented)","kV/mm",{"$f":"VLOOKUP($D$7,'Source Data'!$A$2:$EK$28,33,FALSE)","v":"< 5 "}]
[null,5.3,null,"Paper type.",null,{"$f":"VLOOKUP($D$7,'Source Data'!$A$2:$EK$28,34,FALSE)","v":"xxxxxxxxxxx"}]
[null,5.3999999999999995,null,"Paper make.",null,{"$f":"VLOOKUP($D$7,'Source Data'!$A$2:$EK$28,35,FALSE)","v":"xxxxxxxxxxx"}]
[null,6,"3.2.10","Tapping connections"]
[null,6.1,null,"Type ",null,{"$f":"VLOOKUP($D$7,'Source Data'!$A$2:$EK$28,37,FALSE)","v":"Switch"}]
[null,6.2,null,"Tapping range","%",{"$f":"VLOOKUP($D$7,'Source Data'!$A$2:$EK$28,38,FALSE)","v":"0, ±2.5, ±5"}]
[null,7,"3.2.11","MV Bushings for Coastal Transformers"]
[null,7.1,null,"Make ",null,{"$f":"VLOOKUP($D$7,'Source Data'!$A$2:$EK$28,48,FALSE)","v":"xxxxxxxxxxx"}]
[null,7.2,null,"Product code",null,{"$f":"VLOOKUP($D$7,'Source Data'!$A$2:$EK$28,49,FALSE)","v":"xxxxxxxxxxx"}]
[null,7.3,null,"Material (e.g. Porcelain)",null,{"$f":"VLOOKUP($D$7,'Source Data'!$A$2:$EK$28,50,FALSE)","v":"xxxxxxxxxxx"}]
[null,7.4,null,"Specific creepage distance","mm/kV",{"$f":"VLOOKUP($D$7,'Source Data'!$A$2:$EK$28,51,FALSE)","v":"≥ 31"}]
[null,7.5,null,"Clamping",null,{"$f":"VLOOKUP($D$7,'Source Data'!$A$2:$EK$28,52,FALSE)","v":"Base"}]
[null,7.6,null,"Type",null,{"$f":"VLOOKUP($D$7,'Source Data'!$A$2:$EK$28,53,FALSE)","v":"Draw lead"}]
[null,7.7,null,"Stem diameter",null,{"$f":"VLOOKUP($D$7,'Source Data'!$A$2:$EK$28,54,FALSE)","v":"M12"}]
[null,8,"3.2.11","LV Bushings"]
[null,8.1,null,"Make ",null,{"$f":"VLOOKUP($D$7,'Source Data'!$A$2:$EK$28,56,FALSE)","v":"xxxxxxxxxxx"}]
[null,8.2,null,"Product code",null,{"$f":"VLOOKUP($D$7,'Source Data'!$A$2:$EK$28,57,FALSE)","v":"xxxxxxxxxxx"}]
[null,8.3,null,"Material (e.g. Porcelain)",null,{"$f":"VLOOKUP($D$7,'Source Data'!$A$2:$EK$28,58,FALSE)","v":"xxxxxxxxxxx"}]
[null,8.4,null,"Stem diameter",null,{"$f":"VLOOKUP($D$7,'Source Data'!$A$2:$EK$28,59,FALSE)","v":"M12"}]
[null,8.5,null,"Supplied with flag ",null,{"$f":"VLOOKUP($D$7,'Source Data'!$A$2:$EK$28,60,FALSE)","v":"Yes"}]
[null,8.6,null,"Flag supplied with 2 x M12 x 40 mm set screws, 4 x flatwashers, 2 x spring washers and 2 x nuts",null,{"$f":"VLOOKUP($D$7,'Source Data'!$A$2:$EK$28,61,FALSE)","v":"Yes"}]
[null,9,"3.2.14","Losses"]
[null,9.1,null,"Loss factor base (Cost of Dx or Gx) ",null,{"$f":"VLOOKUP($D$7,'Source Data'!$A$2:$EK$28,63,FALSE)","v":"Distribution"},"xxxxxxxxxxx"]
[null,9.2,null,"No-load Loss Factor, NLLF ","R/kW",{"$f":"VLOOKUP($D$7,'Source Data'!$A$2:$EK$28,64,FALSE)","v":80500},"xxxxxxxxxxx"]
[null,9.3,null,"Load Loss Factor, LLF","R/kW",{"$f":"VLOOKUP($D$7,'Source Data'!$A$2:$EK$28,65,FALSE)","v":17500},"xxxxxxxxxxx"]
[null,9.4,null,"Guaranteed no-load losses, PNL (Steel Core)","W",{"$f":"VLOOKUP($D$7,'Source Data'!$A$2:$EK$28,66,FALSE)","v":70}]
[null,9.5,null,"Guaranteed no-load losses, PNL (only if Amorphous Core is offered)","W",{"$f":"VLOOKUP($D$7,'Source Data'!$A$2:$EL$28,142,FALSE)","v":30}]
[null,9.6,null,"Guaranteed load losses, PLL","W",{"$f":"VLOOKUP($D$7,'Source Data'!$A$2:$EK$28,67,FALSE)","v":520}]
[null,10,"3.2.14","Impedance voltage & X/R ratio"]
[null,10.1,null,"Impedance at principle tapping (specific design impedances to be stated)","%",{"$f":"VLOOKUP($D$7,'Source Data'!$A$2:$EK$28,69,FALSE)","v":"3,0 to 4,5"}]
[null,10.2,null,"X/R ratio",null,{"$f":"VLOOKUP($D$7,'Source Data'!$A$2:$EK$28,70,FALSE)","v":"xxxxxxxxxx"}]
[null,11,null,"Audio-sound level (SANS 780)"]
[null,11.1,null,"Maximum limit of transformer audio-sound level","db(A)",{"$f":"VLOOKUP($D$7,'Source Data'!$A$2:$EK$28,72,FALSE)","v":"≤ 48 "}]
[null,12,null,"MV winding wire"]
[null,12.1,null,"Material (e.g. Cu or Al)",null,{"$f":"VLOOKUP($D$7,'Source Data'!$A$2:$EK$28,74,FALSE)","v":"xxxxxxxxxxx"}]
[null,12.2,null,"Type (e.g. Round, Strip or Foil)",null,{"$f":"VLOOKUP($D$7,'Source Data'!$A$2:$EK$28,75,FALSE)","v":"xxxxxxxxxxx"}]
[null,13,null,"LV winding wire"]
[null,13.1,null,"Material (e.g. Cu or Al)",null,{"$f":"VLOOKUP($D$7,'Source Data'!$A$2:$EK$28,77,FALSE)","v":"xxxxxxxxxxx"}]
[null,13.2,null,"Type (e.g. Round, Strip or Foil)",null,{"$f":"VLOOKUP($D$7,'Source Data'!$A$2:$EK$28,78,FALSE)","v":"xxxxxxxxxxx"}]
[null,14,null,"Core material"]
[null,14.1,null,"Core material ",null,{"$f":"VLOOKUP($D$7,'Source Data'!$A$2:$EK$28,80,FALSE)","v":"Steel or Amporphous"}]
[null,14.2,null,"Type/code ",null,{"$f":"VLOOKUP($D$7,'Source Data'!$A$2:$EK$28,81,FALSE)","v":"xxxxxxxxxxx"}]
[null,14.3,null,"Maximum Flux Density of Material",null,{"$f":"VLOOKUP($D$7,'Source Data'!$A$2:$EK$28,82,FALSE)","v":"xxxxxxxxxxx"}]
[null,14.4,null,"Supplier",null,{"$f":"VLOOKUP($D$7,'Source Data'!$A$2:$EK$28,83,FALSE)","v":"xxxxxxxxxxx"}]
[null,15,"3.3.2","Tank and tank cover"]
[null,15.1,null,"Tank type: Sealed",null,{"$f":"VLOOKUP($D$7,'Source Data'!$A$2:$EK$28,85,FALSE)","v":"Sealed"}]
[null,15.2,null,"Plain, rigid or corrugated",null,{"$f":"VLOOKUP($D$7,'Source Data'!$A$2:$EK$28,86,FALSE)","v":"xxxxxxxxxx"}]
[null,16,"3.3.3","Transformer dimensions"]
[null,16.1,"Figure 12","Wo (including surge arrester)","mm",{"$f":"VLOOKUP($D$7,'Source Data'!$A$2:$EK$28,88,FALSE)","v":"≤ 1 080 "}]
[null,16.2,"Figure 12","Lo","mm",{"$f":"VLOOKUP($D$7,'Source Data'!$A$2:$EK$28,89,FALSE)","v":"≤ 1 500 "}]
[null,16.3,"Figure 12","Ht","mm",{"$f":"VLOOKUP($D$7,'Source Data'!$A$2:$EK$28,90,FALSE)","v":"≤ 1 500 "}]
[null,16.4,"Figure 12","Mass","kg",{"$f":"VLOOKUP($D$7,'Source Data'!$A$2:$EK$28,91,FALSE)","v":"≤ 900 "}]
[null,16.5,null,"Oil capacity","l",{"$f":"VLOOKUP($D$7,'Source Data'!$A$2:$EK$28,92,FALSE)","v":"xxxxxxxxxxx"}]
[null,16.6,null,"Minimum clearance between live MV terminals and from MV live terminals to any part of the tank greater than twice the BIL ","mm",{"$f":"VLOOKUP($D$7,'Source Data'!$A$2:$EK$28,93,FALSE)","v":190}]
[null,16.7,"3.3.4","Minimum mechanical clearance of 100 mm between the brackets and LV bushings shall be maintained","mm",{"$f":"VLOOKUP($D$7,'Source Data'!$A$2:$EK$28,94,FALSE)","v":100}]
[null,17,"3.3.4","Pole mounting bracket"]
[null,17.1,null,"Single pole mounting bracket required? (Yes or No)",null,{"$f":"VLOOKUP($D$7,'Source Data'!$A$2:$EK$28,96,FALSE)","v":"Yes"}]
[null,"17.2.1",null,"Supplied with: - 2 x clamps",null,{"$f":"VLOOKUP($D$7,'Source Data'!$A$2:$EK$28,97,FALSE)","v":"Yes"}]
[null,"17.2.2",null,"                     - 1 x threaded rod (M20 x 350 mm)",null,{"$f":"VLOOKUP($D$7,'Source Data'!$A$2:$EK$28,98,FALSE)","v":"Yes"}]
[null,"17.2.3",null,"                     - 4 x threaded rods (M20 x 250 mm)",null,{"$f":"VLOOKUP($D$7,'Source Data'!$A$2:$EK$28,99,FALSE)","v":"Yes"}]
[null,"17.2.4",null,"                     - 12 x nuts, flat washers & spring washers (M20)",null,{"$f":"VLOOKUP($D$7,'Source Data'!$A$2:$EK$28,100,FALSE)","v":"Yes"}]
[null,17.2,"Figure 13","Dimension Mo","mm",{"$f":"VLOOKUP($D$7,'Source Data'!$A$2:$EK$28,101,FALSE)","v":400}]
[null,17.3,"Figure 13","Dimension h1","mm",{"$f":"VLOOKUP($D$7,'Source Data'!$A$2:$EK$28,102,FALSE)","v":"≤ 400 "}]
[null,17.4,"Figure 13","Dimension W1","mm",{"$f":"VLOOKUP($D$7,'Source Data'!$A$2:$EK$28,103,FALSE)","v":"≤ 450 "}]
[null,17.5,"Figure 13","Mounting hole diameter","mm",{"$f":"VLOOKUP($D$7,'Source Data'!$A$2:$EK$28,104,FALSE)","v":22}]
[null,17.6,"Figure 13","Mounting hole centres","mm",{"$f":"VLOOKUP($D$7,'Source Data'!$A$2:$EK$28,105,FALSE)","v":146}]
[null,18,"3.3.5","Transformer under base"]
[null,18.1,null,"Under base required? (Yes or No)",null,{"$f":"VLOOKUP($D$7,'Source Data'!$A$2:$EK$28,107,FALSE)","v":"Yes"},"xxxxxxxxxxx"]
[null,18.2,"Figure14","Lml","mm",{"$f":"VLOOKUP($D$7,'Source Data'!$A$2:$EK$28,108,FALSE)","v":400}]
[null,18.3,"Figure14","Lmw (300, 400 or 450)","mm",{"$f":"VLOOKUP($D$7,'Source Data'!$A$2:$EK$28,109,FALSE)","v":"xxxxxxxxxxx"}]
[null,18.4,"Figure14","Ls","mm",{"$f":"VLOOKUP($D$7,'Source Data'!$A$2:$EK$28,110,FALSE)","v":"≥ 320"}]
[null,18.5,"Figure14","Lmh","mm",{"$f":"VLOOKUP($D$7,'Source Data'!$A$2:$EK$28,111,FALSE)","v":"≤ 120 "}]
[null,18.6,"Figure14","Mounting hole diameter","mm",{"$f":"VLOOKUP($D$7,'Source Data'!$A$2:$EK$28,112,FALSE)","v":22}]
[null,19,"3.3.6","Lifting lugs"]
[null,19.1,null,"Lifting lugs fitted",null,{"$f":"VLOOKUP($D$7,'Source Data'!$A$2:$EK$28,114,FALSE)","v":"Yes"}]
[null,19.2,null,"Hole diameter","mm",{"$f":"VLOOKUP($D$7,'Source Data'!$A$2:$EK$28,115,FALSE)","v":"≥ 30 "}]
[null,20,"3.3.7","Earthing terminals"]
[null,20.1,null,"Boss material ",null,{"$f":"VLOOKUP($D$7,'Source Data'!$A$2:$EK$28,117,FALSE)","v":"316 Stainless Steel or Mild Steel"}]
[null,20.2,null,"Boss depth","mm",{"$f":"VLOOKUP($D$7,'Source Data'!$A$2:$EK$28,118,FALSE)","v":"≥ 30"}]
[null,20.3,null,"Set screw material",null,{"$f":"VLOOKUP($D$7,'Source Data'!$A$2:$EK$28,119,FALSE)","v":"316 Stainless Steel or Mild Steel"}]
[null,20.4,null,"Set screw dimensions","mm",{"$f":"VLOOKUP($D$7,'Source Data'!$A$2:$EK$28,120,FALSE)","v":"M12 x 25 "}]
[null,20.5,null,"Supplied with washer and spring washer",null,{"$f":"VLOOKUP($D$7,'Source Data'!$A$2:$EK$28,121,FALSE)","v":"Yes"}]
[null,21,"3.3.8","Surge arrester brackets"]
[null,21.1,null,"Surge arrester brackets fitted",null,{"$f":"VLOOKUP($D$7,'Source Data'!$A$2:$EK$28,123,FALSE)","v":"Yes"}]
[null,21.2,"Figure 16","Mounting hole diameter","mm",{"$f":"VLOOKUP($D$7,'Source Data'!$A$2:$EK$28,124,FALSE)","v":14}]
[null,21.3,"Figure 16","Dimension D (worst case)","mm",{"$f":"VLOOKUP($D$7,'Source Data'!$A$2:$EK$28,125,FALSE)","v":"≥ 200"}]
[null,21.4,"Figure 16","Dimension E (worst case)","mm",{"$f":"VLOOKUP($D$7,'Source Data'!$A$2:$EK$28,126,FALSE)","v":"≥ 190"}]
[null,21.5,"Figure 16","Dimension F (worst case)","mm",{"$f":"VLOOKUP($D$7,'Source Data'!$A$2:$EK$28,127,FALSE)","v":"≥ 150"}]
[null,22,3.4,"Corrosion protection for Coastal transformers"]
[null,22.1,null,"Indicate the coating system (i.e. DS numbers according to DSP 240-75655504) that is offered. (e.g. DS-14 + DS-15 for zinc sprayed mild steel with duplex coating)"]
[null,22.2,null,"Tank ",null,{"$f":"VLOOKUP($D$7,'Source Data'!$A$2:$EK$28,136,FALSE)","v":"xxxxxxxxxxx"}]
[null,22.3,null,"Radiators",null,{"$f":"VLOOKUP($D$7,'Source Data'!$A$2:$EK$28,137,FALSE)","v":"xxxxxxxxxxx"}]
[null,22.4,null,"Threaded rods and accessories",null,{"$f":"VLOOKUP($D$7,'Source Data'!$A$2:$EK$28,138,FALSE)","v":"xxxxxxxxxxx"}]
[null,22.5,null,"Colour of final coat",null,{"$f":"VLOOKUP($D$7,'Source Data'!$A$2:$EK$28,139,FALSE)","v":"Azure Blue"}]
[null,23,4.2,"All Type Tests in Accordance with SANS 780:\n\n• Temperature rise test \n• Dielectric type test\n• Tank stiffness test \n• Corrugated tank fatigue test\n• Equivalent disturbing current test (This test is only applicable to SWER transformers)\n• Short Circuit Withstand Test\n• Natural ageing and pollution performance test",null,{"$f":"VLOOKUP($D$7,'Source Data'!$A$2:$EK$28,140,FALSE)","v":"Report Numbers"}]
[null,24,4.3,"All Routine Tests in Accordance with SANS 780:\n\n• Measurement of winding resistance\n• Measurement of voltage ratio and phase displacement\n• Measurement of short-circuit impedance and load loss\n• Measurement of no-load loss and current\n• Separate source voltage test\n• Induced overvoltage test\n• Measurement of paint thickness\n• Test for effectiveness of sealing\n• Measurement of secondary voltage across outer two terminals to be 484 V. (Only applicable to dual-phase transformers.) \n• Measurement of insulation resistance test\n• Reactance (%)\n• Dielectric routine tests\n• Vector group test ",null,{"$f":"VLOOKUP($D$7,'Source Data'!$A$2:$EK$28,141,FALSE)","v":"Report Numbers"}]

{"sheet":"175082","index":8,"n_rows":137,"n_cols":7,"rows_kept":137,"merged":[[2,5,2,6],[3,5,3,6],[7,5,9,6],[9,1,9,3]]}
[]
[]
[{"$nulls":5},"Specification: DSP 240-45395762 Rev.4"]
[{"$nulls":5},{"$f":"'List of Items & Enquiry number'!B14","v":"Enquiry Number: 123456XYZ"}]
[]
[{"$nulls":3},"TECHNICAL SCHEDULES A & B FOR \nPOLE-MOUNTED  DISTRIBUTION TRANSFORMERS"]
[{"$nulls":3},"Three-phase, 25 kVA, 22 kV/420V (Coastal, Ester Oil Only)"]
[{"$nulls":5},"Deviations from the specific requirements stated in Schedule A must be recorded and explained in the Deviation Schedule"]
[null,"Schedule A:  Purchaser's specific requirements"]
[null,"Schedule B:  Guarantees and technical particulars of equipment offered"]
[null,"Item","Sub-clause of 240- 45395762","Description",null,"Schedule A","Schedule B"]
[null,1,null,"Identification"]
[null,1.1,null,"Name of manufacturer",null,{"$f":"VLOOKUP($D$7,'Source Data'!$A$2:$EK$28,3,FALSE)","v":"xxxxxxxxxxx"}]
[null,1.2000000000000002,null,"Name of supplier",null,{"$f":"VLOOKUP($D$7,'Source Data'!$A$2:$EK$28,4,FALSE)","v":"xxxxxxxxxxx"}]
[null,1.3,null,"Product code for Coastal transformers",null,{"$f":"VLOOKUP($D$7,'Source Data'!$A$2:$EK$28,6,FALSE)","v":"xxxxxxxxxxx"}]
[null,1.4,null,"Are the transformers covered by the SANS 780 certification mark?",null,{"$f":"VLOOKUP($D$7,'Source Data'!$A$2:$EK$28,7,FALSE)","v":"xxxxxxxxxxx"}]
[null,1.5,null,"State SANS 780 permit number",null,{"$f":"VLOOKUP($D$7,'Source Data'!$A$2:$EK$28,8,FALSE)","v":"xxxxxxxxxxx"}]
[null,1.6,null,"Oil Type",null,{"$f":"VLOOKUP($D$7,'Source Data'!$A$2:$EK$28,9,FALSE)","v":"Ester Oil"}]
[null,2,3,"Ratings"]
[null,2.1,null,"Power rating","kVA",{"$f":"VLOOKUP($D$7,'Source Data'!$A$2:$EK$28,11,FALSE)","v":25}]
[null,2.2,null,"Rated primary voltage","kV",{"$f":"VLOOKUP($D$7,'Source Data'!$A$2:$EK$28,12,FALSE)","v":22}]
[null,2.3000000000000003,null,"Rated no-load secondary voltage","V",{"$f":"VLOOKUP($D$7,'Source Data'!$A$2:$EK$28,13,FALSE)","v":420}]
[null,2.4000000000000004,null,"Frequency","Hz",{"$f":"VLOOKUP($D$7,'Source Data'!$A$2:$EK$28,14,FALSE)","v":50}]
[null,2.5,null,"Number of phases",null,{"$f":"VLOOKUP($D$7,'Source Data'!$A$2:$EK$28,15,FALSE)","v":"3ph"}]
[null,2.6,null,"Vector Group",null,{"$f":"VLOOKUP($D$7,'Source Data'!$A$2:$EK$28,16,FALSE)","v":"Dyn11 or Yzn11"}]
[null,3,"3.2.5","Insulation levels"]
[null,3.1,null,"BIL - Primary","kV",{"$f":"VLOOKUP($D$7,'Source Data'!$A$2:$EK$28,18,FALSE)","v":150}]
[null,3.2,null,"BIL - Secondary","kV",{"$f":"VLOOKUP($D$7,'Source Data'!$A$2:$EK$28,19,FALSE)","v":30}]
[null,3.3000000000000003,null,"Power frequency withstand voltage - Primary","kV",{"$f":"VLOOKUP($D$7,'Source Data'!$A$2:$EK$28,20,FALSE)","v":50}]
[null,3.4000000000000004,null,"Power frequency withstand voltage – Secondary","kV",{"$f":"VLOOKUP($D$7,'Source Data'!$A$2:$EK$28,21,FALSE)","v":8}]
[null,4,"3.2.8","Inter-turn winding insulation"]
[null,4.1,null,"Type (Enamel or Paper)",null,{"$f":"VLOOKUP($D$7,'Source Data'!$A$2:$EK$28,23,FALSE)","v":"xxxxxxxxxxx"}]
[null,4.199999999999999,null,"Enamel grade (if applicable)",null,{"$f":"VLOOKUP($D$7,'Source Data'!$A$2:$EK$28,24,FALSE)","v":"Grade 3"}]
[null,4.3,null,"Paper thickness (if applicable)","mm",{"$f":"VLOOKUP($D$7,'Source Data'!$A$2:$EK$28,25,FALSE)","v":"> 0.125"}]
[null,4.3999999999999995,null,"Paper type (if applicable)",null,{"$f":"VLOOKUP($D$7,'Source Data'!$A$2:$EK$28,26,FALSE)","v":"xxxxxxxxxxx"}]
[null,4.5,null,"Paper make (if applicable)",null,{"$f":"VLOOKUP($D$7,'Source Data'!$A$2:$EK$28,27,FALSE)","v":"xxxxxxxxxxx"}]
[null,4.6,null,"Paper minimum impulse withstand","kV",{"$f":"VLOOKUP($D$7,'Source Data'!$A$2:$EK$28,28,FALSE)","v":21}]
[null,4.7,null,"Paper minimum power frequency withstand ","kV",{"$f":"VLOOKUP($D$7,'Source Data'!$A$2:$EK$28,29,FALSE)","v":8}]
[null,4.8,null,"Inter-turn winding insulation stress shall not exceed 5 kV/mm","kV/mm",{"$f":"VLOOKUP($D$7,'Source Data'!$A$2:$EK$28,30,FALSE)","v":"<5"}]
[null,5,"3.2.9","Interlayer insulation"]
[null,5.1,null,"Highest interlayer stress in non-tap part of winding (<5kV/mm is not acceptable as the calculated value must be presented)","kV/mm",{"$f":"VLOOKUP($D$7,'Source Data'!$A$2:$EK$28,32,FALSE)","v":"< 5"}]
[null,5.199999999999999,null,"Highest interlayer stress in tap part of winding (<5kV/mm is not acceptable as the calculated value must be presented)","kV/mm",{"$f":"VLOOKUP($D$7,'Source Data'!$A$2:$EK$28,33,FALSE)","v":"< 5 "}]
[null,5.3,null,"Paper type.",null,{"$f":"VLOOKUP($D$7,'Source Data'!$A$2:$EK$28,34,FALSE)","v":"xxxxxxxxxxx"}]
[null,5.3999999999999995,null,"Paper make.",null,{"$f":"VLOOKUP($D$7,'Source Data'!$A$2:$EK$28,35,FALSE)","v":"xxxxxxxxxxx"}]
[null,6,"3.2.10","Tapping connections"]
[null,6.1,null,"Type ",null,{"$f":"VLOOKUP($D$7,'Source Data'!$A$2:$EK$28,37,FALSE)","v":"Switch"}]
[null,6.2,null,"Tapping range","%",{"$f":"VLOOKUP($D$7,'Source Data'!$A$2:$EK$28,38,FALSE)","v":"0, ±2.5, ±5"}]
[null,7,"3.2.11","MV Bushings for Coastal Transformers"]
[null,7.1,null,"Make ",null,{"$f":"VLOOKUP($D$7,'Source Data'!$A$2:$EK$28,48,FALSE)","v":"xxxxxxxxxxx"}]
[null,7.2,null,"Product code",null,{"$f":"VLOOKUP($D$7,'Source Data'!$A$2:$EK$28,49,FALSE)","v":"xxxxxxxxxxx"}]
[null,7.3,null,"Material (e.g. Porcelain)",null,{"$f":"VLOOKUP($D$7,'Source Data'!$A$2:$EK$28,50,FALSE)","v":"xxxxxxxxxxx"}]
[null,7.4,null,"Specific creepage distance","mm/kV",{"$f":"VLOOKUP($D$7,'Source Data'!$A$2:$EK$28,51,FALSE)","v":"≥ 31"}]
[null,7.5,null,"Clamping",null,{"$f":"VLOOKUP($D$7,'Source Data'!$A$2:$EK$28,52,FALSE)","v":"Base"}]
[null,7.6,null,"Type",null,{"$f":"VLOOKUP($D$7,'Source Data'!$A$2:$EK$28,53,FALSE)","v":"Draw lead"}]
[null,7.7,null,"Stem diameter",null,{"$f":"VLOOKUP($D$7,'Source Data'!$A$2:$EK$28,54,FALSE)","v":"M12"}]
[null,8,"3.2.11","LV Bushings"]
[null,8.1,null,"Make ",null,{"$f":"VLOOKUP($D$7,'Source Data'!$A$2:$EK$28,56,FALSE)","v":"xxxxxxxxxxx"}]
[null,8.2,null,"Product code",null,{"$f":"VLOOKUP($D$7,'Source Data'!$A$2:$EK$28,57,FALSE)","v":"xxxxxxxxxxx"}]
[null,8.3,null,"Material (e.g. Porcelain)",null,{"$f":"VLOOKUP($D$7,'Source Data'!$A$2:$EK$28,58,FALSE)","v":"xxxxxxxxxxx"}]
[null,8.4,null,"Stem diameter",null,{"$f":"VLOOKUP($D$7,'Source Data'!$A$2:$EK$28,59,FALSE)","v":"M12"}]
[null,8.5,null,"Supplied with flag ",null,{"$f":"VLOOKUP($D$7,'Source Data'!$A$2:$EK$28,60,FALSE)","v":"Yes"}]
[null,8.6,null,"Flag supplied with 2 x M12 x 40 mm set screws, 4 x flatwashers, 2 x spring washers and 2 x nuts",null,{"$f":"VLOOKUP($D$7,'Source Data'!$A$2:$EK$28,61,FALSE)","v":"Yes"}]
[null,9,"3.2.14","Losses"]
[null,9.1,null,"Loss factor base (Cost of Dx or Gx) ",null,{"$f":"VLOOKUP($D$7,'Source Data'!$A$2:$EK$28,63,FALSE)","v":"Distribution"},"xxxxxxxxxxx"]
[null,9.2,null,"No-load Loss Factor, NLLF ","R/kW",{"$f":"VLOOKUP($D$7,'Source Data'!$A$2:$EK$28,64,FALSE)","v":80500},"xxxxxxxxxxx"]
[null,9.3,null,"Load Loss Factor, LLF","R/kW",{"$f":"VLOOKUP($D$7,'Source Data'!$A$2:$EK$28,65,FALSE)","v":17500},"xxxxxxxxxxx"]
[null,9.4,null,"Guaranteed no-load losses, PNL (Steel Core)","W",{"$f":"VLOOKUP($D$7,'Source Data'!$A$2:$EK$28,66,FALSE)","v":70}]
[null,9.5,null,"Guaranteed no-load losses, PNL (only if Amorphous Core is offered)","W",{"$f":"VLOOKUP($D$7,'Source Data'!$A$2:$EL$28,142,FALSE)","v":30}]
[null,9.6,null,"Guaranteed load losses, PLL","W",{"$f":"VLOOKUP($D$7,'Source Data'!$A$2:$EK$28,67,FALSE)","v":520}]
[null,10,"3.2.14","Impedance voltage & X/R ratio"]
[null,10.1,null,"Impedance at principle tapping (specific design impedances to be stated)","%",{"$f":"VLOOKUP($D$7,'Source Data'!$A$2:$EK$28,69,FALSE)","v":"3,0 to 4,5"}]
[null,10.2,null,"X/R ratio",null,{"$f":"VLOOKUP($D$7,'Source Data'!$A$2:$EK$28,70,FALSE)","v":"xxxxxxxxxx"}]
[null,11,null,"Audio-sound level (SANS 780)"]
[null,11.1,null,"Maximum limit of transformer audio-sound level","db(A)",{"$f":"VLOOKUP($D$7,'Source Data'!$A$2:$EK$28,72,FALSE)","v":"≤ 48 "}]
[null,12,null,"MV winding wire"]
[null,12.1,null,"Material (e.g. Cu or Al)",null,{"$f":"VLOOKUP($D$7,'Source Data'!$A$2:$EK$28,74,FALSE)","v":"xxxxxxxxxxx"}]
[null,12.2,null,"Type (e.g. Round, Strip or Foil)",null,{"$f":"VLOOKUP($D$7,'Source Data'!$A$2:$EK$28,75,FALSE)","v":"xxxxxxxxxxx"}]
[null,13,null,"LV winding wire"]
[null,13.1,null,"Material (e.g. Cu or Al)",null,{"$f":"VLOOKUP($D$7,'Source Data'!$A$2:$EK$28,77,FALSE)","v":"xxxxxxxxxxx"}]
[null,13.2,null,"Type (e.g. Round, Strip or Foil)",null,{"$f":"VLOOKUP($D$7,'Source Data'!$A$2:$EK$28,78,FALSE)","v":"xxxxxxxxxxx"}]
[null,14,null,"Core material"]
[null,14.1,null,"Core material ",null,{"$f":"VLOOKUP($D$7,'Source Data'!$A$2:$EK$28,80,FALSE)","v":"Steel or Amporphous"}]
[null,14.2,null,"Type/code ",null,{"$f":"VLOOKUP($D$7,'Source Data'!$A$2:$EK$28,81,FALSE)","v":"xxxxxxxxxxx"}]
[null,14.3,null,"Maximum Flux Density of Material",null,{"$f":"VLOOKUP($D$7,'Source Data'!$A$2:$EK$28,82,FALSE)","v":"xxxxxxxxxxx"}]
[null,14.4,null,"Supplier",null,{"$f":"VLOOKUP($D$7,'Source Data'!$A$2:$EK$28,83,FALSE)","v":"xxxxxxxxxxx"}]
[null,15,"3.3.2","Tank and tank cover"]
[null,15.1,null,"Tank type: Sealed",null,{"$f":"VLOOKUP($D$7,'Source Data'!$A$2:$EK$28,85,FALSE)","v":"Sealed"}]
[null,15.2,null,"Plain, rigid or corrugated",null,{"$f":"VLOOKUP($D$7,'Source Data'!$A$2:$EK$28,86,FALSE)","v":"xxxxxxxxxx"}]
[null,16,"3.3.3","Transformer dimensions"]
[null,16.1,"Figure 12","Wo (including surge arrester)","mm",{"$f":"VLOOKUP($D$7,'Source Data'!$A$2:$EK$28,88,FALSE)","v":"≤ 1 080 "}]
[null,16.2,"Figure 12","Lo","mm",{"$f":"VLOOKUP($D$7,'Source Data'!$A$2:$EK$28,89,FALSE)","v":"≤ 1 500 "}]
[null,16.3,"Figure 12","Ht","mm",{"$f":"VLOOKUP($D$7,'Source Data'!$A$2:$EK$28,90,FALSE)","v":"≤ 1 500 "}]
[null,16.4,"Figure 12","Mass","kg",{"$f":"VLOOKUP($D$7,'Source Data'!$A$2:$EK$28,91,FALSE)","v":"≤ 900 "}]
[null,16.5,null,"Oil capacity","l",{"$f":"VLOOKUP($D$7,'Source Data'!$A$2:$EK$28,92,FALSE)","v":"xxxxxxxxxxx"}]
[null,16.6,null,"Minimum clearance between live MV terminals and from MV live terminals to any part of the tank greater than twice the BIL ","mm",{"$f":"VLOOKUP($D$7,'Source Data'!$A$2:$EK$28,93,FALSE)","v":300}]
[null,16.7,"3.3.4","Minimum mechanical clearance of 100 mm between the brackets and LV bushings shall be maintained","mm",{"$f":"VLOOKUP($D$7,'Source Data'!$A$2:$EK$28,94,FALSE)","v":100}]
[null,17,"3.3.4","Pole mounting bracket"]
[null,17.1,null,"Single pole mounting bracket required? (Yes or No)",null,{"$f":"VLOOKUP($D$7,'Source Data'!$A$2:$EK$28,96,FALSE)","v":"Yes"}]
[null,"17.2.1",null,"Supplied with: - 2 x clamps",null,{"$f":"VLOOKUP($D$7,'Source Data'!$A$2:$EK$28,97,FALSE)","v":"Yes"}]
[null,"17.2.2",null,"                     - 1 x threaded rod (M20 x 350 mm)",null,{"$f":"VLOOKUP($D$7,'Source Data'!$A$2:$EK$28,98,FALSE)","v":"Yes"}]
[null,"17.2.3",null,"                     - 4 x threaded rods (M20 x 250 mm)",null,{"$f":"VLOOKUP($D$7,'Source Data'!$A$2:$EK$28,99,FALSE)","v":"Yes"}]
[null,"17.2.4",null,"                     - 12 x nuts, flat washers & spring washers (M20)",null,{"$f":"VLOOKUP($D$7,'Source Data'!$A$2:$EK$28,100,FALSE)","v":"Yes"}]
[null,17.2,"Figure 13","Dimension Mo","mm",{"$f":"VLOOKUP($D$7,'Source Data'!$A$2:$EK$28,101,FALSE)","v":400}]
[null,17.3,"Figure 13","Dimension h1","mm",{"$f":"VLOOKUP($D$7,'Source Data'!$A$2:$EK$28,102,FALSE)","v":"≤ 400 "}]
[null,17.4,"Figure 13","Dimension W1","mm",{"$f":"VLOOKUP($D$7,'Source Data'!$A$2:$EK$28,103,FALSE)","v":"≤ 450 "}]
[null,17.5,"Figure 13","Mounting hole diameter","mm",{"$f":"VLOOKUP($D$7,'Source Data'!$A$2:$EK$28,104,FALSE)","v":22}]
[null,17.6,"Figure 13","Mounting hole centres","mm",{"$f":"VLOOKUP($D$7,'Source Data'!$A$2:$EK$28,105,FALSE)","v":146}]
[null,18,"3.3.5","Transformer under base"]
[null,18.1,null,"Under base required? (Yes or No)",null,{"$f":"VLOOKUP($D$7,'Source Data'!$A$2:$EK$28,107,FALSE)","v":"Yes"},"xxxxxxxxxxx"]
[null,18.2,"Figure14","Lml","mm",{"$f":"VLOOKUP($D$7,'Source Data'!$A$2:$EK$28,108,FALSE)","v":400}]
[null,18.3,"Figure14","Lmw (300, 400 or 450)","mm",{"$f":"VLOOKUP($D$7,'Source Data'!$A$2:$EK$28,109,FALSE)","v":"xxxxxxxxxxx"}]
[null,18.4,"Figure14","Ls","mm",{"$f":"VLOOKUP($D$7,'Source Data'!$A$2:$EK$28,110,FALSE)","v":"≥ 320"}]
[null,18.5,"Figure14","Lmh","mm",{"$f":"VLOOKUP($D$7,'Source Data'!$A$2:$EK$28,111,FALSE)","v":"≤ 120 "}]
[null,18.6,"Figure14","Mounting hole diameter","mm",{"$f":"VLOOKUP($D$7,'Source Data'!$A$2:$EK$28,112,FALSE)","v":22}]
[null,19,"3.3.6","Lifting lugs"]
[null,19.1,null,"Lifting lugs fitted",null,{"$f":"VLOOKUP($D$7,'Source Data'!$A$2:$EK$28,114,FALSE)","v":"Yes"}]
[null,19.2,null,"Hole diameter","mm",{"$f":"VLOOKUP($D$7,'Source Data'!$A$2:$EK$28,115,FALSE)","v":"≥ 30 "}]
[null,20,"3.3.7","Earthing terminals"]
[null,20.1,null,"Boss material ",null,{"$f":"VLOOKUP($D$7,'Source Data'!$A$2:$EK$28,117,FALSE)","v":"316 Stainless Steel or Mild Steel"}]
[null,20.2,null,"Boss depth","mm",{"$f":"VLOOKUP($D$7,'Source Data'!$A$2:$EK$28,118,FALSE)","v":"≥ 30"}]
[null,20.3,null,"Set screw material",null,{"$f":"VLOOKUP($D$7,'Source Data'!$A$2:$EK$28,119,FALSE)","v":"316 Stainless Steel or Mild Steel"}]
[null,20.4,null,"Set screw dimensions","mm",{"$f":"VLOOKUP($D$7,'Source Data'!$A$2:$EK$28,120,FALSE)","v":"M12 x 25 "}]
[null,20.5,null,"Supplied with washer and spring washer",null,{"$f":"VLOOKUP($D$7,'Source Data'!$A$2:$EK$28,121,FALSE)","v":"Yes"}]
[null,21,"3.3.8","Surge arrester brackets"]
[null,21.1,null,"Surge arrester brackets fitted",null,{"$f":"VLOOKUP($D$7,'Source Data'!$A$2:$EK$28,123,FALSE)","v":"Yes"}]
[null,21.2,"Figure 16","Mounting hole diameter","mm",{"$f":"VLOOKUP($D$7,'Source Data'!$A$2:$EK$28,124,FALSE)","v":14}]
[null,21.3,"Figure 16","Dimension D (worst case)","mm",{"$f":"VLOOKUP($D$7,'Source Data'!$A$2:$EK$28,125,FALSE)","v":"≥ 200"}]
[null,21.4,"Figure 16","Dimension E (worst case)","mm",{"$f":"VLOOKUP($D$7,'Source Data'!$A$2:$EK$28,126,FALSE)","v":"≥ 300"}]
[null,21.5,"Figure 16","Dimension F (worst case)","mm",{"$f":"VLOOKUP($D$7,'Source Data'!$A$2:$EK$28,127,FALSE)","v":"≥ 150"}]
[null,22,3.4,"Corrosion protection for Coastal transformers"]
[null,22.1,null,"Indicate the coating system (i.e. DS numbers according to DSP 240-75655504) that is offered. (e.g. DS-14 + DS-15 for zinc sprayed mild steel with duplex coating)"]
[null,22.2,null,"Tank ",null,{"$f":"VLOOKUP($D$7,'Source Data'!$A$2:$EK$28,136,FALSE)","v":"xxxxxxxxxxx"}]
[null,22.3,null,"Radiators",null,{"$f":"VLOOKUP($D$7,'Source Data'!$A$2:$EK$28,137,FALSE)","v":"xxxxxxxxxxx"}]
[null,22.4,null,"Threaded rods and accessories",null,{"$f":"VLOOKUP($D$7,'Source Data'!$A$2:$EK$28,138,FALSE)","v":"xxxxxxxxxxx"}]
[null,22.5,null,"Colour of final coat",null,{"$f":"VLOOKUP($D$7,'Source Data'!$A$2:$EK$28,139,FALSE)","v":"Azure Blue"}]
[null,23,4.2,"All Type Tests in Accordance with SANS 780:\n\n• Temperature rise test \n• Dielectric type test\n• Tank stiffness test \n• Corrugated tank fatigue test\n• Equivalent disturbing current test (This test is only applicable to SWER transformers)\n• Short Circuit Withstand Test\n• Natural ageing and pollution performance test",null,{"$f":"VLOOKUP($D$7,'Source Data'!$A$2:$EK$28,140,FALSE)","v":"Report Numbers"}]
[null,24,4.3,"All Routine Tests in Accordance with SANS 780:\n\n• Measurement of winding resistance\n• Measurement of voltage ratio and phase displacement\n• Measurement of short-circuit impedance and load loss\n• Measurement of no-load loss and current\n• Separate source voltage test\n• Induced overvoltage test\n• Measurement of paint thickness\n• Test for effectiveness of sealing\n• Measurement of secondary voltage across outer two terminals to be 484 V. (Only applicable to dual-phase transformers.) \n• Measurement of insulation resistance test\n• Reactance (%)\n• Dielectric routine tests\n• Vector group test ",null,{"$f":"VLOOKUP($D$7,'Source Data'!$A$2:$EK$28,141,FALSE)","v":"Report Numbers"}]

{"sheet":"182713","index":9,"n_rows":137,"n_cols":7,"rows_kept":137,"merged":[[2,5,2,6],[3,5,3,6],[7,5,9,6],[9,1,9,3]]}
[]
[]
[{"$nulls":5},"Specification: DSP 240-45395762 Rev.4"]
[{"$nulls":5},{"$f":"'List of Items & Enquiry number'!B14","v":"Enquiry Number: 123456XYZ"}]
[]
[{"$nulls":3},"TECHNICAL SCHEDULES A & B FOR \nPOLE-MOUNTED  DISTRIBUTION TRANSFORMERS"]
[{"$nulls":3},"Three Phase, 25 kVA, 33 kV/420V (Coastal, Ester Oil Only)"]
[{"$nulls":5},"Deviations from the specific requirements stated in Schedule A must be recorded and explained in the Deviation Schedule"]
[null,"Schedule A:  Purchaser's specific requirements"]
[null,"Schedule B:  Guarantees and technical particulars of equipment offered"]
[null,"Item","Sub-clause of 240- 45395762","Description",null,"Schedule A","Schedule B"]
[null,1,null,"Identification"]
[null,1.1,null,"Name of manufacturer",null,{"$f":"VLOOKUP($D$7,'Source Data'!$A$2:$EK$28,3,FALSE)","v":"xxxxxxxxxxx"}]
[null,1.2000000000000002,null,"Name of supplier",null,{"$f":"VLOOKUP($D$7,'Source Data'!$A$2:$EK$28,4,FALSE)","v":"xxxxxxxxxxx"}]
[null,1.3,null,"Product code for Coastal transformers",null,{"$f":"VLOOKUP($D$7,'Source Data'!$A$2:$EK$28,6,FALSE)","v":"xxxxxxxxxxx"}]
[null,1.4,null,"Are the transformers covered by the SANS 780 certification mark?",null,{"$f":"VLOOKUP($D$7,'Source Data'!$A$2:$EK$28,7,FALSE)","v":"xxxxxxxxxxx"}]
[null,1.5,null,"State SANS 780 permit number",null,{"$f":"VLOOKUP($D$7,'Source Data'!$A$2:$EK$28,8,FALSE)","v":"xxxxxxxxxxx"}]
[null,1.6,null,"Oil Type",null,{"$f":"VLOOKUP($D$7,'Source Data'!$A$2:$EK$28,9,FALSE)","v":"Ester Oil"}]
[null,2,3,"Ratings"]
[null,2.1,null,"Power rating","kVA",{"$f":"VLOOKUP($D$7,'Source Data'!$A$2:$EK$28,11,FALSE)","v":25}]
[null,2.2,null,"Rated primary voltage","kV",{"$f":"VLOOKUP($D$7,'Source Data'!$A$2:$EK$28,12,FALSE)","v":33}]
[null,2.3000000000000003,null,"Rated no-load secondary voltage","V",{"$f":"VLOOKUP($D$7,'Source Data'!$A$2:$EK$28,13,FALSE)","v":420}]
[null,2.4000000000000004,null,"Frequency","Hz",{"$f":"VLOOKUP($D$7,'Source Data'!$A$2:$EK$28,14,FALSE)","v":50}]
[null,2.5,null,"Number of phases",null,{"$f":"VLOOKUP($D$7,'Source Data'!$A$2:$EK$28,15,FALSE)","v":"3ph"}]
[null,2.6,null,"Vector Group",null,{"$f":"VLOOKUP($D$7,'Source Data'!$A$2:$EK$28,16,FALSE)","v":"Dyn11 or Yzn11"}]
[null,3,"3.2.5","Insulation levels"]
[null,3.1,null,"BIL - Primary","kV",{"$f":"VLOOKUP($D$7,'Source Data'!$A$2:$EK$28,18,FALSE)","v":200}]
[null,3.2,null,"BIL - Secondary","kV",{"$f":"VLOOKUP($D$7,'Source Data'!$A$2:$EK$28,19,FALSE)","v":30}]
[null,3.3000000000000003,null,"Power frequency withstand voltage - Primary","kV",{"$f":"VLOOKUP($D$7,'Source Data'!$A$2:$EK$28,20,FALSE)","v":70}]
[null,3.4000000000000004,null,"Power frequency withstand voltage – Secondary","kV",{"$f":"VLOOKUP($D$7,'Source Data'!$A$2:$EK$28,21,FALSE)","v":8}]
[null,4,"3.2.8","Inter-turn winding insulation"]
[null,4.1,null,"Type (Enamel or Paper)",null,{"$f":"VLOOKUP($D$7,'Source Data'!$A$2:$EK$28,23,FALSE)","v":"xxxxxxxxxxx"}]
[null,4.199999999999999,null,"Enamel grade (if applicable)",null,{"$f":"VLOOKUP($D$7,'Source Data'!$A$2:$EK$28,24,FALSE)","v":"Grade 3"}]
[null,4.3,null,"Paper thickness (if applicable)","mm",{"$f":"VLOOKUP($D$7,'Source Data'!$A$2:$EK$28,25,FALSE)","v":"> 0.125"}]
[null,4.3999999999999995,null,"Paper type (if applicable)",null,{"$f":"VLOOKUP($D$7,'Source Data'!$A$2:$EK$28,26,FALSE)","v":"xxxxxxxxxxx"}]
[null,4.5,null,"Paper make (if applicable)",null,{"$f":"VLOOKUP($D$7,'Source Data'!$A$2:$EK$28,27,FALSE)","v":"xxxxxxxxxxx"}]
[null,4.6,null,"Paper minimum impulse withstand","kV",{"$f":"VLOOKUP($D$7,'Source Data'!$A$2:$EK$28,28,FALSE)","v":21}]
[null,4.7,null,"Paper minimum power frequency withstand ","kV",{"$f":"VLOOKUP($D$7,'Source Data'!$A$2:$EK$28,29,FALSE)","v":8}]
[null,4.8,null,"Inter-turn winding insulation stress shall not exceed 5 kV/mm","kV/mm",{"$f":"VLOOKUP($D$7,'Source Data'!$A$2:$EK$28,30,FALSE)","v":"<5"}]
[null,5,"3.2.9","Interlayer insulation"]
[null,5.1,null,"Highest interlayer stress in non-tap part of winding (<5kV/mm is not acceptable as the calculated value must be presented)","kV/mm",{"$f":"VLOOKUP($D$7,'Source Data'!$A$2:$EK$28,32,FALSE)","v":"< 5"}]
[null,5.199999999999999,null,"Highest interlayer stress in tap part of winding (<5kV/mm is not acceptable as the calculated value must be presented)","kV/mm",{"$f":"VLOOKUP($D$7,'Source Data'!$A$2:$EK$28,33,FALSE)","v":"< 5 "}]
[null,5.3,null,"Paper type.",null,{"$f":"VLOOKUP($D$7,'Source Data'!$A$2:$EK$28,34,FALSE)","v":"xxxxxxxxxxx"}]
[null,5.3999999999999995,null,"Paper make.",null,{"$f":"VLOOKUP($D$7,'Source Data'!$A$2:$EK$28,35,FALSE)","v":"xxxxxxxxxxx"}]
[null,6,"3.2.10","Tapping connections"]
[null,6.1,null,"Type ",null,{"$f":"VLOOKUP($D$7,'Source Data'!$A$2:$EK$28,37,FALSE)","v":"Switch"}]
[null,6.2,null,"Tapping range","%",{"$f":"VLOOKUP($D$7,'Source Data'!$A$2:$EK$28,38,FALSE)","v":"0, ±2.5, ±5"}]
[null,7,"3.2.11","MV Bushings for Coastal Transformers"]
[null,7.1,null,"Make ",null,{"$f":"VLOOKUP($D$7,'Source Data'!$A$2:$EK$28,48,FALSE)","v":"xxxxxxxxxxx"}]
[null,7.2,null,"Product code",null,{"$f":"VLOOKUP($D$7,'Source Data'!$A$2:$EK$28,49,FALSE)","v":"xxxxxxxxxxx"}]
[null,7.3,null,"Material (e.g. Porcelain)",null,{"$f":"VLOOKUP($D$7,'Source Data'!$A$2:$EK$28,50,FALSE)","v":"xxxxxxxxxxx"}]
[null,7.4,null,"Specific creepage distance","mm/kV",{"$f":"VLOOKUP($D$7,'Source Data'!$A$2:$EK$28,51,FALSE)","v":"≥ 31"}]
[null,7.5,null,"Clamping",null,{"$f":"VLOOKUP($D$7,'Source Data'!$A$2:$EK$28,52,FALSE)","v":"Base"}]
[null,7.6,null,"Type",null,{"$f":"VLOOKUP($D$7,'Source Data'!$A$2:$EK$28,53,FALSE)","v":"Draw lead"}]
[null,7.7,null,"Stem diameter",null,{"$f":"VLOOKUP($D$7,'Source Data'!$A$2:$EK$28,54,FALSE)","v":"M12"}]
[null,8,"3.2.11","LV Bushings"]
[null,8.1,null,"Make ",null,{"$f":"VLOOKUP($D$7,'Source Data'!$A$2:$EK$28,56,FALSE)","v":"xxxxxxxxxxx"}]
[null,8.2,null,"Product code",null,{"$f":"VLOOKUP($D$7,'Source Data'!$A$2:$EK$28,57,FALSE)","v":"xxxxxxxxxxx"}]
[null,8.3,null,"Material (e.g. Porcelain)",null,{"$f":"VLOOKUP($D$7,'Source Data'!$A$2:$EK$28,58,FALSE)","v":"xxxxxxxxxxx"}]
[null,8.4,null,"Stem diameter",null,{"$f":"VLOOKUP($D$7,'Source Data'!$A$2:$EK$28,59,FALSE)","v":"M12"}]
[null,8.5,null,"Supplied with flag ",null,{"$f":"VLOOKUP($D$7,'Source Data'!$A$2:$EK$28,60,FALSE)","v":"Yes"}]
[null,8.6,null,"Flag supplied with 2 x M12 x 40 mm set screws, 4 x flatwashers, 2 x spring washers and 2 x nuts",null,{"$f":"VLOOKUP($D$7,'Source Data'!$A$2:$EK$28,61,FALSE)","v":"Yes"}]
[null,9,"3.2.14","Losses"]
[null,9.1,null,"Loss factor base (Cost of Dx or Gx) ",null,{"$f":"VLOOKUP($D$7,'Source Data'!$A$2:$EK$28,63,FALSE)","v":"Distribution"},"xxxxxxxxxxx"]
[null,9.2,null,"No-load Loss Factor, NLLF ","R/kW",{"$f":"VLOOKUP($D$7,'Source Data'!$A$2:$EK$28,64,FALSE)","v":80500},"xxxxxxxxxxx"]
[null,9.3,null,"Load Loss Factor, LLF","R/kW",{"$f":"VLOOKUP($D$7,'Source Data'!$A$2:$EK$28,65,FALSE)","v":17500},"xxxxxxxxxxx"]
[null,9.4,null,"Guaranteed no-load losses, PNL (Steel Core)","W",{"$f":"VLOOKUP($D$7,'Source Data'!$A$2:$EK$28,66,FALSE)","v":70}]
[null,9.5,null,"Guaranteed no-load losses, PNL (only if Amorphous Core is offered)","W",{"$f":"VLOOKUP($D$7,'Source Data'!$A$2:$EL$28,142,FALSE)","v":30}]
[null,9.6,null,"Guaranteed load losses, PLL","W",{"$f":"VLOOKUP($D$7,'Source Data'!$A$2:$EK$28,67,FALSE)","v":520}]
[null,10,"3.2.14","Impedance voltage & X/R ratio"]
[null,10.1,null,"Impedance at principle tapping (specific design impedances to be stated)","%",{"$f":"VLOOKUP($D$7,'Source Data'!$A$2:$EK$28,69,FALSE)","v":"3,0 to 4,5"}]
[null,10.2,null,"X/R ratio",null,{"$f":"VLOOKUP($D$7,'Source Data'!$A$2:$EK$28,70,FALSE)","v":"xxxxxxxxxx"}]
[null,11,null,"Audio-sound level (SANS 780)"]
[null,11.1,null,"Maximum limit of transformer audio-sound level","db(A)",{"$f":"VLOOKUP($D$7,'Source Data'!$A$2:$EK$28,72,FALSE)","v":"≤ 48 "}]
[null,12,null,"MV winding wire"]
[null,12.1,null,"Material (e.g. Cu or Al)",null,{"$f":"VLOOKUP($D$7,'Source Data'!$A$2:$EK$28,74,FALSE)","v":"xxxxxxxxxxx"}]
[null,12.2,null,"Type (e.g. Round, Strip or Foil)",null,{"$f":"VLOOKUP($D$7,'Source Data'!$A$2:$EK$28,75,FALSE)","v":"xxxxxxxxxxx"}]
[null,13,null,"LV winding wire"]
[null,13.1,null,"Material (e.g. Cu or Al)",null,{"$f":"VLOOKUP($D$7,'Source Data'!$A$2:$EK$28,77,FALSE)","v":"xxxxxxxxxxx"}]
[null,13.2,null,"Type (e.g. Round, Strip or Foil)",null,{"$f":"VLOOKUP($D$7,'Source Data'!$A$2:$EK$28,78,FALSE)","v":"xxxxxxxxxxx"}]
[null,14,null,"Core material"]
[null,14.1,null,"Core material ",null,{"$f":"VLOOKUP($D$7,'Source Data'!$A$2:$EK$28,80,FALSE)","v":"Steel or Amporphous"}]
[null,14.2,null,"Type/code ",null,{"$f":"VLOOKUP($D$7,'Source Data'!$A$2:$EK$28,81,FALSE)","v":"xxxxxxxxxxx"}]
[null,14.3,null,"Maximum Flux Density of Material",null,{"$f":"VLOOKUP($D$7,'Source Data'!$A$2:$EK$28,82,FALSE)","v":"xxxxxxxxxxx"}]
[null,14.4,null,"Supplier",null,{"$f":"VLOOKUP($D$7,'Source Data'!$A$2:$EK$28,83,FALSE)","v":"xxxxxxxxxxx"}]
[null,15,"3.3.2","Tank and tank cover"]
[null,15.1,null,"Tank type: Sealed",null,{"$f":"VLOOKUP($D$7,'Source Data'!$A$2:$EK$28,85,FALSE)","v":"Sealed"}]
[null,15.2,null,"Plain, rigid or corrugated",null,{"$f":"VLOOKUP($D$7,'Source Data'!$A$2:$EK$28,86,FALSE)","v":"xxxxxxxxxx"}]
[null,16,"3.3.3","Transformer dimensions"]
[null,16.1,"Figure 12","Wo (including surge arrester)","mm",{"$f":"VLOOKUP($D$7,'Source Data'!$A$2:$EK$28,88,FALSE)","v":"≤ 1 080 "}]
[null,16.2,"Figure 12","Lo","mm",{"$f":"VLOOKUP($D$7,'Source Data'!$A$2:$EK$28,89,FALSE)","v":"≤ 1 500 "}]
[null,16.3,"Figure 12","Ht","mm",{"$f":"VLOOKUP($D$7,'Source Data'!$A$2:$EK$28,90,FALSE)","v":"≤ 1 500 "}]
[null,16.4,"Figure 12","Mass","kg",{"$f":"VLOOKUP($D$7,'Source Data'!$A$2:$EK$28,91,FALSE)","v":"≤ 900 "}]
[null,16.5,null,"Oil capacity","l",{"$f":"VLOOKUP($D$7,'Source Data'!$A$2:$EK$28,92,FALSE)","v":"xxxxxxxxxxx"}]
[null,16.6,null,"Minimum clearance between live MV terminals and from MV live terminals to any part of the tank greater than twice the BIL ","mm",{"$f":"VLOOKUP($D$7,'Source Data'!$A$2:$EK$28,93,FALSE)","v":400}]
[null,16.7,"3.3.4","Minimum mechanical clearance of 100 mm between the brackets and LV bushings shall be maintained","mm",{"$f":"VLOOKUP($D$7,'Source Data'!$A$2:$EK$28,94,FALSE)","v":100}]
[null,17,"3.3.4","Pole mounting bracket"]
[null,17.1,null,"Single pole mounting bracket required? (Yes or No)",null,{"$f":"VLOOKUP($D$7,'Source Data'!$A$2:$EK$28,96,FALSE)","v":"Yes"}]
[null,"17.2.1",null,"Supplied with: - 2 x clamps",null,{"$f":"VLOOKUP($D$7,'Source Data'!$A$2:$EK$28,97,FALSE)","v":"Yes"}]
[null,"17.2.2",null,"                     - 1 x threaded rod (M20 x 350 mm)",null,{"$f":"VLOOKUP($D$7,'Source Data'!$A$2:$EK$28,98,FALSE)","v":"Yes"}]
[null,"17.2.3",null,"                     - 4 x threaded rods (M20 x 250 mm)",null,{"$f":"VLOOKUP($D$7,'Source Data'!$A$2:$EK$28,99,FALSE)","v":"Yes"}]
[null,"17.2.4",null,"                     - 12 x nuts, flat washers & spring washers (M20)",null,{"$f":"VLOOKUP($D$7,'Source Data'!$A$2:$EK$28,100,FALSE)","v":"Yes"}]
[null,17.2,"Figure 13","Dimension Mo","mm",{"$f":"VLOOKUP($D$7,'Source Data'!$A$2:$EK$28,101,FALSE)","v":400}]
[null,17.3,"Figure 13","Dimension h1","mm",{"$f":"VLOOKUP($D$7,'Source Data'!$A$2:$EK$28,102,FALSE)","v":"≤ 400 "}]
[null,17.4,"Figure 13","Dimension W1","mm",{"$f":"VLOOKUP($D$7,'Source Data'!$A$2:$EK$28,103,FALSE)","v":"≤ 450 "}]
[null,17.5,"Figure 13","Mounting hole diameter","mm",{"$f":"VLOOKUP($D$7,'Source Data'!$A$2:$EK$28,104,FALSE)","v":22}]
[null,17.6,"Figure 13","Mounting hole centres","mm",{"$f":"VLOOKUP($D$7,'Source Data'!$A$2:$EK$28,105,FALSE)","v":146}]
[null,18,"3.3.5","Transformer under base"]
[null,18.1,null,"Under base required? (Yes or No)",null,{"$f":"VLOOKUP($D$7,'Source Data'!$A$2:$EK$28,107,FALSE)","v":"Yes"},"xxxxxxxxxxx"]
[null,18.2,"Figure14","Lml","mm",{"$f":"VLOOKUP($D$7,'Source Data'!$A$2:$EK$28,108,FALSE)","v":400}]
[null,18.3,"Figure14","Lmw (300, 400 or 450)","mm",{"$f":"VLOOKUP($D$7,'Source Data'!$A$2:$EK$28,109,FALSE)","v":"xxxxxxxxxxx"}]
[null,18.4,"Figure14","Ls","mm",{"$f":"VLOOKUP($D$7,'Source Data'!$A$2:$EK$28,110,FALSE)","v":"≥ 320"}]
[null,18.5,"Figure14","Lmh","mm",{"$f":"VLOOKUP($D$7,'Source Data'!$A$2:$EK$28,111,FALSE)","v":"≤ 120 "}]
[null,18.6,"Figure14","Mounting hole diameter","mm",{"$f":"VLOOKUP($D$7,'Source Data'!$A$2:$EK$28,112,FALSE)","v":22}]
[null,19,"3.3.6","Lifting lugs"]
[null,19.1,null,"Lifting lugs fitted",null,{"$f":"VLOOKUP($D$7,'Source Data'!$A$2:$EK$28,114,FALSE)","v":"Yes"}]
[null,19.2,null,"Hole diameter","mm",{"$f":"VLOOKUP($D$7,'Source Data'!$A$2:$EK$28,115,FALSE)","v":"≥ 30 "}]
[null,20,"3.3.7","Earthing terminals"]
[null,20.1,null,"Boss material ",null,{"$f":"VLOOKUP($D$7,'Source Data'!$A$2:$EK$28,117,FALSE)","v":"316 Stainless Steel or Mild Steel"}]
[null,20.2,null,"Boss depth","mm",{"$f":"VLOOKUP($D$7,'Source Data'!$A$2:$EK$28,118,FALSE)","v":"≥ 30"}]
[null,20.3,null,"Set screw material",null,{"$f":"VLOOKUP($D$7,'Source Data'!$A$2:$EK$28,119,FALSE)","v":"316 Stainless Steel or Mild Steel"}]
[null,20.4,null,"Set screw dimensions","mm",{"$f":"VLOOKUP($D$7,'Source Data'!$A$2:$EK$28,120,FALSE)","v":"M12 x 25 "}]
[null,20.5,null,"Supplied with washer and spring washer",null,{"$f":"VLOOKUP($D$7,'Source Data'!$A$2:$EK$28,121,FALSE)","v":"Yes"}]
[null,21,"3.3.8","Surge arrester brackets"]
[null,21.1,null,"Surge arrester brackets fitted",null,{"$f":"VLOOKUP($D$7,'Source Data'!$A$2:$EK$28,123,FALSE)","v":"Yes"}]
[null,21.2,"Figure 16","Mounting hole diameter","mm",{"$f":"VLOOKUP($D$7,'Source Data'!$A$2:$EK$28,124,FALSE)","v":14}]
[null,21.3,"Figure 16","Dimension D (worst case)","mm",{"$f":"VLOOKUP($D$7,'Source Data'!$A$2:$EK$28,125,FALSE)","v":"≥ 200"}]
[null,21.4,"Figure 16","Dimension E (worst case)","mm",{"$f":"VLOOKUP($D$7,'Source Data'!$A$2:$EK$28,126,FALSE)","v":"≥ 400 "}]
[null,21.5,"Figure 16","Dimension F (worst case)","mm",{"$f":"VLOOKUP($D$7,'Source Data'!$A$2:$EK$28,127,FALSE)","v":"≥ 150"}]
[null,22,3.4,"Corrosion protection for Coastal transformers"]
[null,22.1,null,"Indicate the coating system (i.e. DS numbers according to DSP 240-75655504) that is offered. (e.g. DS-14 + DS-15 for zinc sprayed mild steel with duplex coating)"]
[null,22.2,null,"Tank ",null,{"$f":"VLOOKUP($D$7,'Source Data'!$A$2:$EK$28,136,FALSE)","v":"xxxxxxxxxxx"}]
[null,22.3,null,"Radiators",null,{"$f":"VLOOKUP($D$7,'Source Data'!$A$2:$EK$28,137,FALSE)","v":"xxxxxxxxxxx"}]
[null,22.4,null,"Threaded rods and accessories",null,{"$f":"VLOOKUP($D$7,'Source Data'!$A$2:$EK$28,138,FALSE)","v":"xxxxxxxxxxx"}]
[null,22.5,null,"Colour of final coat",null,{"$f":"VLOOKUP($D$7,'Source Data'!$A$2:$EK$28,139,FALSE)","v":"Azure Blue"}]
[null,23,4.2,"All Type Tests in Accordance with SANS 780:\n\n• Temperature rise test \n• Dielectric type test\n• Tank stiffness test \n• Corrugated tank fatigue test\n• Equivalent disturbing current test (This test is only applicable to SWER transformers)\n• Short Circuit Withstand Test\n• Natural ageing and pollution performance test",null,{"$f":"VLOOKUP($D$7,'Source Data'!$A$2:$EK$28,140,FALSE)","v":"Report Numbers"}]
[null,24,4.3,"All Routine Tests in Accordance with SANS 780:\n\n• Measurement of winding resistance\n• Measurement of voltage ratio and phase displacement\n• Measurement of short-circuit impedance and load loss\n• Measurement of no-load loss and current\n• Separate source voltage test\n• Induced overvoltage test\n• Measurement of paint thickness\n• Test for effectiveness of sealing\n• Measurement of secondary voltage across outer two terminals to be 484 V. (Only applicable to dual-phase transformers.) \n• Measurement of insulation resistance test\n• Reactance (%)\n• Dielectric routine tests\n• Vector group test ",null,{"$f":"VLOOKUP($D$7,'Source Data'!$A$2:$EK$28,141,FALSE)","v":"Report Numbers"}]

{"sheet":"0175097","index":10,"n_rows":137,"n_cols":7,"rows_kept":137,"merged":[[2,5,2,6],[3,5,3,6],[7,5,9,6],[9,1,9,3]]}
[]
[]
[{"$nulls":5},"Specification: DSP 240-45395762 Rev.4"]
[{"$nulls":5},{"$f":"'List of Items & Enquiry number'!B14","v":"Enquiry Number: 123456XYZ"}]
[]
[{"$nulls":3},"TECHNICAL SCHEDULES A & B FOR \nPOLE-MOUNTED  DISTRIBUTION TRANSFORMERS"]
[{"$nulls":3},"Dual-phase, 32 kVA, 11 kV/+242V/-242V (Coastal, Ester Oil Only)"]
[{"$nulls":5},"Deviations from the specific requirements stated in Schedule A must be recorded and explained in the Deviation Schedule"]
[null,"Schedule A:  Purchaser's specific requirements"]
[null,"Schedule B:  Guarantees and technical particulars of equipment offered"]
[null,"Item","Sub-clause of 240- 45395762","Description",null,"Schedule A","Schedule B"]
[null,1,null,"Identification"]
[null,1.1,null,"Name of manufacturer",null,{"$f":"VLOOKUP($D$7,'Source Data'!$A$2:$EK$28,3,FALSE)","v":"xxxxxxxxxxx"}]
[null,1.2000000000000002,null,"Name of supplier",null,{"$f":"VLOOKUP($D$7,'Source Data'!$A$2:$EK$28,4,FALSE)","v":"xxxxxxxxxxx"}]
[null,1.3,null,"Product code for Coastal transformers",null,{"$f":"VLOOKUP($D$7,'Source Data'!$A$2:$EK$28,6,FALSE)","v":"xxxxxxxxxxx"}]
[null,1.4,null,"Are the transformers covered by the SANS 780 certification mark?",null,{"$f":"VLOOKUP($D$7,'Source Data'!$A$2:$EK$28,7,FALSE)","v":"xxxxxxxxxxx"}]
[null,1.5,null,"State SANS 780 permit number",null,{"$f":"VLOOKUP($D$7,'Source Data'!$A$2:$EK$28,8,FALSE)","v":"xxxxxxxxxxx"}]
[null,1.6,null,"Oil Type",null,{"$f":"VLOOKUP($D$7,'Source Data'!$A$2:$EK$28,9,FALSE)","v":"Ester Oil"}]
[null,2,3,"Ratings"]
[null,2.1,null,"Power rating","kVA",{"$f":"VLOOKUP($D$7,'Source Data'!$A$2:$EK$28,11,FALSE)","v":32}]
[null,2.2,null,"Rated primary voltage","kV",{"$f":"VLOOKUP($D$7,'Source Data'!$A$2:$EK$28,12,FALSE)","v":11}]
[null,2.3000000000000003,null,"Rated no-load secondary voltage","V",{"$f":"VLOOKUP($D$7,'Source Data'!$A$2:$EK$28,13,FALSE)","v":"±242"}]
[null,2.4000000000000004,null,"Frequency","Hz",{"$f":"VLOOKUP($D$7,'Source Data'!$A$2:$EK$28,14,FALSE)","v":50}]
[null,2.5,null,"Number of phases",null,{"$f":"VLOOKUP($D$7,'Source Data'!$A$2:$EK$28,15,FALSE)","v":"2ph"}]
[null,2.6,null,"Vector Group",null,{"$f":"VLOOKUP($D$7,'Source Data'!$A$2:$EK$28,16,FALSE)","v":"N/A"},"xxxxxxxxxxx"]
[null,3,"3.2.5","Insulation levels"]
[null,3.1,null,"BIL - Primary","kV",{"$f":"VLOOKUP($D$7,'Source Data'!$A$2:$EK$28,18,FALSE)","v":95}]
[null,3.2,null,"BIL - Secondary","kV",{"$f":"VLOOKUP($D$7,'Source Data'!$A$2:$EK$28,19,FALSE)","v":30}]
[null,3.3000000000000003,null,"Power frequency withstand voltage - Primary","kV",{"$f":"VLOOKUP($D$7,'Source Data'!$A$2:$EK$28,20,FALSE)","v":28}]
[null,3.4000000000000004,null,"Power frequency withstand voltage – Secondary","kV",{"$f":"VLOOKUP($D$7,'Source Data'!$A$2:$EK$28,21,FALSE)","v":8}]
[null,4,"3.2.8","Inter-turn winding insulation"]
[null,4.1,null,"Type (Enamel or Paper)",null,{"$f":"VLOOKUP($D$7,'Source Data'!$A$2:$EK$28,23,FALSE)","v":"xxxxxxxxxxx"}]
[null,4.199999999999999,null,"Enamel grade (if applicable)",null,{"$f":"VLOOKUP($D$7,'Source Data'!$A$2:$EK$28,24,FALSE)","v":"Grade 3"}]
[null,4.3,null,"Paper thickness (if applicable)","mm",{"$f":"VLOOKUP($D$7,'Source Data'!$A$2:$EK$28,25,FALSE)","v":"> 0.125"}]
[null,4.3999999999999995,null,"Paper type (if applicable)",null,{"$f":"VLOOKUP($D$7,'Source Data'!$A$2:$EK$28,26,FALSE)","v":"xxxxxxxxxxx"}]
[null,4.5,null,"Paper make (if applicable)",null,{"$f":"VLOOKUP($D$7,'Source Data'!$A$2:$EK$28,27,FALSE)","v":"xxxxxxxxxxx"}]
[null,4.6,null,"Paper minimum impulse withstand","kV",{"$f":"VLOOKUP($D$7,'Source Data'!$A$2:$EK$28,28,FALSE)","v":21}]
[null,4.7,null,"Paper minimum power frequency withstand ","kV",{"$f":"VLOOKUP($D$7,'Source Data'!$A$2:$EK$28,29,FALSE)","v":8}]
[null,4.8,null,"Inter-turn winding insulation stress shall not exceed 5 kV/mm","kV/mm",{"$f":"VLOOKUP($D$7,'Source Data'!$A$2:$EK$28,30,FALSE)","v":"<5"}]
[null,5,"3.2.9","Interlayer insulation"]
[null,5.1,null,"Highest interlayer stress in non-tap part of winding (<5kV/mm is not acceptable as the calculated value must be presented)","kV/mm",{"$f":"VLOOKUP($D$7,'Source Data'!$A$2:$EK$28,32,FALSE)","v":"< 5"}]
[null,5.199999999999999,null,"Highest interlayer stress in tap part of winding (<5kV/mm is not acceptable as the calculated value must be presented)","kV/mm",{"$f":"VLOOKUP($D$7,'Source Data'!$A$2:$EK$28,33,FALSE)","v":"< 5 "}]
[null,5.3,null,"Paper type.",null,{"$f":"VLOOKUP($D$7,'Source Data'!$A$2:$EK$28,34,FALSE)","v":"xxxxxxxxxxx"}]
[null,5.3999999999999995,null,"Paper make.",null,{"$f":"VLOOKUP($D$7,'Source Data'!$A$2:$EK$28,35,FALSE)","v":"xxxxxxxxxxx"}]
[null,6,"3.2.10","Tapping connections"]
[null,6.1,null,"Type ",null,{"$f":"VLOOKUP($D$7,'Source Data'!$A$2:$EK$28,37,FALSE)","v":"Switch"}]
[null,6.2,null,"Tapping range","%",{"$f":"VLOOKUP($D$7,'Source Data'!$A$2:$EK$28,38,FALSE)","v":"0, ±2.5, ±5"}]
[null,7,"3.2.11","MV Bushings for Coastal Transformers"]
[null,7.1,null,"Make ",null,{"$f":"VLOOKUP($D$7,'Source Data'!$A$2:$EK$28,48,FALSE)","v":"xxxxxxxxxxx"}]
[null,7.2,null,"Product code",null,{"$f":"VLOOKUP($D$7,'Source Data'!$A$2:$EK$28,49,FALSE)","v":"xxxxxxxxxxx"}]
[null,7.3,null,"Material (e.g. Porcelain)",null,{"$f":"VLOOKUP($D$7,'Source Data'!$A$2:$EK$28,50,FALSE)","v":"xxxxxxxxxxx"}]
[null,7.4,null,"Specific creepage distance","mm/kV",{"$f":"VLOOKUP($D$7,'Source Data'!$A$2:$EK$28,51,FALSE)","v":"≥ 31"}]
[null,7.5,null,"Clamping",null,{"$f":"VLOOKUP($D$7,'Source Data'!$A$2:$EK$28,52,FALSE)","v":"Base"}]
[null,7.6,null,"Type",null,{"$f":"VLOOKUP($D$7,'Source Data'!$A$2:$EK$28,53,FALSE)","v":"Draw lead"}]
[null,7.7,null,"Stem diameter",null,{"$f":"VLOOKUP($D$7,'Source Data'!$A$2:$EK$28,54,FALSE)","v":"M12"}]
[null,8,"3.2.11","LV Bushings"]
[null,8.1,null,"Make ",null,{"$f":"VLOOKUP($D$7,'Source Data'!$A$2:$EK$28,56,FALSE)","v":"xxxxxxxxxxx"}]
[null,8.2,null,"Product code",null,{"$f":"VLOOKUP($D$7,'Source Data'!$A$2:$EK$28,57,FALSE)","v":"xxxxxxxxxxx"}]
[null,8.3,null,"Material (e.g. Porcelain)",null,{"$f":"VLOOKUP($D$7,'Source Data'!$A$2:$EK$28,58,FALSE)","v":"xxxxxxxxxxx"}]
[null,8.4,null,"Stem diameter",null,{"$f":"VLOOKUP($D$7,'Source Data'!$A$2:$EK$28,59,FALSE)","v":"M12"}]
[null,8.5,null,"Supplied with flag ",null,{"$f":"VLOOKUP($D$7,'Source Data'!$A$2:$EK$28,60,FALSE)","v":"Yes"}]
[null,8.6,null,"Flag supplied with 2 x M12 x 40 mm set screws, 4 x flatwashers, 2 x spring washers and 2 x nuts",null,{"$f":"VLOOKUP($D$7,'Source Data'!$A$2:$EK$28,61,FALSE)","v":"Yes"}]
[null,9,"3.2.14","Losses"]
[null,9.1,null,"Loss factor base (Cost of Dx or Gx) ",null,{"$f":"VLOOKUP($D$7,'Source Data'!$A$2:$EK$28,63,FALSE)","v":"Distribution"},"xxxxxxxxxxx"]
[null,9.2,null,"No-load Loss Factor, NLLF ","R/kW",{"$f":"VLOOKUP($D$7,'Source Data'!$A$2:$EK$28,64,FALSE)","v":80500},"xxxxxxxxxxx"]
[null,9.3,null,"Load Loss Factor, LLF","R/kW",{"$f":"VLOOKUP($D$7,'Source Data'!$A$2:$EK$28,65,FALSE)","v":17500},"xxxxxxxxxxx"]
[null,9.4,null,"Guaranteed no-load losses, PNL (Steel Core)","W",{"$f":"VLOOKUP($D$7,'Source Data'!$A$2:$EK$28,66,FALSE)","v":76}]
[null,9.5,null,"Guaranteed no-load losses, PNL (only if Amorphous Core is offered)","W",{"$f":"VLOOKUP($D$7,'Source Data'!$A$2:$EL$28,142,FALSE)","v":36}]
[null,9.6,null,"Guaranteed load losses, PLL","W",{"$f":"VLOOKUP($D$7,'Source Data'!$A$2:$EK$28,67,FALSE)","v":540}]
[null,10,"3.2.14","Impedance voltage & X/R ratio"]
[null,10.1,null,"Impedance at principle tapping (specific design impedances to be stated)","%",{"$f":"VLOOKUP($D$7,'Source Data'!$A$2:$EK$28,69,FALSE)","v":"3,0 to 4,5"}]
[null,10.2,null,"X/R ratio",null,{"$f":"VLOOKUP($D$7,'Source Data'!$A$2:$EK$28,70,FALSE)","v":"xxxxxxxxxx"}]
[null,11,null,"Audio-sound level (SANS 780)"]
[null,11.1,null,"Maximum limit of transformer audio-sound level","db(A)",{"$f":"VLOOKUP($D$7,'Source Data'!$A$2:$EK$28,72,FALSE)","v":"≤ 48 "}]
[null,12,null,"MV winding wire"]
[null,12.1,null,"Material (e.g. Cu or Al)",null,{"$f":"VLOOKUP($D$7,'Source Data'!$A$2:$EK$28,74,FALSE)","v":"xxxxxxxxxxx"}]
[null,12.2,null,"Type (e.g. Round, Strip or Foil)",null,{"$f":"VLOOKUP($D$7,'Source Data'!$A$2:$EK$28,75,FALSE)","v":"xxxxxxxxxxx"}]
[null,13,null,"LV winding wire"]
[null,13.1,null,"Material (e.g. Cu or Al)",null,{"$f":"VLOOKUP($D$7,'Source Data'!$A$2:$EK$28,77,FALSE)","v":"xxxxxxxxxxx"}]
[null,13.2,null,"Type (e.g. Round, Strip or Foil)",null,{"$f":"VLOOKUP($D$7,'Source Data'!$A$2:$EK$28,78,FALSE)","v":"xxxxxxxxxxx"}]
[null,14,null,"Core material"]
[null,14.1,null,"Core material ",null,{"$f":"VLOOKUP($D$7,'Source Data'!$A$2:$EK$28,80,FALSE)","v":"Steel or Amporphous"}]
[null,14.2,null,"Type/code ",null,{"$f":"VLOOKUP($D$7,'Source Data'!$A$2:$EK$28,81,FALSE)","v":"xxxxxxxxxxx"}]
[null,14.3,null,"Maximum Flux Density of Material",null,{"$f":"VLOOKUP($D$7,'Source Data'!$A$2:$EK$28,82,FALSE)","v":"xxxxxxxxxxx"}]
[null,14.4,null,"Supplier",null,{"$f":"VLOOKUP($D$7,'Source Data'!$A$2:$EK$28,83,FALSE)","v":"xxxxxxxxxxx"}]
[null,15,"3.3.2","Tank and tank cover"]
[null,15.1,null,"Tank type: Sealed",null,{"$f":"VLOOKUP($D$7,'Source Data'!$A$2:$EK$28,85,FALSE)","v":"Sealed"}]
[null,15.2,null,"Plain, rigid or corrugated",null,{"$f":"VLOOKUP($D$7,'Source Data'!$A$2:$EK$28,86,FALSE)","v":"xxxxxxxxxx"}]
[null,16,"3.3.3","Transformer dimensions"]
[null,16.1,"Figure 12","Wo (including surge arrester)","mm",{"$f":"VLOOKUP($D$7,'Source Data'!$A$2:$EK$28,88,FALSE)","v":"≤ 1 080 "}]
[null,16.2,"Figure 12","Lo","mm",{"$f":"VLOOKUP($D$7,'Source Data'!$A$2:$EK$28,89,FALSE)","v":"≤ 1 500 "}]
[null,16.3,"Figure 12","Ht","mm",{"$f":"VLOOKUP($D$7,'Source Data'!$A$2:$EK$28,90,FALSE)","v":"≤ 1 500 "}]
[null,16.4,"Figure 12","Mass","kg",{"$f":"VLOOKUP($D$7,'Source Data'!$A$2:$EK$28,91,FALSE)","v":"≤ 900 "}]
[null,16.5,null,"Oil capacity","l",{"$f":"VLOOKUP($D$7,'Source Data'!$A$2:$EK$28,92,FALSE)","v":"xxxxxxxxxxx"}]
[null,16.6,null,"Minimum clearance between live MV terminals and from MV live terminals to any part of the tank greater than twice the BIL ","mm",{"$f":"VLOOKUP($D$7,'Source Data'!$A$2:$EK$28,93,FALSE)","v":190}]
[null,16.7,"3.3.4","Minimum mechanical clearance of 100 mm between the brackets and LV bushings shall be maintained","mm",{"$f":"VLOOKUP($D$7,'Source Data'!$A$2:$EK$28,94,FALSE)","v":100}]
[null,17,"3.3.4","Pole mounting bracket"]
[null,17.1,null,"Single pole mounting bracket required? (Yes or No)",null,{"$f":"VLOOKUP($D$7,'Source Data'!$A$2:$EK$28,96,FALSE)","v":"Yes"}]
[null,"17.2.1",null,"Supplied with: - 2 x clamps",null,{"$f":"VLOOKUP($D$7,'Source Data'!$A$2:$EK$28,97,FALSE)","v":"Yes"}]
[null,"17.2.2",null,"                     - 1 x threaded rod (M20 x 350 mm)",null,{"$f":"VLOOKUP($D$7,'Source Data'!$A$2:$EK$28,98,FALSE)","v":"Yes"}]
[null,"17.2.3",null,"                     - 4 x threaded rods (M20 x 250 mm)",null,{"$f":"VLOOKUP($D$7,'Source Data'!$A$2:$EK$28,99,FALSE)","v":"Yes"}]
[null,"17.2.4",null,"                     - 12 x nuts, flat washers & spring washers (M20)",null,{"$f":"VLOOKUP($D$7,'Source Data'!$A$2:$EK$28,100,FALSE)","v":"Yes"}]
[null,17.2,"Figure 13","Dimension Mo","mm",{"$f":"VLOOKUP($D$7,'Source Data'!$A$2:$EK$28,101,FALSE)","v":400}]
[null,17.3,"Figure 13","Dimension h1","mm",{"$f":"VLOOKUP($D$7,'Source Data'!$A$2:$EK$28,102,FALSE)","v":"≤ 400 "}]
[null,17.4,"Figure 13","Dimension W1","mm",{"$f":"VLOOKUP($D$7,'Source Data'!$A$2:$EK$28,103,FALSE)","v":"≤ 450 "}]
[null,17.5,"Figure 13","Mounting hole diameter","mm",{"$f":"VLOOKUP($D$7,'Source Data'!$A$2:$EK$28,104,FALSE)","v":22}]
[null,17.6,"Figure 13","Mounting hole centres","mm",{"$f":"VLOOKUP($D$7,'Source Data'!$A$2:$EK$28,105,FALSE)","v":146}]
[null,18,"3.3.5","Transformer under base"]
[null,18.1,null,"Under base required? (Yes or No)",null,{"$f":"VLOOKUP($D$7,'Source Data'!$A$2:$EK$28,107,FALSE)","v":"No"},"xxxxxxxxxxx"]
[null,18.2,"Figure14","Lml","mm",{"$f":"VLOOKUP($D$7,'Source Data'!$A$2:$EK$28,108,FALSE)","v":400},"N/A"]
[null,18.3,"Figure14","Lmw (300, 400 or 450)","mm",{"$f":"VLOOKUP($D$7,'Source Data'!$A$2:$EK$28,109,FALSE)","v":"xxxxxxxxxxx"},"N/A"]
[null,18.4,"Figure14","Ls","mm",{"$f":"VLOOKUP($D$7,'Source Data'!$A$2:$EK$28,110,FALSE)","v":"≥ 320"},"N/A"]
[null,18.5,"Figure14","Lmh","mm",{"$f":"VLOOKUP($D$7,'Source Data'!$A$2:$EK$28,111,FALSE)","v":"≤ 120 "},"N/A"]
[null,18.6,"Figure14","Mounting hole diameter","mm",{"$f":"VLOOKUP($D$7,'Source Data'!$A$2:$EK$28,112,FALSE)","v":22},"N/A"]
[null,19,"3.3.6","Lifting lugs"]
[null,19.1,null,"Lifting lugs fitted",null,{"$f":"VLOOKUP($D$7,'Source Data'!$A$2:$EK$28,114,FALSE)","v":"Yes"}]
[null,19.2,null,"Hole diameter","mm",{"$f":"VLOOKUP($D$7,'Source Data'!$A$2:$EK$28,115,FALSE)","v":"≥ 30 "}]
[null,20,"3.3.7","Earthing terminals"]
[null,20.1,null,"Boss material ",null,{"$f":"VLOOKUP($D$7,'Source Data'!$A$2:$EK$28,117,FALSE)","v":"316 Stainless Steel or Mild Steel"}]
[null,20.2,null,"Boss depth","mm",{"$f":"VLOOKUP($D$7,'Source Data'!$A$2:$EK$28,118,FALSE)","v":"≥ 30"}]
[null,20.3,null,"Set screw material",null,{"$f":"VLOOKUP($D$7,'Source Data'!$A$2:$EK$28,119,FALSE)","v":"316 Stainless Steel or Mild Steel"}]
[null,20.4,null,"Set screw dimensions","mm",{"$f":"VLOOKUP($D$7,'Source Data'!$A$2:$EK$28,120,FALSE)","v":"M12 x 25 "}]
[null,20.5,null,"Supplied with washer and spring washer",null,{"$f":"VLOOKUP($D$7,'Source Data'!$A$2:$EK$28,121,FALSE)","v":"Yes"}]
[null,21,"3.3.8","Surge arrester brackets"]
[null,21.1,null,"Surge arrester brackets fitted",null,{"$f":"VLOOKUP($D$7,'Source Data'!$A$2:$EK$28,123,FALSE)","v":"Yes"}]
[null,21.2,"Figure 16","Mounting hole diameter","mm",{"$f":"VLOOKUP($D$7,'Source Data'!$A$2:$EK$28,124,FALSE)","v":14}]
[null,21.3,"Figure 16","Dimension D (worst case)","mm",{"$f":"VLOOKUP($D$7,'Source Data'!$A$2:$EK$28,125,FALSE)","v":"≥ 200"}]
[null,21.4,"Figure 16","Dimension E (worst case)","mm",{"$f":"VLOOKUP($D$7,'Source Data'!$A$2:$EK$28,126,FALSE)","v":"≥ 190"}]
[null,21.5,"Figure 16","Dimension F (worst case)","mm",{"$f":"VLOOKUP($D$7,'Source Data'!$A$2:$EK$28,127,FALSE)","v":"≥ 150"}]
[null,22,3.4,"Corrosion protection for Coastal transformers"]
[null,22.1,null,"Indicate the coating system (i.e. DS numbers according to DSP 240-75655504) that is offered. (e.g. DS-14 + DS-15 for zinc sprayed mild steel with duplex coating)"]
[null,22.2,null,"Tank ",null,{"$f":"VLOOKUP($D$7,'Source Data'!$A$2:$EK$28,136,FALSE)","v":"xxxxxxxxxxx"}]
[null,22.3,null,"Radiators",null,{"$f":"VLOOKUP($D$7,'Source Data'!$A$2:$EK$28,137,FALSE)","v":"xxxxxxxxxxx"}]
[null,22.4,null,"Threaded rods and accessories",null,{"$f":"VLOOKUP($D$7,'Source Data'!$A$2:$EK$28,138,FALSE)","v":"xxxxxxxxxxx"}]
[null,22.5,null,"Colour of final coat",null,{"$f":"VLOOKUP($D$7,'Source Data'!$A$2:$EK$28,139,FALSE)","v":"Azure Blue"}]
[null,23,4.2,"All Type Tests in Accordance with SANS 780:\n\n• Temperature rise test \n• Dielectric type test\n• Tank stiffness test \n• Corrugated tank fatigue test\n• Equivalent disturbing current test (This test is only applicable to SWER transformers)\n• Short Circuit Withstand Test\n• Natural ageing and pollution performance test",null,{"$f":"VLOOKUP($D$7,'Source Data'!$A$2:$EK$28,140,FALSE)","v":"Report Numbers"}]
[null,24,4.3,"All Routine Tests in Accordance with SANS 780:\n\n• Measurement of winding resistance\n• Measurement of voltage ratio and phase displacement\n• Measurement of short-circuit impedance and load loss\n• Measurement of no-load loss and current\n• Separate source voltage test\n• Induced overvoltage test\n• Measurement of paint thickness\n• Test for effectiveness of sealing\n• Measurement of secondary voltage across outer two terminals to be 484 V. (Only applicable to dual-phase transformers.) \n• Measurement of insulation resistance test\n• Reactance (%)\n• Dielectric routine tests\n• Vector group test ",null,{"$f":"VLOOKUP($D$7,'Source Data'!$A$2:$EK$28,141,FALSE)","v":"Report Numbers"}]

{"sheet":"175098","index":11,"n_rows":137,"n_cols":7,"rows_kept":137,"merged":[[2,5,2,6],[3,5,3,6],[7,5,9,6],[9,1,9,3]]}
[]
[]
[{"$nulls":5},"Specification: DSP 240-45395762 Rev.4"]
[{"$nulls":5},{"$f":"'List of Items & Enquiry number'!B14","v":"Enquiry Number: 123456XYZ"}]
[]
[{"$nulls":3},"TECHNICAL SCHEDULES A & B FOR \nPOLE-MOUNTED  DISTRIBUTION TRANSFORMERS"]
[{"$nulls":3},"Dual-phase, 32 kVA, 22 kV/+242V/-242V (Coastal, Ester Oil Only)"]
[{"$nulls":5},"Deviations from the specific requirements stated in Schedule A must be recorded and explained in the Deviation Schedule"]
[null,"Schedule A:  Purchaser's specific requirements"]
[null,"Schedule B:  Guarantees and technical particulars of equipment offered"]
[null,"Item","Sub-clause of 240- 45395762","Description",null,"Schedule A","Schedule B"]
[null,1,null,"Identification"]
[null,1.1,null,"Name of manufacturer",null,{"$f":"VLOOKUP($D$7,'Source Data'!$A$2:$EK$28,3,FALSE)","v":"xxxxxxxxxxx"}]
[null,1.2000000000000002,null,"Name of supplier",null,{"$f":"VLOOKUP($D$7,'Source Data'!$A$2:$EK$28,4,FALSE)","v":"xxxxxxxxxxx"}]
[null,1.3,null,"Product code for Coastal transformers",null,{"$f":"VLOOKUP($D$7,'Source Data'!$A$2:$EK$28,6,FALSE)","v":"xxxxxxxxxxx"}]
[null,1.4,null,"Are the transformers covered by the SANS 780 certification mark?",null,{"$f":"VLOOKUP($D$7,'Source Data'!$A$2:$EK$28,7,FALSE)","v":"xxxxxxxxxxx"}]
[null,1.5,null,"State SANS 780 permit number",null,{"$f":"VLOOKUP($D$7,'Source Data'!$A$2:$EK$28,8,FALSE)","v":"xxxxxxxxxxx"}]
[null,1.6,null,"Oil Type",null,{"$f":"VLOOKUP($D$7,'Source Data'!$A$2:$EK$28,9,FALSE)","v":"Ester Oil"}]
[null,2,3,"Ratings"]
[null,2.1,null,"Power rating","kVA",{"$f":"VLOOKUP($D$7,'Source Data'!$A$2:$EK$28,11,FALSE)","v":32}]
[null,2.2,null,"Rated primary voltage","kV",{"$f":"VLOOKUP($D$7,'Source Data'!$A$2:$EK$28,12,FALSE)","v":22}]
[null,2.3000000000000003,null,"Rated no-load secondary voltage","V",{"$f":"VLOOKUP($D$7,'Source Data'!$A$2:$EK$28,13,FALSE)","v":"±242"}]
[null,2.4000000000000004,null,"Frequency","Hz",{"$f":"VLOOKUP($D$7,'Source Data'!$A$2:$EK$28,14,FALSE)","v":50}]
[null,2.5,null,"Number of phases",null,{"$f":"VLOOKUP($D$7,'Source Data'!$A$2:$EK$28,15,FALSE)","v":"2ph"}]
[null,2.6,null,"Vector Group",null,{"$f":"VLOOKUP($D$7,'Source Data'!$A$2:$EK$28,16,FALSE)","v":"N/A"},"xxxxxxxxxxx"]
[null,3,"3.2.5","Insulation levels"]
[null,3.1,null,"BIL - Primary","kV",{"$f":"VLOOKUP($D$7,'Source Data'!$A$2:$EK$28,18,FALSE)","v":150}]
[null,3.2,null,"BIL - Secondary","kV",{"$f":"VLOOKUP($D$7,'Source Data'!$A$2:$EK$28,19,FALSE)","v":30}]
[null,3.3000000000000003,null,"Power frequency withstand voltage - Primary","kV",{"$f":"VLOOKUP($D$7,'Source Data'!$A$2:$EK$28,20,FALSE)","v":50}]
[null,3.4000000000000004,null,"Power frequency withstand voltage – Secondary","kV",{"$f":"VLOOKUP($D$7,'Source Data'!$A$2:$EK$28,21,FALSE)","v":8}]
[null,4,"3.2.8","Inter-turn winding insulation"]
[null,4.1,null,"Type (Enamel or Paper)",null,{"$f":"VLOOKUP($D$7,'Source Data'!$A$2:$EK$28,23,FALSE)","v":"xxxxxxxxxxx"}]
[null,4.199999999999999,null,"Enamel grade (if applicable)",null,{"$f":"VLOOKUP($D$7,'Source Data'!$A$2:$EK$28,24,FALSE)","v":"Grade 3"}]
[null,4.3,null,"Paper thickness (if applicable)","mm",{"$f":"VLOOKUP($D$7,'Source Data'!$A$2:$EK$28,25,FALSE)","v":"> 0.125"}]
[null,4.3999999999999995,null,"Paper type (if applicable)",null,{"$f":"VLOOKUP($D$7,'Source Data'!$A$2:$EK$28,26,FALSE)","v":"xxxxxxxxxxx"}]
[null,4.5,null,"Paper make (if applicable)",null,{"$f":"VLOOKUP($D$7,'Source Data'!$A$2:$EK$28,27,FALSE)","v":"xxxxxxxxxxx"}]
[null,4.6,null,"Paper minimum impulse withstand","kV",{"$f":"VLOOKUP($D$7,'Source Data'!$A$2:$EK$28,28,FALSE)","v":21}]
[null,4.7,null,"Paper minimum power frequency withstand ","kV",{"$f":"VLOOKUP($D$7,'Source Data'!$A$2:$EK$28,29,FALSE)","v":8}]
[null,4.8,null,"Inter-turn winding insulation stress shall not exceed 5 kV/mm","kV/mm",{"$f":"VLOOKUP($D$7,'Source Data'!$A$2:$EK$28,30,FALSE)","v":"<5"}]
[null,5,"3.2.9","Interlayer insulation"]
[null,5.1,null,"Highest interlayer stress in non-tap part of winding (<5kV/mm is not acceptable as the calculated value must be presented)","kV/mm",{"$f":"VLOOKUP($D$7,'Source Data'!$A$2:$EK$28,32,FALSE)","v":"< 5"}]
[null,5.199999999999999,null,"Highest interlayer stress in tap part of winding (<5kV/mm is not acceptable as the calculated value must be presented)","kV/mm",{"$f":"VLOOKUP($D$7,'Source Data'!$A$2:$EK$28,33,FALSE)","v":"< 5 "}]
[null,5.3,null,"Paper type.",null,{"$f":"VLOOKUP($D$7,'Source Data'!$A$2:$EK$28,34,FALSE)","v":"xxxxxxxxxxx"}]
[null,5.3999999999999995,null,"Paper make.",null,{"$f":"VLOOKUP($D$7,'Source Data'!$A$2:$EK$28,35,FALSE)","v":"xxxxxxxxxxx"}]
[null,6,"3.2.10","Tapping connections"]
[null,6.1,null,"Type ",null,{"$f":"VLOOKUP($D$7,'Source Data'!$A$2:$EK$28,37,FALSE)","v":"Switch"}]
[null,6.2,null,"Tapping range","%",{"$f":"VLOOKUP($D$7,'Source Data'!$A$2:$EK$28,38,FALSE)","v":"0, ±2.5, ±5"}]
[null,7,"3.2.11","MV Bushings for Coastal Transformers"]
[null,7.1,null,"Make ",null,{"$f":"VLOOKUP($D$7,'Source Data'!$A$2:$EK$28,48,FALSE)","v":"xxxxxxxxxxx"}]
[null,7.2,null,"Product code",null,{"$f":"VLOOKUP($D$7,'Source Data'!$A$2:$EK$28,49,FALSE)","v":"xxxxxxxxxxx"}]
[null,7.3,null,"Material (e.g. Porcelain)",null,{"$f":"VLOOKUP($D$7,'Source Data'!$A$2:$EK$28,50,FALSE)","v":"xxxxxxxxxxx"}]
[null,7.4,null,"Specific creepage distance","mm/kV",{"$f":"VLOOKUP($D$7,'Source Data'!$A$2:$EK$28,51,FALSE)","v":"≥ 31"}]
[null,7.5,null,"Clamping",null,{"$f":"VLOOKUP($D$7,'Source Data'!$A$2:$EK$28,52,FALSE)","v":"Base"}]
[null,7.6,null,"Type",null,{"$f":"VLOOKUP($D$7,'Source Data'!$A$2:$EK$28,53,FALSE)","v":"Draw lead"}]
[null,7.7,null,"Stem diameter",null,{"$f":"VLOOKUP($D$7,'Source Data'!$A$2:$EK$28,54,FALSE)","v":"M12"}]
[null,8,"3.2.11","LV Bushings"]
[null,8.1,null,"Make ",null,{"$f":"VLOOKUP($D$7,'Source Data'!$A$2:$EK$28,56,FALSE)","v":"xxxxxxxxxxx"}]
[null,8.2,null,"Product code",null,{"$f":"VLOOKUP($D$7,'Source Data'!$A$2:$EK$28,57,FALSE)","v":"xxxxxxxxxxx"}]
[null,8.3,null,"Material (e.g. Porcelain)",null,{"$f":"VLOOKUP($D$7,'Source Data'!$A$2:$EK$28,58,FALSE)","v":"xxxxxxxxxxx"}]
[null,8.4,null,"Stem diameter",null,{"$f":"VLOOKUP($D$7,'Source Data'!$A$2:$EK$28,59,FALSE)","v":"M12"}]
[null,8.5,null,"Supplied with flag ",null,{"$f":"VLOOKUP($D$7,'Source Data'!$A$2:$EK$28,60,FALSE)","v":"Yes"}]
[null,8.6,null,"Flag supplied with 2 x M12 x 40 mm set screws, 4 x flatwashers, 2 x spring washers and 2 x nuts",null,{"$f":"VLOOKUP($D$7,'Source Data'!$A$2:$EK$28,61,FALSE)","v":"Yes"}]
[null,9,"3.2.14","Losses"]
[null,9.1,null,"Loss factor base (Cost of Dx or Gx) ",null,{"$f":"VLOOKUP($D$7,'Source Data'!$A$2:$EK$28,63,FALSE)","v":"Distribution"},"xxxxxxxxxxx"]
[null,9.2,null,"No-load Loss Factor, NLLF ","R/kW",{"$f":"VLOOKUP($D$7,'Source Data'!$A$2:$EK$28,64,FALSE)","v":80500},"xxxxxxxxxxx"]
[null,9.3,null,"Load Loss Factor, LLF","R/kW",{"$f":"VLOOKUP($D$7,'Source Data'!$A$2:$EK$28,65,FALSE)","v":17500},"xxxxxxxxxxx"]
[null,9.4,null,"Guaranteed no-load losses, PNL (Steel Core)","W",{"$f":"VLOOKUP($D$7,'Source Data'!$A$2:$EK$28,66,FALSE)","v":76}]
[null,9.5,null,"Guaranteed no-load losses, PNL (only if Amorphous Core is offered)","W",{"$f":"VLOOKUP($D$7,'Source Data'!$A$2:$EL$28,142,FALSE)","v":36}]
[null,9.6,null,"Guaranteed load losses, PLL","W",{"$f":"VLOOKUP($D$7,'Source Data'!$A$2:$EK$28,67,FALSE)","v":540}]
[null,10,"3.2.14","Impedance voltage & X/R ratio"]
[null,10.1,null,"Impedance at principle tapping (specific design impedances to be stated)","%",{"$f":"VLOOKUP($D$7,'Source Data'!$A$2:$EK$28,69,FALSE)","v":"3,0 to 4,5"}]
[null,10.2,null,"X/R ratio",null,{"$f":"VLOOKUP($D$7,'Source Data'!$A$2:$EK$28,70,FALSE)","v":"xxxxxxxxxx"}]
[null,11,null,"Audio-sound level (SANS 780)"]
[null,11.1,null,"Maximum limit of transformer audio-sound level","db(A)",{"$f":"VLOOKUP($D$7,'Source Data'!$A$2:$EK$28,72,FALSE)","v":"≤ 48 "}]
[null,12,null,"MV winding wire"]
[null,12.1,null,"Material (e.g. Cu or Al)",null,{"$f":"VLOOKUP($D$7,'Source Data'!$A$2:$EK$28,74,FALSE)","v":"xxxxxxxxxxx"}]
[null,12.2,null,"Type (e.g. Round, Strip or Foil)",null,{"$f":"VLOOKUP($D$7,'Source Data'!$A$2:$EK$28,75,FALSE)","v":"xxxxxxxxxxx"}]
[null,13,null,"LV winding wire"]
[null,13.1,null,"Material (e.g. Cu or Al)",null,{"$f":"VLOOKUP($D$7,'Source Data'!$A$2:$EK$28,77,FALSE)","v":"xxxxxxxxxxx"}]
[null,13.2,null,"Type (e.g. Round, Strip or Foil)",null,{"$f":"VLOOKUP($D$7,'Source Data'!$A$2:$EK$28,78,FALSE)","v":"xxxxxxxxxxx"}]
[null,14,null,"Core material"]
[null,14.1,null,"Core material ",null,{"$f":"VLOOKUP($D$7,'Source Data'!$A$2:$EK$28,80,FALSE)","v":"Steel or Amporphous"}]
[null,14.2,null,"Type/code ",null,{"$f":"VLOOKUP($D$7,'Source Data'!$A$2:$EK$28,81,FALSE)","v":"xxxxxxxxxxx"}]
[null,14.3,null,"Maximum Flux Density of Material",null,{"$f":"VLOOKUP($D$7,'Source Data'!$A$2:$EK$28,82,FALSE)","v":"xxxxxxxxxxx"}]
[null,14.4,null,"Supplier",null,{"$f":"VLOOKUP($D$7,'Source Data'!$A$2:$EK$28,83,FALSE)","v":"xxxxxxxxxxx"}]
[null,15,"3.3.2","Tank and tank cover"]
[null,15.1,null,"Tank type: Sealed",null,{"$f":"VLOOKUP($D$7,'Source Data'!$A$2:$EK$28,85,FALSE)","v":"Sealed"}]
[null,15.2,null,"Plain, rigid or corrugated",null,{"$f":"VLOOKUP($D$7,'Source Data'!$A$2:$EK$28,86,FALSE)","v":"xxxxxxxxxx"}]
[null,16,"3.3.3","Transformer dimensions"]
[null,16.1,"Figure 12","Wo (including surge arrester)","mm",{"$f":"VLOOKUP($D$7,'Source Data'!$A$2:$EK$28,88,FALSE)","v":"≤ 1 080 "}]
[null,16.2,"Figure 12","Lo","mm",{"$f":"VLOOKUP($D$7,'Source Data'!$A$2:$EK$28,89,FALSE)","v":"≤ 1 500 "}]
[null,16.3,"Figure 12","Ht","mm",{"$f":"VLOOKUP($D$7,'Source Data'!$A$2:$EK$28,90,FALSE)","v":"≤ 1 500 "}]
[null,16.4,"Figure 12","Mass","kg",{"$f":"VLOOKUP($D$7,'Source Data'!$A$2:$EK$28,91,FALSE)","v":"≤ 900 "}]
[null,16.5,null,"Oil capacity","l",{"$f":"VLOOKUP($D$7,'Source Data'!$A$2:$EK$28,92,FALSE)","v":"xxxxxxxxxxx"}]
[null,16.6,null,"Minimum clearance between live MV terminals and from MV live terminals to any part of the tank greater than twice the BIL ","mm",{"$f":"VLOOKUP($D$7,'Source Data'!$A$2:$EK$28,93,FALSE)","v":300}]
[null,16.7,"3.3.4","Minimum mechanical clearance of 100 mm between the brackets and LV bushings shall be maintained","mm",{"$f":"VLOOKUP($D$7,'Source Data'!$A$2:$EK$28,94,FALSE)","v":100}]
[null,17,"3.3.4","Pole mounting bracket"]
[null,17.1,null,"Single pole mounting bracket required? (Yes or No)",null,{"$f":"VLOOKUP($D$7,'Source Data'!$A$2:$EK$28,96,FALSE)","v":"Yes"}]
[null,"17.2.1",null,"Supplied with: - 2 x clamps",null,{"$f":"VLOOKUP($D$7,'Source Data'!$A$2:$EK$28,97,FALSE)","v":"Yes"}]
[null,"17.2.2",null,"                     - 1 x threaded rod (M20 x 350 mm)",null,{"$f":"VLOOKUP($D$7,'Source Data'!$A$2:$EK$28,98,FALSE)","v":"Yes"}]
[null,"17.2.3",null,"                     - 4 x threaded rods (M20 x 250 mm)",null,{"$f":"VLOOKUP($D$7,'Source Data'!$A$2:$EK$28,99,FALSE)","v":"Yes"}]
[null,"17.2.4",null,"                     - 12 x nuts, flat washers & spring washers (M20)",null,{"$f":"VLOOKUP($D$7,'Source Data'!$A$2:$EK$28,100,FALSE)","v":"Yes"}]
[null,17.2,"Figure 13","Dimension Mo","mm",{"$f":"VLOOKUP($D$7,'Source Data'!$A$2:$EK$28,101,FALSE)","v":400}]
[null,17.3,"Figure 13","Dimension h1","mm",{"$f":"VLOOKUP($D$7,'Source Data'!$A$2:$EK$28,102,FALSE)","v":"≤ 400 "}]
[null,17.4,"Figure 13","Dimension W1","mm",{"$f":"VLOOKUP($D$7,'Source Data'!$A$2:$EK$28,103,FALSE)","v":"≤ 450 "}]
[null,17.5,"Figure 13","Mounting hole diameter","mm",{"$f":"VLOOKUP($D$7,'Source Data'!$A$2:$EK$28,104,FALSE)","v":22}]
[null,17.6,"Figure 13","Mounting hole centres","mm",{"$f":"VLOOKUP($D$7,'Source Data'!$A$2:$EK$28,105,FALSE)","v":146}]
[null,18,"3.3.5","Transformer under base"]
[null,18.1,null,"Under base required? (Yes or No)",null,{"$f":"VLOOKUP($D$7,'Source Data'!$A$2:$EK$28,107,FALSE)","v":"No"},"xxxxxxxxxxx"]
[null,18.2,"Figure14","Lml","mm",{"$f":"VLOOKUP($D$7,'Source Data'!$A$2:$EK$28,108,FALSE)","v":400},"N/A"]
[null,18.3,"Figure14","Lmw (300, 400 or 450)","mm",{"$f":"VLOOKUP($D$7,'Source Data'!$A$2:$EK$28,109,FALSE)","v":"xxxxxxxxxxx"},"N/A"]
[null,18.4,"Figure14","Ls","mm",{"$f":"VLOOKUP($D$7,'Source Data'!$A$2:$EK$28,110,FALSE)","v":"≥ 320"},"N/A"]
[null,18.5,"Figure14","Lmh","mm",{"$f":"VLOOKUP($D$7,'Source Data'!$A$2:$EK$28,111,FALSE)","v":"≤ 120 "},"N/A"]
[null,18.6,"Figure14","Mounting hole diameter","mm",{"$f":"VLOOKUP($D$7,'Source Data'!$A$2:$EK$28,112,FALSE)","v":22},"N/A"]
[null,19,"3.3.6","Lifting lugs"]
[null,19.1,null,"Lifting lugs fitted",null,{"$f":"VLOOKUP($D$7,'Source Data'!$A$2:$EK$28,114,FALSE)","v":"Yes"}]
[null,19.2,null,"Hole diameter","mm",{"$f":"VLOOKUP($D$7,'Source Data'!$A$2:$EK$28,115,FALSE)","v":"≥ 30 "}]
[null,20,"3.3.7","Earthing terminals"]
[null,20.1,null,"Boss material ",null,{"$f":"VLOOKUP($D$7,'Source Data'!$A$2:$EK$28,117,FALSE)","v":"316 Stainless Steel or Mild Steel"}]
[null,20.2,null,"Boss depth","mm",{"$f":"VLOOKUP($D$7,'Source Data'!$A$2:$EK$28,118,FALSE)","v":"≥ 30"}]
[null,20.3,null,"Set screw material",null,{"$f":"VLOOKUP($D$7,'Source Data'!$A$2:$EK$28,119,FALSE)","v":"316 Stainless Steel or Mild Steel"}]
[null,20.4,null,"Set screw dimensions","mm",{"$f":"VLOOKUP($D$7,'Source Data'!$A$2:$EK$28,120,FALSE)","v":"M12 x 25 "}]
[null,20.5,null,"Supplied with washer and spring washer",null,{"$f":"VLOOKUP($D$7,'Source Data'!$A$2:$EK$28,121,FALSE)","v":"Yes"}]
[null,21,"3.3.8","Surge arrester brackets"]
[null,21.1,null,"Surge arrester brackets fitted",null,{"$f":"VLOOKUP($D$7,'Source Data'!$A$2:$EK$28,123,FALSE)","v":"Yes"}]
[null,21.2,"Figure 16","Mounting hole diameter","mm",{"$f":"VLOOKUP($D$7,'Source Data'!$A$2:$EK$28,124,FALSE)","v":14}]
[null,21.3,"Figure 16","Dimension D (worst case)","mm",{"$f":"VLOOKUP($D$7,'Source Data'!$A$2:$EK$28,125,FALSE)","v":"≥ 200"}]
[null,21.4,"Figure 16","Dimension E (worst case)","mm",{"$f":"VLOOKUP($D$7,'Source Data'!$A$2:$EK$28,126,FALSE)","v":"≥ 300"}]
[null,21.5,"Figure 16","Dimension F (worst case)","mm",{"$f":"VLOOKUP($D$7,'Source Data'!$A$2:$EK$28,127,FALSE)","v":"≥ 150"}]
[null,22,3.4,"Corrosion protection for Coastal transformers"]
[null,22.1,null,"Indicate the coating system (i.e. DS numbers according to DSP 240-75655504) that is offered. (e.g. DS-14 + DS-15 for zinc sprayed mild steel with duplex coating)"]
[null,22.2,null,"Tank ",null,{"$f":"VLOOKUP($D$7,'Source Data'!$A$2:$EK$28,136,FALSE)","v":"xxxxxxxxxxx"}]
[null,22.3,null,"Radiators",null,{"$f":"VLOOKUP($D$7,'Source Data'!$A$2:$EK$28,137,FALSE)","v":"xxxxxxxxxxx"}]
[null,22.4,null,"Threaded rods and accessories",null,{"$f":"VLOOKUP($D$7,'Source Data'!$A$2:$EK$28,138,FALSE)","v":"xxxxxxxxxxx"}]
[null,22.5,null,"Colour of final coat",null,{"$f":"VLOOKUP($D$7,'Source Data'!$A$2:$EK$28,139,FALSE)","v":"Azure Blue"}]
[null,23,4.2,"All Type Tests in Accordance with SANS 780:\n\n• Temperature rise test \n• Dielectric type test\n• Tank stiffness test \n• Corrugated tank fatigue test\n• Equivalent disturbing current test (This test is only applicable to SWER transformers)\n• Short Circuit Withstand Test\n• Natural ageing and pollution performance test",null,{"$f":"VLOOKUP($D$7,'Source Data'!$A$2:$EK$28,140,FALSE)","v":"Report Numbers"}]
[null,24,4.3,"All Routine Tests in Accordance with SANS 780:\n\n• Measurement of winding resistance\n• Measurement of voltage ratio and phase displacement\n• Measurement of short-circuit impedance and load loss\n• Measurement of no-load loss and current\n• Separate source voltage test\n• Induced overvoltage test\n• Measurement of paint thickness\n• Test for effectiveness of sealing\n• Measurement of secondary voltage across outer two terminals to be 484 V. (Only applicable to dual-phase transformers.) \n• Measurement of insulation resistance test\n• Reactance (%)\n• Dielectric routine tests\n• Vector group test ",null,{"$f":"VLOOKUP($D$7,'Source Data'!$A$2:$EK$28,141,FALSE)","v":"Report Numbers"}]

{"sheet":"182719","index":12,"n_rows":137,"n_cols":7,"rows_kept":137,"merged":[[2,5,2,6],[3,5,3,6],[7,5,9,6],[9,1,9,3]]}
[]
[]
[{"$nulls":5},"Specification: DSP 240-45395762 Rev.4"]
[{"$nulls":5},{"$f":"'List of Items & Enquiry number'!B14","v":"Enquiry Number: 123456XYZ"}]
[]
[{"$nulls":3},"TECHNICAL SCHEDULES A & B FOR \nPOLE-MOUNTED  DISTRIBUTION TRANSFORMERS"]
[{"$nulls":3},"Dual-phase, 32 kVA, 33 kV/+242V/-242V (Coastal, Ester Oil Only)"]
[{"$nulls":5},"Deviations from the specific requirements stated in Schedule A must be recorded and explained in the Deviation Schedule"]
[null,"Schedule A:  Purchaser's specific requirements"]
[null,"Schedule B:  Guarantees and technical particulars of equipment offered"]
[null,"Item","Sub-clause of 240- 45395762","Description",null,"Schedule A","Schedule B"]
[null,1,null,"Identification"]
[null,1.1,null,"Name of manufacturer",null,{"$f":"VLOOKUP($D$7,'Source Data'!$A$2:$EK$28,3,FALSE)","v":"xxxxxxxxxxx"}]
[null,1.2000000000000002,null,"Name of supplier",null,{"$f":"VLOOKUP($D$7,'Source Data'!$A$2:$EK$28,4,FALSE)","v":"xxxxxxxxxxx"}]
[null,1.3,null,"Product code for Coastal transformers",null,{"$f":"VLOOKUP($D$7,'Source Data'!$A$2:$EK$28,6,FALSE)","v":"xxxxxxxxxxx"}]
[null,1.4,null,"Are the transformers covered by the SANS 780 certification mark?",null,{"$f":"VLOOKUP($D$7,'Source Data'!$A$2:$EK$28,7,FALSE)","v":"xxxxxxxxxxx"}]
[null,1.5,null,"State SANS 780 permit number",null,{"$f":"VLOOKUP($D$7,'Source Data'!$A$2:$EK$28,8,FALSE)","v":"xxxxxxxxxxx"}]
[null,1.6,null,"Oil Type",null,{"$f":"VLOOKUP($D$7,'Source Data'!$A$2:$EK$28,9,FALSE)","v":"Ester Oil"}]
[null,2,3,"Ratings"]
[null,2.1,null,"Power rating","kVA",{"$f":"VLOOKUP($D$7,'Source Data'!$A$2:$EK$28,11,FALSE)","v":32}]
[null,2.2,null,"Rated primary voltage","kV",{"$f":"VLOOKUP($D$7,'Source Data'!$A$2:$EK$28,12,FALSE)","v":33}]
[null,2.3000000000000003,null,"Rated no-load secondary voltage","V",{"$f":"VLOOKUP($D$7,'Source Data'!$A$2:$EK$28,13,FALSE)","v":"±242"}]
[null,2.4000000000000004,null,"Frequency","Hz",{"$f":"VLOOKUP($D$7,'Source Data'!$A$2:$EK$28,14,FALSE)","v":50}]
[null,2.5,null,"Number of phases",null,{"$f":"VLOOKUP($D$7,'Source Data'!$A$2:$EK$28,15,FALSE)","v":"2ph"}]
[null,2.6,null,"Vector Group",null,{"$f":"VLOOKUP($D$7,'Source Data'!$A$2:$EK$28,16,FALSE)","v":"N/A"},"xxxxxxxxxxx"]
[null,3,"3.2.5","Insulation levels"]
[null,3.1,null,"BIL - Primary","kV",{"$f":"VLOOKUP($D$7,'Source Data'!$A$2:$EK$28,18,FALSE)","v":200}]
[null,3.2,null,"BIL - Secondary","kV",{"$f":"VLOOKUP($D$7,'Source Data'!$A$2:$EK$28,19,FALSE)","v":30}]
[null,3.3000000000000003,null,"Power frequency withstand voltage - Primary","kV",{"$f":"VLOOKUP($D$7,'Source Data'!$A$2:$EK$28,20,FALSE)","v":70}]
[null,3.4000000000000004,null,"Power frequency withstand voltage – Secondary","kV",{"$f":"VLOOKUP($D$7,'Source Data'!$A$2:$EK$28,21,FALSE)","v":8}]
[null,4,"3.2.8","Inter-turn winding insulation"]
[null,4.1,null,"Type (Enamel or Paper)",null,{"$f":"VLOOKUP($D$7,'Source Data'!$A$2:$EK$28,23,FALSE)","v":"xxxxxxxxxxx"}]
[null,4.199999999999999,null,"Enamel grade (if applicable)",null,{"$f":"VLOOKUP($D$7,'Source Data'!$A$2:$EK$28,24,FALSE)","v":"Grade 3"}]
[null,4.3,null,"Paper thickness (if applicable)","mm",{"$f":"VLOOKUP($D$7,'Source Data'!$A$2:$EK$28,25,FALSE)","v":"> 0.125"}]
[null,4.3999999999999995,null,"Paper type (if applicable)",null,{"$f":"VLOOKUP($D$7,'Source Data'!$A$2:$EK$28,26,FALSE)","v":"xxxxxxxxxxx"}]
[null,4.5,null,"Paper make (if applicable)",null,{"$f":"VLOOKUP($D$7,'Source Data'!$A$2:$EK$28,27,FALSE)","v":"xxxxxxxxxxx"}]
[null,4.6,null,"Paper minimum impulse withstand","kV",{"$f":"VLOOKUP($D$7,'Source Data'!$A$2:$EK$28,28,FALSE)","v":21}]
[null,4.7,null,"Paper minimum power frequency withstand ","kV",{"$f":"VLOOKUP($D$7,'Source Data'!$A$2:$EK$28,29,FALSE)","v":8}]
[null,4.8,null,"Inter-turn winding insulation stress shall not exceed 5 kV/mm","kV/mm",{"$f":"VLOOKUP($D$7,'Source Data'!$A$2:$EK$28,30,FALSE)","v":"<5"}]
[null,5,"3.2.9","Interlayer insulation"]
[null,5.1,null,"Highest interlayer stress in non-tap part of winding (<5kV/mm is not acceptable as the calculated value must be presented)","kV/mm",{"$f":"VLOOKUP($D$7,'Source Data'!$A$2:$EK$28,32,FALSE)","v":"< 5"}]
[null,5.199999999999999,null,"Highest interlayer stress in tap part of winding (<5kV/mm is not acceptable as the calculated value must be presented)","kV/mm",{"$f":"VLOOKUP($D$7,'Source Data'!$A$2:$EK$28,33,FALSE)","v":"< 5 "}]
[null,5.3,null,"Paper type.",null,{"$f":"VLOOKUP($D$7,'Source Data'!$A$2:$EK$28,34,FALSE)","v":"xxxxxxxxxxx"}]
[null,5.3999999999999995,null,"Paper make.",null,{"$f":"VLOOKUP($D$7,'Source Data'!$A$2:$EK$28,35,FALSE)","v":"xxxxxxxxxxx"}]
[null,6,"3.2.10","Tapping connections"]
[null,6.1,null,"Type ",null,{"$f":"VLOOKUP($D$7,'Source Data'!$A$2:$EK$28,37,FALSE)","v":"Switch"}]
[null,6.2,null,"Tapping range","%",{"$f":"VLOOKUP($D$7,'Source Data'!$A$2:$EK$28,38,FALSE)","v":"0, ±2.5, ±5"}]
[null,7,"3.2.11","MV Bushings for Coastal Transformers"]
[null,7.1,null,"Make ",null,{"$f":"VLOOKUP($D$7,'Source Data'!$A$2:$EK$28,48,FALSE)","v":"xxxxxxxxxxx"}]
[null,7.2,null,"Product code",null,{"$f":"VLOOKUP($D$7,'Source Data'!$A$2:$EK$28,49,FALSE)","v":"xxxxxxxxxxx"}]
[null,7.3,null,"Material (e.g. Porcelain)",null,{"$f":"VLOOKUP($D$7,'Source Data'!$A$2:$EK$28,50,FALSE)","v":"xxxxxxxxxxx"}]
[null,7.4,null,"Specific creepage distance","mm/kV",{"$f":"VLOOKUP($D$7,'Source Data'!$A$2:$EK$28,51,FALSE)","v":"≥ 31"}]
[null,7.5,null,"Clamping",null,{"$f":"VLOOKUP($D$7,'Source Data'!$A$2:$EK$28,52,FALSE)","v":"Base"}]
[null,7.6,null,"Type",null,{"$f":"VLOOKUP($D$7,'Source Data'!$A$2:$EK$28,53,FALSE)","v":"Draw lead"}]
[null,7.7,null,"Stem diameter",null,{"$f":"VLOOKUP($D$7,'Source Data'!$A$2:$EK$28,54,FALSE)","v":"M12"}]
[null,8,"3.2.11","LV Bushings"]
[null,8.1,null,"Make ",null,{"$f":"VLOOKUP($D$7,'Source Data'!$A$2:$EK$28,56,FALSE)","v":"xxxxxxxxxxx"}]
[null,8.2,null,"Product code",null,{"$f":"VLOOKUP($D$7,'Source Data'!$A$2:$EK$28,57,FALSE)","v":"xxxxxxxxxxx"}]
[null,8.3,null,"Material (e.g. Porcelain)",null,{"$f":"VLOOKUP($D$7,'Source Data'!$A$2:$EK$28,58,FALSE)","v":"xxxxxxxxxxx"}]
[null,8.4,null,"Stem diameter",null,{"$f":"VLOOKUP($D$7,'Source Data'!$A$2:$EK$28,59,FALSE)","v":"M12"}]
[null,8.5,null,"Supplied with flag ",null,{"$f":"VLOOKUP($D$7,'Source Data'!$A$2:$EK$28,60,FALSE)","v":"Yes"}]
[null,8.6,null,"Flag supplied with 2 x M12 x 40 mm set screws, 4 x flatwashers, 2 x spring washers and 2 x nuts",null,{"$f":"VLOOKUP($D$7,'Source Data'!$A$2:$EK$28,61,FALSE)","v":"Yes"}]
[null,9,"3.2.14","Losses"]
[null,9.1,null,"Loss factor base (Cost of Dx or Gx) ",null,{"$f":"VLOOKUP($D$7,'Source Data'!$A$2:$EK$28,63,FALSE)","v":"Distribution"},"xxxxxxxxxxx"]
[null,9.2,null,"No-load Loss Factor, NLLF ","R/kW",{"$f":"VLOOKUP($D$7,'Source Data'!$A$2:$EK$28,64,FALSE)","v":80500},"xxxxxxxxxxx"]
[null,9.3,null,"Load Loss Factor, LLF","R/kW",{"$f":"VLOOKUP($D$7,'Source Data'!$A$2:$EK$28,65,FALSE)","v":17500},"xxxxxxxxxxx"]
[null,9.4,null,"Guaranteed no-load losses, PNL (Steel Core)","W",{"$f":"VLOOKUP($D$7,'Source Data'!$A$2:$EK$28,66,FALSE)","v":190}]
[null,9.5,null,"Guaranteed no-load losses, PNL (only if Amorphous Core is offered)","W",{"$f":"VLOOKUP($D$7,'Source Data'!$A$2:$EL$28,142,FALSE)","v":36}]
[null,9.6,null,"Guaranteed load losses, PLL","W",{"$f":"VLOOKUP($D$7,'Source Data'!$A$2:$EK$28,67,FALSE)","v":630}]
[null,10,"3.2.14","Impedance voltage & X/R ratio"]
[null,10.1,null,"Impedance at principle tapping (specific design impedances to be stated)","%",{"$f":"VLOOKUP($D$7,'Source Data'!$A$2:$EK$28,69,FALSE)","v":"3,0 to 4,5"}]
[null,10.2,null,"X/R ratio",null,{"$f":"VLOOKUP($D$7,'Source Data'!$A$2:$EK$28,70,FALSE)","v":"xxxxxxxxxx"}]
[null,11,null,"Audio-sound level (SANS 780)"]
[null,11.1,null,"Maximum limit of transformer audio-sound level","db(A)",{"$f":"VLOOKUP($D$7,'Source Data'!$A$2:$EK$28,72,FALSE)","v":"≤ 48 "}]
[null,12,null,"MV winding wire"]
[null,12.1,null,"Material (e.g. Cu or Al)",null,{"$f":"VLOOKUP($D$7,'Source Data'!$A$2:$EK$28,74,FALSE)","v":"xxxxxxxxxxx"}]
[null,12.2,null,"Type (e.g. Round, Strip or Foil)",null,{"$f":"VLOOKUP($D$7,'Source Data'!$A$2:$EK$28,75,FALSE)","v":"xxxxxxxxxxx"}]
[null,13,null,"LV winding wire"]
[null,13.1,null,"Material (e.g. Cu or Al)",null,{"$f":"VLOOKUP($D$7,'Source Data'!$A$2:$EK$28,77,FALSE)","v":"xxxxxxxxxxx"}]
[null,13.2,null,"Type (e.g. Round, Strip or Foil)",null,{"$f":"VLOOKUP($D$7,'Source Data'!$A$2:$EK$28,78,FALSE)","v":"xxxxxxxxxxx"}]
[null,14,null,"Core material"]
[null,14.1,null,"Core material ",null,{"$f":"VLOOKUP($D$7,'Source Data'!$A$2:$EK$28,80,FALSE)","v":"Steel or Amporphous"}]
[null,14.2,null,"Type/code ",null,{"$f":"VLOOKUP($D$7,'Source Data'!$A$2:$EK$28,81,FALSE)","v":"xxxxxxxxxxx"}]
[null,14.3,null,"Maximum Flux Density of Material",null,{"$f":"VLOOKUP($D$7,'Source Data'!$A$2:$EK$28,82,FALSE)","v":"xxxxxxxxxxx"}]
[null,14.4,null,"Supplier",null,{"$f":"VLOOKUP($D$7,'Source Data'!$A$2:$EK$28,83,FALSE)","v":"xxxxxxxxxxx"}]
[null,15,"3.3.2","Tank and tank cover"]
[null,15.1,null,"Tank type: Sealed",null,{"$f":"VLOOKUP($D$7,'Source Data'!$A$2:$EK$28,85,FALSE)","v":"Sealed"}]
[null,15.2,null,"Plain, rigid or corrugated",null,{"$f":"VLOOKUP($D$7,'Source Data'!$A$2:$EK$28,86,FALSE)","v":"xxxxxxxxxx"}]
[null,16,"3.3.3","Transformer dimensions"]
[null,16.1,"Figure 12","Wo (including surge arrester)","mm",{"$f":"VLOOKUP($D$7,'Source Data'!$A$2:$EK$28,88,FALSE)","v":"≤ 1 080 "}]
[null,16.2,"Figure 12","Lo","mm",{"$f":"VLOOKUP($D$7,'Source Data'!$A$2:$EK$28,89,FALSE)","v":"≤ 1 500 "}]
[null,16.3,"Figure 12","Ht","mm",{"$f":"VLOOKUP($D$7,'Source Data'!$A$2:$EK$28,90,FALSE)","v":"≤ 1 500 "}]
[null,16.4,"Figure 12","Mass","kg",{"$f":"VLOOKUP($D$7,'Source Data'!$A$2:$EK$28,91,FALSE)","v":"≤ 900 "}]
[null,16.5,null,"Oil capacity","l",{"$f":"VLOOKUP($D$7,'Source Data'!$A$2:$EK$28,92,FALSE)","v":"xxxxxxxxxxx"}]
[null,16.6,null,"Minimum clearance between live MV terminals and from MV live terminals to any part of the tank greater than twice the BIL ","mm",{"$f":"VLOOKUP($D$7,'Source Data'!$A$2:$EK$28,93,FALSE)","v":400}]
[null,16.7,"3.3.4","Minimum mechanical clearance of 100 mm between the brackets and LV bushings shall be maintained","mm",{"$f":"VLOOKUP($D$7,'Source Data'!$A$2:$EK$28,94,FALSE)","v":100}]
[null,17,"3.3.4","Pole mounting bracket"]
[null,17.1,null,"Single pole mounting bracket required? (Yes or No)",null,{"$f":"VLOOKUP($D$7,'Source Data'!$A$2:$EK$28,96,FALSE)","v":"Yes"}]
[null,"17.2.1",null,"Supplied with: - 2 x clamps",null,{"$f":"VLOOKUP($D$7,'Source Data'!$A$2:$EK$28,97,FALSE)","v":"Yes"}]
[null,"17.2.2",null,"                     - 1 x threaded rod (M20 x 350 mm)",null,{"$f":"VLOOKUP($D$7,'Source Data'!$A$2:$EK$28,98,FALSE)","v":"Yes"}]
[null,"17.2.3",null,"                     - 4 x threaded rods (M20 x 250 mm)",null,{"$f":"VLOOKUP($D$7,'Source Data'!$A$2:$EK$28,99,FALSE)","v":"Yes"}]
[null,"17.2.4",null,"                     - 12 x nuts, flat washers & spring washers (M20)",null,{"$f":"VLOOKUP($D$7,'Source Data'!$A$2:$EK$28,100,FALSE)","v":"Yes"}]
[null,17.2,"Figure 13","Dimension Mo","mm",{"$f":"VLOOKUP($D$7,'Source Data'!$A$2:$EK$28,101,FALSE)","v":400}]
[null,17.3,"Figure 13","Dimension h1","mm",{"$f":"VLOOKUP($D$7,'Source Data'!$A$2:$EK$28,102,FALSE)","v":"≤ 400 "}]
[null,17.4,"Figure 13","Dimension W1","mm",{"$f":"VLOOKUP($D$7,'Source Data'!$A$2:$EK$28,103,FALSE)","v":"≤ 450 "}]
[null,17.5,"Figure 13","Mounting hole diameter","mm",{"$f":"VLOOKUP($D$7,'Source Data'!$A$2:$EK$28,104,FALSE)","v":22}]
[null,17.6,"Figure 13","Mounting hole centres","mm",{"$f":"VLOOKUP($D$7,'Source Data'!$A$2:$EK$28,105,FALSE)","v":146}]
[null,18,"3.3.5","Transformer under base"]
[null,18.1,null,"Under base required? (Yes or No)",null,{"$f":"VLOOKUP($D$7,'Source Data'!$A$2:$EK$28,107,FALSE)","v":"No"},"xxxxxxxxxxx"]
[null,18.2,"Figure14","Lml","mm",{"$f":"VLOOKUP($D$7,'Source Data'!$A$2:$EK$28,108,FALSE)","v":400},"N/A"]
[null,18.3,"Figure14","Lmw (300, 400 or 450)","mm",{"$f":"VLOOKUP($D$7,'Source Data'!$A$2:$EK$28,109,FALSE)","v":"xxxxxxxxxxx"},"N/A"]
[null,18.4,"Figure14","Ls","mm",{"$f":"VLOOKUP($D$7,'Source Data'!$A$2:$EK$28,110,FALSE)","v":"≥ 320"},"N/A"]
[null,18.5,"Figure14","Lmh","mm",{"$f":"VLOOKUP($D$7,'Source Data'!$A$2:$EK$28,111,FALSE)","v":"≤ 120 "},"N/A"]
[null,18.6,"Figure14","Mounting hole diameter","mm",{"$f":"VLOOKUP($D$7,'Source Data'!$A$2:$EK$28,112,FALSE)","v":22},"N/A"]
[null,19,"3.3.6","Lifting lugs"]
[null,19.1,null,"Lifting lugs fitted",null,{"$f":"VLOOKUP($D$7,'Source Data'!$A$2:$EK$28,114,FALSE)","v":"Yes"}]
[null,19.2,null,"Hole diameter","mm",{"$f":"VLOOKUP($D$7,'Source Data'!$A$2:$EK$28,115,FALSE)","v":"≥ 30 "}]
[null,20,"3.3.7","Earthing terminals"]
[null,20.1,null,"Boss material ",null,{"$f":"VLOOKUP($D$7,'Source Data'!$A$2:$EK$28,117,FALSE)","v":"316 Stainless Steel or Mild Steel"}]
[null,20.2,null,"Boss depth","mm",{"$f":"VLOOKUP($D$7,'Source Data'!$A$2:$EK$28,118,FALSE)","v":"≥ 30"}]
[null,20.3,null,"Set screw material",null,{"$f":"VLOOKUP($D$7,'Source Data'!$A$2:$EK$28,119,FALSE)","v":"316 Stainless Steel or Mild Steel"}]
[null,20.4,null,"Set screw dimensions","mm",{"$f":"VLOOKUP($D$7,'Source Data'!$A$2:$EK$28,120,FALSE)","v":"M12 x 25 "}]
[null,20.5,null,"Supplied with washer and spring washer",null,{"$f":"VLOOKUP($D$7,'Source Data'!$A$2:$EK$28,121,FALSE)","v":"Yes"}]
[null,21,"3.3.8","Surge arrester brackets"]
[null,21.1,null,"Surge arrester brackets fitted",null,{"$f":"VLOOKUP($D$7,'Source Data'!$A$2:$EK$28,123,FALSE)","v":"Yes"}]
[null,21.2,"Figure 16","Mounting hole diameter","mm",{"$f":"VLOOKUP($D$7,'Source Data'!$A$2:$EK$28,124,FALSE)","v":14}]
[null,21.3,"Figure 16","Dimension D (worst case)","mm",{"$f":"VLOOKUP($D$7,'Source Data'!$A$2:$EK$28,125,FALSE)","v":"≥ 200"}]
[null,21.4,"Figure 16","Dimension E (worst case)","mm",{"$f":"VLOOKUP($D$7,'Source Data'!$A$2:$EK$28,126,FALSE)","v":"≥ 400 "}]
[null,21.5,"Figure 16","Dimension F (worst case)","mm",{"$f":"VLOOKUP($D$7,'Source Data'!$A$2:$EK$28,127,FALSE)","v":"≥ 150"}]
[null,22,3.4,"Corrosion protection for Coastal transformers"]
[null,22.1,null,"Indicate the coating system (i.e. DS numbers according to DSP 240-75655504) that is offered. (e.g. DS-14 + DS-15 for zinc sprayed mild steel with duplex coating)"]
[null,22.2,null,"Tank ",null,{"$f":"VLOOKUP($D$7,'Source Data'!$A$2:$EK$28,136,FALSE)","v":"xxxxxxxxxxx"}]
[null,22.3,null,"Radiators",null,{"$f":"VLOOKUP($D$7,'Source Data'!$A$2:$EK$28,137,FALSE)","v":"xxxxxxxxxxx"}]
[null,22.4,null,"Threaded rods and accessories",null,{"$f":"VLOOKUP($D$7,'Source Data'!$A$2:$EK$28,138,FALSE)","v":"xxxxxxxxxxx"}]
[null,22.5,null,"Colour of final coat",null,{"$f":"VLOOKUP($D$7,'Source Data'!$A$2:$EK$28,139,FALSE)","v":"Azure Blue"}]
[null,23,4.2,"All Type Tests in Accordance with SANS 780:\n\n• Temperature rise test \n• Dielectric type test\n• Tank stiffness test \n• Corrugated tank fatigue test\n• Equivalent disturbing current test (This test is only applicable to SWER transformers)\n• Short Circuit Withstand Test\n• Natural ageing and pollution performance test",null,{"$f":"VLOOKUP($D$7,'Source Data'!$A$2:$EK$28,140,FALSE)","v":"Report Numbers"}]
[null,24,4.3,"All Routine Tests in Accordance with SANS 780:\n\n• Measurement of winding resistance\n• Measurement of voltage ratio and phase displacement\n• Measurement of short-circuit impedance and load loss\n• Measurement of no-load loss and current\n• Separate source voltage test\n• Induced overvoltage test\n• Measurement of paint thickness\n• Test for effectiveness of sealing\n• Measurement of secondary voltage across outer two terminals to be 484 V. (Only applicable to dual-phase transformers.) \n• Measurement of insulation resistance test\n• Reactance (%)\n• Dielectric routine tests\n• Vector group test ",null,{"$f":"VLOOKUP($D$7,'Source Data'!$A$2:$EK$28,141,FALSE)","v":"Report Numbers"}]

{"sheet":"175083","index":13,"n_rows":137,"n_cols":7,"rows_kept":137,"merged":[[2,5,2,6],[3,5,3,6],[7,5,9,6],[9,1,9,3]]}
[]
[]
[{"$nulls":5},"Specification: DSP 240-45395762 Rev.4"]
[{"$nulls":5},{"$f":"'List of Items & Enquiry number'!B14","v":"Enquiry Number: 123456XYZ"}]
[]
[{"$nulls":3},"TECHNICAL SCHEDULES A & B FOR \nPOLE-MOUNTED  DISTRIBUTION TRANSFORMERS"]
[{"$nulls":3},"Three Phase, 50 kVA, 11 kV/420V (Coastal, Ester Oil Only)"]
[{"$nulls":5},"Deviations from the specific requirements stated in Schedule A must be recorded and explained in the Deviation Schedule"]
[null,"Schedule A:  Purchaser's specific requirements"]
[null,"Schedule B:  Guarantees and technical particulars of equipment offered"]
[null,"Item","Sub-clause of 240- 45395762","Description",null,"Schedule A","Schedule B"]
[null,1,null,"Identification"]
[null,1.1,null,"Name of manufacturer",null,{"$f":"VLOOKUP($D$7,'Source Data'!$A$2:$EK$28,3,FALSE)","v":"xxxxxxxxxxx"}]
[null,1.2000000000000002,null,"Name of supplier",null,{"$f":"VLOOKUP($D$7,'Source Data'!$A$2:$EK$28,4,FALSE)","v":"xxxxxxxxxxx"}]
[null,1.3,null,"Product code for Coastal transformers",null,{"$f":"VLOOKUP($D$7,'Source Data'!$A$2:$EK$28,6,FALSE)","v":"xxxxxxxxxxx"}]
[null,1.4,null,"Are the transformers covered by the SANS 780 certification mark?",null,{"$f":"VLOOKUP($D$7,'Source Data'!$A$2:$EK$28,7,FALSE)","v":"xxxxxxxxxxx"}]
[null,1.5,null,"State SANS 780 permit number",null,{"$f":"VLOOKUP($D$7,'Source Data'!$A$2:$EK$28,8,FALSE)","v":"xxxxxxxxxxx"}]
[null,1.6,null,"Oil Type",null,{"$f":"VLOOKUP($D$7,'Source Data'!$A$2:$EK$28,9,FALSE)","v":"Ester Oil"}]
[null,2,3,"Ratings"]
[null,2.1,null,"Power rating","kVA",{"$f":"VLOOKUP($D$7,'Source Data'!$A$2:$EK$28,11,FALSE)","v":50}]
[null,2.2,null,"Rated primary voltage","kV",{"$f":"VLOOKUP($D$7,'Source Data'!$A$2:$EK$28,12,FALSE)","v":11}]
[null,2.3000000000000003,null,"Rated no-load secondary voltage","V",{"$f":"VLOOKUP($D$7,'Source Data'!$A$2:$EK$28,13,FALSE)","v":420}]
[null,2.4000000000000004,null,"Frequency","Hz",{"$f":"VLOOKUP($D$7,'Source Data'!$A$2:$EK$28,14,FALSE)","v":50}]
[null,2.5,null,"Number of phases",null,{"$f":"VLOOKUP($D$7,'Source Data'!$A$2:$EK$28,15,FALSE)","v":"3ph"}]
[null,2.6,null,"Vector Group",null,{"$f":"VLOOKUP($D$7,'Source Data'!$A$2:$EK$28,16,FALSE)","v":"Dyn11 or Yzn11"}]
[null,3,"3.2.5","Insulation levels"]
[null,3.1,null,"BIL - Primary","kV",{"$f":"VLOOKUP($D$7,'Source Data'!$A$2:$EK$28,18,FALSE)","v":95}]
[null,3.2,null,"BIL - Secondary","kV",{"$f":"VLOOKUP($D$7,'Source Data'!$A$2:$EK$28,19,FALSE)","v":30}]
[null,3.3000000000000003,null,"Power frequency withstand voltage - Primary","kV",{"$f":"VLOOKUP($D$7,'Source Data'!$A$2:$EK$28,20,FALSE)","v":28}]
[null,3.4000000000000004,null,"Power frequency withstand voltage – Secondary","kV",{"$f":"VLOOKUP($D$7,'Source Data'!$A$2:$EK$28,21,FALSE)","v":8}]
[null,4,"3.2.8","Inter-turn winding insulation"]
[null,4.1,null,"Type (Enamel or Paper)",null,{"$f":"VLOOKUP($D$7,'Source Data'!$A$2:$EK$28,23,FALSE)","v":"xxxxxxxxxxx"}]
[null,4.199999999999999,null,"Enamel grade (if applicable)",null,{"$f":"VLOOKUP($D$7,'Source Data'!$A$2:$EK$28,24,FALSE)","v":"Grade 3"}]
[null,4.3,null,"Paper thickness (if applicable)","mm",{"$f":"VLOOKUP($D$7,'Source Data'!$A$2:$EK$28,25,FALSE)","v":"> 0.125"}]
[null,4.3999999999999995,null,"Paper type (if applicable)",null,{"$f":"VLOOKUP($D$7,'Source Data'!$A$2:$EK$28,26,FALSE)","v":"xxxxxxxxxxx"}]
[null,4.5,null,"Paper make (if applicable)",null,{"$f":"VLOOKUP($D$7,'Source Data'!$A$2:$EK$28,27,FALSE)","v":"xxxxxxxxxxx"}]
[null,4.6,null,"Paper minimum impulse withstand","kV",{"$f":"VLOOKUP($D$7,'Source Data'!$A$2:$EK$28,28,FALSE)","v":21}]
[null,4.7,null,"Paper minimum power frequency withstand ","kV",{"$f":"VLOOKUP($D$7,'Source Data'!$A$2:$EK$28,29,FALSE)","v":8}]
[null,4.8,null,"Inter-turn winding insulation stress shall not exceed 5 kV/mm","kV/mm",{"$f":"VLOOKUP($D$7,'Source Data'!$A$2:$EK$28,30,FALSE)","v":"<5"}]
[null,5,"3.2.9","Interlayer insulation"]
[null,5.1,null,"Highest interlayer stress in non-tap part of winding (<5kV/mm is not acceptable as the calculated value must be presented)","kV/mm",{"$f":"VLOOKUP($D$7,'Source Data'!$A$2:$EK$28,32,FALSE)","v":"< 5"}]
[null,5.199999999999999,null,"Highest interlayer stress in tap part of winding (<5kV/mm is not acceptable as the calculated value must be presented)","kV/mm",{"$f":"VLOOKUP($D$7,'Source Data'!$A$2:$EK$28,33,FALSE)","v":"< 5 "}]
[null,5.3,null,"Paper type.",null,{"$f":"VLOOKUP($D$7,'Source Data'!$A$2:$EK$28,34,FALSE)","v":"xxxxxxxxxxx"}]
[null,5.3999999999999995,null,"Paper make.",null,{"$f":"VLOOKUP($D$7,'Source Data'!$A$2:$EK$28,35,FALSE)","v":"xxxxxxxxxxx"}]
[null,6,"3.2.10","Tapping connections"]
[null,6.1,null,"Type ",null,{"$f":"VLOOKUP($D$7,'Source Data'!$A$2:$EK$28,37,FALSE)","v":"Switch"}]
[null,6.2,null,"Tapping range","%",{"$f":"VLOOKUP($D$7,'Source Data'!$A$2:$EK$28,38,FALSE)","v":"0, ±2.5, ±5"}]
[null,7,"3.2.11","MV Bushings for Coastal Transformers"]
[null,7.1,null,"Make ",null,{"$f":"VLOOKUP($D$7,'Source Data'!$A$2:$EK$28,48,FALSE)","v":"xxxxxxxxxxx"}]
[null,7.2,null,"Product code",null,{"$f":"VLOOKUP($D$7,'Source Data'!$A$2:$EK$28,49,FALSE)","v":"xxxxxxxxxxx"}]
[null,7.3,null,"Material (e.g. Porcelain)",null,{"$f":"VLOOKUP($D$7,'Source Data'!$A$2:$EK$28,50,FALSE)","v":"xxxxxxxxxxx"}]
[null,7.4,null,"Specific creepage distance","mm/kV",{"$f":"VLOOKUP($D$7,'Source Data'!$A$2:$EK$28,51,FALSE)","v":"≥ 31"}]
[null,7.5,null,"Clamping",null,{"$f":"VLOOKUP($D$7,'Source Data'!$A$2:$EK$28,52,FALSE)","v":"Base"}]
[null,7.6,null,"Type",null,{"$f":"VLOOKUP($D$7,'Source Data'!$A$2:$EK$28,53,FALSE)","v":"Draw lead"}]
[null,7.7,null,"Stem diameter",null,{"$f":"VLOOKUP($D$7,'Source Data'!$A$2:$EK$28,54,FALSE)","v":"M12"}]
[null,8,"3.2.11","LV Bushings"]
[null,8.1,null,"Make ",null,{"$f":"VLOOKUP($D$7,'Source Data'!$A$2:$EK$28,56,FALSE)","v":"xxxxxxxxxxx"}]
[null,8.2,null,"Product code",null,{"$f":"VLOOKUP($D$7,'Source Data'!$A$2:$EK$28,57,FALSE)","v":"xxxxxxxxxxx"}]
[null,8.3,null,"Material (e.g. Porcelain)",null,{"$f":"VLOOKUP($D$7,'Source Data'!$A$2:$EK$28,58,FALSE)","v":"xxxxxxxxxxx"}]
[null,8.4,null,"Stem diameter",null,{"$f":"VLOOKUP($D$7,'Source Data'!$A$2:$EK$28,59,FALSE)","v":"M12"}]
[null,8.5,null,"Supplied with flag ",null,{"$f":"VLOOKUP($D$7,'Source Data'!$A$2:$EK$28,60,FALSE)","v":"Yes"}]
[null,8.6,null,"Flag supplied with 2 x M12 x 40 mm set screws, 4 x flatwashers, 2 x spring washers and 2 x nuts",null,{"$f":"VLOOKUP($D$7,'Source Data'!$A$2:$EK$28,61,FALSE)","v":"Yes"}]
[null,9,"3.2.14","Losses"]
[null,9.1,null,"Loss factor base (Cost of Dx or Gx) ",null,{"$f":"VLOOKUP($D$7,'Source Data'!$A$2:$EK$28,63,FALSE)","v":"Distribution"},"xxxxxxxxxxx"]
[null,9.2,null,"No-load Loss Factor, NLLF ","R/kW",{"$f":"VLOOKUP($D$7,'Source Data'!$A$2:$EK$28,64,FALSE)","v":80500},"xxxxxxxxxxx"]
[null,9.3,null,"Load Loss Factor, LLF","R/kW",{"$f":"VLOOKUP($D$7,'Source Data'!$A$2:$EK$28,65,FALSE)","v":17500},"xxxxxxxxxxx"]
[null,9.4,null,"Guaranteed no-load losses, PNL (Steel Core)","W",{"$f":"VLOOKUP($D$7,'Source Data'!$A$2:$EK$28,66,FALSE)","v":110}]
[null,9.5,null,"Guaranteed no-load losses, PNL (only if Amorphous Core is offered)","W",{"$f":"VLOOKUP($D$7,'Source Data'!$A$2:$EL$28,142,FALSE)","v":40}]
[null,9.6,null,"Guaranteed load losses, PLL","W",{"$f":"VLOOKUP($D$7,'Source Data'!$A$2:$EK$28,67,FALSE)","v":880}]
[null,10,"3.2.14","Impedance voltage & X/R ratio"]
[null,10.1,null,"Impedance at principle tapping (specific design impedances to be stated)","%",{"$f":"VLOOKUP($D$7,'Source Data'!$A$2:$EK$28,69,FALSE)","v":"3,0 to 4,5"}]
[null,10.2,null,"X/R ratio",null,{"$f":"VLOOKUP($D$7,'Source Data'!$A$2:$EK$28,70,FALSE)","v":"xxxxxxxxxx"}]
[null,11,null,"Audio-sound level (SANS 780)"]
[null,11.1,null,"Maximum limit of transformer audio-sound level","db(A)",{"$f":"VLOOKUP($D$7,'Source Data'!$A$2:$EK$28,72,FALSE)","v":"≤ 48 "}]
[null,12,null,"MV winding wire"]
[null,12.1,null,"Material (e.g. Cu or Al)",null,{"$f":"VLOOKUP($D$7,'Source Data'!$A$2:$EK$28,74,FALSE)","v":"xxxxxxxxxxx"}]
[null,12.2,null,"Type (e.g. Round, Strip or Foil)",null,{"$f":"VLOOKUP($D$7,'Source Data'!$A$2:$EK$28,75,FALSE)","v":"xxxxxxxxxxx"}]
[null,13,null,"LV winding wire"]
[null,13.1,null,"Material (e.g. Cu or Al)",null,{"$f":"VLOOKUP($D$7,'Source Data'!$A$2:$EK$28,77,FALSE)","v":"xxxxxxxxxxx"}]
[null,13.2,null,"Type (e.g. Round, Strip or Foil)",null,{"$f":"VLOOKUP($D$7,'Source Data'!$A$2:$EK$28,78,FALSE)","v":"xxxxxxxxxxx"}]
[null,14,null,"Core material"]
[null,14.1,null,"Core material ",null,{"$f":"VLOOKUP($D$7,'Source Data'!$A$2:$EK$28,80,FALSE)","v":"Steel or Amporphous"}]
[null,14.2,null,"Type/code ",null,{"$f":"VLOOKUP($D$7,'Source Data'!$A$2:$EK$28,81,FALSE)","v":"xxxxxxxxxxx"}]
[null,14.3,null,"Maximum Flux Density of Material",null,{"$f":"VLOOKUP($D$7,'Source Data'!$A$2:$EK$28,82,FALSE)","v":"xxxxxxxxxxx"}]
[null,14.4,null,"Supplier",null,{"$f":"VLOOKUP($D$7,'Source Data'!$A$2:$EK$28,83,FALSE)","v":"xxxxxxxxxxx"}]
[null,15,"3.3.2","Tank and tank cover"]
[null,15.1,null,"Tank type: Sealed",null,{"$f":"VLOOKUP($D$7,'Source Data'!$A$2:$EK$28,85,FALSE)","v":"Sealed"}]
[null,15.2,null,"Plain, rigid or corrugated",null,{"$f":"VLOOKUP($D$7,'Source Data'!$A$2:$EK$28,86,FALSE)","v":"xxxxxxxxxx"}]
[null,16,"3.3.3","Transformer dimensions"]
[null,16.1,"Figure 12","Wo (including surge arrester)","mm",{"$f":"VLOOKUP($D$7,'Source Data'!$A$2:$EK$28,88,FALSE)","v":"≤ 1 080 "}]
[null,16.2,"Figure 12","Lo","mm",{"$f":"VLOOKUP($D$7,'Source Data'!$A$2:$EK$28,89,FALSE)","v":"≤ 1 500 "}]
[null,16.3,"Figure 12","Ht","mm",{"$f":"VLOOKUP($D$7,'Source Data'!$A$2:$EK$28,90,FALSE)","v":"≤ 1 500 "}]
[null,16.4,"Figure 12","Mass","kg",{"$f":"VLOOKUP($D$7,'Source Data'!$A$2:$EK$28,91,FALSE)","v":"≤ 900 "}]
[null,16.5,null,"Oil capacity","l",{"$f":"VLOOKUP($D$7,'Source Data'!$A$2:$EK$28,92,FALSE)","v":"xxxxxxxxxxx"}]
[null,16.6,null,"Minimum clearance between live MV terminals and from MV live terminals to any part of the tank greater than twice the BIL ","mm",{"$f":"VLOOKUP($D$7,'Source Data'!$A$2:$EK$28,93,FALSE)","v":190}]
[null,16.7,"3.3.4","Minimum mechanical clearance of 100 mm between the brackets and LV bushings shall be maintained","mm",{"$f":"VLOOKUP($D$7,'Source Data'!$A$2:$EK$28,94,FALSE)","v":100}]
[null,17,"3.3.4","Pole mounting bracket"]
[null,17.1,null,"Single pole mounting bracket required? (Yes or No)",null,{"$f":"VLOOKUP($D$7,'Source Data'!$A$2:$EK$28,96,FALSE)","v":"Yes"}]
[null,"17.2.1",null,"Supplied with: - 2 x clamps",null,{"$f":"VLOOKUP($D$7,'Source Data'!$A$2:$EK$28,97,FALSE)","v":"Yes"}]
[null,"17.2.2",null,"                     - 1 x threaded rod (M20 x 350 mm)",null,{"$f":"VLOOKUP($D$7,'Source Data'!$A$2:$EK$28,98,FALSE)","v":"Yes"}]
[null,"17.2.3",null,"                     - 4 x threaded rods (M20 x 250 mm)",null,{"$f":"VLOOKUP($D$7,'Source Data'!$A$2:$EK$28,99,FALSE)","v":"Yes"}]
[null,"17.2.4",null,"                     - 12 x nuts, flat washers & spring washers (M20)",null,{"$f":"VLOOKUP($D$7,'Source Data'!$A$2:$EK$28,100,FALSE)","v":"Yes"}]
[null,17.2,"Figure 13","Dimension Mo","mm",{"$f":"VLOOKUP($D$7,'Source Data'!$A$2:$EK$28,101,FALSE)","v":400}]
[null,17.3,"Figure 13","Dimension h1","mm",{"$f":"VLOOKUP($D$7,'Source Data'!$A$2:$EK$28,102,FALSE)","v":"≤ 400 "}]
[null,17.4,"Figure 13","Dimension W1","mm",{"$f":"VLOOKUP($D$7,'Source Data'!$A$2:$EK$28,103,FALSE)","v":"≤ 450 "}]
[null,17.5,"Figure 13","Mounting hole diameter","mm",{"$f":"VLOOKUP($D$7,'Source Data'!$A$2:$EK$28,104,FALSE)","v":22}]
[null,17.6,"Figure 13","Mounting hole centres","mm",{"$f":"VLOOKUP($D$7,'Source Data'!$A$2:$EK$28,105,FALSE)","v":146}]
[null,18,"3.3.5","Transformer under base"]
[null,18.1,null,"Under base required? (Yes or No)",null,{"$f":"VLOOKUP($D$7,'Source Data'!$A$2:$EK$28,107,FALSE)","v":"Yes"},"xxxxxxxxxxx"]
[null,18.2,"Figure14","Lml","mm",{"$f":"VLOOKUP($D$7,'Source Data'!$A$2:$EK$28,108,FALSE)","v":400}]
[null,18.3,"Figure14","Lmw (300, 400 or 450)","mm",{"$f":"VLOOKUP($D$7,'Source Data'!$A$2:$EK$28,109,FALSE)","v":"xxxxxxxxxxx"}]
[null,18.4,"Figure14","Ls","mm",{"$f":"VLOOKUP($D$7,'Source Data'!$A$2:$EK$28,110,FALSE)","v":"≥ 320"}]
[null,18.5,"Figure14","Lmh","mm",{"$f":"VLOOKUP($D$7,'Source Data'!$A$2:$EK$28,111,FALSE)","v":"≤ 120 "}]
[null,18.6,"Figure14","Mounting hole diameter","mm",{"$f":"VLOOKUP($D$7,'Source Data'!$A$2:$EK$28,112,FALSE)","v":22}]
[null,19,"3.3.6","Lifting lugs"]
[null,19.1,null,"Lifting lugs fitted",null,{"$f":"VLOOKUP($D$7,'Source Data'!$A$2:$EK$28,114,FALSE)","v":"Yes"}]
[null,19.2,null,"Hole diameter","mm",{"$f":"VLOOKUP($D$7,'Source Data'!$A$2:$EK$28,115,FALSE)","v":"≥ 30 "}]
[null,20,"3.3.7","Earthing terminals"]
[null,20.1,null,"Boss material ",null,{"$f":"VLOOKUP($D$7,'Source Data'!$A$2:$EK$28,117,FALSE)","v":"316 Stainless Steel or Mild Steel"}]
[null,20.2,null,"Boss depth","mm",{"$f":"VLOOKUP($D$7,'Source Data'!$A$2:$EK$28,118,FALSE)","v":"≥ 30"}]
[null,20.3,null,"Set screw material",null,{"$f":"VLOOKUP($D$7,'Source Data'!$A$2:$EK$28,119,FALSE)","v":"316 Stainless Steel or Mild Steel"}]
[null,20.4,null,"Set screw dimensions","mm",{"$f":"VLOOKUP($D$7,'Source Data'!$A$2:$EK$28,120,FALSE)","v":"M12 x 25 "}]
[null,20.5,null,"Supplied with washer and spring washer",null,{"$f":"VLOOKUP($D$7,'Source Data'!$A$2:$EK$28,121,FALSE)","v":"Yes"}]
[null,21,"3.3.8","Surge arrester brackets"]
[null,21.1,null,"Surge arrester brackets fitted",null,{"$f":"VLOOKUP($D$7,'Source Data'!$A$2:$EK$28,123,FALSE)","v":"Yes"}]
[null,21.2,"Figure 16","Mounting hole diameter","mm",{"$f":"VLOOKUP($D$7,'Source Data'!$A$2:$EK$28,124,FALSE)","v":14}]
[null,21.3,"Figure 16","Dimension D (worst case)","mm",{"$f":"VLOOKUP($D$7,'Source Data'!$A$2:$EK$28,125,FALSE)","v":"≥ 200"}]
[null,21.4,"Figure 16","Dimension E (worst case)","mm",{"$f":"VLOOKUP($D$7,'Source Data'!$A$2:$EK$28,126,FALSE)","v":"≥ 190"}]
[null,21.5,"Figure 16","Dimension F (worst case)","mm",{"$f":"VLOOKUP($D$7,'Source Data'!$A$2:$EK$28,127,FALSE)","v":"≥ 150"}]
[null,22,3.4,"Corrosion protection for Coastal transformers"]
[null,22.1,null,"Indicate the coating system (i.e. DS numbers according to DSP 240-75655504) that is offered. (e.g. DS-14 + DS-15 for zinc sprayed mild steel with duplex coating)"]
[null,22.2,null,"Tank ",null,{"$f":"VLOOKUP($D$7,'Source Data'!$A$2:$EK$28,136,FALSE)","v":"xxxxxxxxxxx"}]
[null,22.3,null,"Radiators",null,{"$f":"VLOOKUP($D$7,'Source Data'!$A$2:$EK$28,137,FALSE)","v":"xxxxxxxxxxx"}]
[null,22.4,null,"Threaded rods and accessories",null,{"$f":"VLOOKUP($D$7,'Source Data'!$A$2:$EK$28,138,FALSE)","v":"xxxxxxxxxxx"}]
[null,22.5,null,"Colour of final coat",null,{"$f":"VLOOKUP($D$7,'Source Data'!$A$2:$EK$28,139,FALSE)","v":"Azure Blue"}]
[null,23,4.2,"All Type Tests in Accordance with SANS 780:\n\n• Temperature rise test \n• Dielectric type test\n• Tank stiffness test \n• Corrugated tank fatigue test\n• Equivalent disturbing current test (This test is only applicable to SWER transformers)\n• Short Circuit Withstand Test\n• Natural ageing and pollution performance test",null,{"$f":"VLOOKUP($D$7,'Source Data'!$A$2:$EK$28,140,FALSE)","v":"Report Numbers"}]
[null,24,4.3,"All Routine Tests in Accordance with SANS 780:\n\n• Measurement of winding resistance\n• Measurement of voltage ratio and phase displacement\n• Measurement of short-circuit impedance and load loss\n• Measurement of no-load loss and current\n• Separate source voltage test\n• Induced overvoltage test\n• Measurement of paint thickness\n• Test for effectiveness of sealing\n• Measurement of secondary voltage across outer two terminals to be 484 V. (Only applicable to dual-phase transformers.) \n• Measurement of insulation resistance test\n• Reactance (%)\n• Dielectric routine tests\n• Vector group test ",null,{"$f":"VLOOKUP($D$7,'Source Data'!$A$2:$EK$28,141,FALSE)","v":"Report Numbers"}]

{"sheet":"175084","index":14,"n_rows":137,"n_cols":7,"rows_kept":137,"merged":[[2,5,2,6],[3,5,3,6],[7,5,9,6],[9,1,9,3]]}
[]
[]
[{"$nulls":5},"Specification: DSP 240-45395762 Rev.4"]
[{"$nulls":5},{"$f":"'List of Items & Enquiry number'!B14","v":"Enquiry Number: 123456XYZ"}]
[]
[{"$nulls":3},"TECHNICAL SCHEDULES A & B FOR \nPOLE-MOUNTED  DISTRIBUTION TRANSFORMERS"]
[{"$nulls":3},"Three-phase, 50 kVA, 22 kV/420V (Coastal, Ester Oil Only)"]
[{"$nulls":5},"Deviations from the specific requirements stated in Schedule A must be recorded and explained in the Deviation Schedule"]
[null,"Schedule A:  Purchaser's specific requirements"]
[null,"Schedule B:  Guarantees and technical particulars of equipment offered"]
[null,"Item","Sub-clause of 240- 45395762","Description",null,"Schedule A","Schedule B"]
[null,1,null,"Identification"]
[null,1.1,null,"Name of manufacturer",null,{"$f":"VLOOKUP($D$7,'Source Data'!$A$2:$EK$28,3,FALSE)","v":"xxxxxxxxxxx"}]
[null,1.2000000000000002,null,"Name of supplier",null,{"$f":"VLOOKUP($D$7,'Source Data'!$A$2:$EK$28,4,FALSE)","v":"xxxxxxxxxxx"}]
[null,1.3,null,"Product code for Coastal transformers",null,{"$f":"VLOOKUP($D$7,'Source Data'!$A$2:$EK$28,6,FALSE)","v":"xxxxxxxxxxx"}]
[null,1.4,null,"Are the transformers covered by the SANS 780 certification mark?",null,{"$f":"VLOOKUP($D$7,'Source Data'!$A$2:$EK$28,7,FALSE)","v":"xxxxxxxxxxx"}]
[null,1.5,null,"State SANS 780 permit number",null,{"$f":"VLOOKUP($D$7,'Source Data'!$A$2:$EK$28,8,FALSE)","v":"xxxxxxxxxxx"}]
[null,1.6,null,"Oil Type",null,{"$f":"VLOOKUP($D$7,'Source Data'!$A$2:$EK$28,9,FALSE)","v":"Ester Oil"}]
[null,2,3,"Ratings"]
[null,2.1,null,"Power rating","kVA",{"$f":"VLOOKUP($D$7,'Source Data'!$A$2:$EK$28,11,FALSE)","v":50}]
[null,2.2,null,"Rated primary voltage","kV",{"$f":"VLOOKUP($D$7,'Source Data'!$A$2:$EK$28,12,FALSE)","v":22}]
[null,2.3000000000000003,null,"Rated no-load secondary voltage","V",{"$f":"VLOOKUP($D$7,'Source Data'!$A$2:$EK$28,13,FALSE)","v":420}]
[null,2.4000000000000004,null,"Frequency","Hz",{"$f":"VLOOKUP($D$7,'Source Data'!$A$2:$EK$28,14,FALSE)","v":50}]
[null,2.5,null,"Number of phases",null,{"$f":"VLOOKUP($D$7,'Source Data'!$A$2:$EK$28,15,FALSE)","v":"3ph"}]
[null,2.6,null,"Vector Group",null,{"$f":"VLOOKUP($D$7,'Source Data'!$A$2:$EK$28,16,FALSE)","v":"Dyn11 or Yzn11"}]
[null,3,"3.2.5","Insulation levels"]
[null,3.1,null,"BIL - Primary","kV",{"$f":"VLOOKUP($D$7,'Source Data'!$A$2:$EK$28,18,FALSE)","v":150}]
[null,3.2,null,"BIL - Secondary","kV",{"$f":"VLOOKUP($D$7,'Source Data'!$A$2:$EK$28,19,FALSE)","v":30}]
[null,3.3000000000000003,null,"Power frequency withstand voltage - Primary","kV",{"$f":"VLOOKUP($D$7,'Source Data'!$A$2:$EK$28,20,FALSE)","v":50}]
[null,3.4000000000000004,null,"Power frequency withstand voltage – Secondary","kV",{"$f":"VLOOKUP($D$7,'Source Data'!$A$2:$EK$28,21,FALSE)","v":8}]
[null,4,"3.2.8","Inter-turn winding insulation"]
[null,4.1,null,"Type (Enamel or Paper)",null,{"$f":"VLOOKUP($D$7,'Source Data'!$A$2:$EK$28,23,FALSE)","v":"xxxxxxxxxxx"}]
[null,4.199999999999999,null,"Enamel grade (if applicable)",null,{"$f":"VLOOKUP($D$7,'Source Data'!$A$2:$EK$28,24,FALSE)","v":"Grade 3"}]
[null,4.3,null,"Paper thickness (if applicable)","mm",{"$f":"VLOOKUP($D$7,'Source Data'!$A$2:$EK$28,25,FALSE)","v":"> 0.125"}]
[null,4.3999999999999995,null,"Paper type (if applicable)",null,{"$f":"VLOOKUP($D$7,'Source Data'!$A$2:$EK$28,26,FALSE)","v":"xxxxxxxxxxx"}]
[null,4.5,null,"Paper make (if applicable)",null,{"$f":"VLOOKUP($D$7,'Source Data'!$A$2:$EK$28,27,FALSE)","v":"xxxxxxxxxxx"}]
[null,4.6,null,"Paper minimum impulse withstand","kV",{"$f":"VLOOKUP($D$7,'Source Data'!$A$2:$EK$28,28,FALSE)","v":21}]
[null,4.7,null,"Paper minimum power frequency withstand ","kV",{"$f":"VLOOKUP($D$7,'Source Data'!$A$2:$EK$28,29,FALSE)","v":8}]
[null,4.8,null,"Inter-turn winding insulation stress shall not exceed 5 kV/mm","kV/mm",{"$f":"VLOOKUP($D$7,'Source Data'!$A$2:$EK$28,30,FALSE)","v":"<5"}]
[null,5,"3.2.9","Interlayer insulation"]
[null,5.1,null,"Highest interlayer stress in non-tap part of winding (<5kV/mm is not acceptable as the calculated value must be presented)","kV/mm",{"$f":"VLOOKUP($D$7,'Source Data'!$A$2:$EK$28,32,FALSE)","v":"< 5"}]
[null,5.199999999999999,null,"Highest interlayer stress in tap part of winding (<5kV/mm is not acceptable as the calculated value must be presented)","kV/mm",{"$f":"VLOOKUP($D$7,'Source Data'!$A$2:$EK$28,33,FALSE)","v":"< 5 "}]
[null,5.3,null,"Paper type.",null,{"$f":"VLOOKUP($D$7,'Source Data'!$A$2:$EK$28,34,FALSE)","v":"xxxxxxxxxxx"}]
[null,5.3999999999999995,null,"Paper make.",null,{"$f":"VLOOKUP($D$7,'Source Data'!$A$2:$EK$28,35,FALSE)","v":"xxxxxxxxxxx"}]
[null,6,"3.2.10","Tapping connections"]
[null,6.1,null,"Type ",null,{"$f":"VLOOKUP($D$7,'Source Data'!$A$2:$EK$28,37,FALSE)","v":"Switch"}]
[null,6.2,null,"Tapping range","%",{"$f":"VLOOKUP($D$7,'Source Data'!$A$2:$EK$28,38,FALSE)","v":"0, ±2.5, ±5"}]
[null,7,"3.2.11","MV Bushings for Coastal Transformers"]
[null,7.1,null,"Make ",null,{"$f":"VLOOKUP($D$7,'Source Data'!$A$2:$EK$28,48,FALSE)","v":"xxxxxxxxxxx"}]
[null,7.2,null,"Product code",null,{"$f":"VLOOKUP($D$7,'Source Data'!$A$2:$EK$28,49,FALSE)","v":"xxxxxxxxxxx"}]
[null,7.3,null,"Material (e.g. Porcelain)",null,{"$f":"VLOOKUP($D$7,'Source Data'!$A$2:$EK$28,50,FALSE)","v":"xxxxxxxxxxx"}]
[null,7.4,null,"Specific creepage distance","mm/kV",{"$f":"VLOOKUP($D$7,'Source Data'!$A$2:$EK$28,51,FALSE)","v":"≥ 31"}]
[null,7.5,null,"Clamping",null,{"$f":"VLOOKUP($D$7,'Source Data'!$A$2:$EK$28,52,FALSE)","v":"Base"}]
[null,7.6,null,"Type",null,{"$f":"VLOOKUP($D$7,'Source Data'!$A$2:$EK$28,53,FALSE)","v":"Draw lead"}]
[null,7.7,null,"Stem diameter",null,{"$f":"VLOOKUP($D$7,'Source Data'!$A$2:$EK$28,54,FALSE)","v":"M12"}]
[null,8,"3.2.11","LV Bushings"]
[null,8.1,null,"Make ",null,{"$f":"VLOOKUP($D$7,'Source Data'!$A$2:$EK$28,56,FALSE)","v":"xxxxxxxxxxx"}]
[null,8.2,null,"Product code",null,{"$f":"VLOOKUP($D$7,'Source Data'!$A$2:$EK$28,57,FALSE)","v":"xxxxxxxxxxx"}]
[null,8.3,null,"Material (e.g. Porcelain)",null,{"$f":"VLOOKUP($D$7,'Source Data'!$A$2:$EK$28,58,FALSE)","v":"xxxxxxxxxxx"}]
[null,8.4,null,"Stem diameter",null,{"$f":"VLOOKUP($D$7,'Source Data'!$A$2:$EK$28,59,FALSE)","v":"M12"}]
[null,8.5,null,"Supplied with flag ",null,{"$f":"VLOOKUP($D$7,'Source Data'!$A$2:$EK$28,60,FALSE)","v":"Yes"}]
[null,8.6,null,"Flag supplied with 2 x M12 x 40 mm set screws, 4 x flatwashers, 2 x spring washers and 2 x nuts",null,{"$f":"VLOOKUP($D$7,'Source Data'!$A$2:$EK$28,61,FALSE)","v":"Yes"}]
[null,9,"3.2.14","Losses"]
[null,9.1,null,"Loss factor base (Cost of Dx or Gx) ",null,{"$f":"VLOOKUP($D$7,'Source Data'!$A$2:$EK$28,63,FALSE)","v":"Distribution"},"xxxxxxxxxxx"]
[null,9.2,null,"No-load Loss Factor, NLLF ","R/kW",{"$f":"VLOOKUP($D$7,'Source Data'!$A$2:$EK$28,64,FALSE)","v":80500},"xxxxxxxxxxx"]
[null,9.3,null,"Load Loss Factor, LLF","R/kW",{"$f":"VLOOKUP($D$7,'Source Data'!$A$2:$EK$28,65,FALSE)","v":17500},"xxxxxxxxxxx"]
[null,9.4,null,"Guaranteed no-load losses, PNL (Steel Core)","W",{"$f":"VLOOKUP($D$7,'Source Data'!$A$2:$EK$28,66,FALSE)","v":110}]
[null,9.5,null,"Guaranteed no-load losses, PNL (only if Amorphous Core is offered)","W",{"$f":"VLOOKUP($D$7,'Source Data'!$A$2:$EL$28,142,FALSE)","v":40}]
[null,9.6,null,"Guaranteed load losses, PLL","W",{"$f":"VLOOKUP($D$7,'Source Data'!$A$2:$EK$28,67,FALSE)","v":880}]
[null,10,"3.2.14","Impedance voltage & X/R ratio"]
[null,10.1,null,"Impedance at principle tapping (specific design impedances to be stated)","%",{"$f":"VLOOKUP($D$7,'Source Data'!$A$2:$EK$28,69,FALSE)","v":"3,0 to 4,5"}]
[null,10.2,null,"X/R ratio",null,{"$f":"VLOOKUP($D$7,'Source Data'!$A$2:$EK$28,70,FALSE)","v":"xxxxxxxxxx"}]
[null,11,null,"Audio-sound level (SANS 780)"]
[null,11.1,null,"Maximum limit of transformer audio-sound level","db(A)",{"$f":"VLOOKUP($D$7,'Source Data'!$A$2:$EK$28,72,FALSE)","v":"≤ 48 "}]
[null,12,null,"MV winding wire"]
[null,12.1,null,"Material (e.g. Cu or Al)",null,{"$f":"VLOOKUP($D$7,'Source Data'!$A$2:$EK$28,74,FALSE)","v":"xxxxxxxxxxx"}]
[null,12.2,null,"Type (e.g. Round, Strip or Foil)",null,{"$f":"VLOOKUP($D$7,'Source Data'!$A$2:$EK$28,75,FALSE)","v":"xxxxxxxxxxx"}]
[null,13,null,"LV winding wire"]
[null,13.1,null,"Material (e.g. Cu or Al)",null,{"$f":"VLOOKUP($D$7,'Source Data'!$A$2:$EK$28,77,FALSE)","v":"xxxxxxxxxxx"}]
[null,13.2,null,"Type (e.g. Round, Strip or Foil)",null,{"$f":"VLOOKUP($D$7,'Source Data'!$A$2:$EK$28,78,FALSE)","v":"xxxxxxxxxxx"}]
[null,14,null,"Core material"]
[null,14.1,null,"Core material ",null,{"$f":"VLOOKUP($D$7,'Source Data'!$A$2:$EK$28,80,FALSE)","v":"Steel or Amporphous"}]
[null,14.2,null,"Type/code ",null,{"$f":"VLOOKUP($D$7,'Source Data'!$A$2:$EK$28,81,FALSE)","v":"xxxxxxxxxxx"}]
[null,14.3,null,"Maximum Flux Density of Material",null,{"$f":"VLOOKUP($D$7,'Source Data'!$A$2:$EK$28,82,FALSE)","v":"xxxxxxxxxxx"}]
[null,14.4,null,"Supplier",null,{"$f":"VLOOKUP($D$7,'Source Data'!$A$2:$EK$28,83,FALSE)","v":"xxxxxxxxxxx"}]
[null,15,"3.3.2","Tank and tank cover"]
[null,15.1,null,"Tank type: Sealed",null,{"$f":"VLOOKUP($D$7,'Source Data'!$A$2:$EK$28,85,FALSE)","v":"Sealed"}]
[null,15.2,null,"Plain, rigid or corrugated",null,{"$f":"VLOOKUP($D$7,'Source Data'!$A$2:$EK$28,86,FALSE)","v":"xxxxxxxxxx"}]
[null,16,"3.3.3","Transformer dimensions"]
[null,16.1,"Figure 12","Wo (including surge arrester)","mm",{"$f":"VLOOKUP($D$7,'Source Data'!$A$2:$EK$28,88,FALSE)","v":"≤ 1 080 "}]
[null,16.2,"Figure 12","Lo","mm",{"$f":"VLOOKUP($D$7,'Source Data'!$A$2:$EK$28,89,FALSE)","v":"≤ 1 500 "}]
[null,16.3,"Figure 12","Ht","mm",{"$f":"VLOOKUP($D$7,'Source Data'!$A$2:$EK$28,90,FALSE)","v":"≤ 1 500 "}]
[null,16.4,"Figure 12","Mass","kg",{"$f":"VLOOKUP($D$7,'Source Data'!$A$2:$EK$28,91,FALSE)","v":"≤ 900 "}]
[null,16.5,null,"Oil capacity","l",{"$f":"VLOOKUP($D$7,'Source Data'!$A$2:$EK$28,92,FALSE)","v":"xxxxxxxxxxx"}]
[null,16.6,null,"Minimum clearance between live MV terminals and from MV live terminals to any part of the tank greater than twice the BIL ","mm",{"$f":"VLOOKUP($D$7,'Source Data'!$A$2:$EK$28,93,FALSE)","v":300}]
[null,16.7,"3.3.4","Minimum mechanical clearance of 100 mm between the brackets and LV bushings shall be maintained","mm",{"$f":"VLOOKUP($D$7,'Source Data'!$A$2:$EK$28,94,FALSE)","v":100}]
[null,17,"3.3.4","Pole mounting bracket"]
[null,17.1,null,"Single pole mounting bracket required? (Yes or No)",null,{"$f":"VLOOKUP($D$7,'Source Data'!$A$2:$EK$28,96,FALSE)","v":"Yes"}]
[null,"17.2.1",null,"Supplied with: - 2 x clamps",null,{"$f":"VLOOKUP($D$7,'Source Data'!$A$2:$EK$28,97,FALSE)","v":"Yes"}]
[null,"17.2.2",null,"                     - 1 x threaded rod (M20 x 350 mm)",null,{"$f":"VLOOKUP($D$7,'Source Data'!$A$2:$EK$28,98,FALSE)","v":"Yes"}]
[null,"17.2.3",null,"                     - 4 x threaded rods (M20 x 250 mm)",null,{"$f":"VLOOKUP($D$7,'Source Data'!$A$2:$EK$28,99,FALSE)","v":"Yes"}]
[null,"17.2.4",null,"                     - 12 x nuts, flat washers & spring washers (M20)",null,{"$f":"VLOOKUP($D$7,'Source Data'!$A$2:$EK$28,100,FALSE)","v":"Yes"}]
[null,17.2,"Figure 13","Dimension Mo","mm",{"$f":"VLOOKUP($D$7,'Source Data'!$A$2:$EK$28,101,FALSE)","v":400}]
[null,17.3,"Figure 13","Dimension h1","mm",{"$f":"VLOOKUP($D$7,'Source Data'!$A$2:$EK$28,102,FALSE)","v":"≤ 400 "}]
[null,17.4,"Figure 13","Dimension W1","mm",{"$f":"VLOOKUP($D$7,'Source Data'!$A$2:$EK$28,103,FALSE)","v":"≤ 450 "}]
[null,17.5,"Figure 13","Mounting hole diameter","mm",{"$f":"VLOOKUP($D$7,'Source Data'!$A$2:$EK$28,104,FALSE)","v":22}]
[null,17.6,"Figure 13","Mounting hole centres","mm",{"$f":"VLOOKUP($D$7,'Source Data'!$A$2:$EK$28,105,FALSE)","v":146}]
[null,18,"3.3.5","Transformer under base"]
[null,18.1,null,"Under base required? (Yes or No)",null,{"$f":"VLOOKUP($D$7,'Source Data'!$A$2:$EK$28,107,FALSE)","v":"Yes"},"xxxxxxxxxxx"]
[null,18.2,"Figure14","Lml","mm",{"$f":"VLOOKUP($D$7,'Source Data'!$A$2:$EK$28,108,FALSE)","v":400}]
[null,18.3,"Figure14","Lmw (300, 400 or 450)","mm",{"$f":"VLOOKUP($D$7,'Source Data'!$A$2:$EK$28,109,FALSE)","v":"xxxxxxxxxxx"}]
[null,18.4,"Figure14","Ls","mm",{"$f":"VLOOKUP($D$7,'Source Data'!$A$2:$EK$28,110,FALSE)","v":"≥ 320"}]
[null,18.5,"Figure14","Lmh","mm",{"$f":"VLOOKUP($D$7,'Source Data'!$A$2:$EK$28,111,FALSE)","v":"≤ 120 "}]
[null,18.6,"Figure14","Mounting hole diameter","mm",{"$f":"VLOOKUP($D$7,'Source Data'!$A$2:$EK$28,112,FALSE)","v":22}]
[null,19,"3.3.6","Lifting lugs"]
[null,19.1,null,"Lifting lugs fitted",null,{"$f":"VLOOKUP($D$7,'Source Data'!$A$2:$EK$28,114,FALSE)","v":"Yes"}]
[null,19.2,null,"Hole diameter","mm",{"$f":"VLOOKUP($D$7,'Source Data'!$A$2:$EK$28,115,FALSE)","v":"≥ 30 "}]
[null,20,"3.3.7","Earthing terminals"]
[null,20.1,null,"Boss material ",null,{"$f":"VLOOKUP($D$7,'Source Data'!$A$2:$EK$28,117,FALSE)","v":"316 Stainless Steel or Mild Steel"}]
[null,20.2,null,"Boss depth","mm",{"$f":"VLOOKUP($D$7,'Source Data'!$A$2:$EK$28,118,FALSE)","v":"≥ 30"}]
[null,20.3,null,"Set screw material",null,{"$f":"VLOOKUP($D$7,'Source Data'!$A$2:$EK$28,119,FALSE)","v":"316 Stainless Steel or Mild Steel"}]
[null,20.4,null,"Set screw dimensions","mm",{"$f":"VLOOKUP($D$7,'Source Data'!$A$2:$EK$28,120,FALSE)","v":"M12 x 25 "}]
[null,20.5,null,"Supplied with washer and spring washer",null,{"$f":"VLOOKUP($D$7,'Source Data'!$A$2:$EK$28,121,FALSE)","v":"Yes"}]
[null,21,"3.3.8","Surge arrester brackets"]
[null,21.1,null,"Surge arrester brackets fitted",null,{"$f":"VLOOKUP($D$7,'Source Data'!$A$2:$EK$28,123,FALSE)","v":"Yes"}]
[null,21.2,"Figure 16","Mounting hole diameter","mm",{"$f":"VLOOKUP($D$7,'Source Data'!$A$2:$EK$28,124,FALSE)","v":14}]
[null,21.3,"Figure 16","Dimension D (worst case)","mm",{"$f":"VLOOKUP($D$7,'Source Data'!$A$2:$EK$28,125,FALSE)","v":"≥ 200"}]
[null,21.4,"Figure 16","Dimension E (worst case)","mm",{"$f":"VLOOKUP($D$7,'Source Data'!$A$2:$EK$28,126,FALSE)","v":"≥ 300"}]
[null,21.5,"Figure 16","Dimension F (worst case)","mm",{"$f":"VLOOKUP($D$7,'Source Data'!$A$2:$EK$28,127,FALSE)","v":"≥ 150"}]
[null,22,3.4,"Corrosion protection for Coastal transformers"]
[null,22.1,null,"Indicate the coating system (i.e. DS numbers according to DSP 240-75655504) that is offered. (e.g. DS-14 + DS-15 for zinc sprayed mild steel with duplex coating)"]
[null,22.2,null,"Tank ",null,{"$f":"VLOOKUP($D$7,'Source Data'!$A$2:$EK$28,136,FALSE)","v":"xxxxxxxxxxx"}]
[null,22.3,null,"Radiators",null,{"$f":"VLOOKUP($D$7,'Source Data'!$A$2:$EK$28,137,FALSE)","v":"xxxxxxxxxxx"}]
[null,22.4,null,"Threaded rods and accessories",null,{"$f":"VLOOKUP($D$7,'Source Data'!$A$2:$EK$28,138,FALSE)","v":"xxxxxxxxxxx"}]
[null,22.5,null,"Colour of final coat",null,{"$f":"VLOOKUP($D$7,'Source Data'!$A$2:$EK$28,139,FALSE)","v":"Azure Blue"}]
[null,23,4.2,"All Type Tests in Accordance with SANS 780:\n\n• Temperature rise test \n• Dielectric type test\n• Tank stiffness test \n• Corrugated tank fatigue test\n• Equivalent disturbing current test (This test is only applicable to SWER transformers)\n• Short Circuit Withstand Test\n• Natural ageing and pollution performance test",null,{"$f":"VLOOKUP($D$7,'Source Data'!$A$2:$EK$28,140,FALSE)","v":"Report Numbers"}]
[null,24,4.3,"All Routine Tests in Accordance with SANS 780:\n\n• Measurement of winding resistance\n• Measurement of voltage ratio and phase displacement\n• Measurement of short-circuit impedance and load loss\n• Measurement of no-load loss and current\n• Separate source voltage test\n• Induced overvoltage test\n• Measurement of paint thickness\n• Test for effectiveness of sealing\n• Measurement of secondary voltage across outer two terminals to be 484 V. (Only applicable to dual-phase transformers.) \n• Measurement of insulation resistance test\n• Reactance (%)\n• Dielectric routine tests\n• Vector group test ",null,{"$f":"VLOOKUP($D$7,'Source Data'!$A$2:$EK$28,141,FALSE)","v":"Report Numbers"}]

{"sheet":"0182714","index":15,"n_rows":137,"n_cols":7,"rows_kept":137,"merged":[[2,5,2,6],[3,5,3,6],[7,5,9,6],[9,1,9,3]]}
[]
[]
[{"$nulls":5},"Specification: DSP 240-45395762 Rev.4"]
[{"$nulls":5},{"$f":"'List of Items & Enquiry number'!B14","v":"Enquiry Number: 123456XYZ"}]
[]
[{"$nulls":3},"TECHNICAL SCHEDULES A & B FOR \nPOLE-MOUNTED  DISTRIBUTION TRANSFORMERS"]
[{"$nulls":3},"Three Phase, 50 kVA, 33 kV/420V (Coastal, Ester Oil Only)"]
[{"$nulls":5},"Deviations from the specific requirements stated in Schedule A must be recorded and explained in the Deviation Schedule"]
[null,"Schedule A:  Purchaser's specific requirements"]
[null,"Schedule B:  Guarantees and technical particulars of equipment offered"]
[null,"Item","Sub-clause of 240- 45395762","Description",null,"Schedule A","Schedule B"]
[null,1,null,"Identification"]
[null,1.1,null,"Name of manufacturer",null,{"$f":"VLOOKUP($D$7,'Source Data'!$A$2:$EK$28,3,FALSE)","v":"xxxxxxxxxxx"}]
[null,1.2000000000000002,null,"Name of supplier",null,{"$f":"VLOOKUP($D$7,'Source Data'!$A$2:$EK$28,4,FALSE)","v":"xxxxxxxxxxx"}]
[null,1.3,null,"Product code for Coastal transformers",null,{"$f":"VLOOKUP($D$7,'Source Data'!$A$2:$EK$28,6,FALSE)","v":"xxxxxxxxxxx"}]
[null,1.4,null,"Are the transformers covered by the SANS 780 certification mark?",null,{"$f":"VLOOKUP($D$7,'Source Data'!$A$2:$EK$28,7,FALSE)","v":"xxxxxxxxxxx"}]
[null,1.5,null,"State SANS 780 permit number",null,{"$f":"VLOOKUP($D$7,'Source Data'!$A$2:$EK$28,8,FALSE)","v":"xxxxxxxxxxx"}]
[null,1.6,null,"Oil Type",null,{"$f":"VLOOKUP($D$7,'Source Data'!$A$2:$EK$28,9,FALSE)","v":"Ester Oil"}]
[null,2,3,"Ratings"]
[null,2.1,null,"Power rating","kVA",{"$f":"VLOOKUP($D$7,'Source Data'!$A$2:$EK$28,11,FALSE)","v":50}]
[null,2.2,null,"Rated primary voltage","kV",{"$f":"VLOOKUP($D$7,'Source Data'!$A$2:$EK$28,12,FALSE)","v":33}]
[null,2.3000000000000003,null,"Rated no-load secondary voltage","V",{"$f":"VLOOKUP($D$7,'Source Data'!$A$2:$EK$28,13,FALSE)","v":420}]
[null,2.4000000000000004,null,"Frequency","Hz",{"$f":"VLOOKUP($D$7,'Source Data'!$A$2:$EK$28,14,FALSE)","v":50}]
[null,2.5,null,"Number of phases",null,{"$f":"VLOOKUP($D$7,'Source Data'!$A$2:$EK$28,15,FALSE)","v":"3ph"}]
[null,2.6,null,"Vector Group",null,{"$f":"VLOOKUP($D$7,'Source Data'!$A$2:$EK$28,16,FALSE)","v":"Dyn11 or Yzn11"}]
[null,3,"3.2.5","Insulation levels"]
[null,3.1,null,"BIL - Primary","kV",{"$f":"VLOOKUP($D$7,'Source Data'!$A$2:$EK$28,18,FALSE)","v":200}]
[null,3.2,null,"BIL - Secondary","kV",{"$f":"VLOOKUP($D$7,'Source Data'!$A$2:$EK$28,19,FALSE)","v":30}]
[null,3.3000000000000003,null,"Power frequency withstand voltage - Primary","kV",{"$f":"VLOOKUP($D$7,'Source Data'!$A$2:$EK$28,20,FALSE)","v":70}]
[null,3.4000000000000004,null,"Power frequency withstand voltage – Secondary","kV",{"$f":"VLOOKUP($D$7,'Source Data'!$A$2:$EK$28,21,FALSE)","v":8}]
[null,4,"3.2.8","Inter-turn winding insulation"]
[null,4.1,null,"Type (Enamel or Paper)",null,{"$f":"VLOOKUP($D$7,'Source Data'!$A$2:$EK$28,23,FALSE)","v":"xxxxxxxxxxx"}]
[null,4.199999999999999,null,"Enamel grade (if applicable)",null,{"$f":"VLOOKUP($D$7,'Source Data'!$A$2:$EK$28,24,FALSE)","v":"Grade 3"}]
[null,4.3,null,"Paper thickness (if applicable)","mm",{"$f":"VLOOKUP($D$7,'Source Data'!$A$2:$EK$28,25,FALSE)","v":"> 0.125"}]
[null,4.3999999999999995,null,"Paper type (if applicable)",null,{"$f":"VLOOKUP($D$7,'Source Data'!$A$2:$EK$28,26,FALSE)","v":"xxxxxxxxxxx"}]
[null,4.5,null,"Paper make (if applicable)",null,{"$f":"VLOOKUP($D$7,'Source Data'!$A$2:$EK$28,27,FALSE)","v":"xxxxxxxxxxx"}]
[null,4.6,null,"Paper minimum impulse withstand","kV",{"$f":"VLOOKUP($D$7,'Source Data'!$A$2:$EK$28,28,FALSE)","v":21}]
[null,4.7,null,"Paper minimum power frequency withstand ","kV",{"$f":"VLOOKUP($D$7,'Source Data'!$A$2:$EK$28,29,FALSE)","v":8}]
[null,4.8,null,"Inter-turn winding insulation stress shall not exceed 5 kV/mm","kV/mm",{"$f":"VLOOKUP($D$7,'Source Data'!$A$2:$EK$28,30,FALSE)","v":"<5"}]
[null,5,"3.2.9","Interlayer insulation"]
[null,5.1,null,"Highest interlayer stress in non-tap part of winding (<5kV/mm is not acceptable as the calculated value must be presented)","kV/mm",{"$f":"VLOOKUP($D$7,'Source Data'!$A$2:$EK$28,32,FALSE)","v":"< 5"}]
[null,5.199999999999999,null,"Highest interlayer stress in tap part of winding (<5kV/mm is not acceptable as the calculated value must be presented)","kV/mm",{"$f":"VLOOKUP($D$7,'Source Data'!$A$2:$EK$28,33,FALSE)","v":"< 5 "}]
[null,5.3,null,"Paper type.",null,{"$f":"VLOOKUP($D$7,'Source Data'!$A$2:$EK$28,34,FALSE)","v":"xxxxxxxxxxx"}]
[null,5.3999999999999995,null,"Paper make.",null,{"$f":"VLOOKUP($D$7,'Source Data'!$A$2:$EK$28,35,FALSE)","v":"xxxxxxxxxxx"}]
[null,6,"3.2.10","Tapping connections"]
[null,6.1,null,"Type ",null,{"$f":"VLOOKUP($D$7,'Source Data'!$A$2:$EK$28,37,FALSE)","v":"Switch"}]
[null,6.2,null,"Tapping range","%",{"$f":"VLOOKUP($D$7,'Source Data'!$A$2:$EK$28,38,FALSE)","v":"0, ±2.5, ±5"}]
[null,7,"3.2.11","MV Bushings for Coastal Transformers"]
[null,7.1,null,"Make ",null,{"$f":"VLOOKUP($D$7,'Source Data'!$A$2:$EK$28,48,FALSE)","v":"xxxxxxxxxxx"}]
[null,7.2,null,"Product code",null,{"$f":"VLOOKUP($D$7,'Source Data'!$A$2:$EK$28,49,FALSE)","v":"xxxxxxxxxxx"}]
[null,7.3,null,"Material (e.g. Porcelain)",null,{"$f":"VLOOKUP($D$7,'Source Data'!$A$2:$EK$28,50,FALSE)","v":"xxxxxxxxxxx"}]
[null,7.4,null,"Specific creepage distance","mm/kV",{"$f":"VLOOKUP($D$7,'Source Data'!$A$2:$EK$28,51,FALSE)","v":"≥ 31"}]
[null,7.5,null,"Clamping",null,{"$f":"VLOOKUP($D$7,'Source Data'!$A$2:$EK$28,52,FALSE)","v":"Base"}]
[null,7.6,null,"Type",null,{"$f":"VLOOKUP($D$7,'Source Data'!$A$2:$EK$28,53,FALSE)","v":"Draw lead"}]
[null,7.7,null,"Stem diameter",null,{"$f":"VLOOKUP($D$7,'Source Data'!$A$2:$EK$28,54,FALSE)","v":"M12"}]
[null,8,"3.2.11","LV Bushings"]
[null,8.1,null,"Make ",null,{"$f":"VLOOKUP($D$7,'Source Data'!$A$2:$EK$28,56,FALSE)","v":"xxxxxxxxxxx"}]
[null,8.2,null,"Product code",null,{"$f":"VLOOKUP($D$7,'Source Data'!$A$2:$EK$28,57,FALSE)","v":"xxxxxxxxxxx"}]
[null,8.3,null,"Material (e.g. Porcelain)",null,{"$f":"VLOOKUP($D$7,'Source Data'!$A$2:$EK$28,58,FALSE)","v":"xxxxxxxxxxx"}]
[null,8.4,null,"Stem diameter",null,{"$f":"VLOOKUP($D$7,'Source Data'!$A$2:$EK$28,59,FALSE)","v":"M12"}]
[null,8.5,null,"Supplied with flag ",null,{"$f":"VLOOKUP($D$7,'Source Data'!$A$2:$EK$28,60,FALSE)","v":"Yes"}]
[null,8.6,null,"Flag supplied with 2 x M12 x 40 mm set screws, 4 x flatwashers, 2 x spring washers and 2 x nuts",null,{"$f":"VLOOKUP($D$7,'Source Data'!$A$2:$EK$28,61,FALSE)","v":"Yes"}]
[null,9,"3.2.14","Losses"]
[null,9.1,null,"Loss factor base (Cost of Dx or Gx) ",null,{"$f":"VLOOKUP($D$7,'Source Data'!$A$2:$EK$28,63,FALSE)","v":"Distribution"},"xxxxxxxxxxx"]
[null,9.2,null,"No-load Loss Factor, NLLF ","R/kW",{"$f":"VLOOKUP($D$7,'Source Data'!$A$2:$EK$28,64,FALSE)","v":80500},"xxxxxxxxxxx"]
[null,9.3,null,"Load Loss Factor, LLF","R/kW",{"$f":"VLOOKUP($D$7,'Source Data'!$A$2:$EK$28,65,FALSE)","v":17500},"xxxxxxxxxxx"]
[null,9.4,null,"Guaranteed no-load losses, PNL (Steel Core)","W",{"$f":"VLOOKUP($D$7,'Source Data'!$A$2:$EK$28,66,FALSE)","v":110}]
[null,9.5,null,"Guaranteed no-load losses, PNL (only if Amorphous Core is offered)","W",{"$f":"VLOOKUP($D$7,'Source Data'!$A$2:$EL$28,142,FALSE)","v":40}]
[null,9.6,null,"Guaranteed load losses, PLL","W",{"$f":"VLOOKUP($D$7,'Source Data'!$A$2:$EK$28,67,FALSE)","v":880}]
[null,10,"3.2.14","Impedance voltage & X/R ratio"]
[null,10.1,null,"Impedance at principle tapping (specific design impedances to be stated)","%",{"$f":"VLOOKUP($D$7,'Source Data'!$A$2:$EK$28,69,FALSE)","v":"3,0 to 4,5"}]
[null,10.2,null,"X/R ratio",null,{"$f":"VLOOKUP($D$7,'Source Data'!$A$2:$EK$28,70,FALSE)","v":"xxxxxxxxxx"}]
[null,11,null,"Audio-sound level (SANS 780)"]
[null,11.1,null,"Maximum limit of transformer audio-sound level","db(A)",{"$f":"VLOOKUP($D$7,'Source Data'!$A$2:$EK$28,72,FALSE)","v":"≤ 48 "}]
[null,12,null,"MV winding wire"]
[null,12.1,null,"Material (e.g. Cu or Al)",null,{"$f":"VLOOKUP($D$7,'Source Data'!$A$2:$EK$28,74,FALSE)","v":"xxxxxxxxxxx"}]
[null,12.2,null,"Type (e.g. Round, Strip or Foil)",null,{"$f":"VLOOKUP($D$7,'Source Data'!$A$2:$EK$28,75,FALSE)","v":"xxxxxxxxxxx"}]
[null,13,null,"LV winding wire"]
[null,13.1,null,"Material (e.g. Cu or Al)",null,{"$f":"VLOOKUP($D$7,'Source Data'!$A$2:$EK$28,77,FALSE)","v":"xxxxxxxxxxx"}]
[null,13.2,null,"Type (e.g. Round, Strip or Foil)",null,{"$f":"VLOOKUP($D$7,'Source Data'!$A$2:$EK$28,78,FALSE)","v":"xxxxxxxxxxx"}]
[null,14,null,"Core material"]
[null,14.1,null,"Core material ",null,{"$f":"VLOOKUP($D$7,'Source Data'!$A$2:$EK$28,80,FALSE)","v":"Steel or Amporphous"}]
[null,14.2,null,"Type/code ",null,{"$f":"VLOOKUP($D$7,'Source Data'!$A$2:$EK$28,81,FALSE)","v":"xxxxxxxxxxx"}]
[null,14.3,null,"Maximum Flux Density of Material",null,{"$f":"VLOOKUP($D$7,'Source Data'!$A$2:$EK$28,82,FALSE)","v":"xxxxxxxxxxx"}]
[null,14.4,null,"Supplier",null,{"$f":"VLOOKUP($D$7,'Source Data'!$A$2:$EK$28,83,FALSE)","v":"xxxxxxxxxxx"}]
[null,15,"3.3.2","Tank and tank cover"]
[null,15.1,null,"Tank type: Sealed",null,{"$f":"VLOOKUP($D$7,'Source Data'!$A$2:$EK$28,85,FALSE)","v":"Sealed"}]
[null,15.2,null,"Plain, rigid or corrugated",null,{"$f":"VLOOKUP($D$7,'Source Data'!$A$2:$EK$28,86,FALSE)","v":"xxxxxxxxxx"}]
[null,16,"3.3.3","Transformer dimensions"]
[null,16.1,"Figure 12","Wo (including surge arrester)","mm",{"$f":"VLOOKUP($D$7,'Source Data'!$A$2:$EK$28,88,FALSE)","v":"≤ 1 080 "}]
[null,16.2,"Figure 12","Lo","mm",{"$f":"VLOOKUP($D$7,'Source Data'!$A$2:$EK$28,89,FALSE)","v":"≤ 1 500 "}]
[null,16.3,"Figure 12","Ht","mm",{"$f":"VLOOKUP($D$7,'Source Data'!$A$2:$EK$28,90,FALSE)","v":"≤ 1 500 "}]
[null,16.4,"Figure 12","Mass","kg",{"$f":"VLOOKUP($D$7,'Source Data'!$A$2:$EK$28,91,FALSE)","v":"≤ 900 "}]
[null,16.5,null,"Oil capacity","l",{"$f":"VLOOKUP($D$7,'Source Data'!$A$2:$EK$28,92,FALSE)","v":"xxxxxxxxxxx"}]
[null,16.6,null,"Minimum clearance between live MV terminals and from MV live terminals to any part of the tank greater than twice the BIL ","mm",{"$f":"VLOOKUP($D$7,'Source Data'!$A$2:$EK$28,93,FALSE)","v":400}]
[null,16.7,"3.3.4","Minimum mechanical clearance of 100 mm between the brackets and LV bushings shall be maintained","mm",{"$f":"VLOOKUP($D$7,'Source Data'!$A$2:$EK$28,94,FALSE)","v":100}]
[null,17,"3.3.4","Pole mounting bracket"]
[null,17.1,null,"Single pole mounting bracket required? (Yes or No)",null,{"$f":"VLOOKUP($D$7,'Source Data'!$A$2:$EK$28,96,FALSE)","v":"Yes"}]
[null,"17.2.1",null,"Supplied with: - 2 x clamps",null,{"$f":"VLOOKUP($D$7,'Source Data'!$A$2:$EK$28,97,FALSE)","v":"Yes"}]
[null,"17.2.2",null,"                     - 1 x threaded rod (M20 x 350 mm)",null,{"$f":"VLOOKUP($D$7,'Source Data'!$A$2:$EK$28,98,FALSE)","v":"Yes"}]
[null,"17.2.3",null,"                     - 4 x threaded rods (M20 x 250 mm)",null,{"$f":"VLOOKUP($D$7,'Source Data'!$A$2:$EK$28,99,FALSE)","v":"Yes"}]
[null,"17.2.4",null,"                     - 12 x nuts, flat washers & spring washers (M20)",null,{"$f":"VLOOKUP($D$7,'Source Data'!$A$2:$EK$28,100,FALSE)","v":"Yes"}]
[null,17.2,"Figure 13","Dimension Mo","mm",{"$f":"VLOOKUP($D$7,'Source Data'!$A$2:$EK$28,101,FALSE)","v":400}]
[null,17.3,"Figure 13","Dimension h1","mm",{"$f":"VLOOKUP($D$7,'Source Data'!$A$2:$EK$28,102,FALSE)","v":"≤ 400 "}]
[null,17.4,"Figure 13","Dimension W1","mm",{"$f":"VLOOKUP($D$7,'Source Data'!$A$2:$EK$28,103,FALSE)","v":"≤ 450 "}]
[null,17.5,"Figure 13","Mounting hole diameter","mm",{"$f":"VLOOKUP($D$7,'Source Data'!$A$2:$EK$28,104,FALSE)","v":22}]
[null,17.6,"Figure 13","Mounting hole centres","mm",{"$f":"VLOOKUP($D$7,'Source Data'!$A$2:$EK$28,105,FALSE)","v":146}]
[null,18,"3.3.5","Transformer under base"]
[null,18.1,null,"Under base required? (Yes or No)",null,{"$f":"VLOOKUP($D$7,'Source Data'!$A$2:$EK$28,107,FALSE)","v":"Yes"},"xxxxxxxxxxx"]
[null,18.2,"Figure14","Lml","mm",{"$f":"VLOOKUP($D$7,'Source Data'!$A$2:$EK$28,108,FALSE)","v":400}]
[null,18.3,"Figure14","Lmw (300, 400 or 450)","mm",{"$f":"VLOOKUP($D$7,'Source Data'!$A$2:$EK$28,109,FALSE)","v":"xxxxxxxxxxx"}]
[null,18.4,"Figure14","Ls","mm",{"$f":"VLOOKUP($D$7,'Source Data'!$A$2:$EK$28,110,FALSE)","v":"≥ 320"}]
[null,18.5,"Figure14","Lmh","mm",{"$f":"VLOOKUP($D$7,'Source Data'!$A$2:$EK$28,111,FALSE)","v":"≤ 120 "}]
[null,18.6,"Figure14","Mounting hole diameter","mm",{"$f":"VLOOKUP($D$7,'Source Data'!$A$2:$EK$28,112,FALSE)","v":22}]
[null,19,"3.3.6","Lifting lugs"]
[null,19.1,null,"Lifting lugs fitted",null,{"$f":"VLOOKUP($D$7,'Source Data'!$A$2:$EK$28,114,FALSE)","v":"Yes"}]
[null,19.2,null,"Hole diameter","mm",{"$f":"VLOOKUP($D$7,'Source Data'!$A$2:$EK$28,115,FALSE)","v":"≥ 30 "}]
[null,20,"3.3.7","Earthing terminals"]
[null,20.1,null,"Boss material ",null,{"$f":"VLOOKUP($D$7,'Source Data'!$A$2:$EK$28,117,FALSE)","v":"316 Stainless Steel or Mild Steel"}]
[null,20.2,null,"Boss depth","mm",{"$f":"VLOOKUP($D$7,'Source Data'!$A$2:$EK$28,118,FALSE)","v":"≥ 30"}]
[null,20.3,null,"Set screw material",null,{"$f":"VLOOKUP($D$7,'Source Data'!$A$2:$EK$28,119,FALSE)","v":"316 Stainless Steel or Mild Steel"}]
[null,20.4,null,"Set screw dimensions","mm",{"$f":"VLOOKUP($D$7,'Source Data'!$A$2:$EK$28,120,FALSE)","v":"M12 x 25 "}]
[null,20.5,null,"Supplied with washer and spring washer",null,{"$f":"VLOOKUP($D$7,'Source Data'!$A$2:$EK$28,121,FALSE)","v":"Yes"}]
[null,21,"3.3.8","Surge arrester brackets"]
[null,21.1,null,"Surge arrester brackets fitted",null,{"$f":"VLOOKUP($D$7,'Source Data'!$A$2:$EK$28,123,FALSE)","v":"Yes"}]
[null,21.2,"Figure 16","Mounting hole diameter","mm",{"$f":"VLOOKUP($D$7,'Source Data'!$A$2:$EK$28,124,FALSE)","v":14}]
[null,21.3,"Figure 16","Dimension D (worst case)","mm",{"$f":"VLOOKUP($D$7,'Source Data'!$A$2:$EK$28,125,FALSE)","v":"≥ 200"}]
[null,21.4,"Figure 16","Dimension E (worst case)","mm",{"$f":"VLOOKUP($D$7,'Source Data'!$A$2:$EK$28,126,FALSE)","v":"≥ 400 "}]
[null,21.5,"Figure 16","Dimension F (worst case)","mm",{"$f":"VLOOKUP($D$7,'Source Data'!$A$2:$EK$28,127,FALSE)","v":"≥ 150"}]
[null,22,3.4,"Corrosion protection for Coastal transformers"]
[null,22.1,null,"Indicate the coating system (i.e. DS numbers according to DSP 240-75655504) that is offered. (e.g. DS-14 + DS-15 for zinc sprayed mild steel with duplex coating)"]
[null,22.2,null,"Tank ",null,{"$f":"VLOOKUP($D$7,'Source Data'!$A$2:$EK$28,136,FALSE)","v":"xxxxxxxxxxx"}]
[null,22.3,null,"Radiators",null,{"$f":"VLOOKUP($D$7,'Source Data'!$A$2:$EK$28,137,FALSE)","v":"xxxxxxxxxxx"}]
[null,22.4,null,"Threaded rods and accessories",null,{"$f":"VLOOKUP($D$7,'Source Data'!$A$2:$EK$28,138,FALSE)","v":"xxxxxxxxxxx"}]
[null,22.5,null,"Colour of final coat",null,{"$f":"VLOOKUP($D$7,'Source Data'!$A$2:$EK$28,139,FALSE)","v":"Azure Blue"}]
[null,23,4.2,"All Type Tests in Accordance with SANS 780:\n\n• Temperature rise test \n• Dielectric type test\n• Tank stiffness test \n• Corrugated tank fatigue test\n• Equivalent disturbing current test (This test is only applicable to SWER transformers)\n• Short Circuit Withstand Test\n• Natural ageing and pollution performance test",null,{"$f":"VLOOKUP($D$7,'Source Data'!$A$2:$EK$28,140,FALSE)","v":"Report Numbers"}]
[null,24,4.3,"All Routine Tests in Accordance with SANS 780:\n\n• Measurement of winding resistance\n• Measurement of voltage ratio and phase displacement\n• Measurement of short-circuit impedance and load loss\n• Measurement of no-load loss and current\n• Separate source voltage test\n• Induced overvoltage test\n• Measurement of paint thickness\n• Test for effectiveness of sealing\n• Measurement of secondary voltage across outer two terminals to be 484 V. (Only applicable to dual-phase transformers.) \n• Measurement of insulation resistance test\n• Reactance (%)\n• Dielectric routine tests\n• Vector group test ",null,{"$f":"VLOOKUP($D$7,'Source Data'!$A$2:$EK$28,141,FALSE)","v":"Report Numbers"}]

{"sheet":"189879","index":16,"n_rows":137,"n_cols":7,"rows_kept":137,"merged":[[2,5,2,6],[3,5,3,6],[7,5,9,6],[9,1,9,3]]}
[]
[]
[{"$nulls":5},"Specification: DSP 240-45395762 Rev.4"]
[{"$nulls":5},{"$f":"'List of Items & Enquiry number'!B14","v":"Enquiry Number: 123456XYZ"}]
[]
[{"$nulls":3},"TECHNICAL SCHEDULES A & B FOR \nPOLE-MOUNTED  DISTRIBUTION TRANSFORMERS"]
[{"$nulls":3},"Dual-phase, 64 kVA, 11 kV/+242V/-242V (Coastal, Ester Oil Only)"]
[{"$nulls":5},"Deviations from the specific requirements stated in Schedule A must be recorded and explained in the Deviation Schedule"]
[null,"Schedule A:  Purchaser's specific requirements"]
[null,"Schedule B:  Guarantees and technical particulars of equipment offered"]
[null,"Item","Sub-clause of 240- 45395762","Description",null,"Schedule A","Schedule B"]
[null,1,null,"Identification"]
[null,1.1,null,"Name of manufacturer",null,{"$f":"VLOOKUP($D$7,'Source Data'!$A$2:$EK$28,3,FALSE)","v":"xxxxxxxxxxx"}]
[null,1.2000000000000002,null,"Name of supplier",null,{"$f":"VLOOKUP($D$7,'Source Data'!$A$2:$EK$28,4,FALSE)","v":"xxxxxxxxxxx"}]
[null,1.3,null,"Product code for Coastal transformers",null,{"$f":"VLOOKUP($D$7,'Source Data'!$A$2:$EK$28,6,FALSE)","v":"xxxxxxxxxxx"}]
[null,1.4,null,"Are the transformers covered by the SANS 780 certification mark?",null,{"$f":"VLOOKUP($D$7,'Source Data'!$A$2:$EK$28,7,FALSE)","v":"xxxxxxxxxxx"}]
[null,1.5,null,"State SANS 780 permit number",null,{"$f":"VLOOKUP($D$7,'Source Data'!$A$2:$EK$28,8,FALSE)","v":"xxxxxxxxxxx"}]
[null,1.6,null,"Oil Type",null,{"$f":"VLOOKUP($D$7,'Source Data'!$A$2:$EK$28,9,FALSE)","v":"Ester Oil"}]
[null,2,3,"Ratings"]
[null,2.1,null,"Power rating","kVA",{"$f":"VLOOKUP($D$7,'Source Data'!$A$2:$EK$28,11,FALSE)","v":64}]
[null,2.2,null,"Rated primary voltage","kV",{"$f":"VLOOKUP($D$7,'Source Data'!$A$2:$EK$28,12,FALSE)","v":11}]
[null,2.3000000000000003,null,"Rated no-load secondary voltage","V",{"$f":"VLOOKUP($D$7,'Source Data'!$A$2:$EK$28,13,FALSE)","v":"±242"}]
[null,2.4000000000000004,null,"Frequency","Hz",{"$f":"VLOOKUP($D$7,'Source Data'!$A$2:$EK$28,14,FALSE)","v":50}]
[null,2.5,null,"Number of phases",null,{"$f":"VLOOKUP($D$7,'Source Data'!$A$2:$EK$28,15,FALSE)","v":"2ph"}]
[null,2.6,null,"Vector Group",null,{"$f":"VLOOKUP($D$7,'Source Data'!$A$2:$EK$28,16,FALSE)","v":"N/A"},"xxxxxxxxxxx"]
[null,3,"3.2.5","Insulation levels"]
[null,3.1,null,"BIL - Primary","kV",{"$f":"VLOOKUP($D$7,'Source Data'!$A$2:$EK$28,18,FALSE)","v":95}]
[null,3.2,null,"BIL - Secondary","kV",{"$f":"VLOOKUP($D$7,'Source Data'!$A$2:$EK$28,19,FALSE)","v":30}]
[null,3.3000000000000003,null,"Power frequency withstand voltage - Primary","kV",{"$f":"VLOOKUP($D$7,'Source Data'!$A$2:$EK$28,20,FALSE)","v":28}]
[null,3.4000000000000004,null,"Power frequency withstand voltage – Secondary","kV",{"$f":"VLOOKUP($D$7,'Source Data'!$A$2:$EK$28,21,FALSE)","v":8}]
[null,4,"3.2.8","Inter-turn winding insulation"]
[null,4.1,null,"Type (Enamel or Paper)",null,{"$f":"VLOOKUP($D$7,'Source Data'!$A$2:$EK$28,23,FALSE)","v":"xxxxxxxxxxx"}]
[null,4.199999999999999,null,"Enamel grade (if applicable)",null,{"$f":"VLOOKUP($D$7,'Source Data'!$A$2:$EK$28,24,FALSE)","v":"Grade 3"}]
[null,4.3,null,"Paper thickness (if applicable)","mm",{"$f":"VLOOKUP($D$7,'Source Data'!$A$2:$EK$28,25,FALSE)","v":"> 0.125"}]
[null,4.3999999999999995,null,"Paper type (if applicable)",null,{"$f":"VLOOKUP($D$7,'Source Data'!$A$2:$EK$28,26,FALSE)","v":"xxxxxxxxxxx"}]
[null,4.5,null,"Paper make (if applicable)",null,{"$f":"VLOOKUP($D$7,'Source Data'!$A$2:$EK$28,27,FALSE)","v":"xxxxxxxxxxx"}]
[null,4.6,null,"Paper minimum impulse withstand","kV",{"$f":"VLOOKUP($D$7,'Source Data'!$A$2:$EK$28,28,FALSE)","v":21}]
[null,4.7,null,"Paper minimum power frequency withstand ","kV",{"$f":"VLOOKUP($D$7,'Source Data'!$A$2:$EK$28,29,FALSE)","v":8}]
[null,4.8,null,"Inter-turn winding insulation stress shall not exceed 5 kV/mm","kV/mm",{"$f":"VLOOKUP($D$7,'Source Data'!$A$2:$EK$28,30,FALSE)","v":"<5"}]
[null,5,"3.2.9","Interlayer insulation"]
[null,5.1,null,"Highest interlayer stress in non-tap part of winding (<5kV/mm is not acceptable as the calculated value must be presented)","kV/mm",{"$f":"VLOOKUP($D$7,'Source Data'!$A$2:$EK$28,32,FALSE)","v":"< 5"}]
[null,5.199999999999999,null,"Highest interlayer stress in tap part of winding (<5kV/mm is not acceptable as the calculated value must be presented)","kV/mm",{"$f":"VLOOKUP($D$7,'Source Data'!$A$2:$EK$28,33,FALSE)","v":"< 5 "}]
[null,5.3,null,"Paper type.",null,{"$f":"VLOOKUP($D$7,'Source Data'!$A$2:$EK$28,34,FALSE)","v":"xxxxxxxxxxx"}]
[null,5.3999999999999995,null,"Paper make.",null,{"$f":"VLOOKUP($D$7,'Source Data'!$A$2:$EK$28,35,FALSE)","v":"xxxxxxxxxxx"}]
[null,6,"3.2.10","Tapping connections"]
[null,6.1,null,"Type ",null,{"$f":"VLOOKUP($D$7,'Source Data'!$A$2:$EK$28,37,FALSE)","v":"Switch"}]
[null,6.2,null,"Tapping range","%",{"$f":"VLOOKUP($D$7,'Source Data'!$A$2:$EK$28,38,FALSE)","v":"0, ±2.5, ±5"}]
[null,7,"3.2.11","MV Bushings for Coastal Transformers"]
[null,7.1,null,"Make ",null,{"$f":"VLOOKUP($D$7,'Source Data'!$A$2:$EK$28,48,FALSE)","v":"xxxxxxxxxxx"}]
[null,7.2,null,"Product code",null,{"$f":"VLOOKUP($D$7,'Source Data'!$A$2:$EK$28,49,FALSE)","v":"xxxxxxxxxxx"}]
[null,7.3,null,"Material (e.g. Porcelain)",null,{"$f":"VLOOKUP($D$7,'Source Data'!$A$2:$EK$28,50,FALSE)","v":"xxxxxxxxxxx"}]
[null,7.4,null,"Specific creepage distance","mm/kV",{"$f":"VLOOKUP($D$7,'Source Data'!$A$2:$EK$28,51,FALSE)","v":"≥ 31"}]
[null,7.5,null,"Clamping",null,{"$f":"VLOOKUP($D$7,'Source Data'!$A$2:$EK$28,52,FALSE)","v":"Base"}]
[null,7.6,null,"Type",null,{"$f":"VLOOKUP($D$7,'Source Data'!$A$2:$EK$28,53,FALSE)","v":"Draw lead"}]
[null,7.7,null,"Stem diameter",null,{"$f":"VLOOKUP($D$7,'Source Data'!$A$2:$EK$28,54,FALSE)","v":"M12"}]
[null,8,"3.2.11","LV Bushings"]
[null,8.1,null,"Make ",null,{"$f":"VLOOKUP($D$7,'Source Data'!$A$2:$EK$28,56,FALSE)","v":"xxxxxxxxxxx"}]
[null,8.2,null,"Product code",null,{"$f":"VLOOKUP($D$7,'Source Data'!$A$2:$EK$28,57,FALSE)","v":"xxxxxxxxxxx"}]
[null,8.3,null,"Material (e.g. Porcelain)",null,{"$f":"VLOOKUP($D$7,'Source Data'!$A$2:$EK$28,58,FALSE)","v":"xxxxxxxxxxx"}]
[null,8.4,null,"Stem diameter",null,{"$f":"VLOOKUP($D$7,'Source Data'!$A$2:$EK$28,59,FALSE)","v":"M12"}]
[null,8.5,null,"Supplied with flag ",null,{"$f":"VLOOKUP($D$7,'Source Data'!$A$2:$EK$28,60,FALSE)","v":"Yes"}]
[null,8.6,null,"Flag supplied with 2 x M12 x 40 mm set screws, 4 x flatwashers, 2 x spring washers and 2 x nuts",null,{"$f":"VLOOKUP($D$7,'Source Data'!$A$2:$EK$28,61,FALSE)","v":"Yes"}]
[null,9,"3.2.14","Losses"]
[null,9.1,null,"Loss factor base (Cost of Dx or Gx) ",null,{"$f":"VLOOKUP($D$7,'Source Data'!$A$2:$EK$28,63,FALSE)","v":"Distribution"},"xxxxxxxxxxx"]
[null,9.2,null,"No-load Loss Factor, NLLF ","R/kW",{"$f":"VLOOKUP($D$7,'Source Data'!$A$2:$EK$28,64,FALSE)","v":80500},"xxxxxxxxxxx"]
[null,9.3,null,"Load Loss Factor, LLF","R/kW",{"$f":"VLOOKUP($D$7,'Source Data'!$A$2:$EK$28,65,FALSE)","v":17500},"xxxxxxxxxxx"]
[null,9.4,null,"Guaranteed no-load losses, PNL (Steel Core)","W",210]
[null,9.5,null,"Guaranteed no-load losses, PNL (only if Amorphous Core is offered)","W",105]
[null,9.6,null,"Guaranteed load losses, PLL","W",1200]
[null,10,"3.2.14","Impedance voltage & X/R ratio"]
[null,10.1,null,"Impedance at principle tapping (specific design impedances to be stated)","%",{"$f":"VLOOKUP($D$7,'Source Data'!$A$2:$EK$28,69,FALSE)","v":"3,0 to 4,5"}]
[null,10.2,null,"X/R ratio",null,{"$f":"VLOOKUP($D$7,'Source Data'!$A$2:$EK$28,70,FALSE)","v":"xxxxxxxxxx"}]
[null,11,null,"Audio-sound level (SANS 780)"]
[null,11.1,null,"Maximum limit of transformer audio-sound level","db(A)",{"$f":"VLOOKUP($D$7,'Source Data'!$A$2:$EK$28,72,FALSE)","v":"≤ 48 "}]
[null,12,null,"MV winding wire"]
[null,12.1,null,"Material (e.g. Cu or Al)",null,{"$f":"VLOOKUP($D$7,'Source Data'!$A$2:$EK$28,74,FALSE)","v":"xxxxxxxxxxx"}]
[null,12.2,null,"Type (e.g. Round, Strip or Foil)",null,{"$f":"VLOOKUP($D$7,'Source Data'!$A$2:$EK$28,75,FALSE)","v":"xxxxxxxxxxx"}]
[null,13,null,"LV winding wire"]
[null,13.1,null,"Material (e.g. Cu or Al)",null,{"$f":"VLOOKUP($D$7,'Source Data'!$A$2:$EK$28,77,FALSE)","v":"xxxxxxxxxxx"}]
[null,13.2,null,"Type (e.g. Round, Strip or Foil)",null,{"$f":"VLOOKUP($D$7,'Source Data'!$A$2:$EK$28,78,FALSE)","v":"xxxxxxxxxxx"}]
[null,14,null,"Core material"]
[null,14.1,null,"Core material ",null,{"$f":"VLOOKUP($D$7,'Source Data'!$A$2:$EK$28,80,FALSE)","v":"Steel or Amporphous"}]
[null,14.2,null,"Type/code ",null,{"$f":"VLOOKUP($D$7,'Source Data'!$A$2:$EK$28,81,FALSE)","v":"xxxxxxxxxxx"}]
[null,14.3,null,"Maximum Flux Density of Material",null,{"$f":"VLOOKUP($D$7,'Source Data'!$A$2:$EK$28,82,FALSE)","v":"xxxxxxxxxxx"}]
[null,14.4,null,"Supplier",null,{"$f":"VLOOKUP($D$7,'Source Data'!$A$2:$EK$28,83,FALSE)","v":"xxxxxxxxxxx"}]
[null,15,"3.3.2","Tank and tank cover"]
[null,15.1,null,"Tank type: Sealed",null,{"$f":"VLOOKUP($D$7,'Source Data'!$A$2:$EK$28,85,FALSE)","v":"Sealed"}]
[null,15.2,null,"Plain, rigid or corrugated",null,{"$f":"VLOOKUP($D$7,'Source Data'!$A$2:$EK$28,86,FALSE)","v":"xxxxxxxxxx"}]
[null,16,"3.3.3","Transformer dimensions"]
[null,16.1,"Figure 12","Wo (including surge arrester)","mm",{"$f":"VLOOKUP($D$7,'Source Data'!$A$2:$EK$28,88,FALSE)","v":"≤ 1 080 "}]
[null,16.2,"Figure 12","Lo","mm",{"$f":"VLOOKUP($D$7,'Source Data'!$A$2:$EK$28,89,FALSE)","v":"≤ 1 500 "}]
[null,16.3,"Figure 12","Ht","mm",{"$f":"VLOOKUP($D$7,'Source Data'!$A$2:$EK$28,90,FALSE)","v":"≤ 1 500 "}]
[null,16.4,"Figure 12","Mass","kg",{"$f":"VLOOKUP($D$7,'Source Data'!$A$2:$EK$28,91,FALSE)","v":"≤ 900 "}]
[null,16.5,null,"Oil capacity","l",{"$f":"VLOOKUP($D$7,'Source Data'!$A$2:$EK$28,92,FALSE)","v":"xxxxxxxxxxx"}]
[null,16.6,null,"Minimum clearance between live MV terminals and from MV live terminals to any part of the tank greater than twice the BIL ","mm",{"$f":"VLOOKUP($D$7,'Source Data'!$A$2:$EK$28,93,FALSE)","v":190}]
[null,16.7,"3.3.4","Minimum mechanical clearance of 100 mm between the brackets and LV bushings shall be maintained","mm",{"$f":"VLOOKUP($D$7,'Source Data'!$A$2:$EK$28,94,FALSE)","v":100}]
[null,17,"3.3.4","Pole mounting bracket"]
[null,17.1,null,"Single pole mounting bracket required? (Yes or No)",null,{"$f":"VLOOKUP($D$7,'Source Data'!$A$2:$EK$28,96,FALSE)","v":"Yes"}]
[null,"17.2.1",null,"Supplied with: - 2 x clamps",null,{"$f":"VLOOKUP($D$7,'Source Data'!$A$2:$EK$28,97,FALSE)","v":"Yes"}]
[null,"17.2.2",null,"                     - 1 x threaded rod (M20 x 350 mm)",null,{"$f":"VLOOKUP($D$7,'Source Data'!$A$2:$EK$28,98,FALSE)","v":"Yes"}]
[null,"17.2.3",null,"                     - 4 x threaded rods (M20 x 250 mm)",null,{"$f":"VLOOKUP($D$7,'Source Data'!$A$2:$EK$28,99,FALSE)","v":"Yes"}]
[null,"17.2.4",null,"                     - 12 x nuts, flat washers & spring washers (M20)",null,{"$f":"VLOOKUP($D$7,'Source Data'!$A$2:$EK$28,100,FALSE)","v":"Yes"}]
[null,17.2,"Figure 13","Dimension Mo","mm",{"$f":"VLOOKUP($D$7,'Source Data'!$A$2:$EK$28,101,FALSE)","v":400}]
[null,17.3,"Figure 13","Dimension h1","mm",{"$f":"VLOOKUP($D$7,'Source Data'!$A$2:$EK$28,102,FALSE)","v":"≤ 400 "}]
[null,17.4,"Figure 13","Dimension W1","mm",{"$f":"VLOOKUP($D$7,'Source Data'!$A$2:$EK$28,103,FALSE)","v":"≤ 450 "}]
[null,17.5,"Figure 13","Mounting hole diameter","mm",{"$f":"VLOOKUP($D$7,'Source Data'!$A$2:$EK$28,104,FALSE)","v":22}]
[null,17.6,"Figure 13","Mounting hole centres","mm",{"$f":"VLOOKUP($D$7,'Source Data'!$A$2:$EK$28,105,FALSE)","v":146}]
[null,18,"3.3.5","Transformer under base"]
[null,18.1,null,"Under base required? (Yes or No)",null,{"$f":"VLOOKUP($D$7,'Source Data'!$A$2:$EK$28,107,FALSE)","v":"No"},"xxxxxxxxxxx"]
[null,18.2,"Figure14","Lml","mm",{"$f":"VLOOKUP($D$7,'Source Data'!$A$2:$EK$28,108,FALSE)","v":400},"N/A"]
[null,18.3,"Figure14","Lmw (300, 400 or 450)","mm",{"$f":"VLOOKUP($D$7,'Source Data'!$A$2:$EK$28,109,FALSE)","v":"xxxxxxxxxxx"},"N/A"]
[null,18.4,"Figure14","Ls","mm",{"$f":"VLOOKUP($D$7,'Source Data'!$A$2:$EK$28,110,FALSE)","v":"≥ 320"},"N/A"]
[null,18.5,"Figure14","Lmh","mm",{"$f":"VLOOKUP($D$7,'Source Data'!$A$2:$EK$28,111,FALSE)","v":"≤ 120 "},"N/A"]
[null,18.6,"Figure14","Mounting hole diameter","mm",{"$f":"VLOOKUP($D$7,'Source Data'!$A$2:$EK$28,112,FALSE)","v":22},"N/A"]
[null,19,"3.3.6","Lifting lugs"]
[null,19.1,null,"Lifting lugs fitted",null,{"$f":"VLOOKUP($D$7,'Source Data'!$A$2:$EK$28,114,FALSE)","v":"Yes"}]
[null,19.2,null,"Hole diameter","mm",{"$f":"VLOOKUP($D$7,'Source Data'!$A$2:$EK$28,115,FALSE)","v":"≥ 30 "}]
[null,20,"3.3.7","Earthing terminals"]
[null,20.1,null,"Boss material ",null,{"$f":"VLOOKUP($D$7,'Source Data'!$A$2:$EK$28,117,FALSE)","v":"316 Stainless Steel or Mild Steel"}]
[null,20.2,null,"Boss depth","mm",{"$f":"VLOOKUP($D$7,'Source Data'!$A$2:$EK$28,118,FALSE)","v":"≥ 30"}]
[null,20.3,null,"Set screw material",null,{"$f":"VLOOKUP($D$7,'Source Data'!$A$2:$EK$28,119,FALSE)","v":"316 Stainless Steel or Mild Steel"}]
[null,20.4,null,"Set screw dimensions","mm",{"$f":"VLOOKUP($D$7,'Source Data'!$A$2:$EK$28,120,FALSE)","v":"M12 x 25 "}]
[null,20.5,null,"Supplied with washer and spring washer",null,{"$f":"VLOOKUP($D$7,'Source Data'!$A$2:$EK$28,121,FALSE)","v":"Yes"}]
[null,21,"3.3.8","Surge arrester brackets"]
[null,21.1,null,"Surge arrester brackets fitted",null,{"$f":"VLOOKUP($D$7,'Source Data'!$A$2:$EK$28,123,FALSE)","v":"Yes"}]
[null,21.2,"Figure 16","Mounting hole diameter","mm",{"$f":"VLOOKUP($D$7,'Source Data'!$A$2:$EK$28,124,FALSE)","v":14}]
[null,21.3,"Figure 16","Dimension D (worst case)","mm",{"$f":"VLOOKUP($D$7,'Source Data'!$A$2:$EK$28,125,FALSE)","v":"≥ 200"}]
[null,21.4,"Figure 16","Dimension E (worst case)","mm",{"$f":"VLOOKUP($D$7,'Source Data'!$A$2:$EK$28,126,FALSE)","v":"≥ 190"}]
[null,21.5,"Figure 16","Dimension F (worst case)","mm",{"$f":"VLOOKUP($D$7,'Source Data'!$A$2:$EK$28,127,FALSE)","v":"≥ 150"}]
[null,22,3.4,"Corrosion protection for Coastal transformers"]
[null,22.1,null,"Indicate the coating system (i.e. DS numbers according to DSP 240-75655504) that is offered. (e.g. DS-14 + DS-15 for zinc sprayed mild steel with duplex coating)"]
[null,22.2,null,"Tank ",null,{"$f":"VLOOKUP($D$7,'Source Data'!$A$2:$EK$28,136,FALSE)","v":"xxxxxxxxxxx"}]
[null,22.3,null,"Radiators",null,{"$f":"VLOOKUP($D$7,'Source Data'!$A$2:$EK$28,137,FALSE)","v":"xxxxxxxxxxx"}]
[null,22.4,null,"Threaded rods and accessories",null,{"$f":"VLOOKUP($D$7,'Source Data'!$A$2:$EK$28,138,FALSE)","v":"xxxxxxxxxxx"}]
[null,22.5,null,"Colour of final coat",null,{"$f":"VLOOKUP($D$7,'Source Data'!$A$2:$EK$28,139,FALSE)","v":"Azure Blue"}]
[null,23,4.2,"All Type Tests in Accordance with SANS 780:\n\n• Temperature rise test \n• Dielectric type test\n• Tank stiffness test \n• Corrugated tank fatigue test\n• Equivalent disturbing current test (This test is only applicable to SWER transformers)\n• Short Circuit Withstand Test\n• Natural ageing and pollution performance test",null,{"$f":"VLOOKUP($D$7,'Source Data'!$A$2:$EK$28,140,FALSE)","v":"Report Numbers"}]
[null,24,4.3,"All Routine Tests in Accordance with SANS 780:\n\n• Measurement of winding resistance\n• Measurement of voltage ratio and phase displacement\n• Measurement of short-circuit impedance and load loss\n• Measurement of no-load loss and current\n• Separate source voltage test\n• Induced overvoltage test\n• Measurement of paint thickness\n• Test for effectiveness of sealing\n• Measurement of secondary voltage across outer two terminals to be 484 V. (Only applicable to dual-phase transformers.) \n• Measurement of insulation resistance test\n• Reactance (%)\n• Dielectric routine tests\n• Vector group test ",null,{"$f":"VLOOKUP($D$7,'Source Data'!$A$2:$EK$28,141,FALSE)","v":"Report Numbers"}]

{"sheet":"189923","index":17,"n_rows":137,"n_cols":7,"rows_kept":137,"merged":[[2,5,2,6],[3,5,3,6],[7,5,9,6],[9,1,9,3]]}
[]
[]
[{"$nulls":5},"Specification: DSP 240-45395762 Rev.4"]
[{"$nulls":5},{"$f":"'List of Items & Enquiry number'!B14","v":"Enquiry Number: 123456XYZ"}]
[]
[{"$nulls":3},"TECHNICAL SCHEDULES A & B FOR \nPOLE-MOUNTED  DISTRIBUTION TRANSFORMERS"]
[{"$nulls":3},"Dual-phase, 64 kVA, 22 kV/+242V/-242V (Coastal, Ester Oil Only)"]
[{"$nulls":5},"Deviations from the specific requirements stated in Schedule A must be recorded and explained in the Deviation Schedule"]
[null,"Schedule A:  Purchaser's specific requirements"]
[null,"Schedule B:  Guarantees and technical particulars of equipment offered"]
[null,"Item","Sub-clause of 240- 45395762","Description",null,"Schedule A","Schedule B"]
[null,1,null,"Identification"]
[null,1.1,null,"Name of manufacturer",null,{"$f":"VLOOKUP($D$7,'Source Data'!$A$2:$EK$28,3,FALSE)","v":"xxxxxxxxxxx"}]
[null,1.2000000000000002,null,"Name of supplier",null,{"$f":"VLOOKUP($D$7,'Source Data'!$A$2:$EK$28,4,FALSE)","v":"xxxxxxxxxxx"}]
[null,1.3,null,"Product code for Coastal transformers",null,{"$f":"VLOOKUP($D$7,'Source Data'!$A$2:$EK$28,6,FALSE)","v":"xxxxxxxxxxx"}]
[null,1.4,null,"Are the transformers covered by the SANS 780 certification mark?",null,{"$f":"VLOOKUP($D$7,'Source Data'!$A$2:$EK$28,7,FALSE)","v":"xxxxxxxxxxx"}]
[null,1.5,null,"State SANS 780 permit number",null,{"$f":"VLOOKUP($D$7,'Source Data'!$A$2:$EK$28,8,FALSE)","v":"xxxxxxxxxxx"}]
[null,1.6,null,"Oil Type",null,{"$f":"VLOOKUP($D$7,'Source Data'!$A$2:$EK$28,9,FALSE)","v":"Ester Oil"}]
[null,2,3,"Ratings"]
[null,2.1,null,"Power rating","kVA",{"$f":"VLOOKUP($D$7,'Source Data'!$A$2:$EK$28,11,FALSE)","v":64}]
[null,2.2,null,"Rated primary voltage","kV",{"$f":"VLOOKUP($D$7,'Source Data'!$A$2:$EK$28,12,FALSE)","v":22}]
[null,2.3000000000000003,null,"Rated no-load secondary voltage","V",{"$f":"VLOOKUP($D$7,'Source Data'!$A$2:$EK$28,13,FALSE)","v":"±242"}]
[null,2.4000000000000004,null,"Frequency","Hz",{"$f":"VLOOKUP($D$7,'Source Data'!$A$2:$EK$28,14,FALSE)","v":50}]
[null,2.5,null,"Number of phases",null,{"$f":"VLOOKUP($D$7,'Source Data'!$A$2:$EK$28,15,FALSE)","v":"2ph"}]
[null,2.6,null,"Vector Group",null,{"$f":"VLOOKUP($D$7,'Source Data'!$A$2:$EK$28,16,FALSE)","v":"N/A"},"xxxxxxxxxxx"]
[null,3,"3.2.5","Insulation levels"]
[null,3.1,null,"BIL - Primary","kV",{"$f":"VLOOKUP($D$7,'Source Data'!$A$2:$EK$28,18,FALSE)","v":150}]
[null,3.2,null,"BIL - Secondary","kV",{"$f":"VLOOKUP($D$7,'Source Data'!$A$2:$EK$28,19,FALSE)","v":30}]
[null,3.3000000000000003,null,"Power frequency withstand voltage - Primary","kV",{"$f":"VLOOKUP($D$7,'Source Data'!$A$2:$EK$28,20,FALSE)","v":50}]
[null,3.4000000000000004,null,"Power frequency withstand voltage – Secondary","kV",{"$f":"VLOOKUP($D$7,'Source Data'!$A$2:$EK$28,21,FALSE)","v":8}]
[null,4,"3.2.8","Inter-turn winding insulation"]
[null,4.1,null,"Type (Enamel or Paper)",null,{"$f":"VLOOKUP($D$7,'Source Data'!$A$2:$EK$28,23,FALSE)","v":"xxxxxxxxxxx"}]
[null,4.199999999999999,null,"Enamel grade (if applicable)",null,{"$f":"VLOOKUP($D$7,'Source Data'!$A$2:$EK$28,24,FALSE)","v":"Grade 3"}]
[null,4.3,null,"Paper thickness (if applicable)","mm",{"$f":"VLOOKUP($D$7,'Source Data'!$A$2:$EK$28,25,FALSE)","v":"> 0.125"}]
[null,4.3999999999999995,null,"Paper type (if applicable)",null,{"$f":"VLOOKUP($D$7,'Source Data'!$A$2:$EK$28,26,FALSE)","v":"xxxxxxxxxxx"}]
[null,4.5,null,"Paper make (if applicable)",null,{"$f":"VLOOKUP($D$7,'Source Data'!$A$2:$EK$28,27,FALSE)","v":"xxxxxxxxxxx"}]
[null,4.6,null,"Paper minimum impulse withstand","kV",{"$f":"VLOOKUP($D$7,'Source Data'!$A$2:$EK$28,28,FALSE)","v":21}]
[null,4.7,null,"Paper minimum power frequency withstand ","kV",{"$f":"VLOOKUP($D$7,'Source Data'!$A$2:$EK$28,29,FALSE)","v":8}]
[null,4.8,null,"Inter-turn winding insulation stress shall not exceed 5 kV/mm","kV/mm",{"$f":"VLOOKUP($D$7,'Source Data'!$A$2:$EK$28,30,FALSE)","v":"<5"}]
[null,5,"3.2.9","Interlayer insulation"]
[null,5.1,null,"Highest interlayer stress in non-tap part of winding (<5kV/mm is not acceptable as the calculated value must be presented)","kV/mm",{"$f":"VLOOKUP($D$7,'Source Data'!$A$2:$EK$28,32,FALSE)","v":"< 5"}]
[null,5.199999999999999,null,"Highest interlayer stress in tap part of winding (<5kV/mm is not acceptable as the calculated value must be presented)","kV/mm",{"$f":"VLOOKUP($D$7,'Source Data'!$A$2:$EK$28,33,FALSE)","v":"< 5 "}]
[null,5.3,null,"Paper type.",null,{"$f":"VLOOKUP($D$7,'Source Data'!$A$2:$EK$28,34,FALSE)","v":"xxxxxxxxxxx"}]
[null,5.3999999999999995,null,"Paper make.",null,{"$f":"VLOOKUP($D$7,'Source Data'!$A$2:$EK$28,35,FALSE)","v":"xxxxxxxxxxx"}]
[null,6,"3.2.10","Tapping connections"]
[null,6.1,null,"Type ",null,{"$f":"VLOOKUP($D$7,'Source Data'!$A$2:$EK$28,37,FALSE)","v":"Switch"}]
[null,6.2,null,"Tapping range","%",{"$f":"VLOOKUP($D$7,'Source Data'!$A$2:$EK$28,38,FALSE)","v":"0, ±2.5, ±5"}]
[null,7,"3.2.11","MV Bushings for Coastal Transformers"]
[null,7.1,null,"Make ",null,{"$f":"VLOOKUP($D$7,'Source Data'!$A$2:$EK$28,48,FALSE)","v":"xxxxxxxxxxx"}]
[null,7.2,null,"Product code",null,{"$f":"VLOOKUP($D$7,'Source Data'!$A$2:$EK$28,49,FALSE)","v":"xxxxxxxxxxx"}]
[null,7.3,null,"Material (e.g. Porcelain)",null,{"$f":"VLOOKUP($D$7,'Source Data'!$A$2:$EK$28,50,FALSE)","v":"xxxxxxxxxxx"}]
[null,7.4,null,"Specific creepage distance","mm/kV",{"$f":"VLOOKUP($D$7,'Source Data'!$A$2:$EK$28,51,FALSE)","v":"≥ 31"}]
[null,7.5,null,"Clamping",null,{"$f":"VLOOKUP($D$7,'Source Data'!$A$2:$EK$28,52,FALSE)","v":"Base"}]
[null,7.6,null,"Type",null,{"$f":"VLOOKUP($D$7,'Source Data'!$A$2:$EK$28,53,FALSE)","v":"Draw lead"}]
[null,7.7,null,"Stem diameter",null,{"$f":"VLOOKUP($D$7,'Source Data'!$A$2:$EK$28,54,FALSE)","v":"M12"}]
[null,8,"3.2.11","LV Bushings"]
[null,8.1,null,"Make ",null,{"$f":"VLOOKUP($D$7,'Source Data'!$A$2:$EK$28,56,FALSE)","v":"xxxxxxxxxxx"}]
[null,8.2,null,"Product code",null,{"$f":"VLOOKUP($D$7,'Source Data'!$A$2:$EK$28,57,FALSE)","v":"xxxxxxxxxxx"}]
[null,8.3,null,"Material (e.g. Porcelain)",null,{"$f":"VLOOKUP($D$7,'Source Data'!$A$2:$EK$28,58,FALSE)","v":"xxxxxxxxxxx"}]
[null,8.4,null,"Stem diameter",null,{"$f":"VLOOKUP($D$7,'Source Data'!$A$2:$EK$28,59,FALSE)","v":"M12"}]
[null,8.5,null,"Supplied with flag ",null,{"$f":"VLOOKUP($D$7,'Source Data'!$A$2:$EK$28,60,FALSE)","v":"Yes"}]
[null,8.6,null,"Flag supplied with 2 x M12 x 40 mm set screws, 4 x flatwashers, 2 x spring washers and 2 x nuts",null,{"$f":"VLOOKUP($D$7,'Source Data'!$A$2:$EK$28,61,FALSE)","v":"Yes"}]
[null,9,"3.2.14","Losses"]
[null,9.1,null,"Loss factor base (Cost of Dx or Gx) ",null,{"$f":"VLOOKUP($D$7,'Source Data'!$A$2:$EK$28,63,FALSE)","v":"Distribution"},"xxxxxxxxxxx"]
[null,9.2,null,"No-load Loss Factor, NLLF ","R/kW",{"$f":"VLOOKUP($D$7,'Source Data'!$A$2:$EK$28,64,FALSE)","v":80500},"xxxxxxxxxxx"]
[null,9.3,null,"Load Loss Factor, LLF","R/kW",{"$f":"VLOOKUP($D$7,'Source Data'!$A$2:$EK$28,65,FALSE)","v":17500},"xxxxxxxxxxx"]
[null,9.4,null,"Guaranteed no-load losses, PNL (Steel Core)","W",260]
[null,9.5,null,"Guaranteed no-load losses, PNL (only if Amorphous Core is offered)","W",130]
[null,9.6,null,"Guaranteed load losses, PLL","W",1200]
[null,10,"3.2.14","Impedance voltage & X/R ratio"]
[null,10.1,null,"Impedance at principle tapping (specific design impedances to be stated)","%",{"$f":"VLOOKUP($D$7,'Source Data'!$A$2:$EK$28,69,FALSE)","v":"3,0 to 4,5"}]
[null,10.2,null,"X/R ratio",null,{"$f":"VLOOKUP($D$7,'Source Data'!$A$2:$EK$28,70,FALSE)","v":"xxxxxxxxxx"}]
[null,11,null,"Audio-sound level (SANS 780)"]
[null,11.1,null,"Maximum limit of transformer audio-sound level","db(A)",{"$f":"VLOOKUP($D$7,'Source Data'!$A$2:$EK$28,72,FALSE)","v":"≤ 48 "}]
[null,12,null,"MV winding wire"]
[null,12.1,null,"Material (e.g. Cu or Al)",null,{"$f":"VLOOKUP($D$7,'Source Data'!$A$2:$EK$28,74,FALSE)","v":"xxxxxxxxxxx"}]
[null,12.2,null,"Type (e.g. Round, Strip or Foil)",null,{"$f":"VLOOKUP($D$7,'Source Data'!$A$2:$EK$28,75,FALSE)","v":"xxxxxxxxxxx"}]
[null,13,null,"LV winding wire"]
[null,13.1,null,"Material (e.g. Cu or Al)",null,{"$f":"VLOOKUP($D$7,'Source Data'!$A$2:$EK$28,77,FALSE)","v":"xxxxxxxxxxx"}]
[null,13.2,null,"Type (e.g. Round, Strip or Foil)",null,{"$f":"VLOOKUP($D$7,'Source Data'!$A$2:$EK$28,78,FALSE)","v":"xxxxxxxxxxx"}]
[null,14,null,"Core material"]
[null,14.1,null,"Core material ",null,{"$f":"VLOOKUP($D$7,'Source Data'!$A$2:$EK$28,80,FALSE)","v":"Steel or Amporphous"}]
[null,14.2,null,"Type/code ",null,{"$f":"VLOOKUP($D$7,'Source Data'!$A$2:$EK$28,81,FALSE)","v":"xxxxxxxxxxx"}]
[null,14.3,null,"Maximum Flux Density of Material",null,{"$f":"VLOOKUP($D$7,'Source Data'!$A$2:$EK$28,82,FALSE)","v":"xxxxxxxxxxx"}]
[null,14.4,null,"Supplier",null,{"$f":"VLOOKUP($D$7,'Source Data'!$A$2:$EK$28,83,FALSE)","v":"xxxxxxxxxxx"}]
[null,15,"3.3.2","Tank and tank cover"]
[null,15.1,null,"Tank type: Sealed",null,{"$f":"VLOOKUP($D$7,'Source Data'!$A$2:$EK$28,85,FALSE)","v":"Sealed"}]
[null,15.2,null,"Plain, rigid or corrugated",null,{"$f":"VLOOKUP($D$7,'Source Data'!$A$2:$EK$28,86,FALSE)","v":"xxxxxxxxxx"}]
[null,16,"3.3.3","Transformer dimensions"]
[null,16.1,"Figure 12","Wo (including surge arrester)","mm",{"$f":"VLOOKUP($D$7,'Source Data'!$A$2:$EK$28,88,FALSE)","v":"≤ 1 080 "}]
[null,16.2,"Figure 12","Lo","mm",{"$f":"VLOOKUP($D$7,'Source Data'!$A$2:$EK$28,89,FALSE)","v":"≤ 1 500 "}]
[null,16.3,"Figure 12","Ht","mm",{"$f":"VLOOKUP($D$7,'Source Data'!$A$2:$EK$28,90,FALSE)","v":"≤ 1 500 "}]
[null,16.4,"Figure 12","Mass","kg",{"$f":"VLOOKUP($D$7,'Source Data'!$A$2:$EK$28,91,FALSE)","v":"≤ 900 "}]
[null,16.5,null,"Oil capacity","l",{"$f":"VLOOKUP($D$7,'Source Data'!$A$2:$EK$28,92,FALSE)","v":"xxxxxxxxxxx"}]
[null,16.6,null,"Minimum clearance between live MV terminals and from MV live terminals to any part of the tank greater than twice the BIL ","mm",{"$f":"VLOOKUP($D$7,'Source Data'!$A$2:$EK$28,93,FALSE)","v":300}]
[null,16.7,"3.3.4","Minimum mechanical clearance of 100 mm between the brackets and LV bushings shall be maintained","mm",{"$f":"VLOOKUP($D$7,'Source Data'!$A$2:$EK$28,94,FALSE)","v":100}]
[null,17,"3.3.4","Pole mounting bracket"]
[null,17.1,null,"Single pole mounting bracket required? (Yes or No)",null,{"$f":"VLOOKUP($D$7,'Source Data'!$A$2:$EK$28,96,FALSE)","v":"Yes"}]
[null,"17.2.1",null,"Supplied with: - 2 x clamps",null,{"$f":"VLOOKUP($D$7,'Source Data'!$A$2:$EK$28,97,FALSE)","v":"Yes"}]
[null,"17.2.2",null,"                     - 1 x threaded rod (M20 x 350 mm)",null,{"$f":"VLOOKUP($D$7,'Source Data'!$A$2:$EK$28,98,FALSE)","v":"Yes"}]
[null,"17.2.3",null,"                     - 4 x threaded rods (M20 x 250 mm)",null,{"$f":"VLOOKUP($D$7,'Source Data'!$A$2:$EK$28,99,FALSE)","v":"Yes"}]
[null,"17.2.4",null,"                     - 12 x nuts, flat washers & spring washers (M20)",null,{"$f":"VLOOKUP($D$7,'Source Data'!$A$2:$EK$28,100,FALSE)","v":"Yes"}]
[null,17.2,"Figure 13","Dimension Mo","mm",{"$f":"VLOOKUP($D$7,'Source Data'!$A$2:$EK$28,101,FALSE)","v":400}]
[null,17.3,"Figure 13","Dimension h1","mm",{"$f":"VLOOKUP($D$7,'Source Data'!$A$2:$EK$28,102,FALSE)","v":"≤ 400 "}]
[null,17.4,"Figure 13","Dimension W1","mm",{"$f":"VLOOKUP($D$7,'Source Data'!$A$2:$EK$28,103,FALSE)","v":"≤ 450 "}]
[null,17.5,"Figure 13","Mounting hole diameter","mm",{"$f":"VLOOKUP($D$7,'Source Data'!$A$2:$EK$28,104,FALSE)","v":22}]
[null,17.6,"Figure 13","Mounting hole centres","mm",{"$f":"VLOOKUP($D$7,'Source Data'!$A$2:$EK$28,105,FALSE)","v":146}]
[null,18,"3.3.5","Transformer under base"]
[null,18.1,null,"Under base required? (Yes or No)",null,{"$f":"VLOOKUP($D$7,'Source Data'!$A$2:$EK$28,107,FALSE)","v":"No"},"xxxxxxxxxxx"]
[null,18.2,"Figure14","Lml","mm",{"$f":"VLOOKUP($D$7,'Source Data'!$A$2:$EK$28,108,FALSE)","v":400},"N/A"]
[null,18.3,"Figure14","Lmw (300, 400 or 450)","mm",{"$f":"VLOOKUP($D$7,'Source Data'!$A$2:$EK$28,109,FALSE)","v":"xxxxxxxxxxx"},"N/A"]
[null,18.4,"Figure14","Ls","mm",{"$f":"VLOOKUP($D$7,'Source Data'!$A$2:$EK$28,110,FALSE)","v":"≥ 320"},"N/A"]
[null,18.5,"Figure14","Lmh","mm",{"$f":"VLOOKUP($D$7,'Source Data'!$A$2:$EK$28,111,FALSE)","v":"≤ 120 "},"N/A"]
[null,18.6,"Figure14","Mounting hole diameter","mm",{"$f":"VLOOKUP($D$7,'Source Data'!$A$2:$EK$28,112,FALSE)","v":22},"N/A"]
[null,19,"3.3.6","Lifting lugs"]
[null,19.1,null,"Lifting lugs fitted",null,{"$f":"VLOOKUP($D$7,'Source Data'!$A$2:$EK$28,114,FALSE)","v":"Yes"}]
[null,19.2,null,"Hole diameter","mm",{"$f":"VLOOKUP($D$7,'Source Data'!$A$2:$EK$28,115,FALSE)","v":"≥ 30 "}]
[null,20,"3.3.7","Earthing terminals"]
[null,20.1,null,"Boss material ",null,{"$f":"VLOOKUP($D$7,'Source Data'!$A$2:$EK$28,117,FALSE)","v":"316 Stainless Steel or Mild Steel"}]
[null,20.2,null,"Boss depth","mm",{"$f":"VLOOKUP($D$7,'Source Data'!$A$2:$EK$28,118,FALSE)","v":"≥ 30"}]
[null,20.3,null,"Set screw material",null,{"$f":"VLOOKUP($D$7,'Source Data'!$A$2:$EK$28,119,FALSE)","v":"316 Stainless Steel or Mild Steel"}]
[null,20.4,null,"Set screw dimensions","mm",{"$f":"VLOOKUP($D$7,'Source Data'!$A$2:$EK$28,120,FALSE)","v":"M12 x 25 "}]
[null,20.5,null,"Supplied with washer and spring washer",null,{"$f":"VLOOKUP($D$7,'Source Data'!$A$2:$EK$28,121,FALSE)","v":"Yes"}]
[null,21,"3.3.8","Surge arrester brackets"]
[null,21.1,null,"Surge arrester brackets fitted",null,{"$f":"VLOOKUP($D$7,'Source Data'!$A$2:$EK$28,123,FALSE)","v":"Yes"}]
[null,21.2,"Figure 16","Mounting hole diameter","mm",{"$f":"VLOOKUP($D$7,'Source Data'!$A$2:$EK$28,124,FALSE)","v":14}]
[null,21.3,"Figure 16","Dimension D (worst case)","mm",{"$f":"VLOOKUP($D$7,'Source Data'!$A$2:$EK$28,125,FALSE)","v":"≥ 200"}]
[null,21.4,"Figure 16","Dimension E (worst case)","mm",{"$f":"VLOOKUP($D$7,'Source Data'!$A$2:$EK$28,126,FALSE)","v":"≥ 300"}]
[null,21.5,"Figure 16","Dimension F (worst case)","mm",{"$f":"VLOOKUP($D$7,'Source Data'!$A$2:$EK$28,127,FALSE)","v":"≥ 150"}]
[null,22,3.4,"Corrosion protection for Coastal transformers"]
[null,22.1,null,"Indicate the coating system (i.e. DS numbers according to DSP 240-75655504) that is offered. (e.g. DS-14 + DS-15 for zinc sprayed mild steel with duplex coating)"]
[null,22.2,null,"Tank ",null,{"$f":"VLOOKUP($D$7,'Source Data'!$A$2:$EK$28,136,FALSE)","v":"xxxxxxxxxxx"}]
[null,22.3,null,"Radiators",null,{"$f":"VLOOKUP($D$7,'Source Data'!$A$2:$EK$28,137,FALSE)","v":"xxxxxxxxxxx"}]
[null,22.4,null,"Threaded rods and accessories",null,{"$f":"VLOOKUP($D$7,'Source Data'!$A$2:$EK$28,138,FALSE)","v":"xxxxxxxxxxx"}]
[null,22.5,null,"Colour of final coat",null,{"$f":"VLOOKUP($D$7,'Source Data'!$A$2:$EK$28,139,FALSE)","v":"Azure Blue"}]
[null,23,4.2,"All Type Tests in Accordance with SANS 780:\n\n• Temperature rise test \n• Dielectric type test\n• Tank stiffness test \n• Corrugated tank fatigue test\n• Equivalent disturbing current test (This test is only applicable to SWER transformers)\n• Short Circuit Withstand Test\n• Natural ageing and pollution performance test",null,{"$f":"VLOOKUP($D$7,'Source Data'!$A$2:$EK$28,140,FALSE)","v":"Report Numbers"}]
[null,24,4.3,"All Routine Tests in Accordance with SANS 780:\n\n• Measurement of winding resistance\n• Measurement of voltage ratio and phase displacement\n• Measurement of short-circuit impedance and load loss\n• Measurement of no-load loss and current\n• Separate source voltage test\n• Induced overvoltage test\n• Measurement of paint thickness\n• Test for effectiveness of sealing\n• Measurement of secondary voltage across outer two terminals to be 484 V. (Only applicable to dual-phase transformers.) \n• Measurement of insulation resistance test\n• Reactance (%)\n• Dielectric routine tests\n• Vector group test ",null,{"$f":"VLOOKUP($D$7,'Source Data'!$A$2:$EK$28,141,FALSE)","v":"Report Numbers"}]

{"sheet":"189925","index":18,"n_rows":137,"n_cols":7,"rows_kept":137,"merged":[[2,5,2,6],[3,5,3,6],[7,5,9,6],[9,1,9,3]]}
[]
[]
[{"$nulls":5},"Specification: DSP 240-45395762 Rev.4"]
[{"$nulls":5},{"$f":"'List of Items & Enquiry number'!B14","v":"Enquiry Number: 123456XYZ"}]
[]
[{"$nulls":3},"TECHNICAL SCHEDULES A & B FOR \nPOLE-MOUNTED  DISTRIBUTION TRANSFORMERS"]
[{"$nulls":3},"Dual-phase, 64 kVA, 33 kV/+242V/-242V (Coastal, Ester Oil Only)"]
[{"$nulls":5},"Deviations from the specific requirements stated in Schedule A must be recorded and explained in the Deviation Schedule"]
[null,"Schedule A:  Purchaser's specific requirements"]
[null,"Schedule B:  Guarantees and technical particulars of equipment offered"]
[null,"Item","Sub-clause of 240- 45395762","Description",null,"Schedule A","Schedule B"]
[null,1,null,"Identification"]
[null,1.1,null,"Name of manufacturer",null,{"$f":"VLOOKUP($D$7,'Source Data'!$A$2:$EK$28,3,FALSE)","v":"xxxxxxxxxxx"}]
[null,1.2000000000000002,null,"Name of supplier",null,{"$f":"VLOOKUP($D$7,'Source Data'!$A$2:$EK$28,4,FALSE)","v":"xxxxxxxxxxx"}]
[null,1.3,null,"Product code for Coastal transformers",null,{"$f":"VLOOKUP($D$7,'Source Data'!$A$2:$EK$28,6,FALSE)","v":"xxxxxxxxxxx"}]
[null,1.4,null,"Are the transformers covered by the SANS 780 certification mark?",null,{"$f":"VLOOKUP($D$7,'Source Data'!$A$2:$EK$28,7,FALSE)","v":"xxxxxxxxxxx"}]
[null,1.5,null,"State SANS 780 permit number",null,{"$f":"VLOOKUP($D$7,'Source Data'!$A$2:$EK$28,8,FALSE)","v":"xxxxxxxxxxx"}]
[null,1.6,null,"Oil Type",null,{"$f":"VLOOKUP($D$7,'Source Data'!$A$2:$EK$28,9,FALSE)","v":"Ester Oil"}]
[null,2,3,"Ratings"]
[null,2.1,null,"Power rating","kVA",{"$f":"VLOOKUP($D$7,'Source Data'!$A$2:$EK$28,11,FALSE)","v":64}]
[null,2.2,null,"Rated primary voltage","kV",{"$f":"VLOOKUP($D$7,'Source Data'!$A$2:$EK$28,12,FALSE)","v":33}]
[null,2.3000000000000003,null,"Rated no-load secondary voltage","V",{"$f":"VLOOKUP($D$7,'Source Data'!$A$2:$EK$28,13,FALSE)","v":"±242"}]
[null,2.4000000000000004,null,"Frequency","Hz",{"$f":"VLOOKUP($D$7,'Source Data'!$A$2:$EK$28,14,FALSE)","v":50}]
[null,2.5,null,"Number of phases",null,{"$f":"VLOOKUP($D$7,'Source Data'!$A$2:$EK$28,15,FALSE)","v":"2ph"}]
[null,2.6,null,"Vector Group",null,{"$f":"VLOOKUP($D$7,'Source Data'!$A$2:$EK$28,16,FALSE)","v":"N/A"},"xxxxxxxxxxx"]
[null,3,"3.2.5","Insulation levels"]
[null,3.1,null,"BIL - Primary","kV",{"$f":"VLOOKUP($D$7,'Source Data'!$A$2:$EK$28,18,FALSE)","v":200}]
[null,3.2,null,"BIL - Secondary","kV",{"$f":"VLOOKUP($D$7,'Source Data'!$A$2:$EK$28,19,FALSE)","v":30}]
[null,3.3000000000000003,null,"Power frequency withstand voltage - Primary","kV",{"$f":"VLOOKUP($D$7,'Source Data'!$A$2:$EK$28,20,FALSE)","v":70}]
[null,3.4000000000000004,null,"Power frequency withstand voltage – Secondary","kV",{"$f":"VLOOKUP($D$7,'Source Data'!$A$2:$EK$28,21,FALSE)","v":8}]
[null,4,"3.2.8","Inter-turn winding insulation"]
[null,4.1,null,"Type (Enamel or Paper)",null,{"$f":"VLOOKUP($D$7,'Source Data'!$A$2:$EK$28,23,FALSE)","v":"xxxxxxxxxxx"}]
[null,4.199999999999999,null,"Enamel grade (if applicable)",null,{"$f":"VLOOKUP($D$7,'Source Data'!$A$2:$EK$28,24,FALSE)","v":"Grade 3"}]
[null,4.3,null,"Paper thickness (if applicable)","mm",{"$f":"VLOOKUP($D$7,'Source Data'!$A$2:$EK$28,25,FALSE)","v":"> 0.125"}]
[null,4.3999999999999995,null,"Paper type (if applicable)",null,{"$f":"VLOOKUP($D$7,'Source Data'!$A$2:$EK$28,26,FALSE)","v":"xxxxxxxxxxx"}]
[null,4.5,null,"Paper make (if applicable)",null,{"$f":"VLOOKUP($D$7,'Source Data'!$A$2:$EK$28,27,FALSE)","v":"xxxxxxxxxxx"}]
[null,4.6,null,"Paper minimum impulse withstand","kV",{"$f":"VLOOKUP($D$7,'Source Data'!$A$2:$EK$28,28,FALSE)","v":21}]
[null,4.7,null,"Paper minimum power frequency withstand ","kV",{"$f":"VLOOKUP($D$7,'Source Data'!$A$2:$EK$28,29,FALSE)","v":8}]
[null,4.8,null,"Inter-turn winding insulation stress shall not exceed 5 kV/mm","kV/mm",{"$f":"VLOOKUP($D$7,'Source Data'!$A$2:$EK$28,30,FALSE)","v":"<5"}]
[null,5,"3.2.9","Interlayer insulation"]
[null,5.1,null,"Highest interlayer stress in non-tap part of winding (<5kV/mm is not acceptable as the calculated value must be presented)","kV/mm",{"$f":"VLOOKUP($D$7,'Source Data'!$A$2:$EK$28,32,FALSE)","v":"< 5"}]
[null,5.199999999999999,null,"Highest interlayer stress in tap part of winding (<5kV/mm is not acceptable as the calculated value must be presented)","kV/mm",{"$f":"VLOOKUP($D$7,'Source Data'!$A$2:$EK$28,33,FALSE)","v":"< 5 "}]
[null,5.3,null,"Paper type.",null,{"$f":"VLOOKUP($D$7,'Source Data'!$A$2:$EK$28,34,FALSE)","v":"xxxxxxxxxxx"}]
[null,5.3999999999999995,null,"Paper make.",null,{"$f":"VLOOKUP($D$7,'Source Data'!$A$2:$EK$28,35,FALSE)","v":"xxxxxxxxxxx"}]
[null,6,"3.2.10","Tapping connections"]
[null,6.1,null,"Type ",null,{"$f":"VLOOKUP($D$7,'Source Data'!$A$2:$EK$28,37,FALSE)","v":"Switch"}]
[null,6.2,null,"Tapping range","%",{"$f":"VLOOKUP($D$7,'Source Data'!$A$2:$EK$28,38,FALSE)","v":"0, ±2.5, ±5"}]
[null,7,"3.2.11","MV Bushings for Coastal Transformers"]
[null,7.1,null,"Make ",null,{"$f":"VLOOKUP($D$7,'Source Data'!$A$2:$EK$28,48,FALSE)","v":"xxxxxxxxxxx"}]
[null,7.2,null,"Product code",null,{"$f":"VLOOKUP($D$7,'Source Data'!$A$2:$EK$28,49,FALSE)","v":"xxxxxxxxxxx"}]
[null,7.3,null,"Material (e.g. Porcelain)",null,{"$f":"VLOOKUP($D$7,'Source Data'!$A$2:$EK$28,50,FALSE)","v":"xxxxxxxxxxx"}]
[null,7.4,null,"Specific creepage distance","mm/kV",{"$f":"VLOOKUP($D$7,'Source Data'!$A$2:$EK$28,51,FALSE)","v":"≥ 31"}]
[null,7.5,null,"Clamping",null,{"$f":"VLOOKUP($D$7,'Source Data'!$A$2:$EK$28,52,FALSE)","v":"Base"}]
[null,7.6,null,"Type",null,{"$f":"VLOOKUP($D$7,'Source Data'!$A$2:$EK$28,53,FALSE)","v":"Draw lead"}]
[null,7.7,null,"Stem diameter",null,{"$f":"VLOOKUP($D$7,'Source Data'!$A$2:$EK$28,54,FALSE)","v":"M12"}]
[null,8,"3.2.11","LV Bushings"]
[null,8.1,null,"Make ",null,{"$f":"VLOOKUP($D$7,'Source Data'!$A$2:$EK$28,56,FALSE)","v":"xxxxxxxxxxx"}]
[null,8.2,null,"Product code",null,{"$f":"VLOOKUP($D$7,'Source Data'!$A$2:$EK$28,57,FALSE)","v":"xxxxxxxxxxx"}]
[null,8.3,null,"Material (e.g. Porcelain)",null,{"$f":"VLOOKUP($D$7,'Source Data'!$A$2:$EK$28,58,FALSE)","v":"xxxxxxxxxxx"}]
[null,8.4,null,"Stem diameter",null,{"$f":"VLOOKUP($D$7,'Source Data'!$A$2:$EK$28,59,FALSE)","v":"M12"}]
[null,8.5,null,"Supplied with flag ",null,{"$f":"VLOOKUP($D$7,'Source Data'!$A$2:$EK$28,60,FALSE)","v":"Yes"}]
[null,8.6,null,"Flag supplied with 2 x M12 x 40 mm set screws, 4 x flatwashers, 2 x spring washers and 2 x nuts",null,{"$f":"VLOOKUP($D$7,'Source Data'!$A$2:$EK$28,61,FALSE)","v":"Yes"}]
[null,9,"3.2.14","Losses"]
[null,9.1,null,"Loss factor base (Cost of Dx or Gx) ",null,{"$f":"VLOOKUP($D$7,'Source Data'!$A$2:$EK$28,63,FALSE)","v":"Distribution"},"xxxxxxxxxxx"]
[null,9.2,null,"No-load Loss Factor, NLLF ","R/kW",{"$f":"VLOOKUP($D$7,'Source Data'!$A$2:$EK$28,64,FALSE)","v":80500},"xxxxxxxxxxx"]
[null,9.3,null,"Load Loss Factor, LLF","R/kW",{"$f":"VLOOKUP($D$7,'Source Data'!$A$2:$EK$28,65,FALSE)","v":17500},"xxxxxxxxxxx"]
[null,9.4,null,"Guaranteed no-load losses, PNL (Steel Core)","W",{"$f":"VLOOKUP($D$7,'Source Data'!$A$2:$EK$28,66,FALSE)","v":290}]
[null,9.5,null,"Guaranteed no-load losses, PNL (only if Amorphous Core is offered)","W",145]
[null,9.6,null,"Guaranteed load losses, PLL","W",{"$f":"VLOOKUP($D$7,'Source Data'!$A$2:$EK$28,67,FALSE)","v":1200}]
[null,10,"3.2.14","Impedance voltage & X/R ratio"]
[null,10.1,null,"Impedance at principle tapping (specific design impedances to be stated)","%",{"$f":"VLOOKUP($D$7,'Source Data'!$A$2:$EK$28,69,FALSE)","v":"3,0 to 4,5"}]
[null,10.2,null,"X/R ratio",null,{"$f":"VLOOKUP($D$7,'Source Data'!$A$2:$EK$28,70,FALSE)","v":"xxxxxxxxxx"}]
[null,11,null,"Audio-sound level (SANS 780)"]
[null,11.1,null,"Maximum limit of transformer audio-sound level","db(A)",{"$f":"VLOOKUP($D$7,'Source Data'!$A$2:$EK$28,72,FALSE)","v":"≤ 48 "}]
[null,12,null,"MV winding wire"]
[null,12.1,null,"Material (e.g. Cu or Al)",null,{"$f":"VLOOKUP($D$7,'Source Data'!$A$2:$EK$28,74,FALSE)","v":"xxxxxxxxxxx"}]
[null,12.2,null,"Type (e.g. Round, Strip or Foil)",null,{"$f":"VLOOKUP($D$7,'Source Data'!$A$2:$EK$28,75,FALSE)","v":"xxxxxxxxxxx"}]
[null,13,null,"LV winding wire"]
[null,13.1,null,"Material (e.g. Cu or Al)",null,{"$f":"VLOOKUP($D$7,'Source Data'!$A$2:$EK$28,77,FALSE)","v":"xxxxxxxxxxx"}]
[null,13.2,null,"Type (e.g. Round, Strip or Foil)",null,{"$f":"VLOOKUP($D$7,'Source Data'!$A$2:$EK$28,78,FALSE)","v":"xxxxxxxxxxx"}]
[null,14,null,"Core material"]
[null,14.1,null,"Core material ",null,{"$f":"VLOOKUP($D$7,'Source Data'!$A$2:$EK$28,80,FALSE)","v":"Steel or Amporphous"}]
[null,14.2,null,"Type/code ",null,{"$f":"VLOOKUP($D$7,'Source Data'!$A$2:$EK$28,81,FALSE)","v":"xxxxxxxxxxx"}]
[null,14.3,null,"Maximum Flux Density of Material",null,{"$f":"VLOOKUP($D$7,'Source Data'!$A$2:$EK$28,82,FALSE)","v":"xxxxxxxxxxx"}]
[null,14.4,null,"Supplier",null,{"$f":"VLOOKUP($D$7,'Source Data'!$A$2:$EK$28,83,FALSE)","v":"xxxxxxxxxxx"}]
[null,15,"3.3.2","Tank and tank cover"]
[null,15.1,null,"Tank type: Sealed",null,{"$f":"VLOOKUP($D$7,'Source Data'!$A$2:$EK$28,85,FALSE)","v":"Sealed"}]
[null,15.2,null,"Plain, rigid or corrugated",null,{"$f":"VLOOKUP($D$7,'Source Data'!$A$2:$EK$28,86,FALSE)","v":"xxxxxxxxxx"}]
[null,16,"3.3.3","Transformer dimensions"]
[null,16.1,"Figure 12","Wo (including surge arrester)","mm",{"$f":"VLOOKUP($D$7,'Source Data'!$A$2:$EK$28,88,FALSE)","v":"≤ 1 080 "}]
[null,16.2,"Figure 12","Lo","mm",{"$f":"VLOOKUP($D$7,'Source Data'!$A$2:$EK$28,89,FALSE)","v":"≤ 1 500 "}]
[null,16.3,"Figure 12","Ht","mm",{"$f":"VLOOKUP($D$7,'Source Data'!$A$2:$EK$28,90,FALSE)","v":"≤ 1 500 "}]
[null,16.4,"Figure 12","Mass","kg",{"$f":"VLOOKUP($D$7,'Source Data'!$A$2:$EK$28,91,FALSE)","v":"≤ 900 "}]
[null,16.5,null,"Oil capacity","l",{"$f":"VLOOKUP($D$7,'Source Data'!$A$2:$EK$28,92,FALSE)","v":"xxxxxxxxxxx"}]
[null,16.6,null,"Minimum clearance between live MV terminals and from MV live terminals to any part of the tank greater than twice the BIL ","mm",{"$f":"VLOOKUP($D$7,'Source Data'!$A$2:$EK$28,93,FALSE)","v":400}]
[null,16.7,"3.3.4","Minimum mechanical clearance of 100 mm between the brackets and LV bushings shall be maintained","mm",{"$f":"VLOOKUP($D$7,'Source Data'!$A$2:$EK$28,94,FALSE)","v":100}]
[null,17,"3.3.4","Pole mounting bracket"]
[null,17.1,null,"Single pole mounting bracket required? (Yes or No)",null,{"$f":"VLOOKUP($D$7,'Source Data'!$A$2:$EK$28,96,FALSE)","v":"Yes"}]
[null,"17.2.1",null,"Supplied with: - 2 x clamps",null,{"$f":"VLOOKUP($D$7,'Source Data'!$A$2:$EK$28,97,FALSE)","v":"Yes"}]
[null,"17.2.2",null,"                     - 1 x threaded rod (M20 x 350 mm)",null,{"$f":"VLOOKUP($D$7,'Source Data'!$A$2:$EK$28,98,FALSE)","v":"Yes"}]
[null,"17.2.3",null,"                     - 4 x threaded rods (M20 x 250 mm)",null,{"$f":"VLOOKUP($D$7,'Source Data'!$A$2:$EK$28,99,FALSE)","v":"Yes"}]
[null,"17.2.4",null,"                     - 12 x nuts, flat washers & spring washers (M20)",null,{"$f":"VLOOKUP($D$7,'Source Data'!$A$2:$EK$28,100,FALSE)","v":"Yes"}]
[null,17.2,"Figure 13","Dimension Mo","mm",{"$f":"VLOOKUP($D$7,'Source Data'!$A$2:$EK$28,101,FALSE)","v":400}]
[null,17.3,"Figure 13","Dimension h1","mm",{"$f":"VLOOKUP($D$7,'Source Data'!$A$2:$EK$28,102,FALSE)","v":"≤ 400 "}]
[null,17.4,"Figure 13","Dimension W1","mm",{"$f":"VLOOKUP($D$7,'Source Data'!$A$2:$EK$28,103,FALSE)","v":"≤ 450 "}]
[null,17.5,"Figure 13","Mounting hole diameter","mm",{"$f":"VLOOKUP($D$7,'Source Data'!$A$2:$EK$28,104,FALSE)","v":22}]
[null,17.6,"Figure 13","Mounting hole centres","mm",{"$f":"VLOOKUP($D$7,'Source Data'!$A$2:$EK$28,105,FALSE)","v":146}]
[null,18,"3.3.5","Transformer under base"]
[null,18.1,null,"Under base required? (Yes or No)",null,{"$f":"VLOOKUP($D$7,'Source Data'!$A$2:$EK$28,107,FALSE)","v":"No"},"xxxxxxxxxxx"]
[null,18.2,"Figure14","Lml","mm",{"$f":"VLOOKUP($D$7,'Source Data'!$A$2:$EK$28,108,FALSE)","v":400},"N/A"]
[null,18.3,"Figure14","Lmw (300, 400 or 450)","mm",{"$f":"VLOOKUP($D$7,'Source Data'!$A$2:$EK$28,109,FALSE)","v":"xxxxxxxxxxx"},"N/A"]
[null,18.4,"Figure14","Ls","mm",{"$f":"VLOOKUP($D$7,'Source Data'!$A$2:$EK$28,110,FALSE)","v":"≥ 320"},"N/A"]
[null,18.5,"Figure14","Lmh","mm",{"$f":"VLOOKUP($D$7,'Source Data'!$A$2:$EK$28,111,FALSE)","v":"≤ 120 "},"N/A"]
[null,18.6,"Figure14","Mounting hole diameter","mm",{"$f":"VLOOKUP($D$7,'Source Data'!$A$2:$EK$28,112,FALSE)","v":22},"N/A"]
[null,19,"3.3.6","Lifting lugs"]
[null,19.1,null,"Lifting lugs fitted",null,{"$f":"VLOOKUP($D$7,'Source Data'!$A$2:$EK$28,114,FALSE)","v":"Yes"}]
[null,19.2,null,"Hole diameter","mm",{"$f":"VLOOKUP($D$7,'Source Data'!$A$2:$EK$28,115,FALSE)","v":"≥ 30 "}]
[null,20,"3.3.7","Earthing terminals"]
[null,20.1,null,"Boss material ",null,{"$f":"VLOOKUP($D$7,'Source Data'!$A$2:$EK$28,117,FALSE)","v":"316 Stainless Steel or Mild Steel"}]
[null,20.2,null,"Boss depth","mm",{"$f":"VLOOKUP($D$7,'Source Data'!$A$2:$EK$28,118,FALSE)","v":"≥ 30"}]
[null,20.3,null,"Set screw material",null,{"$f":"VLOOKUP($D$7,'Source Data'!$A$2:$EK$28,119,FALSE)","v":"316 Stainless Steel or Mild Steel"}]
[null,20.4,null,"Set screw dimensions","mm",{"$f":"VLOOKUP($D$7,'Source Data'!$A$2:$EK$28,120,FALSE)","v":"M12 x 25 "}]
[null,20.5,null,"Supplied with washer and spring washer",null,{"$f":"VLOOKUP($D$7,'Source Data'!$A$2:$EK$28,121,FALSE)","v":"Yes"}]
[null,21,"3.3.8","Surge arrester brackets"]
[null,21.1,null,"Surge arrester brackets fitted",null,{"$f":"VLOOKUP($D$7,'Source Data'!$A$2:$EK$28,123,FALSE)","v":"Yes"}]
[null,21.2,"Figure 16","Mounting hole diameter","mm",{"$f":"VLOOKUP($D$7,'Source Data'!$A$2:$EK$28,124,FALSE)","v":14}]
[null,21.3,"Figure 16","Dimension D (worst case)","mm",{"$f":"VLOOKUP($D$7,'Source Data'!$A$2:$EK$28,125,FALSE)","v":"≥ 200"}]
[null,21.4,"Figure 16","Dimension E (worst case)","mm",{"$f":"VLOOKUP($D$7,'Source Data'!$A$2:$EK$28,126,FALSE)","v":"≥ 400 "}]
[null,21.5,"Figure 16","Dimension F (worst case)","mm",{"$f":"VLOOKUP($D$7,'Source Data'!$A$2:$EK$28,127,FALSE)","v":"≥ 150"}]
[null,22,3.4,"Corrosion protection for Coastal transformers"]
[null,22.1,null,"Indicate the coating system (i.e. DS numbers according to DSP 240-75655504) that is offered. (e.g. DS-14 + DS-15 for zinc sprayed mild steel with duplex coating)"]
[null,22.2,null,"Tank ",null,{"$f":"VLOOKUP($D$7,'Source Data'!$A$2:$EK$28,136,FALSE)","v":"xxxxxxxxxxx"}]
[null,22.3,null,"Radiators",null,{"$f":"VLOOKUP($D$7,'Source Data'!$A$2:$EK$28,137,FALSE)","v":"xxxxxxxxxxx"}]
[null,22.4,null,"Threaded rods and accessories",null,{"$f":"VLOOKUP($D$7,'Source Data'!$A$2:$EK$28,138,FALSE)","v":"xxxxxxxxxxx"}]
[null,22.5,null,"Colour of final coat",null,{"$f":"VLOOKUP($D$7,'Source Data'!$A$2:$EK$28,139,FALSE)","v":"Azure Blue"}]
[null,23,4.2,"All Type Tests in Accordance with SANS 780:\n\n• Temperature rise test \n• Dielectric type test\n• Tank stiffness test \n• Corrugated tank fatigue test\n• Equivalent disturbing current test (This test is only applicable to SWER transformers)\n• Short Circuit Withstand Test\n• Natural ageing and pollution performance test",null,{"$f":"VLOOKUP($D$7,'Source Data'!$A$2:$EK$28,140,FALSE)","v":"Report Numbers"}]
[null,24,4.3,"All Routine Tests in Accordance with SANS 780:\n\n• Measurement of winding resistance\n• Measurement of voltage ratio and phase displacement\n• Measurement of short-circuit impedance and load loss\n• Measurement of no-load loss and current\n• Separate source voltage test\n• Induced overvoltage test\n• Measurement of paint thickness\n• Test for effectiveness of sealing\n• Measurement of secondary voltage across outer two terminals to be 484 V. (Only applicable to dual-phase transformers.) \n• Measurement of insulation resistance test\n• Reactance (%)\n• Dielectric routine tests\n• Vector group test ",null,{"$f":"VLOOKUP($D$7,'Source Data'!$A$2:$EK$28,141,FALSE)","v":"Report Numbers"}]

{"sheet":"175085","index":19,"n_rows":137,"n_cols":7,"rows_kept":137,"merged":[[2,5,2,6],[3,5,3,6],[7,5,9,6],[9,1,9,3]]}
[]
[]
[{"$nulls":5},"Specification: DSP 240-45395762 Rev.4"]
[{"$nulls":5},{"$f":"'List of Items & Enquiry number'!B14","v":"Enquiry Number: 123456XYZ"}]
[]
[{"$nulls":3},"TECHNICAL SCHEDULES A & B FOR \nPOLE-MOUNTED  DISTRIBUTION TRANSFORMERS"]
[{"$nulls":3},"Three Phase, 100 kVA, 11 kV/420V (Coastal, Ester Oil Only)"]
[{"$nulls":5},"Deviations from the specific requirements stated in Schedule A must be recorded and explained in the Deviation Schedule"]
[null,"Schedule A:  Purchaser's specific requirements"]
[null,"Schedule B:  Guarantees and technical particulars of equipment offered"]
[null,"Item","Sub-clause of 240- 45395762","Description",null,"Schedule A","Schedule B"]
[null,1,null,"Identification"]
[null,1.1,null,"Name of manufacturer",null,{"$f":"VLOOKUP($D$7,'Source Data'!$A$2:$EK$28,3,FALSE)","v":"xxxxxxxxxxx"}]
[null,1.2000000000000002,null,"Name of supplier",null,{"$f":"VLOOKUP($D$7,'Source Data'!$A$2:$EK$28,4,FALSE)","v":"xxxxxxxxxxx"}]
[null,1.3,null,"Product code for Coastal transformers",null,{"$f":"VLOOKUP($D$7,'Source Data'!$A$2:$EK$28,6,FALSE)","v":"xxxxxxxxxxx"}]
[null,1.4,null,"Are the transformers covered by the SANS 780 certification mark?",null,{"$f":"VLOOKUP($D$7,'Source Data'!$A$2:$EK$28,7,FALSE)","v":"xxxxxxxxxxx"}]
[null,1.5,null,"State SANS 780 permit number",null,{"$f":"VLOOKUP($D$7,'Source Data'!$A$2:$EK$28,8,FALSE)","v":"xxxxxxxxxxx"}]
[null,1.6,null,"Oil Type",null,{"$f":"VLOOKUP($D$7,'Source Data'!$A$2:$EK$28,9,FALSE)","v":"Ester Oil"}]
[null,2,3,"Ratings"]
[null,2.1,null,"Power rating","kVA",{"$f":"VLOOKUP($D$7,'Source Data'!$A$2:$EK$28,11,FALSE)","v":100}]
[null,2.2,null,"Rated primary voltage","kV",{"$f":"VLOOKUP($D$7,'Source Data'!$A$2:$EK$28,12,FALSE)","v":11}]
[null,2.3000000000000003,null,"Rated no-load secondary voltage","V",{"$f":"VLOOKUP($D$7,'Source Data'!$A$2:$EK$28,13,FALSE)","v":420}]
[null,2.4000000000000004,null,"Frequency","Hz",{"$f":"VLOOKUP($D$7,'Source Data'!$A$2:$EK$28,14,FALSE)","v":50}]
[null,2.5,null,"Number of phases",null,{"$f":"VLOOKUP($D$7,'Source Data'!$A$2:$EK$28,15,FALSE)","v":"3ph"}]
[null,2.6,null,"Vector Group",null,{"$f":"VLOOKUP($D$7,'Source Data'!$A$2:$EK$28,16,FALSE)","v":"Dyn11 or Yzn11"}]
[null,3,"3.2.5","Insulation levels"]
[null,3.1,null,"BIL - Primary","kV",{"$f":"VLOOKUP($D$7,'Source Data'!$A$2:$EK$28,18,FALSE)","v":95}]
[null,3.2,null,"BIL - Secondary","kV",{"$f":"VLOOKUP($D$7,'Source Data'!$A$2:$EK$28,19,FALSE)","v":30}]
[null,3.3000000000000003,null,"Power frequency withstand voltage - Primary","kV",{"$f":"VLOOKUP($D$7,'Source Data'!$A$2:$EK$28,20,FALSE)","v":28}]
[null,3.4000000000000004,null,"Power frequency withstand voltage – Secondary","kV",{"$f":"VLOOKUP($D$7,'Source Data'!$A$2:$EK$28,21,FALSE)","v":8}]
[null,4,"3.2.8","Inter-turn winding insulation"]
[null,4.1,null,"Type (Enamel or Paper)",null,{"$f":"VLOOKUP($D$7,'Source Data'!$A$2:$EK$28,23,FALSE)","v":"xxxxxxxxxxx"}]
[null,4.199999999999999,null,"Enamel grade (if applicable)",null,{"$f":"VLOOKUP($D$7,'Source Data'!$A$2:$EK$28,24,FALSE)","v":"Grade 3"}]
[null,4.3,null,"Paper thickness (if applicable)","mm",{"$f":"VLOOKUP($D$7,'Source Data'!$A$2:$EK$28,25,FALSE)","v":"> 0.125"}]
[null,4.3999999999999995,null,"Paper type (if applicable)",null,{"$f":"VLOOKUP($D$7,'Source Data'!$A$2:$EK$28,26,FALSE)","v":"xxxxxxxxxxx"}]
[null,4.5,null,"Paper make (if applicable)",null,{"$f":"VLOOKUP($D$7,'Source Data'!$A$2:$EK$28,27,FALSE)","v":"xxxxxxxxxxx"}]
[null,4.6,null,"Paper minimum impulse withstand","kV",{"$f":"VLOOKUP($D$7,'Source Data'!$A$2:$EK$28,28,FALSE)","v":21}]
[null,4.7,null,"Paper minimum power frequency withstand ","kV",{"$f":"VLOOKUP($D$7,'Source Data'!$A$2:$EK$28,29,FALSE)","v":8}]
[null,4.8,null,"Inter-turn winding insulation stress shall not exceed 5 kV/mm","kV/mm",{"$f":"VLOOKUP($D$7,'Source Data'!$A$2:$EK$28,30,FALSE)","v":"<5"}]
[null,5,"3.2.9","Interlayer insulation"]
[null,5.1,null,"Highest interlayer stress in non-tap part of winding (<5kV/mm is not acceptable as the calculated value must be presented)","kV/mm",{"$f":"VLOOKUP($D$7,'Source Data'!$A$2:$EK$28,32,FALSE)","v":"< 5"}]
[null,5.199999999999999,null,"Highest interlayer stress in tap part of winding (<5kV/mm is not acceptable as the calculated value must be presented)","kV/mm",{"$f":"VLOOKUP($D$7,'Source Data'!$A$2:$EK$28,33,FALSE)","v":"< 5 "}]
[null,5.3,null,"Paper type.",null,{"$f":"VLOOKUP($D$7,'Source Data'!$A$2:$EK$28,34,FALSE)","v":"xxxxxxxxxxx"}]
[null,5.3999999999999995,null,"Paper make.",null,{"$f":"VLOOKUP($D$7,'Source Data'!$A$2:$EK$28,35,FALSE)","v":"xxxxxxxxxxx"}]
[null,6,"3.2.10","Tapping connections"]
[null,6.1,null,"Type ",null,{"$f":"VLOOKUP($D$7,'Source Data'!$A$2:$EK$28,37,FALSE)","v":"Switch"}]
[null,6.2,null,"Tapping range","%",{"$f":"VLOOKUP($D$7,'Source Data'!$A$2:$EK$28,38,FALSE)","v":"0, ±2.5, ±5"}]
[null,7,"3.2.11","MV Bushings for Coastal Transformers"]
[null,7.1,null,"Make ",null,{"$f":"VLOOKUP($D$7,'Source Data'!$A$2:$EK$28,48,FALSE)","v":"xxxxxxxxxxx"}]
[null,7.2,null,"Product code",null,{"$f":"VLOOKUP($D$7,'Source Data'!$A$2:$EK$28,49,FALSE)","v":"xxxxxxxxxxx"}]
[null,7.3,null,"Material (e.g. Porcelain)",null,{"$f":"VLOOKUP($D$7,'Source Data'!$A$2:$EK$28,50,FALSE)","v":"xxxxxxxxxxx"}]
[null,7.4,null,"Specific creepage distance","mm/kV",{"$f":"VLOOKUP($D$7,'Source Data'!$A$2:$EK$28,51,FALSE)","v":"≥ 31"}]
[null,7.5,null,"Clamping",null,{"$f":"VLOOKUP($D$7,'Source Data'!$A$2:$EK$28,52,FALSE)","v":"Base"}]
[null,7.6,null,"Type",null,{"$f":"VLOOKUP($D$7,'Source Data'!$A$2:$EK$28,53,FALSE)","v":"Draw lead"}]
[null,7.7,null,"Stem diameter",null,{"$f":"VLOOKUP($D$7,'Source Data'!$A$2:$EK$28,54,FALSE)","v":"M12"}]
[null,8,"3.2.11","LV Bushings"]
[null,8.1,null,"Make ",null,{"$f":"VLOOKUP($D$7,'Source Data'!$A$2:$EK$28,56,FALSE)","v":"xxxxxxxxxxx"}]
[null,8.2,null,"Product code",null,{"$f":"VLOOKUP($D$7,'Source Data'!$A$2:$EK$28,57,FALSE)","v":"xxxxxxxxxxx"}]
[null,8.3,null,"Material (e.g. Porcelain)",null,{"$f":"VLOOKUP($D$7,'Source Data'!$A$2:$EK$28,58,FALSE)","v":"xxxxxxxxxxx"}]
[null,8.4,null,"Stem diameter",null,{"$f":"VLOOKUP($D$7,'Source Data'!$A$2:$EK$28,59,FALSE)","v":"M12"}]
[null,8.5,null,"Supplied with flag ",null,{"$f":"VLOOKUP($D$7,'Source Data'!$A$2:$EK$28,60,FALSE)","v":"Yes"}]
[null,8.6,null,"Flag supplied with 2 x M12 x 40 mm set screws, 4 x flatwashers, 2 x spring washers and 2 x nuts",null,{"$f":"VLOOKUP($D$7,'Source Data'!$A$2:$EK$28,61,FALSE)","v":"Yes"}]
[null,9,"3.2.14","Losses"]
[null,9.1,null,"Loss factor base (Cost of Dx or Gx) ",null,{"$f":"VLOOKUP($D$7,'Source Data'!$A$2:$EK$28,63,FALSE)","v":"Distribution"},"xxxxxxxxxxx"]
[null,9.2,null,"No-load Loss Factor, NLLF ","R/kW",{"$f":"VLOOKUP($D$7,'Source Data'!$A$2:$EK$28,64,FALSE)","v":80500},"xxxxxxxxxxx"]
[null,9.3,null,"Load Loss Factor, LLF","R/kW",{"$f":"VLOOKUP($D$7,'Source Data'!$A$2:$EK$28,65,FALSE)","v":17500},"xxxxxxxxxxx"]
[null,9.4,null,"Guaranteed no-load losses, PNL (Steel Core)","W",{"$f":"VLOOKUP($D$7,'Source Data'!$A$2:$EK$28,66,FALSE)","v":190}]
[null,9.5,null,"Guaranteed no-load losses, PNL (only if Amorphous Core is offered)","W",{"$f":"VLOOKUP($D$7,'Source Data'!$A$2:$EL$28,142,FALSE)","v":70}]
[null,9.6,null,"Guaranteed load losses, PLL","W",{"$f":"VLOOKUP($D$7,'Source Data'!$A$2:$EK$28,67,FALSE)","v":1500}]
[null,10,"3.2.14","Impedance voltage & X/R ratio"]
[null,10.1,null,"Impedance at principle tapping (specific design impedances to be stated)","%",{"$f":"VLOOKUP($D$7,'Source Data'!$A$2:$EK$28,69,FALSE)","v":"3,0 to 4,5"}]
[null,10.2,null,"X/R ratio",null,{"$f":"VLOOKUP($D$7,'Source Data'!$A$2:$EK$28,70,FALSE)","v":"xxxxxxxxxx"}]
[null,11,null,"Audio-sound level (SANS 780)"]
[null,11.1,null,"Maximum limit of transformer audio-sound level","db(A)",{"$f":"VLOOKUP($D$7,'Source Data'!$A$2:$EK$28,72,FALSE)","v":"≤ 48 "}]
[null,12,null,"MV winding wire"]
[null,12.1,null,"Material (e.g. Cu or Al)",null,{"$f":"VLOOKUP($D$7,'Source Data'!$A$2:$EK$28,74,FALSE)","v":"xxxxxxxxxxx"}]
[null,12.2,null,"Type (e.g. Round, Strip or Foil)",null,{"$f":"VLOOKUP($D$7,'Source Data'!$A$2:$EK$28,75,FALSE)","v":"xxxxxxxxxxx"}]
[null,13,null,"LV winding wire"]
[null,13.1,null,"Material (e.g. Cu or Al)",null,{"$f":"VLOOKUP($D$7,'Source Data'!$A$2:$EK$28,77,FALSE)","v":"xxxxxxxxxxx"}]
[null,13.2,null,"Type (e.g. Round, Strip or Foil)",null,{"$f":"VLOOKUP($D$7,'Source Data'!$A$2:$EK$28,78,FALSE)","v":"xxxxxxxxxxx"}]
[null,14,null,"Core material"]
[null,14.1,null,"Core material ",null,{"$f":"VLOOKUP($D$7,'Source Data'!$A$2:$EK$28,80,FALSE)","v":"Steel or Amporphous"}]
[null,14.2,null,"Type/code ",null,{"$f":"VLOOKUP($D$7,'Source Data'!$A$2:$EK$28,81,FALSE)","v":"xxxxxxxxxxx"}]
[null,14.3,null,"Maximum Flux Density of Material",null,{"$f":"VLOOKUP($D$7,'Source Data'!$A$2:$EK$28,82,FALSE)","v":"xxxxxxxxxxx"}]
[null,14.4,null,"Supplier",null,{"$f":"VLOOKUP($D$7,'Source Data'!$A$2:$EK$28,83,FALSE)","v":"xxxxxxxxxxx"}]
[null,15,"3.3.2","Tank and tank cover"]
[null,15.1,null,"Tank type: Sealed",null,{"$f":"VLOOKUP($D$7,'Source Data'!$A$2:$EK$28,85,FALSE)","v":"Sealed"}]
[null,15.2,null,"Plain, rigid or corrugated",null,{"$f":"VLOOKUP($D$7,'Source Data'!$A$2:$EK$28,86,FALSE)","v":"xxxxxxxxxx"}]
[null,16,"3.3.3","Transformer dimensions"]
[null,16.1,"Figure 12","Wo (including surge arrester)","mm",{"$f":"VLOOKUP($D$7,'Source Data'!$A$2:$EK$28,88,FALSE)","v":"≤ 1 080 "}]
[null,16.2,"Figure 12","Lo","mm",{"$f":"VLOOKUP($D$7,'Source Data'!$A$2:$EK$28,89,FALSE)","v":"≤ 1 500 "}]
[null,16.3,"Figure 12","Ht","mm",{"$f":"VLOOKUP($D$7,'Source Data'!$A$2:$EK$28,90,FALSE)","v":"≤ 1 500 "}]
[null,16.4,"Figure 12","Mass","kg",{"$f":"VLOOKUP($D$7,'Source Data'!$A$2:$EK$28,91,FALSE)","v":"≤ 900 "}]
[null,16.5,null,"Oil capacity","l",{"$f":"VLOOKUP($D$7,'Source Data'!$A$2:$EK$28,92,FALSE)","v":"xxxxxxxxxxx"}]
[null,16.6,null,"Minimum clearance between live MV terminals and from MV live terminals to any part of the tank greater than twice the BIL ","mm",{"$f":"VLOOKUP($D$7,'Source Data'!$A$2:$EK$28,93,FALSE)","v":190}]
[null,16.7,"3.3.4","Minimum mechanical clearance of 100 mm between the brackets and LV bushings shall be maintained","mm",{"$f":"VLOOKUP($D$7,'Source Data'!$A$2:$EK$28,94,FALSE)","v":100}]
[null,17,"3.3.4","Pole mounting bracket"]
[null,17.1,null,"Single pole mounting bracket required? (Yes or No)",null,{"$f":"VLOOKUP($D$7,'Source Data'!$A$2:$EK$28,96,FALSE)","v":"Yes"}]
[null,"17.2.1",null,"Supplied with: - 2 x clamps",null,{"$f":"VLOOKUP($D$7,'Source Data'!$A$2:$EK$28,97,FALSE)","v":"Yes"}]
[null,"17.2.2",null,"                     - 1 x threaded rod (M20 x 350 mm)",null,{"$f":"VLOOKUP($D$7,'Source Data'!$A$2:$EK$28,98,FALSE)","v":"Yes"}]
[null,"17.2.3",null,"                     - 4 x threaded rods (M20 x 250 mm)",null,{"$f":"VLOOKUP($D$7,'Source Data'!$A$2:$EK$28,99,FALSE)","v":"Yes"}]
[null,"17.2.4",null,"                     - 12 x nuts, flat washers & spring washers (M20)",null,{"$f":"VLOOKUP($D$7,'Source Data'!$A$2:$EK$28,100,FALSE)","v":"Yes"}]
[null,17.2,"Figure 13","Dimension Mo","mm",{"$f":"VLOOKUP($D$7,'Source Data'!$A$2:$EK$28,101,FALSE)","v":400}]
[null,17.3,"Figure 13","Dimension h1","mm",{"$f":"VLOOKUP($D$7,'Source Data'!$A$2:$EK$28,102,FALSE)","v":"≤ 400 "}]
[null,17.4,"Figure 13","Dimension W1","mm",{"$f":"VLOOKUP($D$7,'Source Data'!$A$2:$EK$28,103,FALSE)","v":"≤ 450 "}]
[null,17.5,"Figure 13","Mounting hole diameter","mm",{"$f":"VLOOKUP($D$7,'Source Data'!$A$2:$EK$28,104,FALSE)","v":22}]
[null,17.6,"Figure 13","Mounting hole centres","mm",{"$f":"VLOOKUP($D$7,'Source Data'!$A$2:$EK$28,105,FALSE)","v":146}]
[null,18,"3.3.5","Transformer under base"]
[null,18.1,null,"Under base required? (Yes or No)",null,{"$f":"VLOOKUP($D$7,'Source Data'!$A$2:$EK$28,107,FALSE)","v":"Yes"},"xxxxxxxxxxx"]
[null,18.2,"Figure14","Lml","mm",{"$f":"VLOOKUP($D$7,'Source Data'!$A$2:$EK$28,108,FALSE)","v":400}]
[null,18.3,"Figure14","Lmw (300, 400 or 450)","mm",{"$f":"VLOOKUP($D$7,'Source Data'!$A$2:$EK$28,109,FALSE)","v":"xxxxxxxxxxx"}]
[null,18.4,"Figure14","Ls","mm",{"$f":"VLOOKUP($D$7,'Source Data'!$A$2:$EK$28,110,FALSE)","v":"≥ 320"}]
[null,18.5,"Figure14","Lmh","mm",{"$f":"VLOOKUP($D$7,'Source Data'!$A$2:$EK$28,111,FALSE)","v":"≤ 120 "}]
[null,18.6,"Figure14","Mounting hole diameter","mm",{"$f":"VLOOKUP($D$7,'Source Data'!$A$2:$EK$28,112,FALSE)","v":22}]
[null,19,"3.3.6","Lifting lugs"]
[null,19.1,null,"Lifting lugs fitted",null,{"$f":"VLOOKUP($D$7,'Source Data'!$A$2:$EK$28,114,FALSE)","v":"Yes"}]
[null,19.2,null,"Hole diameter","mm",{"$f":"VLOOKUP($D$7,'Source Data'!$A$2:$EK$28,115,FALSE)","v":"≥ 30 "}]
[null,20,"3.3.7","Earthing terminals"]
[null,20.1,null,"Boss material ",null,{"$f":"VLOOKUP($D$7,'Source Data'!$A$2:$EK$28,117,FALSE)","v":"316 Stainless Steel or Mild Steel"}]
[null,20.2,null,"Boss depth","mm",{"$f":"VLOOKUP($D$7,'Source Data'!$A$2:$EK$28,118,FALSE)","v":"≥ 30"}]
[null,20.3,null,"Set screw material",null,{"$f":"VLOOKUP($D$7,'Source Data'!$A$2:$EK$28,119,FALSE)","v":"316 Stainless Steel or Mild Steel"}]
[null,20.4,null,"Set screw dimensions","mm",{"$f":"VLOOKUP($D$7,'Source Data'!$A$2:$EK$28,120,FALSE)","v":"M12 x 25 "}]
[null,20.5,null,"Supplied with washer and spring washer",null,{"$f":"VLOOKUP($D$7,'Source Data'!$A$2:$EK$28,121,FALSE)","v":"Yes"}]
[null,21,"3.3.8","Surge arrester brackets"]
[null,21.1,null,"Surge arrester brackets fitted",null,{"$f":"VLOOKUP($D$7,'Source Data'!$A$2:$EK$28,123,FALSE)","v":"Yes"}]
[null,21.2,"Figure 16","Mounting hole diameter","mm",{"$f":"VLOOKUP($D$7,'Source Data'!$A$2:$EK$28,124,FALSE)","v":14}]
[null,21.3,"Figure 16","Dimension D (worst case)","mm",{"$f":"VLOOKUP($D$7,'Source Data'!$A$2:$EK$28,125,FALSE)","v":"≥ 200"}]
[null,21.4,"Figure 16","Dimension E (worst case)","mm",{"$f":"VLOOKUP($D$7,'Source Data'!$A$2:$EK$28,126,FALSE)","v":"≥ 190"}]
[null,21.5,"Figure 16","Dimension F (worst case)","mm",{"$f":"VLOOKUP($D$7,'Source Data'!$A$2:$EK$28,127,FALSE)","v":"≥ 150"}]
[null,22,3.4,"Corrosion protection for Coastal transformers"]
[null,22.1,null,"Indicate the coating system (i.e. DS numbers according to DSP 240-75655504) that is offered. (e.g. DS-14 + DS-15 for zinc sprayed mild steel with duplex coating)"]
[null,22.2,null,"Tank ",null,{"$f":"VLOOKUP($D$7,'Source Data'!$A$2:$EK$28,136,FALSE)","v":"xxxxxxxxxxx"}]
[null,22.3,null,"Radiators",null,{"$f":"VLOOKUP($D$7,'Source Data'!$A$2:$EK$28,137,FALSE)","v":"xxxxxxxxxxx"}]
[null,22.4,null,"Threaded rods and accessories",null,{"$f":"VLOOKUP($D$7,'Source Data'!$A$2:$EK$28,138,FALSE)","v":"xxxxxxxxxxx"}]
[null,22.5,null,"Colour of final coat",null,{"$f":"VLOOKUP($D$7,'Source Data'!$A$2:$EK$28,139,FALSE)","v":"Azure Blue"}]
[null,23,4.2,"All Type Tests in Accordance with SANS 780:\n\n• Temperature rise test \n• Dielectric type test\n• Tank stiffness test \n• Corrugated tank fatigue test\n• Equivalent disturbing current test (This test is only applicable to SWER transformers)\n• Short Circuit Withstand Test\n• Natural ageing and pollution performance test",null,{"$f":"VLOOKUP($D$7,'Source Data'!$A$2:$EK$28,140,FALSE)","v":"Report Numbers"}]
[null,24,4.3,"All Routine Tests in Accordance with SANS 780:\n\n• Measurement of winding resistance\n• Measurement of voltage ratio and phase displacement\n• Measurement of short-circuit impedance and load loss\n• Measurement of no-load loss and current\n• Separate source voltage test\n• Induced overvoltage test\n• Measurement of paint thickness\n• Test for effectiveness of sealing\n• Measurement of secondary voltage across outer two terminals to be 484 V. (Only applicable to dual-phase transformers.) \n• Measurement of insulation resistance test\n• Reactance (%)\n• Dielectric routine tests\n• Vector group test ",null,{"$f":"VLOOKUP($D$7,'Source Data'!$A$2:$EK$28,141,FALSE)","v":"Report Numbers"}]

{"sheet":"175086","index":20,"n_rows":137,"n_cols":7,"rows_kept":137,"merged":[[2,5,2,6],[3,5,3,6],[7,5,9,6],[9,1,9,3]]}
[]
[]
[{"$nulls":5},"Specification: DSP 240-45395762 Rev.4"]
[{"$nulls":5},{"$f":"'List of Items & Enquiry number'!B14","v":"Enquiry Number: 123456XYZ"}]
[]
[{"$nulls":3},"TECHNICAL SCHEDULES A & B FOR \nPOLE-MOUNTED  DISTRIBUTION TRANSFORMERS"]
[{"$nulls":3},"Three-phase, 100 kVA, 22 kV/420V (Coastal, Ester Oil Only)"]
[{"$nulls":5},"Deviations from the specific requirements stated in Schedule A must be recorded and explained in the Deviation Schedule"]
[null,"Schedule A:  Purchaser's specific requirements"]
[null,"Schedule B:  Guarantees and technical particulars of equipment offered"]
[null,"Item","Sub-clause of 240- 45395762","Description",null,"Schedule A","Schedule B"]
[null,1,null,"Identification"]
[null,1.1,null,"Name of manufacturer",null,{"$f":"VLOOKUP($D$7,'Source Data'!$A$2:$EK$28,3,FALSE)","v":"xxxxxxxxxxx"}]
[null,1.2000000000000002,null,"Name of supplier",null,{"$f":"VLOOKUP($D$7,'Source Data'!$A$2:$EK$28,4,FALSE)","v":"xxxxxxxxxxx"}]
[null,1.3,null,"Product code for Coastal transformers",null,{"$f":"VLOOKUP($D$7,'Source Data'!$A$2:$EK$28,6,FALSE)","v":"xxxxxxxxxxx"}]
[null,1.4,null,"Are the transformers covered by the SANS 780 certification mark?",null,{"$f":"VLOOKUP($D$7,'Source Data'!$A$2:$EK$28,7,FALSE)","v":"xxxxxxxxxxx"}]
[null,1.5,null,"State SANS 780 permit number",null,{"$f":"VLOOKUP($D$7,'Source Data'!$A$2:$EK$28,8,FALSE)","v":"xxxxxxxxxxx"}]
[null,1.6,null,"Oil Type",null,{"$f":"VLOOKUP($D$7,'Source Data'!$A$2:$EK$28,9,FALSE)","v":"Ester Oil"}]
[null,2,3,"Ratings"]
[null,2.1,null,"Power rating","kVA",{"$f":"VLOOKUP($D$7,'Source Data'!$A$2:$EK$28,11,FALSE)","v":100}]
[null,2.2,null,"Rated primary voltage","kV",{"$f":"VLOOKUP($D$7,'Source Data'!$A$2:$EK$28,12,FALSE)","v":22}]
[null,2.3000000000000003,null,"Rated no-load secondary voltage","V",{"$f":"VLOOKUP($D$7,'Source Data'!$A$2:$EK$28,13,FALSE)","v":420}]
[null,2.4000000000000004,null,"Frequency","Hz",{"$f":"VLOOKUP($D$7,'Source Data'!$A$2:$EK$28,14,FALSE)","v":50}]
[null,2.5,null,"Number of phases",null,{"$f":"VLOOKUP($D$7,'Source Data'!$A$2:$EK$28,15,FALSE)","v":"3ph"}]
[null,2.6,null,"Vector Group",null,{"$f":"VLOOKUP($D$7,'Source Data'!$A$2:$EK$28,16,FALSE)","v":"Dyn11 or Yzn11"}]
[null,3,"3.2.5","Insulation levels"]
[null,3.1,null,"BIL - Primary","kV",{"$f":"VLOOKUP($D$7,'Source Data'!$A$2:$EK$28,18,FALSE)","v":150}]
[null,3.2,null,"BIL - Secondary","kV",{"$f":"VLOOKUP($D$7,'Source Data'!$A$2:$EK$28,19,FALSE)","v":30}]
[null,3.3000000000000003,null,"Power frequency withstand voltage - Primary","kV",{"$f":"VLOOKUP($D$7,'Source Data'!$A$2:$EK$28,20,FALSE)","v":50}]
[null,3.4000000000000004,null,"Power frequency withstand voltage – Secondary","kV",{"$f":"VLOOKUP($D$7,'Source Data'!$A$2:$EK$28,21,FALSE)","v":8}]
[null,4,"3.2.8","Inter-turn winding insulation"]
[null,4.1,null,"Type (Enamel or Paper)",null,{"$f":"VLOOKUP($D$7,'Source Data'!$A$2:$EK$28,23,FALSE)","v":"xxxxxxxxxxx"}]
[null,4.199999999999999,null,"Enamel grade (if applicable)",null,{"$f":"VLOOKUP($D$7,'Source Data'!$A$2:$EK$28,24,FALSE)","v":"Grade 3"}]
[null,4.3,null,"Paper thickness (if applicable)","mm",{"$f":"VLOOKUP($D$7,'Source Data'!$A$2:$EK$28,25,FALSE)","v":"> 0.125"}]
[null,4.3999999999999995,null,"Paper type (if applicable)",null,{"$f":"VLOOKUP($D$7,'Source Data'!$A$2:$EK$28,26,FALSE)","v":"xxxxxxxxxxx"}]
[null,4.5,null,"Paper make (if applicable)",null,{"$f":"VLOOKUP($D$7,'Source Data'!$A$2:$EK$28,27,FALSE)","v":"xxxxxxxxxxx"}]
[null,4.6,null,"Paper minimum impulse withstand","kV",{"$f":"VLOOKUP($D$7,'Source Data'!$A$2:$EK$28,28,FALSE)","v":21}]
[null,4.7,null,"Paper minimum power frequency withstand ","kV",{"$f":"VLOOKUP($D$7,'Source Data'!$A$2:$EK$28,29,FALSE)","v":8}]
[null,4.8,null,"Inter-turn winding insulation stress shall not exceed 5 kV/mm","kV/mm",{"$f":"VLOOKUP($D$7,'Source Data'!$A$2:$EK$28,30,FALSE)","v":"<5"}]
[null,5,"3.2.9","Interlayer insulation"]
[null,5.1,null,"Highest interlayer stress in non-tap part of winding (<5kV/mm is not acceptable as the calculated value must be presented)","kV/mm",{"$f":"VLOOKUP($D$7,'Source Data'!$A$2:$EK$28,32,FALSE)","v":"< 5"}]
[null,5.199999999999999,null,"Highest interlayer stress in tap part of winding (<5kV/mm is not acceptable as the calculated value must be presented)","kV/mm",{"$f":"VLOOKUP($D$7,'Source Data'!$A$2:$EK$28,33,FALSE)","v":"< 5 "}]
[null,5.3,null,"Paper type.",null,{"$f":"VLOOKUP($D$7,'Source Data'!$A$2:$EK$28,34,FALSE)","v":"xxxxxxxxxxx"}]
[null,5.3999999999999995,null,"Paper make.",null,{"$f":"VLOOKUP($D$7,'Source Data'!$A$2:$EK$28,35,FALSE)","v":"xxxxxxxxxxx"}]
[null,6,"3.2.10","Tapping connections"]
[null,6.1,null,"Type ",null,{"$f":"VLOOKUP($D$7,'Source Data'!$A$2:$EK$28,37,FALSE)","v":"Switch"}]
[null,6.2,null,"Tapping range","%",{"$f":"VLOOKUP($D$7,'Source Data'!$A$2:$EK$28,38,FALSE)","v":"0, ±2.5, ±5"}]
[null,7,"3.2.11","MV Bushings for Coastal Transformers"]
[null,7.1,null,"Make ",null,{"$f":"VLOOKUP($D$7,'Source Data'!$A$2:$EK$28,48,FALSE)","v":"xxxxxxxxxxx"}]
[null,7.2,null,"Product code",null,{"$f":"VLOOKUP($D$7,'Source Data'!$A$2:$EK$28,49,FALSE)","v":"xxxxxxxxxxx"}]
[null,7.3,null,"Material (e.g. Porcelain)",null,{"$f":"VLOOKUP($D$7,'Source Data'!$A$2:$EK$28,50,FALSE)","v":"xxxxxxxxxxx"}]
[null,7.4,null,"Specific creepage distance","mm/kV",{"$f":"VLOOKUP($D$7,'Source Data'!$A$2:$EK$28,51,FALSE)","v":"≥ 31"}]
[null,7.5,null,"Clamping",null,{"$f":"VLOOKUP($D$7,'Source Data'!$A$2:$EK$28,52,FALSE)","v":"Base"}]
[null,7.6,null,"Type",null,{"$f":"VLOOKUP($D$7,'Source Data'!$A$2:$EK$28,53,FALSE)","v":"Draw lead"}]
[null,7.7,null,"Stem diameter",null,{"$f":"VLOOKUP($D$7,'Source Data'!$A$2:$EK$28,54,FALSE)","v":"M12"}]
[null,8,"3.2.11","LV Bushings"]
[null,8.1,null,"Make ",null,{"$f":"VLOOKUP($D$7,'Source Data'!$A$2:$EK$28,56,FALSE)","v":"xxxxxxxxxxx"}]
[null,8.2,null,"Product code",null,{"$f":"VLOOKUP($D$7,'Source Data'!$A$2:$EK$28,57,FALSE)","v":"xxxxxxxxxxx"}]
[null,8.3,null,"Material (e.g. Porcelain)",null,{"$f":"VLOOKUP($D$7,'Source Data'!$A$2:$EK$28,58,FALSE)","v":"xxxxxxxxxxx"}]
[null,8.4,null,"Stem diameter",null,{"$f":"VLOOKUP($D$7,'Source Data'!$A$2:$EK$28,59,FALSE)","v":"M12"}]
[null,8.5,null,"Supplied with flag ",null,{"$f":"VLOOKUP($D$7,'Source Data'!$A$2:$EK$28,60,FALSE)","v":"Yes"}]
[null,8.6,null,"Flag supplied with 2 x M12 x 40 mm set screws, 4 x flatwashers, 2 x spring washers and 2 x nuts",null,{"$f":"VLOOKUP($D$7,'Source Data'!$A$2:$EK$28,61,FALSE)","v":"Yes"}]
[null,9,"3.2.14","Losses"]
[null,9.1,null,"Loss factor base (Cost of Dx or Gx) ",null,{"$f":"VLOOKUP($D$7,'Source Data'!$A$2:$EK$28,63,FALSE)","v":"Distribution"},"xxxxxxxxxxx"]
[null,9.2,null,"No-load Loss Factor, NLLF ","R/kW",{"$f":"VLOOKUP($D$7,'Source Data'!$A$2:$EK$28,64,FALSE)","v":80500},"xxxxxxxxxxx"]
[null,9.3,null,"Load Loss Factor, LLF","R/kW",{"$f":"VLOOKUP($D$7,'Source Data'!$A$2:$EK$28,65,FALSE)","v":17500},"xxxxxxxxxxx"]
[null,9.4,null,"Guaranteed no-load losses, PNL (Steel Core)","W",{"$f":"VLOOKUP($D$7,'Source Data'!$A$2:$EK$28,66,FALSE)","v":190}]
[null,9.5,null,"Guaranteed no-load losses, PNL (only if Amorphous Core is offered)","W",{"$f":"VLOOKUP($D$7,'Source Data'!$A$2:$EL$28,142,FALSE)","v":70}]
[null,9.6,null,"Guaranteed load losses, PLL","W",{"$f":"VLOOKUP($D$7,'Source Data'!$A$2:$EK$28,67,FALSE)","v":1500}]
[null,10,"3.2.14","Impedance voltage & X/R ratio"]
[null,10.1,null,"Impedance at principle tapping (specific design impedances to be stated)","%",{"$f":"VLOOKUP($D$7,'Source Data'!$A$2:$EK$28,69,FALSE)","v":"3,0 to 4,5"}]
[null,10.2,null,"X/R ratio",null,{"$f":"VLOOKUP($D$7,'Source Data'!$A$2:$EK$28,70,FALSE)","v":"xxxxxxxxxx"}]
[null,11,null,"Audio-sound level (SANS 780)"]
[null,11.1,null,"Maximum limit of transformer audio-sound level","db(A)",{"$f":"VLOOKUP($D$7,'Source Data'!$A$2:$EK$28,72,FALSE)","v":"≤ 48 "}]
[null,12,null,"MV winding wire"]
[null,12.1,null,"Material (e.g. Cu or Al)",null,{"$f":"VLOOKUP($D$7,'Source Data'!$A$2:$EK$28,74,FALSE)","v":"xxxxxxxxxxx"}]
[null,12.2,null,"Type (e.g. Round, Strip or Foil)",null,{"$f":"VLOOKUP($D$7,'Source Data'!$A$2:$EK$28,75,FALSE)","v":"xxxxxxxxxxx"}]
[null,13,null,"LV winding wire"]
[null,13.1,null,"Material (e.g. Cu or Al)",null,{"$f":"VLOOKUP($D$7,'Source Data'!$A$2:$EK$28,77,FALSE)","v":"xxxxxxxxxxx"}]
[null,13.2,null,"Type (e.g. Round, Strip or Foil)",null,{"$f":"VLOOKUP($D$7,'Source Data'!$A$2:$EK$28,78,FALSE)","v":"xxxxxxxxxxx"}]
[null,14,null,"Core material"]
[null,14.1,null,"Core material ",null,{"$f":"VLOOKUP($D$7,'Source Data'!$A$2:$EK$28,80,FALSE)","v":"Steel or Amporphous"}]
[null,14.2,null,"Type/code ",null,{"$f":"VLOOKUP($D$7,'Source Data'!$A$2:$EK$28,81,FALSE)","v":"xxxxxxxxxxx"}]
[null,14.3,null,"Maximum Flux Density of Material",null,{"$f":"VLOOKUP($D$7,'Source Data'!$A$2:$EK$28,82,FALSE)","v":"xxxxxxxxxxx"}]
[null,14.4,null,"Supplier",null,{"$f":"VLOOKUP($D$7,'Source Data'!$A$2:$EK$28,83,FALSE)","v":"xxxxxxxxxxx"}]
[null,15,"3.3.2","Tank and tank cover"]
[null,15.1,null,"Tank type: Sealed",null,{"$f":"VLOOKUP($D$7,'Source Data'!$A$2:$EK$28,85,FALSE)","v":"Sealed"}]
[null,15.2,null,"Plain, rigid or corrugated",null,{"$f":"VLOOKUP($D$7,'Source Data'!$A$2:$EK$28,86,FALSE)","v":"xxxxxxxxxx"}]
[null,16,"3.3.3","Transformer dimensions"]
[null,16.1,"Figure 12","Wo (including surge arrester)","mm",{"$f":"VLOOKUP($D$7,'Source Data'!$A$2:$EK$28,88,FALSE)","v":"≤ 1 080 "}]
[null,16.2,"Figure 12","Lo","mm",{"$f":"VLOOKUP($D$7,'Source Data'!$A$2:$EK$28,89,FALSE)","v":"≤ 1 500 "}]
[null,16.3,"Figure 12","Ht","mm",{"$f":"VLOOKUP($D$7,'Source Data'!$A$2:$EK$28,90,FALSE)","v":"≤ 1 500 "}]
[null,16.4,"Figure 12","Mass","kg",{"$f":"VLOOKUP($D$7,'Source Data'!$A$2:$EK$28,91,FALSE)","v":"≤ 900 "}]
[null,16.5,null,"Oil capacity","l",{"$f":"VLOOKUP($D$7,'Source Data'!$A$2:$EK$28,92,FALSE)","v":"xxxxxxxxxxx"}]
[null,16.6,null,"Minimum clearance between live MV terminals and from MV live terminals to any part of the tank greater than twice the BIL ","mm",{"$f":"VLOOKUP($D$7,'Source Data'!$A$2:$EK$28,93,FALSE)","v":300}]
[null,16.7,"3.3.4","Minimum mechanical clearance of 100 mm between the brackets and LV bushings shall be maintained","mm",{"$f":"VLOOKUP($D$7,'Source Data'!$A$2:$EK$28,94,FALSE)","v":100}]
[null,17,"3.3.4","Pole mounting bracket"]
[null,17.1,null,"Single pole mounting bracket required? (Yes or No)",null,{"$f":"VLOOKUP($D$7,'Source Data'!$A$2:$EK$28,96,FALSE)","v":"Yes"}]
[null,"17.2.1",null,"Supplied with: - 2 x clamps",null,{"$f":"VLOOKUP($D$7,'Source Data'!$A$2:$EK$28,97,FALSE)","v":"Yes"}]
[null,"17.2.2",null,"                     - 1 x threaded rod (M20 x 350 mm)",null,{"$f":"VLOOKUP($D$7,'Source Data'!$A$2:$EK$28,98,FALSE)","v":"Yes"}]
[null,"17.2.3",null,"                     - 4 x threaded rods (M20 x 250 mm)",null,{"$f":"VLOOKUP($D$7,'Source Data'!$A$2:$EK$28,99,FALSE)","v":"Yes"}]
[null,"17.2.4",null,"                     - 12 x nuts, flat washers & spring washers (M20)",null,{"$f":"VLOOKUP($D$7,'Source Data'!$A$2:$EK$28,100,FALSE)","v":"Yes"}]
[null,17.2,"Figure 13","Dimension Mo","mm",{"$f":"VLOOKUP($D$7,'Source Data'!$A$2:$EK$28,101,FALSE)","v":400}]
[null,17.3,"Figure 13","Dimension h1","mm",{"$f":"VLOOKUP($D$7,'Source Data'!$A$2:$EK$28,102,FALSE)","v":"≤ 400 "}]
[null,17.4,"Figure 13","Dimension W1","mm",{"$f":"VLOOKUP($D$7,'Source Data'!$A$2:$EK$28,103,FALSE)","v":"≤ 450 "}]
[null,17.5,"Figure 13","Mounting hole diameter","mm",{"$f":"VLOOKUP($D$7,'Source Data'!$A$2:$EK$28,104,FALSE)","v":22}]
[null,17.6,"Figure 13","Mounting hole centres","mm",{"$f":"VLOOKUP($D$7,'Source Data'!$A$2:$EK$28,105,FALSE)","v":146}]
[null,18,"3.3.5","Transformer under base"]
[null,18.1,null,"Under base required? (Yes or No)",null,{"$f":"VLOOKUP($D$7,'Source Data'!$A$2:$EK$28,107,FALSE)","v":"Yes"},"xxxxxxxxxxx"]
[null,18.2,"Figure14","Lml","mm",{"$f":"VLOOKUP($D$7,'Source Data'!$A$2:$EK$28,108,FALSE)","v":400}]
[null,18.3,"Figure14","Lmw (300, 400 or 450)","mm",{"$f":"VLOOKUP($D$7,'Source Data'!$A$2:$EK$28,109,FALSE)","v":"xxxxxxxxxxx"}]
[null,18.4,"Figure14","Ls","mm",{"$f":"VLOOKUP($D$7,'Source Data'!$A$2:$EK$28,110,FALSE)","v":"≥ 320"}]
[null,18.5,"Figure14","Lmh","mm",{"$f":"VLOOKUP($D$7,'Source Data'!$A$2:$EK$28,111,FALSE)","v":"≤ 120 "}]
[null,18.6,"Figure14","Mounting hole diameter","mm",{"$f":"VLOOKUP($D$7,'Source Data'!$A$2:$EK$28,112,FALSE)","v":22}]
[null,19,"3.3.6","Lifting lugs"]
[null,19.1,null,"Lifting lugs fitted",null,{"$f":"VLOOKUP($D$7,'Source Data'!$A$2:$EK$28,114,FALSE)","v":"Yes"}]
[null,19.2,null,"Hole diameter","mm",{"$f":"VLOOKUP($D$7,'Source Data'!$A$2:$EK$28,115,FALSE)","v":"≥ 30 "}]
[null,20,"3.3.7","Earthing terminals"]
[null,20.1,null,"Boss material ",null,{"$f":"VLOOKUP($D$7,'Source Data'!$A$2:$EK$28,117,FALSE)","v":"316 Stainless Steel or Mild Steel"}]
[null,20.2,null,"Boss depth","mm",{"$f":"VLOOKUP($D$7,'Source Data'!$A$2:$EK$28,118,FALSE)","v":"≥ 30"}]
[null,20.3,null,"Set screw material",null,{"$f":"VLOOKUP($D$7,'Source Data'!$A$2:$EK$28,119,FALSE)","v":"316 Stainless Steel or Mild Steel"}]
[null,20.4,null,"Set screw dimensions","mm",{"$f":"VLOOKUP($D$7,'Source Data'!$A$2:$EK$28,120,FALSE)","v":"M12 x 25 "}]
[null,20.5,null,"Supplied with washer and spring washer",null,{"$f":"VLOOKUP($D$7,'Source Data'!$A$2:$EK$28,121,FALSE)","v":"Yes"}]
[null,21,"3.3.8","Surge arrester brackets"]
[null,21.1,null,"Surge arrester brackets fitted",null,{"$f":"VLOOKUP($D$7,'Source Data'!$A$2:$EK$28,123,FALSE)","v":"Yes"}]
[null,21.2,"Figure 16","Mounting hole diameter","mm",{"$f":"VLOOKUP($D$7,'Source Data'!$A$2:$EK$28,124,FALSE)","v":14}]
[null,21.3,"Figure 16","Dimension D (worst case)","mm",{"$f":"VLOOKUP($D$7,'Source Data'!$A$2:$EK$28,125,FALSE)","v":"≥ 200"}]
[null,21.4,"Figure 16","Dimension E (worst case)","mm",{"$f":"VLOOKUP($D$7,'Source Data'!$A$2:$EK$28,126,FALSE)","v":"≥ 300"}]
[null,21.5,"Figure 16","Dimension F (worst case)","mm",{"$f":"VLOOKUP($D$7,'Source Data'!$A$2:$EK$28,127,FALSE)","v":"≥ 150"}]
[null,22,3.4,"Corrosion protection for Coastal transformers"]
[null,22.1,null,"Indicate the coating system (i.e. DS numbers according to DSP 240-75655504) that is offered. (e.g. DS-14 + DS-15 for zinc sprayed mild steel with duplex coating)"]
[null,22.2,null,"Tank ",null,{"$f":"VLOOKUP($D$7,'Source Data'!$A$2:$EK$28,136,FALSE)","v":"xxxxxxxxxxx"}]
[null,22.3,null,"Radiators",null,{"$f":"VLOOKUP($D$7,'Source Data'!$A$2:$EK$28,137,FALSE)","v":"xxxxxxxxxxx"}]
[null,22.4,null,"Threaded rods and accessories",null,{"$f":"VLOOKUP($D$7,'Source Data'!$A$2:$EK$28,138,FALSE)","v":"xxxxxxxxxxx"}]
[null,22.5,null,"Colour of final coat",null,{"$f":"VLOOKUP($D$7,'Source Data'!$A$2:$EK$28,139,FALSE)","v":"Azure Blue"}]
[null,23,4.2,"All Type Tests in Accordance with SANS 780:\n\n• Temperature rise test \n• Dielectric type test\n• Tank stiffness test \n• Corrugated tank fatigue test\n• Equivalent disturbing current test (This test is only applicable to SWER transformers)\n• Short Circuit Withstand Test\n• Natural ageing and pollution performance test",null,{"$f":"VLOOKUP($D$7,'Source Data'!$A$2:$EK$28,140,FALSE)","v":"Report Numbers"}]
[null,24,4.3,"All Routine Tests in Accordance with SANS 780:\n\n• Measurement of winding resistance\n• Measurement of voltage ratio and phase displacement\n• Measurement of short-circuit impedance and load loss\n• Measurement of no-load loss and current\n• Separate source voltage test\n• Induced overvoltage test\n• Measurement of paint thickness\n• Test for effectiveness of sealing\n• Measurement of secondary voltage across outer two terminals to be 484 V. (Only applicable to dual-phase transformers.) \n• Measurement of insulation resistance test\n• Reactance (%)\n• Dielectric routine tests\n• Vector group test ",null,{"$f":"VLOOKUP($D$7,'Source Data'!$A$2:$EK$28,141,FALSE)","v":"Report Numbers"}]

{"sheet":"182715","index":21,"n_rows":137,"n_cols":7,"rows_kept":137,"merged":[[2,5,2,6],[3,5,3,6],[7,5,9,6],[9,1,9,3]]}
[]
[]
[{"$nulls":5},"Specification: DSP 240-45395762 Rev.4"]
[{"$nulls":5},{"$f":"'List of Items & Enquiry number'!B14","v":"Enquiry Number: 123456XYZ"}]
[]
[{"$nulls":3},"TECHNICAL SCHEDULES A & B FOR \nPOLE-MOUNTED  DISTRIBUTION TRANSFORMERS"]
[{"$nulls":3},"Three Phase, 100 kVA, 33 kV/420V (Coastal, Ester Oil Only)"]
[{"$nulls":5},"Deviations from the specific requirements stated in Schedule A must be recorded and explained in the Deviation Schedule"]
[null,"Schedule A:  Purchaser's specific requirements"]
[null,"Schedule B:  Guarantees and technical particulars of equipment offered"]
[null,"Item","Sub-clause of 240- 45395762","Description",null,"Schedule A","Schedule B"]
[null,1,null,"Identification"]
[null,1.1,null,"Name of manufacturer",null,{"$f":"VLOOKUP($D$7,'Source Data'!$A$2:$EK$28,3,FALSE)","v":"xxxxxxxxxxx"}]
[null,1.2000000000000002,null,"Name of supplier",null,{"$f":"VLOOKUP($D$7,'Source Data'!$A$2:$EK$28,4,FALSE)","v":"xxxxxxxxxxx"}]
[null,1.3,null,"Product code for Coastal transformers",null,{"$f":"VLOOKUP($D$7,'Source Data'!$A$2:$EK$28,6,FALSE)","v":"xxxxxxxxxxx"}]
[null,1.4,null,"Are the transformers covered by the SANS 780 certification mark?",null,{"$f":"VLOOKUP($D$7,'Source Data'!$A$2:$EK$28,7,FALSE)","v":"xxxxxxxxxxx"}]
[null,1.5,null,"State SANS 780 permit number",null,{"$f":"VLOOKUP($D$7,'Source Data'!$A$2:$EK$28,8,FALSE)","v":"xxxxxxxxxxx"}]
[null,1.6,null,"Oil Type",null,{"$f":"VLOOKUP($D$7,'Source Data'!$A$2:$EK$28,9,FALSE)","v":"Ester Oil"}]
[null,2,3,"Ratings"]
[null,2.1,null,"Power rating","kVA",{"$f":"VLOOKUP($D$7,'Source Data'!$A$2:$EK$28,11,FALSE)","v":100}]
[null,2.2,null,"Rated primary voltage","kV",{"$f":"VLOOKUP($D$7,'Source Data'!$A$2:$EK$28,12,FALSE)","v":33}]
[null,2.3000000000000003,null,"Rated no-load secondary voltage","V",{"$f":"VLOOKUP($D$7,'Source Data'!$A$2:$EK$28,13,FALSE)","v":420}]
[null,2.4000000000000004,null,"Frequency","Hz",{"$f":"VLOOKUP($D$7,'Source Data'!$A$2:$EK$28,14,FALSE)","v":50}]
[null,2.5,null,"Number of phases",null,{"$f":"VLOOKUP($D$7,'Source Data'!$A$2:$EK$28,15,FALSE)","v":"3ph"}]
[null,2.6,null,"Vector Group",null,{"$f":"VLOOKUP($D$7,'Source Data'!$A$2:$EK$28,16,FALSE)","v":"Dyn11 or Yzn11"}]
[null,3,"3.2.5","Insulation levels"]
[null,3.1,null,"BIL - Primary","kV",{"$f":"VLOOKUP($D$7,'Source Data'!$A$2:$EK$28,18,FALSE)","v":200}]
[null,3.2,null,"BIL - Secondary","kV",{"$f":"VLOOKUP($D$7,'Source Data'!$A$2:$EK$28,19,FALSE)","v":30}]
[null,3.3000000000000003,null,"Power frequency withstand voltage - Primary","kV",{"$f":"VLOOKUP($D$7,'Source Data'!$A$2:$EK$28,20,FALSE)","v":70}]
[null,3.4000000000000004,null,"Power frequency withstand voltage – Secondary","kV",{"$f":"VLOOKUP($D$7,'Source Data'!$A$2:$EK$28,21,FALSE)","v":8}]
[null,4,"3.2.8","Inter-turn winding insulation"]
[null,4.1,null,"Type (Enamel or Paper)",null,{"$f":"VLOOKUP($D$7,'Source Data'!$A$2:$EK$28,23,FALSE)","v":"xxxxxxxxxxx"}]
[null,4.199999999999999,null,"Enamel grade (if applicable)",null,{"$f":"VLOOKUP($D$7,'Source Data'!$A$2:$EK$28,24,FALSE)","v":"Grade 3"}]
[null,4.3,null,"Paper thickness (if applicable)","mm",{"$f":"VLOOKUP($D$7,'Source Data'!$A$2:$EK$28,25,FALSE)","v":"> 0.125"}]
[null,4.3999999999999995,null,"Paper type (if applicable)",null,{"$f":"VLOOKUP($D$7,'Source Data'!$A$2:$EK$28,26,FALSE)","v":"xxxxxxxxxxx"}]
[null,4.5,null,"Paper make (if applicable)",null,{"$f":"VLOOKUP($D$7,'Source Data'!$A$2:$EK$28,27,FALSE)","v":"xxxxxxxxxxx"}]
[null,4.6,null,"Paper minimum impulse withstand","kV",{"$f":"VLOOKUP($D$7,'Source Data'!$A$2:$EK$28,28,FALSE)","v":21}]
[null,4.7,null,"Paper minimum power frequency withstand ","kV",{"$f":"VLOOKUP($D$7,'Source Data'!$A$2:$EK$28,29,FALSE)","v":8}]
[null,4.8,null,"Inter-turn winding insulation stress shall not exceed 5 kV/mm","kV/mm",{"$f":"VLOOKUP($D$7,'Source Data'!$A$2:$EK$28,30,FALSE)","v":"<5"}]
[null,5,"3.2.9","Interlayer insulation"]
[null,5.1,null,"Highest interlayer stress in non-tap part of winding (<5kV/mm is not acceptable as the calculated value must be presented)","kV/mm",{"$f":"VLOOKUP($D$7,'Source Data'!$A$2:$EK$28,32,FALSE)","v":"< 5"}]
[null,5.199999999999999,null,"Highest interlayer stress in tap part of winding (<5kV/mm is not acceptable as the calculated value must be presented)","kV/mm",{"$f":"VLOOKUP($D$7,'Source Data'!$A$2:$EK$28,33,FALSE)","v":"< 5 "}]
[null,5.3,null,"Paper type.",null,{"$f":"VLOOKUP($D$7,'Source Data'!$A$2:$EK$28,34,FALSE)","v":"xxxxxxxxxxx"}]
[null,5.3999999999999995,null,"Paper make.",null,{"$f":"VLOOKUP($D$7,'Source Data'!$A$2:$EK$28,35,FALSE)","v":"xxxxxxxxxxx"}]
[null,6,"3.2.10","Tapping connections"]
[null,6.1,null,"Type ",null,{"$f":"VLOOKUP($D$7,'Source Data'!$A$2:$EK$28,37,FALSE)","v":"Switch"}]
[null,6.2,null,"Tapping range","%",{"$f":"VLOOKUP($D$7,'Source Data'!$A$2:$EK$28,38,FALSE)","v":"0, ±2.5, ±5"}]
[null,7,"3.2.11","MV Bushings for Coastal Transformers"]
[null,7.1,null,"Make ",null,{"$f":"VLOOKUP($D$7,'Source Data'!$A$2:$EK$28,48,FALSE)","v":"xxxxxxxxxxx"}]
[null,7.2,null,"Product code",null,{"$f":"VLOOKUP($D$7,'Source Data'!$A$2:$EK$28,49,FALSE)","v":"xxxxxxxxxxx"}]
[null,7.3,null,"Material (e.g. Porcelain)",null,{"$f":"VLOOKUP($D$7,'Source Data'!$A$2:$EK$28,50,FALSE)","v":"xxxxxxxxxxx"}]
[null,7.4,null,"Specific creepage distance","mm/kV",{"$f":"VLOOKUP($D$7,'Source Data'!$A$2:$EK$28,51,FALSE)","v":"≥ 31"}]
[null,7.5,null,"Clamping",null,{"$f":"VLOOKUP($D$7,'Source Data'!$A$2:$EK$28,52,FALSE)","v":"Base"}]
[null,7.6,null,"Type",null,{"$f":"VLOOKUP($D$7,'Source Data'!$A$2:$EK$28,53,FALSE)","v":"Draw lead"}]
[null,7.7,null,"Stem diameter",null,{"$f":"VLOOKUP($D$7,'Source Data'!$A$2:$EK$28,54,FALSE)","v":"M12"}]
[null,8,"3.2.11","LV Bushings"]
[null,8.1,null,"Make ",null,{"$f":"VLOOKUP($D$7,'Source Data'!$A$2:$EK$28,56,FALSE)","v":"xxxxxxxxxxx"}]
[null,8.2,null,"Product code",null,{"$f":"VLOOKUP($D$7,'Source Data'!$A$2:$EK$28,57,FALSE)","v":"xxxxxxxxxxx"}]
[null,8.3,null,"Material (e.g. Porcelain)",null,{"$f":"VLOOKUP($D$7,'Source Data'!$A$2:$EK$28,58,FALSE)","v":"xxxxxxxxxxx"}]
[null,8.4,null,"Stem diameter",null,{"$f":"VLOOKUP($D$7,'Source Data'!$A$2:$EK$28,59,FALSE)","v":"M12"}]
[null,8.5,null,"Supplied with flag ",null,{"$f":"VLOOKUP($D$7,'Source Data'!$A$2:$EK$28,60,FALSE)","v":"Yes"}]
[null,8.6,null,"Flag supplied with 2 x M12 x 40 mm set screws, 4 x flatwashers, 2 x spring washers and 2 x nuts",null,{"$f":"VLOOKUP($D$7,'Source Data'!$A$2:$EK$28,61,FALSE)","v":"Yes"}]
[null,9,"3.2.14","Losses"]
[null,9.1,null,"Loss factor base (Cost of Dx or Gx) ",null,{"$f":"VLOOKUP($D$7,'Source Data'!$A$2:$EK$28,63,FALSE)","v":"Distribution"},"xxxxxxxxxxx"]
[null,9.2,null,"No-load Loss Factor, NLLF ","R/kW",{"$f":"VLOOKUP($D$7,'Source Data'!$A$2:$EK$28,64,FALSE)","v":80500},"xxxxxxxxxxx"]
[null,9.3,null,"Load Loss Factor, LLF","R/kW",{"$f":"VLOOKUP($D$7,'Source Data'!$A$2:$EK$28,65,FALSE)","v":17500},"xxxxxxxxxxx"]
[null,9.4,null,"Guaranteed no-load losses, PNL (Steel Core)","W",{"$f":"VLOOKUP($D$7,'Source Data'!$A$2:$EK$28,66,FALSE)","v":190}]
[null,9.5,null,"Guaranteed no-load losses, PNL (only if Amorphous Core is offered)","W",{"$f":"VLOOKUP($D$7,'Source Data'!$A$2:$EL$28,142,FALSE)","v":70}]
[null,9.6,null,"Guaranteed load losses, PLL","W",{"$f":"VLOOKUP($D$7,'Source Data'!$A$2:$EK$28,67,FALSE)","v":1500}]
[null,10,"3.2.14","Impedance voltage & X/R ratio"]
[null,10.1,null,"Impedance at principle tapping (specific design impedances to be stated)","%",{"$f":"VLOOKUP($D$7,'Source Data'!$A$2:$EK$28,69,FALSE)","v":"3,0 to 4,5"}]
[null,10.2,null,"X/R ratio",null,{"$f":"VLOOKUP($D$7,'Source Data'!$A$2:$EK$28,70,FALSE)","v":"xxxxxxxxxx"}]
[null,11,null,"Audio-sound level (SANS 780)"]
[null,11.1,null,"Maximum limit of transformer audio-sound level","db(A)",{"$f":"VLOOKUP($D$7,'Source Data'!$A$2:$EK$28,72,FALSE)","v":"≤ 48 "}]
[null,12,null,"MV winding wire"]
[null,12.1,null,"Material (e.g. Cu or Al)",null,{"$f":"VLOOKUP($D$7,'Source Data'!$A$2:$EK$28,74,FALSE)","v":"xxxxxxxxxxx"}]
[null,12.2,null,"Type (e.g. Round, Strip or Foil)",null,{"$f":"VLOOKUP($D$7,'Source Data'!$A$2:$EK$28,75,FALSE)","v":"xxxxxxxxxxx"}]
[null,13,null,"LV winding wire"]
[null,13.1,null,"Material (e.g. Cu or Al)",null,{"$f":"VLOOKUP($D$7,'Source Data'!$A$2:$EK$28,77,FALSE)","v":"xxxxxxxxxxx"}]
[null,13.2,null,"Type (e.g. Round, Strip or Foil)",null,{"$f":"VLOOKUP($D$7,'Source Data'!$A$2:$EK$28,78,FALSE)","v":"xxxxxxxxxxx"}]
[null,14,null,"Core material"]
[null,14.1,null,"Core material ",null,{"$f":"VLOOKUP($D$7,'Source Data'!$A$2:$EK$28,80,FALSE)","v":"Steel or Amporphous"}]
[null,14.2,null,"Type/code ",null,{"$f":"VLOOKUP($D$7,'Source Data'!$A$2:$EK$28,81,FALSE)","v":"xxxxxxxxxxx"}]
[null,14.3,null,"Maximum Flux Density of Material",null,{"$f":"VLOOKUP($D$7,'Source Data'!$A$2:$EK$28,82,FALSE)","v":"xxxxxxxxxxx"}]
[null,14.4,null,"Supplier",null,{"$f":"VLOOKUP($D$7,'Source Data'!$A$2:$EK$28,83,FALSE)","v":"xxxxxxxxxxx"}]
[null,15,"3.3.2","Tank and tank cover"]
[null,15.1,null,"Tank type: Sealed",null,{"$f":"VLOOKUP($D$7,'Source Data'!$A$2:$EK$28,85,FALSE)","v":"Sealed"}]
[null,15.2,null,"Plain, rigid or corrugated",null,{"$f":"VLOOKUP($D$7,'Source Data'!$A$2:$EK$28,86,FALSE)","v":"xxxxxxxxxx"}]
[null,16,"3.3.3","Transformer dimensions"]
[null,16.1,"Figure 12","Wo (including surge arrester)","mm",{"$f":"VLOOKUP($D$7,'Source Data'!$A$2:$EK$28,88,FALSE)","v":"≤ 1 080 "}]
[null,16.2,"Figure 12","Lo","mm",{"$f":"VLOOKUP($D$7,'Source Data'!$A$2:$EK$28,89,FALSE)","v":"≤ 1 500 "}]
[null,16.3,"Figure 12","Ht","mm",{"$f":"VLOOKUP($D$7,'Source Data'!$A$2:$EK$28,90,FALSE)","v":"≤ 1 500 "}]
[null,16.4,"Figure 12","Mass","kg",{"$f":"VLOOKUP($D$7,'Source Data'!$A$2:$EK$28,91,FALSE)","v":"≤ 900 "}]
[null,16.5,null,"Oil capacity","l",{"$f":"VLOOKUP($D$7,'Source Data'!$A$2:$EK$28,92,FALSE)","v":"xxxxxxxxxxx"}]
[null,16.6,null,"Minimum clearance between live MV terminals and from MV live terminals to any part of the tank greater than twice the BIL ","mm",{"$f":"VLOOKUP($D$7,'Source Data'!$A$2:$EK$28,93,FALSE)","v":400}]
[null,16.7,"3.3.4","Minimum mechanical clearance of 100 mm between the brackets and LV bushings shall be maintained","mm",{"$f":"VLOOKUP($D$7,'Source Data'!$A$2:$EK$28,94,FALSE)","v":100}]
[null,17,"3.3.4","Pole mounting bracket"]
[null,17.1,null,"Single pole mounting bracket required? (Yes or No)",null,{"$f":"VLOOKUP($D$7,'Source Data'!$A$2:$EK$28,96,FALSE)","v":"Yes"}]
[null,"17.2.1",null,"Supplied with: - 2 x clamps",null,{"$f":"VLOOKUP($D$7,'Source Data'!$A$2:$EK$28,97,FALSE)","v":"Yes"}]
[null,"17.2.2",null,"                     - 1 x threaded rod (M20 x 350 mm)",null,{"$f":"VLOOKUP($D$7,'Source Data'!$A$2:$EK$28,98,FALSE)","v":"Yes"}]
[null,"17.2.3",null,"                     - 4 x threaded rods (M20 x 250 mm)",null,{"$f":"VLOOKUP($D$7,'Source Data'!$A$2:$EK$28,99,FALSE)","v":"Yes"}]
[null,"17.2.4",null,"                     - 12 x nuts, flat washers & spring washers (M20)",null,{"$f":"VLOOKUP($D$7,'Source Data'!$A$2:$EK$28,100,FALSE)","v":"Yes"}]
[null,17.2,"Figure 13","Dimension Mo","mm",{"$f":"VLOOKUP($D$7,'Source Data'!$A$2:$EK$28,101,FALSE)","v":400}]
[null,17.3,"Figure 13","Dimension h1","mm",{"$f":"VLOOKUP($D$7,'Source Data'!$A$2:$EK$28,102,FALSE)","v":"≤ 400 "}]
[null,17.4,"Figure 13","Dimension W1","mm",{"$f":"VLOOKUP($D$7,'Source Data'!$A$2:$EK$28,103,FALSE)","v":"≤ 450 "}]
[null,17.5,"Figure 13","Mounting hole diameter","mm",{"$f":"VLOOKUP($D$7,'Source Data'!$A$2:$EK$28,104,FALSE)","v":22}]
[null,17.6,"Figure 13","Mounting hole centres","mm",{"$f":"VLOOKUP($D$7,'Source Data'!$A$2:$EK$28,105,FALSE)","v":146}]
[null,18,"3.3.5","Transformer under base"]
[null,18.1,null,"Under base required? (Yes or No)",null,{"$f":"VLOOKUP($D$7,'Source Data'!$A$2:$EK$28,107,FALSE)","v":"Yes"},"xxxxxxxxxxx"]
[null,18.2,"Figure14","Lml","mm",{"$f":"VLOOKUP($D$7,'Source Data'!$A$2:$EK$28,108,FALSE)","v":400}]
[null,18.3,"Figure14","Lmw (300, 400 or 450)","mm",{"$f":"VLOOKUP($D$7,'Source Data'!$A$2:$EK$28,109,FALSE)","v":"xxxxxxxxxxx"}]
[null,18.4,"Figure14","Ls","mm",{"$f":"VLOOKUP($D$7,'Source Data'!$A$2:$EK$28,110,FALSE)","v":"≥ 320"}]
[null,18.5,"Figure14","Lmh","mm",{"$f":"VLOOKUP($D$7,'Source Data'!$A$2:$EK$28,111,FALSE)","v":"≤ 120 "}]
[null,18.6,"Figure14","Mounting hole diameter","mm",{"$f":"VLOOKUP($D$7,'Source Data'!$A$2:$EK$28,112,FALSE)","v":22}]
[null,19,"3.3.6","Lifting lugs"]
[null,19.1,null,"Lifting lugs fitted",null,{"$f":"VLOOKUP($D$7,'Source Data'!$A$2:$EK$28,114,FALSE)","v":"Yes"}]
[null,19.2,null,"Hole diameter","mm",{"$f":"VLOOKUP($D$7,'Source Data'!$A$2:$EK$28,115,FALSE)","v":"≥ 30 "}]
[null,20,"3.3.7","Earthing terminals"]
[null,20.1,null,"Boss material ",null,{"$f":"VLOOKUP($D$7,'Source Data'!$A$2:$EK$28,117,FALSE)","v":"316 Stainless Steel or Mild Steel"}]
[null,20.2,null,"Boss depth","mm",{"$f":"VLOOKUP($D$7,'Source Data'!$A$2:$EK$28,118,FALSE)","v":"≥ 30"}]
[null,20.3,null,"Set screw material",null,{"$f":"VLOOKUP($D$7,'Source Data'!$A$2:$EK$28,119,FALSE)","v":"316 Stainless Steel or Mild Steel"}]
[null,20.4,null,"Set screw dimensions","mm",{"$f":"VLOOKUP($D$7,'Source Data'!$A$2:$EK$28,120,FALSE)","v":"M12 x 25 "}]
[null,20.5,null,"Supplied with washer and spring washer",null,{"$f":"VLOOKUP($D$7,'Source Data'!$A$2:$EK$28,121,FALSE)","v":"Yes"}]
[null,21,"3.3.8","Surge arrester brackets"]
[null,21.1,null,"Surge arrester brackets fitted",null,{"$f":"VLOOKUP($D$7,'Source Data'!$A$2:$EK$28,123,FALSE)","v":"Yes"}]
[null,21.2,"Figure 16","Mounting hole diameter","mm",{"$f":"VLOOKUP($D$7,'Source Data'!$A$2:$EK$28,124,FALSE)","v":14}]
[null,21.3,"Figure 16","Dimension D (worst case)","mm",{"$f":"VLOOKUP($D$7,'Source Data'!$A$2:$EK$28,125,FALSE)","v":"≥ 200"}]
[null,21.4,"Figure 16","Dimension E (worst case)","mm",{"$f":"VLOOKUP($D$7,'Source Data'!$A$2:$EK$28,126,FALSE)","v":"≥ 400 "}]
[null,21.5,"Figure 16","Dimension F (worst case)","mm",{"$f":"VLOOKUP($D$7,'Source Data'!$A$2:$EK$28,127,FALSE)","v":"≥ 150"}]
[null,22,3.4,"Corrosion protection for Coastal transformers"]
[null,22.1,null,"Indicate the coating system (i.e. DS numbers according to DSP 240-75655504) that is offered. (e.g. DS-14 + DS-15 for zinc sprayed mild steel with duplex coating)"]
[null,22.2,null,"Tank ",null,{"$f":"VLOOKUP($D$7,'Source Data'!$A$2:$EK$28,136,FALSE)","v":"xxxxxxxxxxx"}]
[null,22.3,null,"Radiators",null,{"$f":"VLOOKUP($D$7,'Source Data'!$A$2:$EK$28,137,FALSE)","v":"xxxxxxxxxxx"}]
[null,22.4,null,"Threaded rods and accessories",null,{"$f":"VLOOKUP($D$7,'Source Data'!$A$2:$EK$28,138,FALSE)","v":"xxxxxxxxxxx"}]
[null,22.5,null,"Colour of final coat",null,{"$f":"VLOOKUP($D$7,'Source Data'!$A$2:$EK$28,139,FALSE)","v":"Azure Blue"}]
[null,23,4.2,"All Type Tests in Accordance with SANS 780:\n\n• Temperature rise test \n• Dielectric type test\n• Tank stiffness test \n• Corrugated tank fatigue test\n• Equivalent disturbing current test (This test is only applicable to SWER transformers)\n• Short Circuit Withstand Test\n• Natural ageing and pollution performance test",null,{"$f":"VLOOKUP($D$7,'Source Data'!$A$2:$EK$28,140,FALSE)","v":"Report Numbers"}]
[null,24,4.3,"All Routine Tests in Accordance with SANS 780:\n\n• Measurement of winding resistance\n• Measurement of voltage ratio and phase displacement\n• Measurement of short-circuit impedance and load loss\n• Measurement of no-load loss and current\n• Separate source voltage test\n• Induced overvoltage test\n• Measurement of paint thickness\n• Test for effectiveness of sealing\n• Measurement of secondary voltage across outer two terminals to be 484 V. (Only applicable to dual-phase transformers.) \n• Measurement of insulation resistance test\n• Reactance (%)\n• Dielectric routine tests\n• Vector group test ",null,{"$f":"VLOOKUP($D$7,'Source Data'!$A$2:$EK$28,141,FALSE)","v":"Report Numbers"}]

{"sheet":"175091","index":22,"n_rows":137,"n_cols":7,"rows_kept":137,"merged":[[2,5,2,6],[3,5,3,6],[7,5,9,6],[9,1,9,3]]}
[]
[]
[{"$nulls":5},"Specification: DSP 240-45395762 Rev.4"]
[{"$nulls":5},{"$f":"'List of Items & Enquiry number'!B14","v":"Enquiry Number: 123456XYZ"}]
[]
[{"$nulls":3},"TECHNICAL SCHEDULES A & B FOR \nPOLE-MOUNTED  DISTRIBUTION TRANSFORMERS"]
[{"$nulls":3},"Three Phase, 200 kVA, 11 kV/420V (Coastal, Ester Oil Only)"]
[{"$nulls":5},"Deviations from the specific requirements stated in Schedule A must be recorded and explained in the Deviation Schedule"]
[null,"Schedule A:  Purchaser's specific requirements"]
[null,"Schedule B:  Guarantees and technical particulars of equipment offered"]
[null,"Item","Sub-clause of 240- 45395762","Description",null,"Schedule A","Schedule B"]
[null,1,null,"Identification"]
[null,1.1,null,"Name of manufacturer",null,{"$f":"VLOOKUP($D$7,'Source Data'!$A$2:$EK$28,3,FALSE)","v":"xxxxxxxxxxx"}]
[null,1.2000000000000002,null,"Name of supplier",null,{"$f":"VLOOKUP($D$7,'Source Data'!$A$2:$EK$28,4,FALSE)","v":"xxxxxxxxxxx"}]
[null,1.3,null,"Product code for Coastal transformers",null,{"$f":"VLOOKUP($D$7,'Source Data'!$A$2:$EK$28,6,FALSE)","v":"xxxxxxxxxxx"}]
[null,1.4,null,"Are the transformers covered by the SANS 780 certification mark?",null,{"$f":"VLOOKUP($D$7,'Source Data'!$A$2:$EK$28,7,FALSE)","v":"xxxxxxxxxxx"}]
[null,1.5,null,"State SANS 780 permit number",null,{"$f":"VLOOKUP($D$7,'Source Data'!$A$2:$EK$28,8,FALSE)","v":"xxxxxxxxxxx"}]
[null,1.6,null,"Oil Type",null,{"$f":"VLOOKUP($D$7,'Source Data'!$A$2:$EK$28,9,FALSE)","v":"Ester Oil"}]
[null,2,3,"Ratings"]
[null,2.1,null,"Power rating","kVA",{"$f":"VLOOKUP($D$7,'Source Data'!$A$2:$EK$28,11,FALSE)","v":200}]
[null,2.2,null,"Rated primary voltage","kV",{"$f":"VLOOKUP($D$7,'Source Data'!$A$2:$EK$28,12,FALSE)","v":11}]
[null,2.3000000000000003,null,"Rated no-load secondary voltage","V",{"$f":"VLOOKUP($D$7,'Source Data'!$A$2:$EK$28,13,FALSE)","v":420}]
[null,2.4000000000000004,null,"Frequency","Hz",{"$f":"VLOOKUP($D$7,'Source Data'!$A$2:$EK$28,14,FALSE)","v":50}]
[null,2.5,null,"Number of phases",null,{"$f":"VLOOKUP($D$7,'Source Data'!$A$2:$EK$28,15,FALSE)","v":"3ph"}]
[null,2.6,null,"Vector Group",null,{"$f":"VLOOKUP($D$7,'Source Data'!$A$2:$EK$28,16,FALSE)","v":"Dyn11 or Yzn11"}]
[null,3,"3.2.5","Insulation levels"]
[null,3.1,null,"BIL - Primary","kV",{"$f":"VLOOKUP($D$7,'Source Data'!$A$2:$EK$28,18,FALSE)","v":95}]
[null,3.2,null,"BIL - Secondary","kV",{"$f":"VLOOKUP($D$7,'Source Data'!$A$2:$EK$28,19,FALSE)","v":30}]
[null,3.3000000000000003,null,"Power frequency withstand voltage - Primary","kV",{"$f":"VLOOKUP($D$7,'Source Data'!$A$2:$EK$28,20,FALSE)","v":28}]
[null,3.4000000000000004,null,"Power frequency withstand voltage – Secondary","kV",{"$f":"VLOOKUP($D$7,'Source Data'!$A$2:$EK$28,21,FALSE)","v":8}]
[null,4,"3.2.8","Inter-turn winding insulation"]
[null,4.1,null,"Type (Enamel or Paper)",null,{"$f":"VLOOKUP($D$7,'Source Data'!$A$2:$EK$28,23,FALSE)","v":"xxxxxxxxxxx"}]
[null,4.199999999999999,null,"Enamel grade (if applicable)",null,{"$f":"VLOOKUP($D$7,'Source Data'!$A$2:$EK$28,24,FALSE)","v":"Grade 3"}]
[null,4.3,null,"Paper thickness (if applicable)","mm",{"$f":"VLOOKUP($D$7,'Source Data'!$A$2:$EK$28,25,FALSE)","v":"> 0.125"}]
[null,4.3999999999999995,null,"Paper type (if applicable)",null,{"$f":"VLOOKUP($D$7,'Source Data'!$A$2:$EK$28,26,FALSE)","v":"xxxxxxxxxxx"}]
[null,4.5,null,"Paper make (if applicable)",null,{"$f":"VLOOKUP($D$7,'Source Data'!$A$2:$EK$28,27,FALSE)","v":"xxxxxxxxxxx"}]
[null,4.6,null,"Paper minimum impulse withstand","kV",{"$f":"VLOOKUP($D$7,'Source Data'!$A$2:$EK$28,28,FALSE)","v":21}]
[null,4.7,null,"Paper minimum power frequency withstand ","kV",{"$f":"VLOOKUP($D$7,'Source Data'!$A$2:$EK$28,29,FALSE)","v":8}]
[null,4.8,null,"Inter-turn winding insulation stress shall not exceed 5 kV/mm","kV/mm",{"$f":"VLOOKUP($D$7,'Source Data'!$A$2:$EK$28,30,FALSE)","v":"<5"}]
[null,5,"3.2.9","Interlayer insulation"]
[null,5.1,null,"Highest interlayer stress in non-tap part of winding (<5kV/mm is not acceptable as the calculated value must be presented)","kV/mm",{"$f":"VLOOKUP($D$7,'Source Data'!$A$2:$EK$28,32,FALSE)","v":"< 5"}]
[null,5.199999999999999,null,"Highest interlayer stress in tap part of winding (<5kV/mm is not acceptable as the calculated value must be presented)","kV/mm",{"$f":"VLOOKUP($D$7,'Source Data'!$A$2:$EK$28,33,FALSE)","v":"< 5 "}]
[null,5.3,null,"Paper type.",null,{"$f":"VLOOKUP($D$7,'Source Data'!$A$2:$EK$28,34,FALSE)","v":"xxxxxxxxxxx"}]
[null,5.3999999999999995,null,"Paper make.",null,{"$f":"VLOOKUP($D$7,'Source Data'!$A$2:$EK$28,35,FALSE)","v":"xxxxxxxxxxx"}]
[null,6,"3.2.10","Tapping connections"]
[null,6.1,null,"Type ",null,{"$f":"VLOOKUP($D$7,'Source Data'!$A$2:$EK$28,37,FALSE)","v":"Switch"}]
[null,6.2,null,"Tapping range","%",{"$f":"VLOOKUP($D$7,'Source Data'!$A$2:$EK$28,38,FALSE)","v":"0, ±2.5, ±5"}]
[null,7,"3.2.11","MV Bushings for Coastal Transformers"]
[null,7.1,null,"Make ",null,{"$f":"VLOOKUP($D$7,'Source Data'!$A$2:$EK$28,48,FALSE)","v":"xxxxxxxxxxx"}]
[null,7.2,null,"Product code",null,{"$f":"VLOOKUP($D$7,'Source Data'!$A$2:$EK$28,49,FALSE)","v":"xxxxxxxxxxx"}]
[null,7.3,null,"Material (e.g. Porcelain)",null,{"$f":"VLOOKUP($D$7,'Source Data'!$A$2:$EK$28,50,FALSE)","v":"xxxxxxxxxxx"}]
[null,7.4,null,"Specific creepage distance","mm/kV",{"$f":"VLOOKUP($D$7,'Source Data'!$A$2:$EK$28,51,FALSE)","v":"≥ 31"}]
[null,7.5,null,"Clamping",null,{"$f":"VLOOKUP($D$7,'Source Data'!$A$2:$EK$28,52,FALSE)","v":"Base"}]
[null,7.6,null,"Type",null,{"$f":"VLOOKUP($D$7,'Source Data'!$A$2:$EK$28,53,FALSE)","v":"Draw lead"}]
[null,7.7,null,"Stem diameter",null,{"$f":"VLOOKUP($D$7,'Source Data'!$A$2:$EK$28,54,FALSE)","v":"M12"}]
[null,8,"3.2.11","LV Bushings"]
[null,8.1,null,"Make ",null,{"$f":"VLOOKUP($D$7,'Source Data'!$A$2:$EK$28,56,FALSE)","v":"xxxxxxxxxxx"}]
[null,8.2,null,"Product code",null,{"$f":"VLOOKUP($D$7,'Source Data'!$A$2:$EK$28,57,FALSE)","v":"xxxxxxxxxxx"}]
[null,8.3,null,"Material (e.g. Porcelain)",null,{"$f":"VLOOKUP($D$7,'Source Data'!$A$2:$EK$28,58,FALSE)","v":"xxxxxxxxxxx"}]
[null,8.4,null,"Stem diameter",null,{"$f":"VLOOKUP($D$7,'Source Data'!$A$2:$EK$28,59,FALSE)","v":"M12"}]
[null,8.5,null,"Supplied with flag ",null,{"$f":"VLOOKUP($D$7,'Source Data'!$A$2:$EK$28,60,FALSE)","v":"Yes"}]
[null,8.6,null,"Flag supplied with 2 x M12 x 40 mm set screws, 4 x flatwashers, 2 x spring washers and 2 x nuts",null,{"$f":"VLOOKUP($D$7,'Source Data'!$A$2:$EK$28,61,FALSE)","v":"Yes"}]
[null,9,"3.2.14","Losses"]
[null,9.1,null,"Loss factor base (Cost of Dx or Gx) ",null,{"$f":"VLOOKUP($D$7,'Source Data'!$A$2:$EK$28,63,FALSE)","v":"Distribution"},"xxxxxxxxxxx"]
[null,9.2,null,"No-load Loss Factor, NLLF ","R/kW",{"$f":"VLOOKUP($D$7,'Source Data'!$A$2:$EK$28,64,FALSE)","v":80500},"xxxxxxxxxxx"]
[null,9.3,null,"Load Loss Factor, LLF","R/kW",{"$f":"VLOOKUP($D$7,'Source Data'!$A$2:$EK$28,65,FALSE)","v":17500},"xxxxxxxxxxx"]
[null,9.4,null,"Guaranteed no-load losses, PNL (Steel Core)","W",{"$f":"VLOOKUP($D$7,'Source Data'!$A$2:$EK$28,66,FALSE)","v":320}]
[null,9.5,null,"Guaranteed no-load losses, PNL (only if Amorphous Core is offered)","W",{"$f":"VLOOKUP($D$7,'Source Data'!$A$2:$EL$28,142,FALSE)","v":120}]
[null,9.6,null,"Guaranteed load losses, PLL","W",{"$f":"VLOOKUP($D$7,'Source Data'!$A$2:$EK$28,67,FALSE)","v":2600}]
[null,10,"3.2.14","Impedance voltage & X/R ratio"]
[null,10.1,null,"Impedance at principle tapping (specific design impedances to be stated)","%",{"$f":"VLOOKUP($D$7,'Source Data'!$A$2:$EK$28,69,FALSE)","v":"4,0 to 5,0"}]
[null,10.2,null,"X/R ratio",null,{"$f":"VLOOKUP($D$7,'Source Data'!$A$2:$EK$28,70,FALSE)","v":"xxxxxxxxxx"}]
[null,11,null,"Audio-sound level (SANS 780)"]
[null,11.1,null,"Maximum limit of transformer audio-sound level","db(A)",{"$f":"VLOOKUP($D$7,'Source Data'!$A$2:$EK$28,72,FALSE)","v":"≤ 48 "}]
[null,12,null,"MV winding wire"]
[null,12.1,null,"Material (e.g. Cu or Al)",null,{"$f":"VLOOKUP($D$7,'Source Data'!$A$2:$EK$28,74,FALSE)","v":"xxxxxxxxxxx"}]
[null,12.2,null,"Type (e.g. Round, Strip or Foil)",null,{"$f":"VLOOKUP($D$7,'Source Data'!$A$2:$EK$28,75,FALSE)","v":"xxxxxxxxxxx"}]
[null,13,null,"LV winding wire"]
[null,13.1,null,"Material (e.g. Cu or Al)",null,{"$f":"VLOOKUP($D$7,'Source Data'!$A$2:$EK$28,77,FALSE)","v":"xxxxxxxxxxx"}]
[null,13.2,null,"Type (e.g. Round, Strip or Foil)",null,{"$f":"VLOOKUP($D$7,'Source Data'!$A$2:$EK$28,78,FALSE)","v":"xxxxxxxxxxx"}]
[null,14,null,"Core material"]
[null,14.1,null,"Core material ",null,{"$f":"VLOOKUP($D$7,'Source Data'!$A$2:$EK$28,80,FALSE)","v":"Steel or Amporphous"}]
[null,14.2,null,"Type/code ",null,{"$f":"VLOOKUP($D$7,'Source Data'!$A$2:$EK$28,81,FALSE)","v":"xxxxxxxxxxx"}]
[null,14.3,null,"Maximum Flux Density of Material",null,{"$f":"VLOOKUP($D$7,'Source Data'!$A$2:$EK$28,82,FALSE)","v":"xxxxxxxxxxx"}]
[null,14.4,null,"Supplier",null,{"$f":"VLOOKUP($D$7,'Source Data'!$A$2:$EK$28,83,FALSE)","v":"xxxxxxxxxxx"}]
[null,15,"3.3.2","Tank and tank cover"]
[null,15.1,null,"Tank type: Sealed",null,{"$f":"VLOOKUP($D$7,'Source Data'!$A$2:$EK$28,85,FALSE)","v":"Sealed"}]
[null,15.2,null,"Plain, rigid or corrugated",null,{"$f":"VLOOKUP($D$7,'Source Data'!$A$2:$EK$28,86,FALSE)","v":"xxxxxxxxxx"}]
[null,16,"3.3.3","Transformer dimensions"]
[null,16.1,"Figure 12","Wo (including surge arrester)","mm",{"$f":"VLOOKUP($D$7,'Source Data'!$A$2:$EK$28,88,FALSE)","v":"xxxxxxxxxxx"}]
[null,16.2,"Figure 12","Lo","mm",{"$f":"VLOOKUP($D$7,'Source Data'!$A$2:$EK$28,89,FALSE)","v":"≤ 1 500"}]
[null,16.3,"Figure 12","Ht","mm",{"$f":"VLOOKUP($D$7,'Source Data'!$A$2:$EK$28,90,FALSE)","v":"≤ 2 000"}]
[null,16.4,"Figure 12","Mass","kg",{"$f":"VLOOKUP($D$7,'Source Data'!$A$2:$EK$28,91,FALSE)","v":"≤ 1 700"}]
[null,16.5,null,"Oil capacity","l",{"$f":"VLOOKUP($D$7,'Source Data'!$A$2:$EK$28,92,FALSE)","v":"xxxxxxxxxxx"}]
[null,16.6,null,"Minimum clearance between live MV terminals and from MV live terminals to any part of the tank greater than twice the BIL ","mm",{"$f":"VLOOKUP($D$7,'Source Data'!$A$2:$EK$28,93,FALSE)","v":190}]
[null,16.7,"3.3.4","Minimum mechanical clearance of 100 mm between the brackets and LV bushings shall be maintained","mm",{"$f":"VLOOKUP($D$7,'Source Data'!$A$2:$EK$28,94,FALSE)","v":100}]
[null,17,"3.3.4","Pole mounting bracket"]
[null,17.1,null,"Single pole mounting bracket required? (Yes or No)",null,{"$f":"VLOOKUP($D$7,'Source Data'!$A$2:$EK$28,96,FALSE)","v":"No"}]
[null,"17.2.1",null,"Supplied with: - 2 x clamps",null,{"$f":"VLOOKUP($D$7,'Source Data'!$A$2:$EK$28,97,FALSE)","v":"N/A"}]
[null,"17.2.2",null,"                     - 1 x threaded rod (M20 x 350 mm)",null,{"$f":"VLOOKUP($D$7,'Source Data'!$A$2:$EK$28,98,FALSE)","v":"N/A"}]
[null,"17.2.3",null,"                     - 4 x threaded rods (M20 x 250 mm)",null,{"$f":"VLOOKUP($D$7,'Source Data'!$A$2:$EK$28,99,FALSE)","v":"N/A"}]
[null,"17.2.4",null,"                     - 12 x nuts, flat washers & spring washers (M20)",null,{"$f":"VLOOKUP($D$7,'Source Data'!$A$2:$EK$28,100,FALSE)","v":"N/A"}]
[null,17.2,"Figure 13","Dimension Mo","mm",{"$f":"VLOOKUP($D$7,'Source Data'!$A$2:$EK$28,101,FALSE)","v":"N/A"}]
[null,17.3,"Figure 13","Dimension h1","mm",{"$f":"VLOOKUP($D$7,'Source Data'!$A$2:$EK$28,102,FALSE)","v":"N/A"}]
[null,17.4,"Figure 13","Dimension W1","mm",{"$f":"VLOOKUP($D$7,'Source Data'!$A$2:$EK$28,103,FALSE)","v":"N/A"}]
[null,17.5,"Figure 13","Mounting hole diameter","mm",{"$f":"VLOOKUP($D$7,'Source Data'!$A$2:$EK$28,104,FALSE)","v":"N/A"}]
[null,17.6,"Figure 13","Mounting hole centres","mm",{"$f":"VLOOKUP($D$7,'Source Data'!$A$2:$EK$28,105,FALSE)","v":"N/A"}]
[null,18,"3.3.5","Transformer under base"]
[null,18.1,null,"Under base required? (Yes or No)",null,{"$f":"VLOOKUP($D$7,'Source Data'!$A$2:$EK$28,107,FALSE)","v":"Yes"},"xxxxxxxxxxx"]
[null,18.2,"Figure14","Lml","mm",{"$f":"VLOOKUP($D$7,'Source Data'!$A$2:$EK$28,108,FALSE)","v":400}]
[null,18.3,"Figure14","Lmw (300, 400 or 450)","mm",{"$f":"VLOOKUP($D$7,'Source Data'!$A$2:$EK$28,109,FALSE)","v":"xxxxxxxxxxx"}]
[null,18.4,"Figure14","Ls","mm",{"$f":"VLOOKUP($D$7,'Source Data'!$A$2:$EK$28,110,FALSE)","v":"≥ 320"}]
[null,18.5,"Figure14","Lmh","mm",{"$f":"VLOOKUP($D$7,'Source Data'!$A$2:$EK$28,111,FALSE)","v":"≤ 120 "}]
[null,18.6,"Figure14","Mounting hole diameter","mm",{"$f":"VLOOKUP($D$7,'Source Data'!$A$2:$EK$28,112,FALSE)","v":22}]
[null,19,"3.3.6","Lifting lugs"]
[null,19.1,null,"Lifting lugs fitted",null,{"$f":"VLOOKUP($D$7,'Source Data'!$A$2:$EK$28,114,FALSE)","v":"Yes"}]
[null,19.2,null,"Hole diameter","mm",{"$f":"VLOOKUP($D$7,'Source Data'!$A$2:$EK$28,115,FALSE)","v":"≥ 30 "}]
[null,20,"3.3.7","Earthing terminals"]
[null,20.1,null,"Boss material ",null,{"$f":"VLOOKUP($D$7,'Source Data'!$A$2:$EK$28,117,FALSE)","v":"316 Stainless Steel or Mild Steel"}]
[null,20.2,null,"Boss depth","mm",{"$f":"VLOOKUP($D$7,'Source Data'!$A$2:$EK$28,118,FALSE)","v":"≥ 30"}]
[null,20.3,null,"Set screw material",null,{"$f":"VLOOKUP($D$7,'Source Data'!$A$2:$EK$28,119,FALSE)","v":"316 Stainless Steel or Mild Steel"}]
[null,20.4,null,"Set screw dimensions","mm",{"$f":"VLOOKUP($D$7,'Source Data'!$A$2:$EK$28,120,FALSE)","v":"M12 x 25 "}]
[null,20.5,null,"Supplied with washer and spring washer",null,{"$f":"VLOOKUP($D$7,'Source Data'!$A$2:$EK$28,121,FALSE)","v":"Yes"}]
[null,21,"3.3.8","Surge arrester brackets"]
[null,21.1,null,"Surge arrester brackets fitted",null,{"$f":"VLOOKUP($D$7,'Source Data'!$A$2:$EK$28,123,FALSE)","v":"Yes"}]
[null,21.2,"Figure 16","Mounting hole diameter","mm",{"$f":"VLOOKUP($D$7,'Source Data'!$A$2:$EK$28,124,FALSE)","v":14}]
[null,21.3,"Figure 16","Dimension D (worst case)","mm",{"$f":"VLOOKUP($D$7,'Source Data'!$A$2:$EK$28,125,FALSE)","v":"≥ 200"}]
[null,21.4,"Figure 16","Dimension E (worst case)","mm",{"$f":"VLOOKUP($D$7,'Source Data'!$A$2:$EK$28,126,FALSE)","v":"≥ 190"}]
[null,21.5,"Figure 16","Dimension F (worst case)","mm",{"$f":"VLOOKUP($D$7,'Source Data'!$A$2:$EK$28,127,FALSE)","v":"≥ 150"}]
[null,22,3.4,"Corrosion protection for Coastal transformers"]
[null,22.1,null,"Indicate the coating system (i.e. DS numbers according to DSP 240-75655504) that is offered. (e.g. DS-14 + DS-15 for zinc sprayed mild steel with duplex coating)"]
[null,22.2,null,"Tank ",null,{"$f":"VLOOKUP($D$7,'Source Data'!$A$2:$EK$28,136,FALSE)","v":"xxxxxxxxxxx"}]
[null,22.3,null,"Radiators",null,{"$f":"VLOOKUP($D$7,'Source Data'!$A$2:$EK$28,137,FALSE)","v":"xxxxxxxxxxx"}]
[null,22.4,null,"Threaded rods and accessories",null,{"$f":"VLOOKUP($D$7,'Source Data'!$A$2:$EK$28,138,FALSE)","v":"xxxxxxxxxxx"}]
[null,22.5,null,"Colour of final coat",null,{"$f":"VLOOKUP($D$7,'Source Data'!$A$2:$EK$28,139,FALSE)","v":"Azure Blue"}]
[null,23,4.2,"All Type Tests in Accordance with SANS 780:\n\n• Temperature rise test \n• Dielectric type test\n• Tank stiffness test \n• Corrugated tank fatigue test\n• Equivalent disturbing current test (This test is only applicable to SWER transformers)\n• Short Circuit Withstand Test\n• Natural ageing and pollution performance test",null,{"$f":"VLOOKUP($D$7,'Source Data'!$A$2:$EK$28,140,FALSE)","v":"Report Numbers"}]
[null,24,4.3,"All Routine Tests in Accordance with SANS 780:\n\n• Measurement of winding resistance\n• Measurement of voltage ratio and phase displacement\n• Measurement of short-circuit impedance and load loss\n• Measurement of no-load loss and current\n• Separate source voltage test\n• Induced overvoltage test\n• Measurement of paint thickness\n• Test for effectiveness of sealing\n• Measurement of secondary voltage across outer two terminals to be 484 V. (Only applicable to dual-phase transformers.) \n• Measurement of insulation resistance test\n• Reactance (%)\n• Dielectric routine tests\n• Vector group test ",null,{"$f":"VLOOKUP($D$7,'Source Data'!$A$2:$EK$28,141,FALSE)","v":"Report Numbers"}]

{"sheet":"175092","index":23,"n_rows":137,"n_cols":7,"rows_kept":137,"merged":[[2,5,2,6],[3,5,3,6],[7,5,9,6],[9,1,9,3]]}
[]
[]
[{"$nulls":5},"Specification: DSP 240-45395762 Rev.4"]
[{"$nulls":5},{"$f":"'List of Items & Enquiry number'!B14","v":"Enquiry Number: 123456XYZ"}]
[]
[{"$nulls":3},"TECHNICAL SCHEDULES A & B FOR \nPOLE-MOUNTED  DISTRIBUTION TRANSFORMERS"]
[{"$nulls":3},"Three-phase, 200 kVA, 22 kV/420V (Coastal, Ester Oil Only)"]
[{"$nulls":5},"Deviations from the specific requirements stated in Schedule A must be recorded and explained in the Deviation Schedule"]
[null,"Schedule A:  Purchaser's specific requirements"]
[null,"Schedule B:  Guarantees and technical particulars of equipment offered"]
[null,"Item","Sub-clause of 240- 45395762","Description",null,"Schedule A","Schedule B"]
[null,1,null,"Identification"]
[null,1.1,null,"Name of manufacturer",null,{"$f":"VLOOKUP($D$7,'Source Data'!$A$2:$EK$28,3,FALSE)","v":"xxxxxxxxxxx"}]
[null,1.2000000000000002,null,"Name of supplier",null,{"$f":"VLOOKUP($D$7,'Source Data'!$A$2:$EK$28,4,FALSE)","v":"xxxxxxxxxxx"}]
[null,1.3,null,"Product code for Coastal transformers",null,{"$f":"VLOOKUP($D$7,'Source Data'!$A$2:$EK$28,6,FALSE)","v":"xxxxxxxxxxx"}]
[null,1.4,null,"Are the transformers covered by the SANS 780 certification mark?",null,{"$f":"VLOOKUP($D$7,'Source Data'!$A$2:$EK$28,7,FALSE)","v":"xxxxxxxxxxx"}]
[null,1.5,null,"State SANS 780 permit number",null,{"$f":"VLOOKUP($D$7,'Source Data'!$A$2:$EK$28,8,FALSE)","v":"xxxxxxxxxxx"}]
[null,1.6,null,"Oil Type",null,{"$f":"VLOOKUP($D$7,'Source Data'!$A$2:$EK$28,9,FALSE)","v":"Ester Oil"}]
[null,2,3,"Ratings"]
[null,2.1,null,"Power rating","kVA",{"$f":"VLOOKUP($D$7,'Source Data'!$A$2:$EK$28,11,FALSE)","v":200}]
[null,2.2,null,"Rated primary voltage","kV",{"$f":"VLOOKUP($D$7,'Source Data'!$A$2:$EK$28,12,FALSE)","v":22}]
[null,2.3000000000000003,null,"Rated no-load secondary voltage","V",{"$f":"VLOOKUP($D$7,'Source Data'!$A$2:$EK$28,13,FALSE)","v":420}]
[null,2.4000000000000004,null,"Frequency","Hz",{"$f":"VLOOKUP($D$7,'Source Data'!$A$2:$EK$28,14,FALSE)","v":50}]
[null,2.5,null,"Number of phases",null,{"$f":"VLOOKUP($D$7,'Source Data'!$A$2:$EK$28,15,FALSE)","v":"3ph"}]
[null,2.6,null,"Vector Group",null,{"$f":"VLOOKUP($D$7,'Source Data'!$A$2:$EK$28,16,FALSE)","v":"Dyn11 or Yzn11"}]
[null,3,"3.2.5","Insulation levels"]
[null,3.1,null,"BIL - Primary","kV",{"$f":"VLOOKUP($D$7,'Source Data'!$A$2:$EK$28,18,FALSE)","v":150}]
[null,3.2,null,"BIL - Secondary","kV",{"$f":"VLOOKUP($D$7,'Source Data'!$A$2:$EK$28,19,FALSE)","v":30}]
[null,3.3000000000000003,null,"Power frequency withstand voltage - Primary","kV",{"$f":"VLOOKUP($D$7,'Source Data'!$A$2:$EK$28,20,FALSE)","v":50}]
[null,3.4000000000000004,null,"Power frequency withstand voltage – Secondary","kV",{"$f":"VLOOKUP($D$7,'Source Data'!$A$2:$EK$28,21,FALSE)","v":8}]
[null,4,"3.2.8","Inter-turn winding insulation"]
[null,4.1,null,"Type (Enamel or Paper)",null,{"$f":"VLOOKUP($D$7,'Source Data'!$A$2:$EK$28,23,FALSE)","v":"xxxxxxxxxxx"}]
[null,4.199999999999999,null,"Enamel grade (if applicable)",null,{"$f":"VLOOKUP($D$7,'Source Data'!$A$2:$EK$28,24,FALSE)","v":"Grade 3"}]
[null,4.3,null,"Paper thickness (if applicable)","mm",{"$f":"VLOOKUP($D$7,'Source Data'!$A$2:$EK$28,25,FALSE)","v":"> 0.125"}]
[null,4.3999999999999995,null,"Paper type (if applicable)",null,{"$f":"VLOOKUP($D$7,'Source Data'!$A$2:$EK$28,26,FALSE)","v":"xxxxxxxxxxx"}]
[null,4.5,null,"Paper make (if applicable)",null,{"$f":"VLOOKUP($D$7,'Source Data'!$A$2:$EK$28,27,FALSE)","v":"xxxxxxxxxxx"}]
[null,4.6,null,"Paper minimum impulse withstand","kV",{"$f":"VLOOKUP($D$7,'Source Data'!$A$2:$EK$28,28,FALSE)","v":21}]
[null,4.7,null,"Paper minimum power frequency withstand ","kV",{"$f":"VLOOKUP($D$7,'Source Data'!$A$2:$EK$28,29,FALSE)","v":8}]
[null,4.8,null,"Inter-turn winding insulation stress shall not exceed 5 kV/mm","kV/mm",{"$f":"VLOOKUP($D$7,'Source Data'!$A$2:$EK$28,30,FALSE)","v":"<5"}]
[null,5,"3.2.9","Interlayer insulation"]
[null,5.1,null,"Highest interlayer stress in non-tap part of winding (<5kV/mm is not acceptable as the calculated value must be presented)","kV/mm",{"$f":"VLOOKUP($D$7,'Source Data'!$A$2:$EK$28,32,FALSE)","v":"< 5"}]
[null,5.199999999999999,null,"Highest interlayer stress in tap part of winding (<5kV/mm is not acceptable as the calculated value must be presented)","kV/mm",{"$f":"VLOOKUP($D$7,'Source Data'!$A$2:$EK$28,33,FALSE)","v":"< 5 "}]
[null,5.3,null,"Paper type.",null,{"$f":"VLOOKUP($D$7,'Source Data'!$A$2:$EK$28,34,FALSE)","v":"xxxxxxxxxxx"}]
[null,5.3999999999999995,null,"Paper make.",null,{"$f":"VLOOKUP($D$7,'Source Data'!$A$2:$EK$28,35,FALSE)","v":"xxxxxxxxxxx"}]
[null,6,"3.2.10","Tapping connections"]
[null,6.1,null,"Type ",null,{"$f":"VLOOKUP($D$7,'Source Data'!$A$2:$EK$28,37,FALSE)","v":"Switch"}]
[null,6.2,null,"Tapping range","%",{"$f":"VLOOKUP($D$7,'Source Data'!$A$2:$EK$28,38,FALSE)","v":"0, ±2.5, ±5"}]
[null,7,"3.2.11","MV Bushings for Coastal Transformers"]
[null,7.1,null,"Make ",null,{"$f":"VLOOKUP($D$7,'Source Data'!$A$2:$EK$28,48,FALSE)","v":"xxxxxxxxxxx"}]
[null,7.2,null,"Product code",null,{"$f":"VLOOKUP($D$7,'Source Data'!$A$2:$EK$28,49,FALSE)","v":"xxxxxxxxxxx"}]
[null,7.3,null,"Material (e.g. Porcelain)",null,{"$f":"VLOOKUP($D$7,'Source Data'!$A$2:$EK$28,50,FALSE)","v":"xxxxxxxxxxx"}]
[null,7.4,null,"Specific creepage distance","mm/kV",{"$f":"VLOOKUP($D$7,'Source Data'!$A$2:$EK$28,51,FALSE)","v":"≥ 31"}]
[null,7.5,null,"Clamping",null,{"$f":"VLOOKUP($D$7,'Source Data'!$A$2:$EK$28,52,FALSE)","v":"Base"}]
[null,7.6,null,"Type",null,{"$f":"VLOOKUP($D$7,'Source Data'!$A$2:$EK$28,53,FALSE)","v":"Draw lead"}]
[null,7.7,null,"Stem diameter",null,{"$f":"VLOOKUP($D$7,'Source Data'!$A$2:$EK$28,54,FALSE)","v":"M12"}]
[null,8,"3.2.11","LV Bushings"]
[null,8.1,null,"Make ",null,{"$f":"VLOOKUP($D$7,'Source Data'!$A$2:$EK$28,56,FALSE)","v":"xxxxxxxxxxx"}]
[null,8.2,null,"Product code",null,{"$f":"VLOOKUP($D$7,'Source Data'!$A$2:$EK$28,57,FALSE)","v":"xxxxxxxxxxx"}]
[null,8.3,null,"Material (e.g. Porcelain)",null,{"$f":"VLOOKUP($D$7,'Source Data'!$A$2:$EK$28,58,FALSE)","v":"xxxxxxxxxxx"}]
[null,8.4,null,"Stem diameter",null,{"$f":"VLOOKUP($D$7,'Source Data'!$A$2:$EK$28,59,FALSE)","v":"M12"}]
[null,8.5,null,"Supplied with flag ",null,{"$f":"VLOOKUP($D$7,'Source Data'!$A$2:$EK$28,60,FALSE)","v":"Yes"}]
[null,8.6,null,"Flag supplied with 2 x M12 x 40 mm set screws, 4 x flatwashers, 2 x spring washers and 2 x nuts",null,{"$f":"VLOOKUP($D$7,'Source Data'!$A$2:$EK$28,61,FALSE)","v":"Yes"}]
[null,9,"3.2.14","Losses"]
[null,9.1,null,"Loss factor base (Cost of Dx or Gx) ",null,{"$f":"VLOOKUP($D$7,'Source Data'!$A$2:$EK$28,63,FALSE)","v":"Distribution"},"xxxxxxxxxxx"]
[null,9.2,null,"No-load Loss Factor, NLLF ","R/kW",{"$f":"VLOOKUP($D$7,'Source Data'!$A$2:$EK$28,64,FALSE)","v":80500},"xxxxxxxxxxx"]
[null,9.3,null,"Load Loss Factor, LLF","R/kW",{"$f":"VLOOKUP($D$7,'Source Data'!$A$2:$EK$28,65,FALSE)","v":17500},"xxxxxxxxxxx"]
[null,9.4,null,"Guaranteed no-load losses, PNL (Steel Core)","W",{"$f":"VLOOKUP($D$7,'Source Data'!$A$2:$EK$28,66,FALSE)","v":320}]
[null,9.5,null,"Guaranteed no-load losses, PNL (only if Amorphous Core is offered)","W",{"$f":"VLOOKUP($D$7,'Source Data'!$A$2:$EL$28,142,FALSE)","v":120}]
[null,9.6,null,"Guaranteed load losses, PLL","W",{"$f":"VLOOKUP($D$7,'Source Data'!$A$2:$EK$28,67,FALSE)","v":2600}]
[null,10,"3.2.14","Impedance voltage & X/R ratio"]
[null,10.1,null,"Impedance at principle tapping (specific design impedances to be stated)","%",{"$f":"VLOOKUP($D$7,'Source Data'!$A$2:$EK$28,69,FALSE)","v":"4,0 to 5,0"}]
[null,10.2,null,"X/R ratio",null,{"$f":"VLOOKUP($D$7,'Source Data'!$A$2:$EK$28,70,FALSE)","v":"xxxxxxxxxx"}]
[null,11,null,"Audio-sound level (SANS 780)"]
[null,11.1,null,"Maximum limit of transformer audio-sound level","db(A)",{"$f":"VLOOKUP($D$7,'Source Data'!$A$2:$EK$28,72,FALSE)","v":"≤ 48 "}]
[null,12,null,"MV winding wire"]
[null,12.1,null,"Material (e.g. Cu or Al)",null,{"$f":"VLOOKUP($D$7,'Source Data'!$A$2:$EK$28,74,FALSE)","v":"xxxxxxxxxxx"}]
[null,12.2,null,"Type (e.g. Round, Strip or Foil)",null,{"$f":"VLOOKUP($D$7,'Source Data'!$A$2:$EK$28,75,FALSE)","v":"xxxxxxxxxxx"}]
[null,13,null,"LV winding wire"]
[null,13.1,null,"Material (e.g. Cu or Al)",null,{"$f":"VLOOKUP($D$7,'Source Data'!$A$2:$EK$28,77,FALSE)","v":"xxxxxxxxxxx"}]
[null,13.2,null,"Type (e.g. Round, Strip or Foil)",null,{"$f":"VLOOKUP($D$7,'Source Data'!$A$2:$EK$28,78,FALSE)","v":"xxxxxxxxxxx"}]
[null,14,null,"Core material"]
[null,14.1,null,"Core material ",null,{"$f":"VLOOKUP($D$7,'Source Data'!$A$2:$EK$28,80,FALSE)","v":"Steel or Amporphous"}]
[null,14.2,null,"Type/code ",null,{"$f":"VLOOKUP($D$7,'Source Data'!$A$2:$EK$28,81,FALSE)","v":"xxxxxxxxxxx"}]
[null,14.3,null,"Maximum Flux Density of Material",null,{"$f":"VLOOKUP($D$7,'Source Data'!$A$2:$EK$28,82,FALSE)","v":"xxxxxxxxxxx"}]
[null,14.4,null,"Supplier",null,{"$f":"VLOOKUP($D$7,'Source Data'!$A$2:$EK$28,83,FALSE)","v":"xxxxxxxxxxx"}]
[null,15,"3.3.2","Tank and tank cover"]
[null,15.1,null,"Tank type: Sealed",null,{"$f":"VLOOKUP($D$7,'Source Data'!$A$2:$EK$28,85,FALSE)","v":"Sealed"}]
[null,15.2,null,"Plain, rigid or corrugated",null,{"$f":"VLOOKUP($D$7,'Source Data'!$A$2:$EK$28,86,FALSE)","v":"xxxxxxxxxx"}]
[null,16,"3.3.3","Transformer dimensions"]
[null,16.1,"Figure 12","Wo (including surge arrester)","mm",{"$f":"VLOOKUP($D$7,'Source Data'!$A$2:$EK$28,88,FALSE)","v":"xxxxxxxxxxx"}]
[null,16.2,"Figure 12","Lo","mm",{"$f":"VLOOKUP($D$7,'Source Data'!$A$2:$EK$28,89,FALSE)","v":"≤ 1 500 "}]
[null,16.3,"Figure 12","Ht","mm",{"$f":"VLOOKUP($D$7,'Source Data'!$A$2:$EK$28,90,FALSE)","v":"≤ 2000"}]
[null,16.4,"Figure 12","Mass","kg",{"$f":"VLOOKUP($D$7,'Source Data'!$A$2:$EK$28,91,FALSE)","v":"≤ 1700"}]
[null,16.5,null,"Oil capacity","l",{"$f":"VLOOKUP($D$7,'Source Data'!$A$2:$EK$28,92,FALSE)","v":"xxxxxxxxxxx"}]
[null,16.6,null,"Minimum clearance between live MV terminals and from MV live terminals to any part of the tank greater than twice the BIL ","mm",{"$f":"VLOOKUP($D$7,'Source Data'!$A$2:$EK$28,93,FALSE)","v":300}]
[null,16.7,"3.3.4","Minimum mechanical clearance of 100 mm between the brackets and LV bushings shall be maintained","mm",{"$f":"VLOOKUP($D$7,'Source Data'!$A$2:$EK$28,94,FALSE)","v":100}]
[null,17,"3.3.4","Pole mounting bracket"]
[null,17.1,null,"Single pole mounting bracket required? (Yes or No)",null,{"$f":"VLOOKUP($D$7,'Source Data'!$A$2:$EK$28,96,FALSE)","v":"No"}]
[null,"17.2.1",null,"Supplied with: - 2 x clamps",null,{"$f":"VLOOKUP($D$7,'Source Data'!$A$2:$EK$28,97,FALSE)","v":"N/A"}]
[null,"17.2.2",null,"                     - 1 x threaded rod (M20 x 350 mm)",null,{"$f":"VLOOKUP($D$7,'Source Data'!$A$2:$EK$28,98,FALSE)","v":"N/A"}]
[null,"17.2.3",null,"                     - 4 x threaded rods (M20 x 250 mm)",null,{"$f":"VLOOKUP($D$7,'Source Data'!$A$2:$EK$28,99,FALSE)","v":"N/A"}]
[null,"17.2.4",null,"                     - 12 x nuts, flat washers & spring washers (M20)",null,{"$f":"VLOOKUP($D$7,'Source Data'!$A$2:$EK$28,100,FALSE)","v":"N/A"}]
[null,17.2,"Figure 13","Dimension Mo","mm",{"$f":"VLOOKUP($D$7,'Source Data'!$A$2:$EK$28,101,FALSE)","v":"N/A"}]
[null,17.3,"Figure 13","Dimension h1","mm",{"$f":"VLOOKUP($D$7,'Source Data'!$A$2:$EK$28,102,FALSE)","v":"N/A"}]
[null,17.4,"Figure 13","Dimension W1","mm",{"$f":"VLOOKUP($D$7,'Source Data'!$A$2:$EK$28,103,FALSE)","v":"N/A"}]
[null,17.5,"Figure 13","Mounting hole diameter","mm",{"$f":"VLOOKUP($D$7,'Source Data'!$A$2:$EK$28,104,FALSE)","v":"N/A"}]
[null,17.6,"Figure 13","Mounting hole centres","mm",{"$f":"VLOOKUP($D$7,'Source Data'!$A$2:$EK$28,105,FALSE)","v":"N/A"}]
[null,18,"3.3.5","Transformer under base"]
[null,18.1,null,"Under base required? (Yes or No)",null,{"$f":"VLOOKUP($D$7,'Source Data'!$A$2:$EK$28,107,FALSE)","v":"Yes"},"xxxxxxxxxxx"]
[null,18.2,"Figure14","Lml","mm",{"$f":"VLOOKUP($D$7,'Source Data'!$A$2:$EK$28,108,FALSE)","v":400}]
[null,18.3,"Figure14","Lmw (300, 400 or 450)","mm",{"$f":"VLOOKUP($D$7,'Source Data'!$A$2:$EK$28,109,FALSE)","v":"xxxxxxxxxxx"}]
[null,18.4,"Figure14","Ls","mm",{"$f":"VLOOKUP($D$7,'Source Data'!$A$2:$EK$28,110,FALSE)","v":"≥ 320"}]
[null,18.5,"Figure14","Lmh","mm",{"$f":"VLOOKUP($D$7,'Source Data'!$A$2:$EK$28,111,FALSE)","v":"≤ 120 "}]
[null,18.6,"Figure14","Mounting hole diameter","mm",{"$f":"VLOOKUP($D$7,'Source Data'!$A$2:$EK$28,112,FALSE)","v":22}]
[null,19,"3.3.6","Lifting lugs"]
[null,19.1,null,"Lifting lugs fitted",null,{"$f":"VLOOKUP($D$7,'Source Data'!$A$2:$EK$28,114,FALSE)","v":"Yes"}]
[null,19.2,null,"Hole diameter","mm",{"$f":"VLOOKUP($D$7,'Source Data'!$A$2:$EK$28,115,FALSE)","v":"≥ 30 "}]
[null,20,"3.3.7","Earthing terminals"]
[null,20.1,null,"Boss material ",null,{"$f":"VLOOKUP($D$7,'Source Data'!$A$2:$EK$28,117,FALSE)","v":"316 Stainless Steel or Mild Steel"}]
[null,20.2,null,"Boss depth","mm",{"$f":"VLOOKUP($D$7,'Source Data'!$A$2:$EK$28,118,FALSE)","v":"≥ 30"}]
[null,20.3,null,"Set screw material",null,{"$f":"VLOOKUP($D$7,'Source Data'!$A$2:$EK$28,119,FALSE)","v":"316 Stainless Steel or Mild Steel"}]
[null,20.4,null,"Set screw dimensions","mm",{"$f":"VLOOKUP($D$7,'Source Data'!$A$2:$EK$28,120,FALSE)","v":"M12 x 25 "}]
[null,20.5,null,"Supplied with washer and spring washer",null,{"$f":"VLOOKUP($D$7,'Source Data'!$A$2:$EK$28,121,FALSE)","v":"Yes"}]
[null,21,"3.3.8","Surge arrester brackets"]
[null,21.1,null,"Surge arrester brackets fitted",null,{"$f":"VLOOKUP($D$7,'Source Data'!$A$2:$EK$28,123,FALSE)","v":"Yes"}]
[null,21.2,"Figure 16","Mounting hole diameter","mm",{"$f":"VLOOKUP($D$7,'Source Data'!$A$2:$EK$28,124,FALSE)","v":14}]
[null,21.3,"Figure 16","Dimension D (worst case)","mm",{"$f":"VLOOKUP($D$7,'Source Data'!$A$2:$EK$28,125,FALSE)","v":"≥ 200"}]
[null,21.4,"Figure 16","Dimension E (worst case)","mm",{"$f":"VLOOKUP($D$7,'Source Data'!$A$2:$EK$28,126,FALSE)","v":"≥ 300"}]
[null,21.5,"Figure 16","Dimension F (worst case)","mm",{"$f":"VLOOKUP($D$7,'Source Data'!$A$2:$EK$28,127,FALSE)","v":"≥ 150"}]
[null,22,3.4,"Corrosion protection for Coastal transformers"]
[null,22.1,null,"Indicate the coating system (i.e. DS numbers according to DSP 240-75655504) that is offered. (e.g. DS-14 + DS-15 for zinc sprayed mild steel with duplex coating)"]
[null,22.2,null,"Tank ",null,{"$f":"VLOOKUP($D$7,'Source Data'!$A$2:$EK$28,136,FALSE)","v":"xxxxxxxxxxx"}]
[null,22.3,null,"Radiators",null,{"$f":"VLOOKUP($D$7,'Source Data'!$A$2:$EK$28,137,FALSE)","v":"xxxxxxxxxxx"}]
[null,22.4,null,"Threaded rods and accessories",null,{"$f":"VLOOKUP($D$7,'Source Data'!$A$2:$EK$28,138,FALSE)","v":"xxxxxxxxxxx"}]
[null,22.5,null,"Colour of final coat",null,{"$f":"VLOOKUP($D$7,'Source Data'!$A$2:$EK$28,139,FALSE)","v":"Azure Blue"}]
[null,23,4.2,"All Type Tests in Accordance with SANS 780:\n\n• Temperature rise test \n• Dielectric type test\n• Tank stiffness test \n• Corrugated tank fatigue test\n• Equivalent disturbing current test (This test is only applicable to SWER transformers)\n• Short Circuit Withstand Test\n• Natural ageing and pollution performance test",null,{"$f":"VLOOKUP($D$7,'Source Data'!$A$2:$EK$28,140,FALSE)","v":"Report Numbers"}]
[null,24,4.3,"All Routine Tests in Accordance with SANS 780:\n\n• Measurement of winding resistance\n• Measurement of voltage ratio and phase displacement\n• Measurement of short-circuit impedance and load loss\n• Measurement of no-load loss and current\n• Separate source voltage test\n• Induced overvoltage test\n• Measurement of paint thickness\n• Test for effectiveness of sealing\n• Measurement of secondary voltage across outer two terminals to be 484 V. (Only applicable to dual-phase transformers.) \n• Measurement of insulation resistance test\n• Reactance (%)\n• Dielectric routine tests\n• Vector group test ",null,{"$f":"VLOOKUP($D$7,'Source Data'!$A$2:$EK$28,141,FALSE)","v":"Report Numbers"}]

{"sheet":"0182716","index":24,"n_rows":137,"n_cols":7,"rows_kept":137,"merged":[[2,5,2,6],[3,5,3,6],[7,5,9,6],[9,1,9,3]]}
[]
[]
[{"$nulls":5},"Specification: DSP 240-45395762 Rev.4"]
[{"$nulls":5},{"$f":"'List of Items & Enquiry number'!B14","v":"Enquiry Number: 123456XYZ"}]
[]
[{"$nulls":3},"TECHNICAL SCHEDULES A & B FOR \nPOLE-MOUNTED  DISTRIBUTION TRANSFORMERS"]
[{"$nulls":3},"Three Phase, 200 kVA, 33 kV/420V (Coastal, Ester Oil Only)"]
[{"$nulls":5},"Deviations from the specific requirements stated in Schedule A must be recorded and explained in the Deviation Schedule"]
[null,"Schedule A:  Purchaser's specific requirements"]
[null,"Schedule B:  Guarantees and technical particulars of equipment offered"]
[null,"Item","Sub-clause of 240- 45395762","Description",null,"Schedule A","Schedule B"]
[null,1,null,"Identification"]
[null,1.1,null,"Name of manufacturer",null,{"$f":"VLOOKUP($D$7,'Source Data'!$A$2:$EK$28,3,FALSE)","v":"xxxxxxxxxxx"}]
[null,1.2000000000000002,null,"Name of supplier",null,{"$f":"VLOOKUP($D$7,'Source Data'!$A$2:$EK$28,4,FALSE)","v":"xxxxxxxxxxx"}]
[null,1.3,null,"Product code for Coastal transformers",null,{"$f":"VLOOKUP($D$7,'Source Data'!$A$2:$EK$28,6,FALSE)","v":"xxxxxxxxxxx"}]
[null,1.4,null,"Are the transformers covered by the SANS 780 certification mark?",null,{"$f":"VLOOKUP($D$7,'Source Data'!$A$2:$EK$28,7,FALSE)","v":"xxxxxxxxxxx"}]
[null,1.5,null,"State SANS 780 permit number",null,{"$f":"VLOOKUP($D$7,'Source Data'!$A$2:$EK$28,8,FALSE)","v":"xxxxxxxxxxx"}]
[null,1.6,null,"Oil Type",null,{"$f":"VLOOKUP($D$7,'Source Data'!$A$2:$EK$28,9,FALSE)","v":"Ester Oil"}]
[null,2,3,"Ratings"]
[null,2.1,null,"Power rating","kVA",{"$f":"VLOOKUP($D$7,'Source Data'!$A$2:$EK$28,11,FALSE)","v":200}]
[null,2.2,null,"Rated primary voltage","kV",{"$f":"VLOOKUP($D$7,'Source Data'!$A$2:$EK$28,12,FALSE)","v":33}]
[null,2.3000000000000003,null,"Rated no-load secondary voltage","V",{"$f":"VLOOKUP($D$7,'Source Data'!$A$2:$EK$28,13,FALSE)","v":420}]
[null,2.4000000000000004,null,"Frequency","Hz",{"$f":"VLOOKUP($D$7,'Source Data'!$A$2:$EK$28,14,FALSE)","v":50}]
[null,2.5,null,"Number of phases",null,{"$f":"VLOOKUP($D$7,'Source Data'!$A$2:$EK$28,15,FALSE)","v":"3ph"}]
[null,2.6,null,"Vector Group",null,{"$f":"VLOOKUP($D$7,'Source Data'!$A$2:$EK$28,16,FALSE)","v":"Dyn11 or Yzn11"}]
[null,3,"3.2.5","Insulation levels"]
[null,3.1,null,"BIL - Primary","kV",{"$f":"VLOOKUP($D$7,'Source Data'!$A$2:$EK$28,18,FALSE)","v":200}]
[null,3.2,null,"BIL - Secondary","kV",{"$f":"VLOOKUP($D$7,'Source Data'!$A$2:$EK$28,19,FALSE)","v":30}]
[null,3.3000000000000003,null,"Power frequency withstand voltage - Primary","kV",{"$f":"VLOOKUP($D$7,'Source Data'!$A$2:$EK$28,20,FALSE)","v":70}]
[null,3.4000000000000004,null,"Power frequency withstand voltage – Secondary","kV",{"$f":"VLOOKUP($D$7,'Source Data'!$A$2:$EK$28,21,FALSE)","v":8}]
[null,4,"3.2.8","Inter-turn winding insulation"]
[null,4.1,null,"Type (Enamel or Paper)",null,{"$f":"VLOOKUP($D$7,'Source Data'!$A$2:$EK$28,23,FALSE)","v":"xxxxxxxxxxx"}]
[null,4.199999999999999,null,"Enamel grade (if applicable)",null,{"$f":"VLOOKUP($D$7,'Source Data'!$A$2:$EK$28,24,FALSE)","v":"Grade 3"}]
[null,4.3,null,"Paper thickness (if applicable)","mm",{"$f":"VLOOKUP($D$7,'Source Data'!$A$2:$EK$28,25,FALSE)","v":"> 0.125"}]
[null,4.3999999999999995,null,"Paper type (if applicable)",null,{"$f":"VLOOKUP($D$7,'Source Data'!$A$2:$EK$28,26,FALSE)","v":"xxxxxxxxxxx"}]
[null,4.5,null,"Paper make (if applicable)",null,{"$f":"VLOOKUP($D$7,'Source Data'!$A$2:$EK$28,27,FALSE)","v":"xxxxxxxxxxx"}]
[null,4.6,null,"Paper minimum impulse withstand","kV",{"$f":"VLOOKUP($D$7,'Source Data'!$A$2:$EK$28,28,FALSE)","v":21}]
[null,4.7,null,"Paper minimum power frequency withstand ","kV",{"$f":"VLOOKUP($D$7,'Source Data'!$A$2:$EK$28,29,FALSE)","v":8}]
[null,4.8,null,"Inter-turn winding insulation stress shall not exceed 5 kV/mm","kV/mm",{"$f":"VLOOKUP($D$7,'Source Data'!$A$2:$EK$28,30,FALSE)","v":"<5"}]
[null,5,"3.2.9","Interlayer insulation"]
[null,5.1,null,"Highest interlayer stress in non-tap part of winding (<5kV/mm is not acceptable as the calculated value must be presented)","kV/mm",{"$f":"VLOOKUP($D$7,'Source Data'!$A$2:$EK$28,32,FALSE)","v":"< 5"}]
[null,5.199999999999999,null,"Highest interlayer stress in tap part of winding (<5kV/mm is not acceptable as the calculated value must be presented)","kV/mm",{"$f":"VLOOKUP($D$7,'Source Data'!$A$2:$EK$28,33,FALSE)","v":"< 5 "}]
[null,5.3,null,"Paper type.",null,{"$f":"VLOOKUP($D$7,'Source Data'!$A$2:$EK$28,34,FALSE)","v":"xxxxxxxxxxx"}]
[null,5.3999999999999995,null,"Paper make.",null,{"$f":"VLOOKUP($D$7,'Source Data'!$A$2:$EK$28,35,FALSE)","v":"xxxxxxxxxxx"}]
[null,6,"3.2.10","Tapping connections"]
[null,6.1,null,"Type ",null,{"$f":"VLOOKUP($D$7,'Source Data'!$A$2:$EK$28,37,FALSE)","v":"Switch"}]
[null,6.2,null,"Tapping range","%",{"$f":"VLOOKUP($D$7,'Source Data'!$A$2:$EK$28,38,FALSE)","v":"0, ±2.5, ±5"}]
[null,7,"3.2.11","MV Bushings for Coastal Transformers"]
[null,7.1,null,"Make ",null,{"$f":"VLOOKUP($D$7,'Source Data'!$A$2:$EK$28,48,FALSE)","v":"xxxxxxxxxxx"}]
[null,7.2,null,"Product code",null,{"$f":"VLOOKUP($D$7,'Source Data'!$A$2:$EK$28,49,FALSE)","v":"xxxxxxxxxxx"}]
[null,7.3,null,"Material (e.g. Porcelain)",null,{"$f":"VLOOKUP($D$7,'Source Data'!$A$2:$EK$28,50,FALSE)","v":"xxxxxxxxxxx"}]
[null,7.4,null,"Specific creepage distance","mm/kV",{"$f":"VLOOKUP($D$7,'Source Data'!$A$2:$EK$28,51,FALSE)","v":"≥ 31"}]
[null,7.5,null,"Clamping",null,{"$f":"VLOOKUP($D$7,'Source Data'!$A$2:$EK$28,52,FALSE)","v":"Base"}]
[null,7.6,null,"Type",null,{"$f":"VLOOKUP($D$7,'Source Data'!$A$2:$EK$28,53,FALSE)","v":"Draw lead"}]
[null,7.7,null,"Stem diameter",null,{"$f":"VLOOKUP($D$7,'Source Data'!$A$2:$EK$28,54,FALSE)","v":"M12"}]
[null,8,"3.2.11","LV Bushings"]
[null,8.1,null,"Make ",null,{"$f":"VLOOKUP($D$7,'Source Data'!$A$2:$EK$28,56,FALSE)","v":"xxxxxxxxxxx"}]
[null,8.2,null,"Product code",null,{"$f":"VLOOKUP($D$7,'Source Data'!$A$2:$EK$28,57,FALSE)","v":"xxxxxxxxxxx"}]
[null,8.3,null,"Material (e.g. Porcelain)",null,{"$f":"VLOOKUP($D$7,'Source Data'!$A$2:$EK$28,58,FALSE)","v":"xxxxxxxxxxx"}]
[null,8.4,null,"Stem diameter",null,{"$f":"VLOOKUP($D$7,'Source Data'!$A$2:$EK$28,59,FALSE)","v":"M12"}]
[null,8.5,null,"Supplied with flag ",null,{"$f":"VLOOKUP($D$7,'Source Data'!$A$2:$EK$28,60,FALSE)","v":"Yes"}]
[null,8.6,null,"Flag supplied with 2 x M12 x 40 mm set screws, 4 x flatwashers, 2 x spring washers and 2 x nuts",null,{"$f":"VLOOKUP($D$7,'Source Data'!$A$2:$EK$28,61,FALSE)","v":"Yes"}]
[null,9,"3.2.14","Losses"]
[null,9.1,null,"Loss factor base (Cost of Dx or Gx) ",null,{"$f":"VLOOKUP($D$7,'Source Data'!$A$2:$EK$28,63,FALSE)","v":"Distribution"},"xxxxxxxxxxx"]
[null,9.2,null,"No-load Loss Factor, NLLF ","R/kW",{"$f":"VLOOKUP($D$7,'Source Data'!$A$2:$EK$28,64,FALSE)","v":80500},"xxxxxxxxxxx"]
[null,9.3,null,"Load Loss Factor, LLF","R/kW",{"$f":"VLOOKUP($D$7,'Source Data'!$A$2:$EK$28,65,FALSE)","v":17500},"xxxxxxxxxxx"]
[null,9.4,null,"Guaranteed no-load losses, PNL (Steel Core)","W",{"$f":"VLOOKUP($D$7,'Source Data'!$A$2:$EK$28,66,FALSE)","v":320}]
[null,9.5,null,"Guaranteed no-load losses, PNL (only if Amorphous Core is offered)","W",{"$f":"VLOOKUP($D$7,'Source Data'!$A$2:$EL$28,142,FALSE)","v":120}]
[null,9.6,null,"Guaranteed load losses, PLL","W",{"$f":"VLOOKUP($D$7,'Source Data'!$A$2:$EK$28,67,FALSE)","v":2600}]
[null,10,"3.2.14","Impedance voltage & X/R ratio"]
[null,10.1,null,"Impedance at principle tapping (specific design impedances to be stated)","%",{"$f":"VLOOKUP($D$7,'Source Data'!$A$2:$EK$28,69,FALSE)","v":"4,0 to 5,0"}]
[null,10.2,null,"X/R ratio",null,{"$f":"VLOOKUP($D$7,'Source Data'!$A$2:$EK$28,70,FALSE)","v":"xxxxxxxxxx"}]
[null,11,null,"Audio-sound level (SANS 780)"]
[null,11.1,null,"Maximum limit of transformer audio-sound level","db(A)",{"$f":"VLOOKUP($D$7,'Source Data'!$A$2:$EK$28,72,FALSE)","v":"≤ 48 "}]
[null,12,null,"MV winding wire"]
[null,12.1,null,"Material (e.g. Cu or Al)",null,{"$f":"VLOOKUP($D$7,'Source Data'!$A$2:$EK$28,74,FALSE)","v":"xxxxxxxxxxx"}]
[null,12.2,null,"Type (e.g. Round, Strip or Foil)",null,{"$f":"VLOOKUP($D$7,'Source Data'!$A$2:$EK$28,75,FALSE)","v":"xxxxxxxxxxx"}]
[null,13,null,"LV winding wire"]
[null,13.1,null,"Material (e.g. Cu or Al)",null,{"$f":"VLOOKUP($D$7,'Source Data'!$A$2:$EK$28,77,FALSE)","v":"xxxxxxxxxxx"}]
[null,13.2,null,"Type (e.g. Round, Strip or Foil)",null,{"$f":"VLOOKUP($D$7,'Source Data'!$A$2:$EK$28,78,FALSE)","v":"xxxxxxxxxxx"}]
[null,14,null,"Core material"]
[null,14.1,null,"Core material ",null,{"$f":"VLOOKUP($D$7,'Source Data'!$A$2:$EK$28,80,FALSE)","v":"Steel or Amporphous"}]
[null,14.2,null,"Type/code ",null,{"$f":"VLOOKUP($D$7,'Source Data'!$A$2:$EK$28,81,FALSE)","v":"xxxxxxxxxxx"}]
[null,14.3,null,"Maximum Flux Density of Material",null,{"$f":"VLOOKUP($D$7,'Source Data'!$A$2:$EK$28,82,FALSE)","v":"xxxxxxxxxxx"}]
[null,14.4,null,"Supplier",null,{"$f":"VLOOKUP($D$7,'Source Data'!$A$2:$EK$28,83,FALSE)","v":"xxxxxxxxxxx"}]
[null,15,"3.3.2","Tank and tank cover"]
[null,15.1,null,"Tank type: Sealed",null,{"$f":"VLOOKUP($D$7,'Source Data'!$A$2:$EK$28,85,FALSE)","v":"Sealed"}]
[null,15.2,null,"Plain, rigid or corrugated",null,{"$f":"VLOOKUP($D$7,'Source Data'!$A$2:$EK$28,86,FALSE)","v":"xxxxxxxxxx"}]
[null,16,"3.3.3","Transformer dimensions"]
[null,16.1,"Figure 12","Wo (including surge arrester)","mm",{"$f":"VLOOKUP($D$7,'Source Data'!$A$2:$EK$28,88,FALSE)","v":"xxxxxxxxxxx"}]
[null,16.2,"Figure 12","Lo","mm",{"$f":"VLOOKUP($D$7,'Source Data'!$A$2:$EK$28,89,FALSE)","v":"≤ 1 500 "}]
[null,16.3,"Figure 12","Ht","mm",{"$f":"VLOOKUP($D$7,'Source Data'!$A$2:$EK$28,90,FALSE)","v":"≤ 2000"}]
[null,16.4,"Figure 12","Mass","kg",{"$f":"VLOOKUP($D$7,'Source Data'!$A$2:$EK$28,91,FALSE)","v":"≤ 1700"}]
[null,16.5,null,"Oil capacity","l",{"$f":"VLOOKUP($D$7,'Source Data'!$A$2:$EK$28,92,FALSE)","v":"xxxxxxxxxxx"}]
[null,16.6,null,"Minimum clearance between live MV terminals and from MV live terminals to any part of the tank greater than twice the BIL ","mm",{"$f":"VLOOKUP($D$7,'Source Data'!$A$2:$EK$28,93,FALSE)","v":400}]
[null,16.7,"3.3.4","Minimum mechanical clearance of 100 mm between the brackets and LV bushings shall be maintained","mm",{"$f":"VLOOKUP($D$7,'Source Data'!$A$2:$EK$28,94,FALSE)","v":100}]
[null,17,"3.3.4","Pole mounting bracket"]
[null,17.1,null,"Single pole mounting bracket required? (Yes or No)",null,{"$f":"VLOOKUP($D$7,'Source Data'!$A$2:$EK$28,96,FALSE)","v":"No"}]
[null,"17.2.1",null,"Supplied with: - 2 x clamps",null,{"$f":"VLOOKUP($D$7,'Source Data'!$A$2:$EK$28,97,FALSE)","v":"N/A"}]
[null,"17.2.2",null,"                     - 1 x threaded rod (M20 x 350 mm)",null,{"$f":"VLOOKUP($D$7,'Source Data'!$A$2:$EK$28,98,FALSE)","v":"N/A"}]
[null,"17.2.3",null,"                     - 4 x threaded rods (M20 x 250 mm)",null,{"$f":"VLOOKUP($D$7,'Source Data'!$A$2:$EK$28,99,FALSE)","v":"N/A"}]
[null,"17.2.4",null,"                     - 12 x nuts, flat washers & spring washers (M20)",null,{"$f":"VLOOKUP($D$7,'Source Data'!$A$2:$EK$28,100,FALSE)","v":"N/A"}]
[null,17.2,"Figure 13","Dimension Mo","mm",{"$f":"VLOOKUP($D$7,'Source Data'!$A$2:$EK$28,101,FALSE)","v":"N/A"}]
[null,17.3,"Figure 13","Dimension h1","mm",{"$f":"VLOOKUP($D$7,'Source Data'!$A$2:$EK$28,102,FALSE)","v":"N/A"}]
[null,17.4,"Figure 13","Dimension W1","mm",{"$f":"VLOOKUP($D$7,'Source Data'!$A$2:$EK$28,103,FALSE)","v":"N/A"}]
[null,17.5,"Figure 13","Mounting hole diameter","mm",{"$f":"VLOOKUP($D$7,'Source Data'!$A$2:$EK$28,104,FALSE)","v":"N/A"}]
[null,17.6,"Figure 13","Mounting hole centres","mm",{"$f":"VLOOKUP($D$7,'Source Data'!$A$2:$EK$28,105,FALSE)","v":"N/A"}]
[null,18,"3.3.5","Transformer under base"]
[null,18.1,null,"Under base required? (Yes or No)",null,{"$f":"VLOOKUP($D$7,'Source Data'!$A$2:$EK$28,107,FALSE)","v":"Yes"},"xxxxxxxxxxx"]
[null,18.2,"Figure14","Lml","mm",{"$f":"VLOOKUP($D$7,'Source Data'!$A$2:$EK$28,108,FALSE)","v":400}]
[null,18.3,"Figure14","Lmw (300, 400 or 450)","mm",{"$f":"VLOOKUP($D$7,'Source Data'!$A$2:$EK$28,109,FALSE)","v":"xxxxxxxxxxx"}]
[null,18.4,"Figure14","Ls","mm",{"$f":"VLOOKUP($D$7,'Source Data'!$A$2:$EK$28,110,FALSE)","v":"≥ 320"}]
[null,18.5,"Figure14","Lmh","mm",{"$f":"VLOOKUP($D$7,'Source Data'!$A$2:$EK$28,111,FALSE)","v":"≤ 120 "}]
[null,18.6,"Figure14","Mounting hole diameter","mm",{"$f":"VLOOKUP($D$7,'Source Data'!$A$2:$EK$28,112,FALSE)","v":22}]
[null,19,"3.3.6","Lifting lugs"]
[null,19.1,null,"Lifting lugs fitted",null,{"$f":"VLOOKUP($D$7,'Source Data'!$A$2:$EK$28,114,FALSE)","v":"Yes"}]
[null,19.2,null,"Hole diameter","mm",{"$f":"VLOOKUP($D$7,'Source Data'!$A$2:$EK$28,115,FALSE)","v":"≥ 30 "}]
[null,20,"3.3.7","Earthing terminals"]
[null,20.1,null,"Boss material ",null,{"$f":"VLOOKUP($D$7,'Source Data'!$A$2:$EK$28,117,FALSE)","v":"316 Stainless Steel or Mild Steel"}]
[null,20.2,null,"Boss depth","mm",{"$f":"VLOOKUP($D$7,'Source Data'!$A$2:$EK$28,118,FALSE)","v":"≥ 30"}]
[null,20.3,null,"Set screw material",null,{"$f":"VLOOKUP($D$7,'Source Data'!$A$2:$EK$28,119,FALSE)","v":"316 Stainless Steel or Mild Steel"}]
[null,20.4,null,"Set screw dimensions","mm",{"$f":"VLOOKUP($D$7,'Source Data'!$A$2:$EK$28,120,FALSE)","v":"M12 x 25 "}]
[null,20.5,null,"Supplied with washer and spring washer",null,{"$f":"VLOOKUP($D$7,'Source Data'!$A$2:$EK$28,121,FALSE)","v":"Yes"}]
[null,21,"3.3.8","Surge arrester brackets"]
[null,21.1,null,"Surge arrester brackets fitted",null,{"$f":"VLOOKUP($D$7,'Source Data'!$A$2:$EK$28,123,FALSE)","v":"Yes"}]
[null,21.2,"Figure 16","Mounting hole diameter","mm",{"$f":"VLOOKUP($D$7,'Source Data'!$A$2:$EK$28,124,FALSE)","v":14}]
[null,21.3,"Figure 16","Dimension D (worst case)","mm",{"$f":"VLOOKUP($D$7,'Source Data'!$A$2:$EK$28,125,FALSE)","v":"≥ 200"}]
[null,21.4,"Figure 16","Dimension E (worst case)","mm",{"$f":"VLOOKUP($D$7,'Source Data'!$A$2:$EK$28,126,FALSE)","v":"≥ 400 "}]
[null,21.5,"Figure 16","Dimension F (worst case)","mm",{"$f":"VLOOKUP($D$7,'Source Data'!$A$2:$EK$28,127,FALSE)","v":"≥ 150"}]
[null,22,3.4,"Corrosion protection for Coastal transformers"]
[null,22.1,null,"Indicate the coating system (i.e. DS numbers according to DSP 240-75655504) that is offered. (e.g. DS-14 + DS-15 for zinc sprayed mild steel with duplex coating)"]
[null,22.2,null,"Tank ",null,{"$f":"VLOOKUP($D$7,'Source Data'!$A$2:$EK$28,136,FALSE)","v":"xxxxxxxxxxx"}]
[null,22.3,null,"Radiators",null,{"$f":"VLOOKUP($D$7,'Source Data'!$A$2:$EK$28,137,FALSE)","v":"xxxxxxxxxxx"}]
[null,22.4,null,"Threaded rods and accessories",null,{"$f":"VLOOKUP($D$7,'Source Data'!$A$2:$EK$28,138,FALSE)","v":"xxxxxxxxxxx"}]
[null,22.5,null,"Colour of final coat",null,{"$f":"VLOOKUP($D$7,'Source Data'!$A$2:$EK$28,139,FALSE)","v":"Azure Blue"}]
[null,23,4.2,"All Type Tests in Accordance with SANS 780:\n\n• Temperature rise test \n• Dielectric type test\n• Tank stiffness test \n• Corrugated tank fatigue test\n• Equivalent disturbing current test (This test is only applicable to SWER transformers)\n• Short Circuit Withstand Test\n• Natural ageing and pollution performance test",null,{"$f":"VLOOKUP($D$7,'Source Data'!$A$2:$EK$28,140,FALSE)","v":"Report Numbers"}]
[null,24,4.3,"All Routine Tests in Accordance with SANS 780:\n\n• Measurement of winding resistance\n• Measurement of voltage ratio and phase displacement\n• Measurement of short-circuit impedance and load loss\n• Measurement of no-load loss and current\n• Separate source voltage test\n• Induced overvoltage test\n• Measurement of paint thickness\n• Test for effectiveness of sealing\n• Measurement of secondary voltage across outer two terminals to be 484 V. (Only applicable to dual-phase transformers.) \n• Measurement of insulation resistance test\n• Reactance (%)\n• Dielectric routine tests\n• Vector group test ",null,{"$f":"VLOOKUP($D$7,'Source Data'!$A$2:$EK$28,141,FALSE)","v":"Report Numbers"}]

{"sheet":"175095","index":25,"n_rows":137,"n_cols":7,"rows_kept":137,"merged":[[2,5,2,6],[3,5,3,6],[7,5,9,6],[9,1,9,3]]}
[]
[]
[{"$nulls":5},"Specification: DSP 240-45395762 Rev.4"]
[{"$nulls":5},{"$f":"'List of Items & Enquiry number'!B14","v":"Enquiry Number: 123456XYZ"}]
[]
[{"$nulls":3},"TECHNICAL SCHEDULES A & B FOR \nPOLE-MOUNTED  DISTRIBUTION TRANSFORMERS"]
[{"$nulls":3},"Three Phase, 315 kVA, 11 kV/420V (Coastal, Ester Oil Only)"]
[{"$nulls":5},"Deviations from the specific requirements stated in Schedule A must be recorded and explained in the Deviation Schedule"]
[null,"Schedule A:  Purchaser's specific requirements"]
[null,"Schedule B:  Guarantees and technical particulars of equipment offered"]
[null,"Item","Sub-clause of 240- 45395762","Description",null,"Schedule A","Schedule B"]
[null,1,null,"Identification"]
[null,1.1,null,"Name of manufacturer",null,{"$f":"VLOOKUP($D$7,'Source Data'!$A$2:$EK$28,3,FALSE)","v":"xxxxxxxxxxx"}]
[null,1.2000000000000002,null,"Name of supplier",null,{"$f":"VLOOKUP($D$7,'Source Data'!$A$2:$EK$28,4,FALSE)","v":"xxxxxxxxxxx"}]
[null,1.3,null,"Product code for Coastal transformers",null,{"$f":"VLOOKUP($D$7,'Source Data'!$A$2:$EK$28,6,FALSE)","v":"xxxxxxxxxxx"}]
[null,1.4,null,"Are the transformers covered by the SANS 780 certification mark?",null,{"$f":"VLOOKUP($D$7,'Source Data'!$A$2:$EK$28,7,FALSE)","v":"xxxxxxxxxxx"}]
[null,1.5,null,"State SANS 780 permit number",null,{"$f":"VLOOKUP($D$7,'Source Data'!$A$2:$EK$28,8,FALSE)","v":"xxxxxxxxxxx"}]
[null,1.6,null,"Oil Type",null,{"$f":"VLOOKUP($D$7,'Source Data'!$A$2:$EK$28,9,FALSE)","v":"Ester Oil"}]
[null,2,3,"Ratings"]
[null,2.1,null,"Power rating","kVA",{"$f":"VLOOKUP($D$7,'Source Data'!$A$2:$EK$28,11,FALSE)","v":315}]
[null,2.2,null,"Rated primary voltage","kV",{"$f":"VLOOKUP($D$7,'Source Data'!$A$2:$EK$28,12,FALSE)","v":11}]
[null,2.3000000000000003,null,"Rated no-load secondary voltage","V",{"$f":"VLOOKUP($D$7,'Source Data'!$A$2:$EK$28,13,FALSE)","v":420}]
[null,2.4000000000000004,null,"Frequency","Hz",{"$f":"VLOOKUP($D$7,'Source Data'!$A$2:$EK$28,14,FALSE)","v":50}]
[null,2.5,null,"Number of phases",null,{"$f":"VLOOKUP($D$7,'Source Data'!$A$2:$EK$28,15,FALSE)","v":"3ph"}]
[null,2.6,null,"Vector Group",null,{"$f":"VLOOKUP($D$7,'Source Data'!$A$2:$EK$28,16,FALSE)","v":"Dyn11 or Yzn11"}]
[null,3,"3.2.5","Insulation levels"]
[null,3.1,null,"BIL - Primary","kV",{"$f":"VLOOKUP($D$7,'Source Data'!$A$2:$EK$28,18,FALSE)","v":95}]
[null,3.2,null,"BIL - Secondary","kV",{"$f":"VLOOKUP($D$7,'Source Data'!$A$2:$EK$28,19,FALSE)","v":30}]
[null,3.3000000000000003,null,"Power frequency withstand voltage - Primary","kV",{"$f":"VLOOKUP($D$7,'Source Data'!$A$2:$EK$28,20,FALSE)","v":28}]
[null,3.4000000000000004,null,"Power frequency withstand voltage – Secondary","kV",{"$f":"VLOOKUP($D$7,'Source Data'!$A$2:$EK$28,21,FALSE)","v":8}]
[null,4,"3.2.8","Inter-turn winding insulation"]
[null,4.1,null,"Type (Enamel or Paper)",null,{"$f":"VLOOKUP($D$7,'Source Data'!$A$2:$EK$28,23,FALSE)","v":"xxxxxxxxxxx"}]
[null,4.199999999999999,null,"Enamel grade (if applicable)",null,{"$f":"VLOOKUP($D$7,'Source Data'!$A$2:$EK$28,24,FALSE)","v":"Grade 3"}]
[null,4.3,null,"Paper thickness (if applicable)","mm",{"$f":"VLOOKUP($D$7,'Source Data'!$A$2:$EK$28,25,FALSE)","v":"> 0.125"}]
[null,4.3999999999999995,null,"Paper type (if applicable)",null,{"$f":"VLOOKUP($D$7,'Source Data'!$A$2:$EK$28,26,FALSE)","v":"xxxxxxxxxxx"}]
[null,4.5,null,"Paper make (if applicable)",null,{"$f":"VLOOKUP($D$7,'Source Data'!$A$2:$EK$28,27,FALSE)","v":"xxxxxxxxxxx"}]
[null,4.6,null,"Paper minimum impulse withstand","kV",{"$f":"VLOOKUP($D$7,'Source Data'!$A$2:$EK$28,28,FALSE)","v":21}]
[null,4.7,null,"Paper minimum power frequency withstand ","kV",{"$f":"VLOOKUP($D$7,'Source Data'!$A$2:$EK$28,29,FALSE)","v":8}]
[null,4.8,null,"Inter-turn winding insulation stress shall not exceed 5 kV/mm","kV/mm",{"$f":"VLOOKUP($D$7,'Source Data'!$A$2:$EK$28,30,FALSE)","v":"<5"}]
[null,5,"3.2.9","Interlayer insulation"]
[null,5.1,null,"Highest interlayer stress in non-tap part of winding (<5kV/mm is not acceptable as the calculated value must be presented)","kV/mm",{"$f":"VLOOKUP($D$7,'Source Data'!$A$2:$EK$28,32,FALSE)","v":"< 5"}]
[null,5.199999999999999,null,"Highest interlayer stress in tap part of winding (<5kV/mm is not acceptable as the calculated value must be presented)","kV/mm",{"$f":"VLOOKUP($D$7,'Source Data'!$A$2:$EK$28,33,FALSE)","v":"< 5 "}]
[null,5.3,null,"Paper type.",null,{"$f":"VLOOKUP($D$7,'Source Data'!$A$2:$EK$28,34,FALSE)","v":"xxxxxxxxxxx"}]
[null,5.3999999999999995,null,"Paper make.",null,{"$f":"VLOOKUP($D$7,'Source Data'!$A$2:$EK$28,35,FALSE)","v":"xxxxxxxxxxx"}]
[null,6,"3.2.10","Tapping connections"]
[null,6.1,null,"Type ",null,{"$f":"VLOOKUP($D$7,'Source Data'!$A$2:$EK$28,37,FALSE)","v":"Switch"}]
[null,6.2,null,"Tapping range","%",{"$f":"VLOOKUP($D$7,'Source Data'!$A$2:$EK$28,38,FALSE)","v":"0, ±2.5, ±5"}]
[null,7,"3.2.11","MV Bushings for Coastal Transformers"]
[null,7.1,null,"Make ",null,{"$f":"VLOOKUP($D$7,'Source Data'!$A$2:$EK$28,48,FALSE)","v":"xxxxxxxxxxx"}]
[null,7.2,null,"Product code",null,{"$f":"VLOOKUP($D$7,'Source Data'!$A$2:$EK$28,49,FALSE)","v":"xxxxxxxxxxx"}]
[null,7.3,null,"Material (e.g. Porcelain)",null,{"$f":"VLOOKUP($D$7,'Source Data'!$A$2:$EK$28,50,FALSE)","v":"xxxxxxxxxxx"}]
[null,7.4,null,"Specific creepage distance","mm/kV",{"$f":"VLOOKUP($D$7,'Source Data'!$A$2:$EK$28,51,FALSE)","v":"≥ 31"}]
[null,7.5,null,"Clamping",null,{"$f":"VLOOKUP($D$7,'Source Data'!$A$2:$EK$28,52,FALSE)","v":"Base"}]
[null,7.6,null,"Type",null,{"$f":"VLOOKUP($D$7,'Source Data'!$A$2:$EK$28,53,FALSE)","v":"Draw lead"}]
[null,7.7,null,"Stem diameter",null,{"$f":"VLOOKUP($D$7,'Source Data'!$A$2:$EK$28,54,FALSE)","v":"M12"}]
[null,8,"3.2.11","LV Bushings"]
[null,8.1,null,"Make ",null,{"$f":"VLOOKUP($D$7,'Source Data'!$A$2:$EK$28,56,FALSE)","v":"xxxxxxxxxxx"}]
[null,8.2,null,"Product code",null,{"$f":"VLOOKUP($D$7,'Source Data'!$A$2:$EK$28,57,FALSE)","v":"xxxxxxxxxxx"}]
[null,8.3,null,"Material (e.g. Porcelain)",null,{"$f":"VLOOKUP($D$7,'Source Data'!$A$2:$EK$28,58,FALSE)","v":"xxxxxxxxxxx"}]
[null,8.4,null,"Stem diameter",null,{"$f":"VLOOKUP($D$7,'Source Data'!$A$2:$EK$28,59,FALSE)","v":"M12"}]
[null,8.5,null,"Supplied with flag ",null,{"$f":"VLOOKUP($D$7,'Source Data'!$A$2:$EK$28,60,FALSE)","v":"Yes"}]
[null,8.6,null,"Flag supplied with 2 x M12 x 40 mm set screws, 4 x flatwashers, 2 x spring washers and 2 x nuts",null,{"$f":"VLOOKUP($D$7,'Source Data'!$A$2:$EK$28,61,FALSE)","v":"Yes"}]
[null,9,"3.2.14","Losses"]
[null,9.1,null,"Loss factor base (Cost of Dx or Gx) ",null,{"$f":"VLOOKUP($D$7,'Source Data'!$A$2:$EK$28,63,FALSE)","v":"Distribution"},"xxxxxxxxxxx"]
[null,9.2,null,"No-load Loss Factor, NLLF ","R/kW",{"$f":"VLOOKUP($D$7,'Source Data'!$A$2:$EK$28,64,FALSE)","v":80500},"xxxxxxxxxxx"]
[null,9.3,null,"Load Loss Factor, LLF","R/kW",{"$f":"VLOOKUP($D$7,'Source Data'!$A$2:$EK$28,65,FALSE)","v":17500},"xxxxxxxxxxx"]
[null,9.4,null,"Guaranteed no-load losses, PNL (Steel Core)","W",{"$f":"VLOOKUP($D$7,'Source Data'!$A$2:$EK$28,66,FALSE)","v":450}]
[null,9.5,null,"Guaranteed no-load losses, PNL (only if Amorphous Core is offered)","W",{"$f":"VLOOKUP($D$7,'Source Data'!$A$2:$EL$28,142,FALSE)","v":170}]
[null,9.6,null,"Guaranteed load losses, PLL","W",{"$f":"VLOOKUP($D$7,'Source Data'!$A$2:$EK$28,67,FALSE)","v":3600}]
[null,10,"3.2.14","Impedance voltage & X/R ratio"]
[null,10.1,null,"Impedance at principle tapping (specific design impedances to be stated)","%",{"$f":"VLOOKUP($D$7,'Source Data'!$A$2:$EK$28,69,FALSE)","v":"4,0 to 5,0"}]
[null,10.2,null,"X/R ratio",null,{"$f":"VLOOKUP($D$7,'Source Data'!$A$2:$EK$28,70,FALSE)","v":"xxxxxxxxxx"}]
[null,11,null,"Audio-sound level (SANS 780)"]
[null,11.1,null,"Maximum limit of transformer audio-sound level","db(A)",{"$f":"VLOOKUP($D$7,'Source Data'!$A$2:$EK$28,72,FALSE)","v":"≤ 50"}]
[null,12,null,"MV winding wire"]
[null,12.1,null,"Material (e.g. Cu or Al)",null,{"$f":"VLOOKUP($D$7,'Source Data'!$A$2:$EK$28,74,FALSE)","v":"xxxxxxxxxxx"}]
[null,12.2,null,"Type (e.g. Round, Strip or Foil)",null,{"$f":"VLOOKUP($D$7,'Source Data'!$A$2:$EK$28,75,FALSE)","v":"xxxxxxxxxxx"}]
[null,13,null,"LV winding wire"]
[null,13.1,null,"Material (e.g. Cu or Al)",null,{"$f":"VLOOKUP($D$7,'Source Data'!$A$2:$EK$28,77,FALSE)","v":"xxxxxxxxxxx"}]
[null,13.2,null,"Type (e.g. Round, Strip or Foil)",null,{"$f":"VLOOKUP($D$7,'Source Data'!$A$2:$EK$28,78,FALSE)","v":"xxxxxxxxxxx"}]
[null,14,null,"Core material"]
[null,14.1,null,"Core material ",null,{"$f":"VLOOKUP($D$7,'Source Data'!$A$2:$EK$28,80,FALSE)","v":"Steel or Amporphous"}]
[null,14.2,null,"Type/code ",null,{"$f":"VLOOKUP($D$7,'Source Data'!$A$2:$EK$28,81,FALSE)","v":"xxxxxxxxxxx"}]
[null,14.3,null,"Maximum Flux Density of Material",null,{"$f":"VLOOKUP($D$7,'Source Data'!$A$2:$EK$28,82,FALSE)","v":"xxxxxxxxxxx"}]
[null,14.4,null,"Supplier",null,{"$f":"VLOOKUP($D$7,'Source Data'!$A$2:$EK$28,83,FALSE)","v":"xxxxxxxxxxx"}]
[null,15,"3.3.2","Tank and tank cover"]
[null,15.1,null,"Tank type: Sealed",null,{"$f":"VLOOKUP($D$7,'Source Data'!$A$2:$EK$28,85,FALSE)","v":"Sealed"}]
[null,15.2,null,"Plain, rigid or corrugated",null,{"$f":"VLOOKUP($D$7,'Source Data'!$A$2:$EK$28,86,FALSE)","v":"xxxxxxxxxx"}]
[null,16,"3.3.3","Transformer dimensions"]
[null,16.1,"Figure 12","Wo (including surge arrester)","mm",{"$f":"VLOOKUP($D$7,'Source Data'!$A$2:$EK$28,88,FALSE)","v":"≤ 1 800"}]
[null,16.2,"Figure 12","Lo","mm",{"$f":"VLOOKUP($D$7,'Source Data'!$A$2:$EK$28,89,FALSE)","v":"≤ 1 500 "}]
[null,16.3,"Figure 12","Ht","mm",{"$f":"VLOOKUP($D$7,'Source Data'!$A$2:$EK$28,90,FALSE)","v":"≤ 2000"}]
[null,16.4,"Figure 12","Mass","kg",{"$f":"VLOOKUP($D$7,'Source Data'!$A$2:$EK$28,91,FALSE)","v":"≤ 3500"}]
[null,16.5,null,"Oil capacity","l",{"$f":"VLOOKUP($D$7,'Source Data'!$A$2:$EK$28,92,FALSE)","v":"xxxxxxxxxxx"}]
[null,16.6,null,"Minimum clearance between live MV terminals and from MV live terminals to any part of the tank greater than twice the BIL ","mm",{"$f":"VLOOKUP($D$7,'Source Data'!$A$2:$EK$28,93,FALSE)","v":190}]
[null,16.7,"3.3.4","Minimum mechanical clearance of 100 mm between the brackets and LV bushings shall be maintained","mm",{"$f":"VLOOKUP($D$7,'Source Data'!$A$2:$EK$28,94,FALSE)","v":100}]
[null,17,"3.3.4","Pole mounting bracket"]
[null,17.1,null,"Single pole mounting bracket required? (Yes or No)",null,{"$f":"VLOOKUP($D$7,'Source Data'!$A$2:$EK$28,96,FALSE)","v":"No"}]
[null,"17.2.1",null,"Supplied with: - 2 x clamps",null,{"$f":"VLOOKUP($D$7,'Source Data'!$A$2:$EK$28,97,FALSE)","v":"N/A"}]
[null,"17.2.2",null,"                     - 1 x threaded rod (M20 x 350 mm)",null,{"$f":"VLOOKUP($D$7,'Source Data'!$A$2:$EK$28,98,FALSE)","v":"N/A"}]
[null,"17.2.3",null,"                     - 4 x threaded rods (M20 x 250 mm)",null,{"$f":"VLOOKUP($D$7,'Source Data'!$A$2:$EK$28,99,FALSE)","v":"N/A"}]
[null,"17.2.4",null,"                     - 12 x nuts, flat washers & spring washers (M20)",null,{"$f":"VLOOKUP($D$7,'Source Data'!$A$2:$EK$28,100,FALSE)","v":"N/A"}]
[null,17.2,"Figure 13","Dimension Mo","mm",{"$f":"VLOOKUP($D$7,'Source Data'!$A$2:$EK$28,101,FALSE)","v":"N/A"}]
[null,17.3,"Figure 13","Dimension h1","mm",{"$f":"VLOOKUP($D$7,'Source Data'!$A$2:$EK$28,102,FALSE)","v":"N/A"}]
[null,17.4,"Figure 13","Dimension W1","mm",{"$f":"VLOOKUP($D$7,'Source Data'!$A$2:$EK$28,103,FALSE)","v":"N/A"}]
[null,17.5,"Figure 13","Mounting hole diameter","mm",{"$f":"VLOOKUP($D$7,'Source Data'!$A$2:$EK$28,104,FALSE)","v":"N/A"}]
[null,17.6,"Figure 13","Mounting hole centres","mm",{"$f":"VLOOKUP($D$7,'Source Data'!$A$2:$EK$28,105,FALSE)","v":"N/A"}]
[null,18,"3.3.5","Transformer under base"]
[null,18.1,null,"Under base required? (Yes or No)",null,{"$f":"VLOOKUP($D$7,'Source Data'!$A$2:$EK$28,107,FALSE)","v":"Yes"},"xxxxxxxxxxx"]
[null,18.2,"Figure14","Lml","mm",{"$f":"VLOOKUP($D$7,'Source Data'!$A$2:$EK$28,108,FALSE)","v":400}]
[null,18.3,"Figure14","Lmw (300, 400 or 450)","mm",{"$f":"VLOOKUP($D$7,'Source Data'!$A$2:$EK$28,109,FALSE)","v":"xxxxxxxxxxx"}]
[null,18.4,"Figure14","Ls","mm",{"$f":"VLOOKUP($D$7,'Source Data'!$A$2:$EK$28,110,FALSE)","v":"≥ 320"}]
[null,18.5,"Figure14","Lmh","mm",{"$f":"VLOOKUP($D$7,'Source Data'!$A$2:$EK$28,111,FALSE)","v":"≤ 120 "}]
[null,18.6,"Figure14","Mounting hole diameter","mm",{"$f":"VLOOKUP($D$7,'Source Data'!$A$2:$EK$28,112,FALSE)","v":22}]
[null,19,"3.3.6","Lifting lugs"]
[null,19.1,null,"Lifting lugs fitted",null,{"$f":"VLOOKUP($D$7,'Source Data'!$A$2:$EK$28,114,FALSE)","v":"Yes"}]
[null,19.2,null,"Hole diameter","mm",{"$f":"VLOOKUP($D$7,'Source Data'!$A$2:$EK$28,115,FALSE)","v":"≥ 30 "}]
[null,20,"3.3.7","Earthing terminals"]
[null,20.1,null,"Boss material ",null,{"$f":"VLOOKUP($D$7,'Source Data'!$A$2:$EK$28,117,FALSE)","v":"316 Stainless Steel or Mild Steel"}]
[null,20.2,null,"Boss depth","mm",{"$f":"VLOOKUP($D$7,'Source Data'!$A$2:$EK$28,118,FALSE)","v":"≥ 30"}]
[null,20.3,null,"Set screw material",null,{"$f":"VLOOKUP($D$7,'Source Data'!$A$2:$EK$28,119,FALSE)","v":"316 Stainless Steel or Mild Steel"}]
[null,20.4,null,"Set screw dimensions","mm",{"$f":"VLOOKUP($D$7,'Source Data'!$A$2:$EK$28,120,FALSE)","v":"M12 x 25 "}]
[null,20.5,null,"Supplied with washer and spring washer",null,{"$f":"VLOOKUP($D$7,'Source Data'!$A$2:$EK$28,121,FALSE)","v":"Yes"}]
[null,21,"3.3.8","Surge arrester brackets"]
[null,21.1,null,"Surge arrester brackets fitted",null,{"$f":"VLOOKUP($D$7,'Source Data'!$A$2:$EK$28,123,FALSE)","v":"Yes"}]
[null,21.2,"Figure 16","Mounting hole diameter","mm",{"$f":"VLOOKUP($D$7,'Source Data'!$A$2:$EK$28,124,FALSE)","v":14}]
[null,21.3,"Figure 16","Dimension D (worst case)","mm",{"$f":"VLOOKUP($D$7,'Source Data'!$A$2:$EK$28,125,FALSE)","v":"≥ 200"}]
[null,21.4,"Figure 16","Dimension E (worst case)","mm",{"$f":"VLOOKUP($D$7,'Source Data'!$A$2:$EK$28,126,FALSE)","v":"≥ 190"}]
[null,21.5,"Figure 16","Dimension F (worst case)","mm",{"$f":"VLOOKUP($D$7,'Source Data'!$A$2:$EK$28,127,FALSE)","v":"≥ 150"}]
[null,22,3.4,"Corrosion protection for Coastal transformers"]
[null,22.1,null,"Indicate the coating system (i.e. DS numbers according to DSP 240-75655504) that is offered. (e.g. DS-14 + DS-15 for zinc sprayed mild steel with duplex coating)"]
[null,22.2,null,"Tank ",null,{"$f":"VLOOKUP($D$7,'Source Data'!$A$2:$EK$28,136,FALSE)","v":"xxxxxxxxxxx"}]
[null,22.3,null,"Radiators",null,{"$f":"VLOOKUP($D$7,'Source Data'!$A$2:$EK$28,137,FALSE)","v":"xxxxxxxxxxx"}]
[null,22.4,null,"Threaded rods and accessories",null,{"$f":"VLOOKUP($D$7,'Source Data'!$A$2:$EK$28,138,FALSE)","v":"xxxxxxxxxxx"}]
[null,22.5,null,"Colour of final coat",null,{"$f":"VLOOKUP($D$7,'Source Data'!$A$2:$EK$28,139,FALSE)","v":"Azure Blue"}]
[null,23,4.2,"All Type Tests in Accordance with SANS 780:\n\n• Temperature rise test \n• Dielectric type test\n• Tank stiffness test \n• Corrugated tank fatigue test\n• Equivalent disturbing current test (This test is only applicable to SWER transformers)\n• Short Circuit Withstand Test\n• Natural ageing and pollution performance test",null,"Report Numbers"]
[null,24,4.3,"All Routine Tests in Accordance with SANS 780\n\n• Measurement of winding resistance\n• Measurement of voltage ratio and phase displacement\n• Measurement of short-circuit impedance and load loss\n• Measurement of no-load loss and current\n• Separate source voltage test\n• Induced overvoltage test\n• Measurement of paint thickness\n• Test for effectiveness of sealing\n• Measurement of secondary voltage across outer two terminals to be 484 V. (Only applicable to dual-phase transformers.) \n• Measurement of insulation resistance test\n• Reactance (%)\n• Dielectric routine tests\n• Vector group test ",null,"Report Numbers"]

{"sheet":"175096","index":26,"n_rows":137,"n_cols":7,"rows_kept":137,"merged":[[2,5,2,6],[3,5,3,6],[7,5,9,6],[9,1,9,3]]}
[]
[]
[{"$nulls":5},"Specification: DSP 240-45395762 Rev.4"]
[{"$nulls":5},{"$f":"'List of Items & Enquiry number'!B14","v":"Enquiry Number: 123456XYZ"}]
[]
[{"$nulls":3},"TECHNICAL SCHEDULES A & B FOR \nPOLE-MOUNTED  DISTRIBUTION TRANSFORMERS"]
[{"$nulls":3},"Three-phase, 315 kVA, 22 kV/420V (Coastal, Ester Oil Only)"]
[{"$nulls":5},"Deviations from the specific requirements stated in Schedule A must be recorded and explained in the Deviation Schedule"]
[null,"Schedule A:  Purchaser's specific requirements"]
[null,"Schedule B:  Guarantees and technical particulars of equipment offered"]
[null,"Item","Sub-clause of 240- 45395762","Description",null,"Schedule A","Schedule B"]
[null,1,null,"Identification"]
[null,1.1,null,"Name of manufacturer",null,{"$f":"VLOOKUP($D$7,'Source Data'!$A$2:$EK$28,3,FALSE)","v":"xxxxxxxxxxx"}]
[null,1.2000000000000002,null,"Name of supplier",null,{"$f":"VLOOKUP($D$7,'Source Data'!$A$2:$EK$28,4,FALSE)","v":"xxxxxxxxxxx"}]
[null,1.3,null,"Product code for Coastal transformers",null,{"$f":"VLOOKUP($D$7,'Source Data'!$A$2:$EK$28,6,FALSE)","v":"xxxxxxxxxxx"}]
[null,1.4,null,"Are the transformers covered by the SANS 780 certification mark?",null,{"$f":"VLOOKUP($D$7,'Source Data'!$A$2:$EK$28,7,FALSE)","v":"xxxxxxxxxxx"}]
[null,1.5,null,"State SANS 780 permit number",null,{"$f":"VLOOKUP($D$7,'Source Data'!$A$2:$EK$28,8,FALSE)","v":"xxxxxxxxxxx"}]
[null,1.6,null,"Oil Type",null,{"$f":"VLOOKUP($D$7,'Source Data'!$A$2:$EK$28,9,FALSE)","v":"Ester Oil"}]
[null,2,3,"Ratings"]
[null,2.1,null,"Power rating","kVA",{"$f":"VLOOKUP($D$7,'Source Data'!$A$2:$EK$28,11,FALSE)","v":315}]
[null,2.2,null,"Rated primary voltage","kV",{"$f":"VLOOKUP($D$7,'Source Data'!$A$2:$EK$28,12,FALSE)","v":22}]
[null,2.3000000000000003,null,"Rated no-load secondary voltage","V",{"$f":"VLOOKUP($D$7,'Source Data'!$A$2:$EK$28,13,FALSE)","v":420}]
[null,2.4000000000000004,null,"Frequency","Hz",{"$f":"VLOOKUP($D$7,'Source Data'!$A$2:$EK$28,14,FALSE)","v":50}]
[null,2.5,null,"Number of phases",null,{"$f":"VLOOKUP($D$7,'Source Data'!$A$2:$EK$28,15,FALSE)","v":"3ph"}]
[null,2.6,null,"Vector Group",null,{"$f":"VLOOKUP($D$7,'Source Data'!$A$2:$EK$28,16,FALSE)","v":"Dyn11 or Yzn11"}]
[null,3,"3.2.5","Insulation levels"]
[null,3.1,null,"BIL - Primary","kV",{"$f":"VLOOKUP($D$7,'Source Data'!$A$2:$EK$28,18,FALSE)","v":150}]
[null,3.2,null,"BIL - Secondary","kV",{"$f":"VLOOKUP($D$7,'Source Data'!$A$2:$EK$28,19,FALSE)","v":30}]
[null,3.3000000000000003,null,"Power frequency withstand voltage - Primary","kV",{"$f":"VLOOKUP($D$7,'Source Data'!$A$2:$EK$28,20,FALSE)","v":50}]
[null,3.4000000000000004,null,"Power frequency withstand voltage – Secondary","kV",{"$f":"VLOOKUP($D$7,'Source Data'!$A$2:$EK$28,21,FALSE)","v":8}]
[null,4,"3.2.8","Inter-turn winding insulation"]
[null,4.1,null,"Type (Enamel or Paper)",null,{"$f":"VLOOKUP($D$7,'Source Data'!$A$2:$EK$28,23,FALSE)","v":"xxxxxxxxxxx"}]
[null,4.199999999999999,null,"Enamel grade (if applicable)",null,{"$f":"VLOOKUP($D$7,'Source Data'!$A$2:$EK$28,24,FALSE)","v":"Grade 3"}]
[null,4.3,null,"Paper thickness (if applicable)","mm",{"$f":"VLOOKUP($D$7,'Source Data'!$A$2:$EK$28,25,FALSE)","v":"> 0.125"}]
[null,4.3999999999999995,null,"Paper type (if applicable)",null,{"$f":"VLOOKUP($D$7,'Source Data'!$A$2:$EK$28,26,FALSE)","v":"xxxxxxxxxxx"}]
[null,4.5,null,"Paper make (if applicable)",null,{"$f":"VLOOKUP($D$7,'Source Data'!$A$2:$EK$28,27,FALSE)","v":"xxxxxxxxxxx"}]
[null,4.6,null,"Paper minimum impulse withstand","kV",{"$f":"VLOOKUP($D$7,'Source Data'!$A$2:$EK$28,28,FALSE)","v":21}]
[null,4.7,null,"Paper minimum power frequency withstand ","kV",{"$f":"VLOOKUP($D$7,'Source Data'!$A$2:$EK$28,29,FALSE)","v":8}]
[null,4.8,null,"Inter-turn winding insulation stress shall not exceed 5 kV/mm","kV/mm",{"$f":"VLOOKUP($D$7,'Source Data'!$A$2:$EK$28,30,FALSE)","v":"<5"}]
[null,5,"3.2.9","Interlayer insulation"]
[null,5.1,null,"Highest interlayer stress in non-tap part of winding (<5kV/mm is not acceptable as the calculated value must be presented)","kV/mm",{"$f":"VLOOKUP($D$7,'Source Data'!$A$2:$EK$28,32,FALSE)","v":"< 5"}]
[null,5.199999999999999,null,"Highest interlayer stress in tap part of winding (<5kV/mm is not acceptable as the calculated value must be presented)","kV/mm",{"$f":"VLOOKUP($D$7,'Source Data'!$A$2:$EK$28,33,FALSE)","v":"< 5 "}]
[null,5.3,null,"Paper type.",null,{"$f":"VLOOKUP($D$7,'Source Data'!$A$2:$EK$28,34,FALSE)","v":"xxxxxxxxxxx"}]
[null,5.3999999999999995,null,"Paper make.",null,{"$f":"VLOOKUP($D$7,'Source Data'!$A$2:$EK$28,35,FALSE)","v":"xxxxxxxxxxx"}]
[null,6,"3.2.10","Tapping connections"]
[null,6.1,null,"Type ",null,{"$f":"VLOOKUP($D$7,'Source Data'!$A$2:$EK$28,37,FALSE)","v":"Switch"}]
[null,6.2,null,"Tapping range","%",{"$f":"VLOOKUP($D$7,'Source Data'!$A$2:$EK$28,38,FALSE)","v":"0, ±2.5, ±5"}]
[null,7,"3.2.11","MV Bushings for Coastal Transformers"]
[null,7.1,null,"Make ",null,{"$f":"VLOOKUP($D$7,'Source Data'!$A$2:$EK$28,48,FALSE)","v":"xxxxxxxxxxx"}]
[null,7.2,null,"Product code",null,{"$f":"VLOOKUP($D$7,'Source Data'!$A$2:$EK$28,49,FALSE)","v":"xxxxxxxxxxx"}]
[null,7.3,null,"Material (e.g. Porcelain)",null,{"$f":"VLOOKUP($D$7,'Source Data'!$A$2:$EK$28,50,FALSE)","v":"xxxxxxxxxxx"}]
[null,7.4,null,"Specific creepage distance","mm/kV",{"$f":"VLOOKUP($D$7,'Source Data'!$A$2:$EK$28,51,FALSE)","v":"≥ 31"}]
[null,7.5,null,"Clamping",null,{"$f":"VLOOKUP($D$7,'Source Data'!$A$2:$EK$28,52,FALSE)","v":"Base"}]
[null,7.6,null,"Type",null,{"$f":"VLOOKUP($D$7,'Source Data'!$A$2:$EK$28,53,FALSE)","v":"Draw lead"}]
[null,7.7,null,"Stem diameter",null,{"$f":"VLOOKUP($D$7,'Source Data'!$A$2:$EK$28,54,FALSE)","v":"M12"}]
[null,8,"3.2.11","LV Bushings"]
[null,8.1,null,"Make ",null,{"$f":"VLOOKUP($D$7,'Source Data'!$A$2:$EK$28,56,FALSE)","v":"xxxxxxxxxxx"}]
[null,8.2,null,"Product code",null,{"$f":"VLOOKUP($D$7,'Source Data'!$A$2:$EK$28,57,FALSE)","v":"xxxxxxxxxxx"}]
[null,8.3,null,"Material (e.g. Porcelain)",null,{"$f":"VLOOKUP($D$7,'Source Data'!$A$2:$EK$28,58,FALSE)","v":"xxxxxxxxxxx"}]
[null,8.4,null,"Stem diameter",null,{"$f":"VLOOKUP($D$7,'Source Data'!$A$2:$EK$28,59,FALSE)","v":"M12"}]
[null,8.5,null,"Supplied with flag ",null,{"$f":"VLOOKUP($D$7,'Source Data'!$A$2:$EK$28,60,FALSE)","v":"Yes"}]
[null,8.6,null,"Flag supplied with 2 x M12 x 40 mm set screws, 4 x flatwashers, 2 x spring washers and 2 x nuts",null,{"$f":"VLOOKUP($D$7,'Source Data'!$A$2:$EK$28,61,FALSE)","v":"Yes"}]
[null,9,"3.2.14","Losses"]
[null,9.1,null,"Loss factor base (Cost of Dx or Gx) ",null,{"$f":"VLOOKUP($D$7,'Source Data'!$A$2:$EK$28,63,FALSE)","v":"Distribution"},"xxxxxxxxxxx"]
[null,9.2,null,"No-load Loss Factor, NLLF ","R/kW",{"$f":"VLOOKUP($D$7,'Source Data'!$A$2:$EK$28,64,FALSE)","v":80500},"xxxxxxxxxxx"]
[null,9.3,null,"Load Loss Factor, LLF","R/kW",{"$f":"VLOOKUP($D$7,'Source Data'!$A$2:$EK$28,65,FALSE)","v":17500},"xxxxxxxxxxx"]
[null,9.4,null,"Guaranteed no-load losses, PNL (Steel Core)","W",{"$f":"VLOOKUP($D$7,'Source Data'!$A$2:$EK$28,66,FALSE)","v":450}]
[null,9.5,null,"Guaranteed no-load losses, PNL (only if Amorphous Core is offered)","W",{"$f":"VLOOKUP($D$7,'Source Data'!$A$2:$EL$28,142,FALSE)","v":170}]
[null,9.6,null,"Guaranteed load losses, PLL","W",{"$f":"VLOOKUP($D$7,'Source Data'!$A$2:$EK$28,67,FALSE)","v":3600}]
[null,10,"3.2.14","Impedance voltage & X/R ratio"]
[null,10.1,null,"Impedance at principle tapping (specific design impedances to be stated)","%",{"$f":"VLOOKUP($D$7,'Source Data'!$A$2:$EK$28,69,FALSE)","v":"4,0 to 5,0"}]
[null,10.2,null,"X/R ratio",null,{"$f":"VLOOKUP($D$7,'Source Data'!$A$2:$EK$28,70,FALSE)","v":"xxxxxxxxxx"}]
[null,11,null,"Audio-sound level (SANS 780)"]
[null,11.1,null,"Maximum limit of transformer audio-sound level","db(A)",{"$f":"VLOOKUP($D$7,'Source Data'!$A$2:$EK$28,72,FALSE)","v":"≤ 50"}]
[null,12,null,"MV winding wire"]
[null,12.1,null,"Material (e.g. Cu or Al)",null,{"$f":"VLOOKUP($D$7,'Source Data'!$A$2:$EK$28,74,FALSE)","v":"xxxxxxxxxxx"}]
[null,12.2,null,"Type (e.g. Round, Strip or Foil)",null,{"$f":"VLOOKUP($D$7,'Source Data'!$A$2:$EK$28,75,FALSE)","v":"xxxxxxxxxxx"}]
[null,13,null,"LV winding wire"]
[null,13.1,null,"Material (e.g. Cu or Al)",null,{"$f":"VLOOKUP($D$7,'Source Data'!$A$2:$EK$28,77,FALSE)","v":"xxxxxxxxxxx"}]
[null,13.2,null,"Type (e.g. Round, Strip or Foil)",null,{"$f":"VLOOKUP($D$7,'Source Data'!$A$2:$EK$28,78,FALSE)","v":"xxxxxxxxxxx"}]
[null,14,null,"Core material"]
[null,14.1,null,"Core material ",null,{"$f":"VLOOKUP($D$7,'Source Data'!$A$2:$EK$28,80,FALSE)","v":"Steel or Amporphous"}]
[null,14.2,null,"Type/code ",null,{"$f":"VLOOKUP($D$7,'Source Data'!$A$2:$EK$28,81,FALSE)","v":"xxxxxxxxxxx"}]
[null,14.3,null,"Maximum Flux Density of Material",null,{"$f":"VLOOKUP($D$7,'Source Data'!$A$2:$EK$28,82,FALSE)","v":"xxxxxxxxxxx"}]
[null,14.4,null,"Supplier",null,{"$f":"VLOOKUP($D$7,'Source Data'!$A$2:$EK$28,83,FALSE)","v":"xxxxxxxxxxx"}]
[null,15,"3.3.2","Tank and tank cover"]
[null,15.1,null,"Tank type: Sealed",null,{"$f":"VLOOKUP($D$7,'Source Data'!$A$2:$EK$28,85,FALSE)","v":"Sealed"}]
[null,15.2,null,"Plain, rigid or corrugated",null,{"$f":"VLOOKUP($D$7,'Source Data'!$A$2:$EK$28,86,FALSE)","v":"xxxxxxxxxx"}]
[null,16,"3.3.3","Transformer dimensions"]
[null,16.1,"Figure 12","Wo (including surge arrester)","mm",{"$f":"VLOOKUP($D$7,'Source Data'!$A$2:$EK$28,88,FALSE)","v":"≤ 1 800"}]
[null,16.2,"Figure 12","Lo","mm",{"$f":"VLOOKUP($D$7,'Source Data'!$A$2:$EK$28,89,FALSE)","v":"≤ 1 500 "}]
[null,16.3,"Figure 12","Ht","mm",{"$f":"VLOOKUP($D$7,'Source Data'!$A$2:$EK$28,90,FALSE)","v":"≤ 2000"}]
[null,16.4,"Figure 12","Mass","kg",{"$f":"VLOOKUP($D$7,'Source Data'!$A$2:$EK$28,91,FALSE)","v":"≤ 3500"}]
[null,16.5,null,"Oil capacity","l",{"$f":"VLOOKUP($D$7,'Source Data'!$A$2:$EK$28,92,FALSE)","v":"xxxxxxxxxxx"}]
[null,16.6,null,"Minimum clearance between live MV terminals and from MV live terminals to any part of the tank greater than twice the BIL ","mm",{"$f":"VLOOKUP($D$7,'Source Data'!$A$2:$EK$28,93,FALSE)","v":300}]
[null,16.7,"3.3.4","Minimum mechanical clearance of 100 mm between the brackets and LV bushings shall be maintained","mm",{"$f":"VLOOKUP($D$7,'Source Data'!$A$2:$EK$28,94,FALSE)","v":100}]
[null,17,"3.3.4","Pole mounting bracket"]
[null,17.1,null,"Single pole mounting bracket required? (Yes or No)",null,{"$f":"VLOOKUP($D$7,'Source Data'!$A$2:$EK$28,96,FALSE)","v":"No"}]
[null,"17.2.1",null,"Supplied with: - 2 x clamps",null,{"$f":"VLOOKUP($D$7,'Source Data'!$A$2:$EK$28,97,FALSE)","v":"N/A"}]
[null,"17.2.2",null,"                     - 1 x threaded rod (M20 x 350 mm)",null,{"$f":"VLOOKUP($D$7,'Source Data'!$A$2:$EK$28,98,FALSE)","v":"N/A"}]
[null,"17.2.3",null,"                     - 4 x threaded rods (M20 x 250 mm)",null,{"$f":"VLOOKUP($D$7,'Source Data'!$A$2:$EK$28,99,FALSE)","v":"N/A"}]
[null,"17.2.4",null,"                     - 12 x nuts, flat washers & spring washers (M20)",null,{"$f":"VLOOKUP($D$7,'Source Data'!$A$2:$EK$28,100,FALSE)","v":"N/A"}]
[null,17.2,"Figure 13","Dimension Mo","mm",{"$f":"VLOOKUP($D$7,'Source Data'!$A$2:$EK$28,101,FALSE)","v":"N/A"}]
[null,17.3,"Figure 13","Dimension h1","mm",{"$f":"VLOOKUP($D$7,'Source Data'!$A$2:$EK$28,102,FALSE)","v":"N/A"}]
[null,17.4,"Figure 13","Dimension W1","mm",{"$f":"VLOOKUP($D$7,'Source Data'!$A$2:$EK$28,103,FALSE)","v":"N/A"}]
[null,17.5,"Figure 13","Mounting hole diameter","mm",{"$f":"VLOOKUP($D$7,'Source Data'!$A$2:$EK$28,104,FALSE)","v":"N/A"}]
[null,17.6,"Figure 13","Mounting hole centres","mm",{"$f":"VLOOKUP($D$7,'Source Data'!$A$2:$EK$28,105,FALSE)","v":"N/A"}]
[null,18,"3.3.5","Transformer under base"]
[null,18.1,null,"Under base required? (Yes or No)",null,{"$f":"VLOOKUP($D$7,'Source Data'!$A$2:$EK$28,107,FALSE)","v":"Yes"},"xxxxxxxxxxx"]
[null,18.2,"Figure14","Lml","mm",{"$f":"VLOOKUP($D$7,'Source Data'!$A$2:$EK$28,108,FALSE)","v":400}]
[null,18.3,"Figure14","Lmw (300, 400 or 450)","mm",{"$f":"VLOOKUP($D$7,'Source Data'!$A$2:$EK$28,109,FALSE)","v":"xxxxxxxxxxx"}]
[null,18.4,"Figure14","Ls","mm",{"$f":"VLOOKUP($D$7,'Source Data'!$A$2:$EK$28,110,FALSE)","v":"≥ 320"}]
[null,18.5,"Figure14","Lmh","mm",{"$f":"VLOOKUP($D$7,'Source Data'!$A$2:$EK$28,111,FALSE)","v":"≤ 120 "}]
[null,18.6,"Figure14","Mounting hole diameter","mm",{"$f":"VLOOKUP($D$7,'Source Data'!$A$2:$EK$28,112,FALSE)","v":22}]
[null,19,"3.3.6","Lifting lugs"]
[null,19.1,null,"Lifting lugs fitted",null,{"$f":"VLOOKUP($D$7,'Source Data'!$A$2:$EK$28,114,FALSE)","v":"Yes"}]
[null,19.2,null,"Hole diameter","mm",{"$f":"VLOOKUP($D$7,'Source Data'!$A$2:$EK$28,115,FALSE)","v":"≥ 30 "}]
[null,20,"3.3.7","Earthing terminals"]
[null,20.1,null,"Boss material ",null,{"$f":"VLOOKUP($D$7,'Source Data'!$A$2:$EK$28,117,FALSE)","v":"316 Stainless Steel or Mild Steel"}]
[null,20.2,null,"Boss depth","mm",{"$f":"VLOOKUP($D$7,'Source Data'!$A$2:$EK$28,118,FALSE)","v":"≥ 30"}]
[null,20.3,null,"Set screw material",null,{"$f":"VLOOKUP($D$7,'Source Data'!$A$2:$EK$28,119,FALSE)","v":"316 Stainless Steel or Mild Steel"}]
[null,20.4,null,"Set screw dimensions","mm",{"$f":"VLOOKUP($D$7,'Source Data'!$A$2:$EK$28,120,FALSE)","v":"M12 x 25 "}]
[null,20.5,null,"Supplied with washer and spring washer",null,{"$f":"VLOOKUP($D$7,'Source Data'!$A$2:$EK$28,121,FALSE)","v":"Yes"}]
[null,21,"3.3.8","Surge arrester brackets"]
[null,21.1,null,"Surge arrester brackets fitted",null,{"$f":"VLOOKUP($D$7,'Source Data'!$A$2:$EK$28,123,FALSE)","v":"Yes"}]
[null,21.2,"Figure 16","Mounting hole diameter","mm",{"$f":"VLOOKUP($D$7,'Source Data'!$A$2:$EK$28,124,FALSE)","v":14}]
[null,21.3,"Figure 16","Dimension D (worst case)","mm",{"$f":"VLOOKUP($D$7,'Source Data'!$A$2:$EK$28,125,FALSE)","v":"≥ 200"}]
[null,21.4,"Figure 16","Dimension E (worst case)","mm",{"$f":"VLOOKUP($D$7,'Source Data'!$A$2:$EK$28,126,FALSE)","v":"≥ 300"}]
[null,21.5,"Figure 16","Dimension F (worst case)","mm",{"$f":"VLOOKUP($D$7,'Source Data'!$A$2:$EK$28,127,FALSE)","v":"≥ 150"}]
[null,22,3.4,"Corrosion protection for Coastal transformers"]
[null,22.1,null,"Indicate the coating system (i.e. DS numbers according to DSP 240-75655504) that is offered. (e.g. DS-14 + DS-15 for zinc sprayed mild steel with duplex coating)"]
[null,22.2,null,"Tank ",null,{"$f":"VLOOKUP($D$7,'Source Data'!$A$2:$EK$28,136,FALSE)","v":"xxxxxxxxxxx"}]
[null,22.3,null,"Radiators",null,{"$f":"VLOOKUP($D$7,'Source Data'!$A$2:$EK$28,137,FALSE)","v":"xxxxxxxxxxx"}]
[null,22.4,null,"Threaded rods and accessories",null,{"$f":"VLOOKUP($D$7,'Source Data'!$A$2:$EK$28,138,FALSE)","v":"xxxxxxxxxxx"}]
[null,22.5,null,"Colour of final coat",null,{"$f":"VLOOKUP($D$7,'Source Data'!$A$2:$EK$28,139,FALSE)","v":"Azure Blue"}]
[null,23,4.2,"All Type Tests in Accordance with SANS 780:\n\n• Temperature rise test \n• Dielectric type test\n• Tank stiffness test \n• Corrugated tank fatigue test\n• Equivalent disturbing current test (This test is only applicable to SWER transformers)\n• Short Circuit Withstand Test\n• Natural ageing and pollution performance test",null,"Report Numbers"]
[null,24,4.3,"All Routine Tests in Accordance with SANS 780\n\n• Measurement of winding resistance\n• Measurement of voltage ratio and phase displacement\n• Measurement of short-circuit impedance and load loss\n• Measurement of no-load loss and current\n• Separate source voltage test\n• Induced overvoltage test\n• Measurement of paint thickness\n• Test for effectiveness of sealing\n• Measurement of secondary voltage across outer two terminals to be 484 V. (Only applicable to dual-phase transformers.) \n• Measurement of insulation resistance test\n• Reactance (%)\n• Dielectric routine tests\n• Vector group test ",null,"Report Numbers"]

{"sheet":"0182717","index":27,"n_rows":137,"n_cols":7,"rows_kept":137,"merged":[[2,5,2,6],[3,5,3,6],[7,5,9,6],[9,1,9,3]]}
[]
[]
[{"$nulls":5},"Specification: DSP 240-45395762 Rev.4"]
[{"$nulls":5},{"$f":"'List of Items & Enquiry number'!B14","v":"Enquiry Number: 123456XYZ"}]
[]
[{"$nulls":3},"TECHNICAL SCHEDULES A & B FOR \nPOLE-MOUNTED  DISTRIBUTION TRANSFORMERS"]
[{"$nulls":3},"Three Phase, 315 kVA, 33 kV/420V (Coastal, Ester Oil Only)"]
[{"$nulls":5},"Deviations from the specific requirements stated in Schedule A must be recorded and explained in the Deviation Schedule"]
[null,"Schedule A:  Purchaser's specific requirements"]
[null,"Schedule B:  Guarantees and technical particulars of equipment offered"]
[null,"Item","Sub-clause of 240- 45395762","Description",null,"Schedule A","Schedule B"]
[null,1,null,"Identification"]
[null,1.1,null,"Name of manufacturer",null,{"$f":"VLOOKUP($D$7,'Source Data'!$A$2:$EK$28,3,FALSE)","v":"xxxxxxxxxxx"}]
[null,1.2000000000000002,null,"Name of supplier",null,{"$f":"VLOOKUP($D$7,'Source Data'!$A$2:$EK$28,4,FALSE)","v":"xxxxxxxxxxx"}]
[null,1.3,null,"Product code for Coastal transformers",null,{"$f":"VLOOKUP($D$7,'Source Data'!$A$2:$EK$28,6,FALSE)","v":"xxxxxxxxxxx"}]
[null,1.4,null,"Are the transformers covered by the SANS 780 certification mark?",null,{"$f":"VLOOKUP($D$7,'Source Data'!$A$2:$EK$28,7,FALSE)","v":"xxxxxxxxxxx"}]
[null,1.5,null,"State SANS 780 permit number",null,{"$f":"VLOOKUP($D$7,'Source Data'!$A$2:$EK$28,8,FALSE)","v":"xxxxxxxxxxx"}]
[null,1.6,null,"Oil Type",null,{"$f":"VLOOKUP($D$7,'Source Data'!$A$2:$EK$28,9,FALSE)","v":"Ester Oil"}]
[null,2,3,"Ratings"]
[null,2.1,null,"Power rating","kVA",{"$f":"VLOOKUP($D$7,'Source Data'!$A$2:$EK$28,11,FALSE)","v":315}]
[null,2.2,null,"Rated primary voltage","kV",{"$f":"VLOOKUP($D$7,'Source Data'!$A$2:$EK$28,12,FALSE)","v":33}]
[null,2.3000000000000003,null,"Rated no-load secondary voltage","V",{"$f":"VLOOKUP($D$7,'Source Data'!$A$2:$EK$28,13,FALSE)","v":420}]
[null,2.4000000000000004,null,"Frequency","Hz",{"$f":"VLOOKUP($D$7,'Source Data'!$A$2:$EK$28,14,FALSE)","v":50}]
[null,2.5,null,"Number of phases",null,{"$f":"VLOOKUP($D$7,'Source Data'!$A$2:$EK$28,15,FALSE)","v":"3ph"}]
[null,2.6,null,"Vector Group",null,{"$f":"VLOOKUP($D$7,'Source Data'!$A$2:$EK$28,16,FALSE)","v":"Dyn11 or Yzn11"}]
[null,3,"3.2.5","Insulation levels"]
[null,3.1,null,"BIL - Primary","kV",{"$f":"VLOOKUP($D$7,'Source Data'!$A$2:$EK$28,18,FALSE)","v":200}]
[null,3.2,null,"BIL - Secondary","kV",{"$f":"VLOOKUP($D$7,'Source Data'!$A$2:$EK$28,19,FALSE)","v":30}]
[null,3.3000000000000003,null,"Power frequency withstand voltage - Primary","kV",{"$f":"VLOOKUP($D$7,'Source Data'!$A$2:$EK$28,20,FALSE)","v":70}]
[null,3.4000000000000004,null,"Power frequency withstand voltage – Secondary","kV",{"$f":"VLOOKUP($D$7,'Source Data'!$A$2:$EK$28,21,FALSE)","v":8}]
[null,4,"3.2.8","Inter-turn winding insulation"]
[null,4.1,null,"Type (Enamel or Paper)",null,{"$f":"VLOOKUP($D$7,'Source Data'!$A$2:$EK$28,23,FALSE)","v":"xxxxxxxxxxx"}]
[null,4.199999999999999,null,"Enamel grade (if applicable)",null,{"$f":"VLOOKUP($D$7,'Source Data'!$A$2:$EK$28,24,FALSE)","v":"Grade 3"}]
[null,4.3,null,"Paper thickness (if applicable)","mm",{"$f":"VLOOKUP($D$7,'Source Data'!$A$2:$EK$28,25,FALSE)","v":"> 0.125"}]
[null,4.3999999999999995,null,"Paper type (if applicable)",null,{"$f":"VLOOKUP($D$7,'Source Data'!$A$2:$EK$28,26,FALSE)","v":"xxxxxxxxxxx"}]
[null,4.5,null,"Paper make (if applicable)",null,{"$f":"VLOOKUP($D$7,'Source Data'!$A$2:$EK$28,27,FALSE)","v":"xxxxxxxxxxx"}]
[null,4.6,null,"Paper minimum impulse withstand","kV",{"$f":"VLOOKUP($D$7,'Source Data'!$A$2:$EK$28,28,FALSE)","v":21}]
[null,4.7,null,"Paper minimum power frequency withstand ","kV",{"$f":"VLOOKUP($D$7,'Source Data'!$A$2:$EK$28,29,FALSE)","v":8}]
[null,4.8,null,"Inter-turn winding insulation stress shall not exceed 5 kV/mm","kV/mm",{"$f":"VLOOKUP($D$7,'Source Data'!$A$2:$EK$28,30,FALSE)","v":"<5"}]
[null,5,"3.2.9","Interlayer insulation"]
[null,5.1,null,"Highest interlayer stress in non-tap part of winding (<5kV/mm is not acceptable as the calculated value must be presented)","kV/mm",{"$f":"VLOOKUP($D$7,'Source Data'!$A$2:$EK$28,32,FALSE)","v":"< 5"}]
[null,5.199999999999999,null,"Highest interlayer stress in tap part of winding (<5kV/mm is not acceptable as the calculated value must be presented)","kV/mm",{"$f":"VLOOKUP($D$7,'Source Data'!$A$2:$EK$28,33,FALSE)","v":"< 5 "}]
[null,5.3,null,"Paper type.",null,{"$f":"VLOOKUP($D$7,'Source Data'!$A$2:$EK$28,34,FALSE)","v":"xxxxxxxxxxx"}]
[null,5.3999999999999995,null,"Paper make.",null,{"$f":"VLOOKUP($D$7,'Source Data'!$A$2:$EK$28,35,FALSE)","v":"xxxxxxxxxxx"}]
[null,6,"3.2.10","Tapping connections"]
[null,6.1,null,"Type ",null,{"$f":"VLOOKUP($D$7,'Source Data'!$A$2:$EK$28,37,FALSE)","v":"Switch"}]
[null,6.2,null,"Tapping range","%",{"$f":"VLOOKUP($D$7,'Source Data'!$A$2:$EK$28,38,FALSE)","v":"0, ±2.5, ±5"}]
[null,7,"3.2.11","MV Bushings for Coastal Transformers"]
[null,7.1,null,"Make ",null,{"$f":"VLOOKUP($D$7,'Source Data'!$A$2:$EK$28,48,FALSE)","v":"xxxxxxxxxxx"}]
[null,7.2,null,"Product code",null,{"$f":"VLOOKUP($D$7,'Source Data'!$A$2:$EK$28,49,FALSE)","v":"xxxxxxxxxxx"}]
[null,7.3,null,"Material (e.g. Porcelain)",null,{"$f":"VLOOKUP($D$7,'Source Data'!$A$2:$EK$28,50,FALSE)","v":"xxxxxxxxxxx"}]
[null,7.4,null,"Specific creepage distance","mm/kV",{"$f":"VLOOKUP($D$7,'Source Data'!$A$2:$EK$28,51,FALSE)","v":"≥ 31"}]
[null,7.5,null,"Clamping",null,{"$f":"VLOOKUP($D$7,'Source Data'!$A$2:$EK$28,52,FALSE)","v":"Base"}]
[null,7.6,null,"Type",null,{"$f":"VLOOKUP($D$7,'Source Data'!$A$2:$EK$28,53,FALSE)","v":"Draw lead"}]
[null,7.7,null,"Stem diameter",null,{"$f":"VLOOKUP($D$7,'Source Data'!$A$2:$EK$28,54,FALSE)","v":"M12"}]
[null,8,"3.2.11","LV Bushings"]
[null,8.1,null,"Make ",null,{"$f":"VLOOKUP($D$7,'Source Data'!$A$2:$EK$28,56,FALSE)","v":"xxxxxxxxxxx"}]
[null,8.2,null,"Product code",null,{"$f":"VLOOKUP($D$7,'Source Data'!$A$2:$EK$28,57,FALSE)","v":"xxxxxxxxxxx"}]
[null,8.3,null,"Material (e.g. Porcelain)",null,{"$f":"VLOOKUP($D$7,'Source Data'!$A$2:$EK$28,58,FALSE)","v":"xxxxxxxxxxx"}]
[null,8.4,null,"Stem diameter",null,{"$f":"VLOOKUP($D$7,'Source Data'!$A$2:$EK$28,59,FALSE)","v":"M12"}]
[null,8.5,null,"Supplied with flag ",null,{"$f":"VLOOKUP($D$7,'Source Data'!$A$2:$EK$28,60,FALSE)","v":"Yes"}]
[null,8.6,null,"Flag supplied with 2 x M12 x 40 mm set screws, 4 x flatwashers, 2 x spring washers and 2 x nuts",null,{"$f":"VLOOKUP($D$7,'Source Data'!$A$2:$EK$28,61,FALSE)","v":"Yes"}]
[null,9,"3.2.14","Losses"]
[null,9.1,null,"Loss factor base (Cost of Dx or Gx) ",null,{"$f":"VLOOKUP($D$7,'Source Data'!$A$2:$EK$28,63,FALSE)","v":"Distribution"},"xxxxxxxxxxx"]
[null,9.2,null,"No-load Loss Factor, NLLF ","R/kW",{"$f":"VLOOKUP($D$7,'Source Data'!$A$2:$EK$28,64,FALSE)","v":80500},"xxxxxxxxxxx"]
[null,9.3,null,"Load Loss Factor, LLF","R/kW",{"$f":"VLOOKUP($D$7,'Source Data'!$A$2:$EK$28,65,FALSE)","v":17500},"xxxxxxxxxxx"]
[null,9.4,null,"Guaranteed no-load losses, PNL (Steel Core)","W",{"$f":"VLOOKUP($D$7,'Source Data'!$A$2:$EK$28,66,FALSE)","v":450}]
[null,9.5,null,"Guaranteed no-load losses, PNL (only if Amorphous Core is offered)","W",{"$f":"VLOOKUP($D$7,'Source Data'!$A$2:$EL$28,142,FALSE)","v":170}]
[null,9.6,null,"Guaranteed load losses, PLL","W",{"$f":"VLOOKUP($D$7,'Source Data'!$A$2:$EK$28,67,FALSE)","v":3600}]
[null,10,"3.2.14","Impedance voltage & X/R ratio"]
[null,10.1,null,"Impedance at principle tapping (specific design impedances to be stated)","%",{"$f":"VLOOKUP($D$7,'Source Data'!$A$2:$EK$28,69,FALSE)","v":"4,0 to 5,0"}]
[null,10.2,null,"X/R ratio",null,{"$f":"VLOOKUP($D$7,'Source Data'!$A$2:$EK$28,70,FALSE)","v":"xxxxxxxxxx"}]
[null,11,null,"Audio-sound level (SANS 780)"]
[null,11.1,null,"Maximum limit of transformer audio-sound level","db(A)",{"$f":"VLOOKUP($D$7,'Source Data'!$A$2:$EK$28,72,FALSE)","v":"≤ 50"}]
[null,12,null,"MV winding wire"]
[null,12.1,null,"Material (e.g. Cu or Al)",null,{"$f":"VLOOKUP($D$7,'Source Data'!$A$2:$EK$28,74,FALSE)","v":"xxxxxxxxxxx"}]
[null,12.2,null,"Type (e.g. Round, Strip or Foil)",null,{"$f":"VLOOKUP($D$7,'Source Data'!$A$2:$EK$28,75,FALSE)","v":"xxxxxxxxxxx"}]
[null,13,null,"LV winding wire"]
[null,13.1,null,"Material (e.g. Cu or Al)",null,{"$f":"VLOOKUP($D$7,'Source Data'!$A$2:$EK$28,77,FALSE)","v":"xxxxxxxxxxx"}]
[null,13.2,null,"Type (e.g. Round, Strip or Foil)",null,{"$f":"VLOOKUP($D$7,'Source Data'!$A$2:$EK$28,78,FALSE)","v":"xxxxxxxxxxx"}]
[null,14,null,"Core material"]
[null,14.1,null,"Core material ",null,{"$f":"VLOOKUP($D$7,'Source Data'!$A$2:$EK$28,80,FALSE)","v":"Steel or Amporphous"}]
[null,14.2,null,"Type/code ",null,{"$f":"VLOOKUP($D$7,'Source Data'!$A$2:$EK$28,81,FALSE)","v":"xxxxxxxxxxx"}]
[null,14.3,null,"Maximum Flux Density of Material",null,{"$f":"VLOOKUP($D$7,'Source Data'!$A$2:$EK$28,82,FALSE)","v":"xxxxxxxxxxx"}]
[null,14.4,null,"Supplier",null,{"$f":"VLOOKUP($D$7,'Source Data'!$A$2:$EK$28,83,FALSE)","v":"xxxxxxxxxxx"}]
[null,15,"3.3.2","Tank and tank cover"]
[null,15.1,null,"Tank type: Sealed",null,{"$f":"VLOOKUP($D$7,'Source Data'!$A$2:$EK$28,85,FALSE)","v":"Sealed"}]
[null,15.2,null,"Plain, rigid or corrugated",null,{"$f":"VLOOKUP($D$7,'Source Data'!$A$2:$EK$28,86,FALSE)","v":"xxxxxxxxxx"}]
[null,16,"3.3.3","Transformer dimensions"]
[null,16.1,"Figure 12","Wo (including surge arrester)","mm",{"$f":"VLOOKUP($D$7,'Source Data'!$A$2:$EK$28,88,FALSE)","v":"≤ 1 800"}]
[null,16.2,"Figure 12","Lo","mm",{"$f":"VLOOKUP($D$7,'Source Data'!$A$2:$EK$28,89,FALSE)","v":"≤ 1 500 "}]
[null,16.3,"Figure 12","Ht","mm",{"$f":"VLOOKUP($D$7,'Source Data'!$A$2:$EK$28,90,FALSE)","v":"≤ 2000"}]
[null,16.4,"Figure 12","Mass","kg",{"$f":"VLOOKUP($D$7,'Source Data'!$A$2:$EK$28,91,FALSE)","v":"≤ 3500"}]
[null,16.5,null,"Oil capacity","l",{"$f":"VLOOKUP($D$7,'Source Data'!$A$2:$EK$28,92,FALSE)","v":"xxxxxxxxxxx"}]
[null,16.6,null,"Minimum clearance between live MV terminals and from MV live terminals to any part of the tank greater than twice the BIL ","mm",{"$f":"VLOOKUP($D$7,'Source Data'!$A$2:$EK$28,93,FALSE)","v":400}]
[null,16.7,"3.3.4","Minimum mechanical clearance of 100 mm between the brackets and LV bushings shall be maintained","mm",{"$f":"VLOOKUP($D$7,'Source Data'!$A$2:$EK$28,94,FALSE)","v":100}]
[null,17,"3.3.4","Pole mounting bracket"]
[null,17.1,null,"Single pole mounting bracket required? (Yes or No)",null,{"$f":"VLOOKUP($D$7,'Source Data'!$A$2:$EK$28,96,FALSE)","v":"No"}]
[null,"17.2.1",null,"Supplied with: - 2 x clamps",null,{"$f":"VLOOKUP($D$7,'Source Data'!$A$2:$EK$28,97,FALSE)","v":"N/A"}]
[null,"17.2.2",null,"                     - 1 x threaded rod (M20 x 350 mm)",null,{"$f":"VLOOKUP($D$7,'Source Data'!$A$2:$EK$28,98,FALSE)","v":"N/A"}]
[null,"17.2.3",null,"                     - 4 x threaded rods (M20 x 250 mm)",null,{"$f":"VLOOKUP($D$7,'Source Data'!$A$2:$EK$28,99,FALSE)","v":"N/A"}]
[null,"17.2.4",null,"                     - 12 x nuts, flat washers & spring washers (M20)",null,{"$f":"VLOOKUP($D$7,'Source Data'!$A$2:$EK$28,100,FALSE)","v":"N/A"}]
[null,17.2,"Figure 13","Dimension Mo","mm",{"$f":"VLOOKUP($D$7,'Source Data'!$A$2:$EK$28,101,FALSE)","v":"N/A"}]
[null,17.3,"Figure 13","Dimension h1","mm",{"$f":"VLOOKUP($D$7,'Source Data'!$A$2:$EK$28,102,FALSE)","v":"N/A"}]
[null,17.4,"Figure 13","Dimension W1","mm",{"$f":"VLOOKUP($D$7,'Source Data'!$A$2:$EK$28,103,FALSE)","v":"N/A"}]
[null,17.5,"Figure 13","Mounting hole diameter","mm",{"$f":"VLOOKUP($D$7,'Source Data'!$A$2:$EK$28,104,FALSE)","v":"N/A"}]
[null,17.6,"Figure 13","Mounting hole centres","mm",{"$f":"VLOOKUP($D$7,'Source Data'!$A$2:$EK$28,105,FALSE)","v":"N/A"}]
[null,18,"3.3.5","Transformer under base"]
[null,18.1,null,"Under base required? (Yes or No)",null,{"$f":"VLOOKUP($D$7,'Source Data'!$A$2:$EK$28,107,FALSE)","v":"Yes"},"xxxxxxxxxxx"]
[null,18.2,"Figure14","Lml","mm",{"$f":"VLOOKUP($D$7,'Source Data'!$A$2:$EK$28,108,FALSE)","v":400}]
[null,18.3,"Figure14","Lmw (300, 400 or 450)","mm",{"$f":"VLOOKUP($D$7,'Source Data'!$A$2:$EK$28,109,FALSE)","v":"xxxxxxxxxxx"}]
[null,18.4,"Figure14","Ls","mm",{"$f":"VLOOKUP($D$7,'Source Data'!$A$2:$EK$28,110,FALSE)","v":"≥ 320"}]
[null,18.5,"Figure14","Lmh","mm",{"$f":"VLOOKUP($D$7,'Source Data'!$A$2:$EK$28,111,FALSE)","v":"≤ 120 "}]
[null,18.6,"Figure14","Mounting hole diameter","mm",{"$f":"VLOOKUP($D$7,'Source Data'!$A$2:$EK$28,112,FALSE)","v":22}]
[null,19,"3.3.6","Lifting lugs"]
[null,19.1,null,"Lifting lugs fitted",null,{"$f":"VLOOKUP($D$7,'Source Data'!$A$2:$EK$28,114,FALSE)","v":"Yes"}]
[null,19.2,null,"Hole diameter","mm",{"$f":"VLOOKUP($D$7,'Source Data'!$A$2:$EK$28,115,FALSE)","v":"≥ 30 "}]
[null,20,"3.3.7","Earthing terminals"]
[null,20.1,null,"Boss material ",null,{"$f":"VLOOKUP($D$7,'Source Data'!$A$2:$EK$28,117,FALSE)","v":"316 Stainless Steel or Mild Steel"}]
[null,20.2,null,"Boss depth","mm",{"$f":"VLOOKUP($D$7,'Source Data'!$A$2:$EK$28,118,FALSE)","v":"≥ 30"}]
[null,20.3,null,"Set screw material",null,{"$f":"VLOOKUP($D$7,'Source Data'!$A$2:$EK$28,119,FALSE)","v":"316 Stainless Steel or Mild Steel"}]
[null,20.4,null,"Set screw dimensions","mm",{"$f":"VLOOKUP($D$7,'Source Data'!$A$2:$EK$28,120,FALSE)","v":"M12 x 25 "}]
[null,20.5,null,"Supplied with washer and spring washer",null,{"$f":"VLOOKUP($D$7,'Source Data'!$A$2:$EK$28,121,FALSE)","v":"Yes"}]
[null,21,"3.3.8","Surge arrester brackets"]
[null,21.1,null,"Surge arrester brackets fitted",null,{"$f":"VLOOKUP($D$7,'Source Data'!$A$2:$EK$28,123,FALSE)","v":"Yes"}]
[null,21.2,"Figure 16","Mounting hole diameter","mm",{"$f":"VLOOKUP($D$7,'Source Data'!$A$2:$EK$28,124,FALSE)","v":14}]
[null,21.3,"Figure 16","Dimension D (worst case)","mm",{"$f":"VLOOKUP($D$7,'Source Data'!$A$2:$EK$28,125,FALSE)","v":"≥ 200"}]
[null,21.4,"Figure 16","Dimension E (worst case)","mm",{"$f":"VLOOKUP($D$7,'Source Data'!$A$2:$EK$28,126,FALSE)","v":"≥ 400 "}]
[null,21.5,"Figure 16","Dimension F (worst case)","mm",{"$f":"VLOOKUP($D$7,'Source Data'!$A$2:$EK$28,127,FALSE)","v":"≥ 150"}]
[null,22,3.4,"Corrosion protection for Coastal transformers"]
[null,22.1,null,"Indicate the coating system (i.e. DS numbers according to DSP 240-75655504) that is offered. (e.g. DS-14 + DS-15 for zinc sprayed mild steel with duplex coating)"]
[null,22.2,null,"Tank ",null,{"$f":"VLOOKUP($D$7,'Source Data'!$A$2:$EK$28,136,FALSE)","v":"xxxxxxxxxxx"}]
[null,22.3,null,"Radiators",null,{"$f":"VLOOKUP($D$7,'Source Data'!$A$2:$EK$28,137,FALSE)","v":"xxxxxxxxxxx"}]
[null,22.4,null,"Threaded rods and accessories",null,{"$f":"VLOOKUP($D$7,'Source Data'!$A$2:$EK$28,138,FALSE)","v":"xxxxxxxxxxx"}]
[null,22.5,null,"Colour of final coat",null,{"$f":"VLOOKUP($D$7,'Source Data'!$A$2:$EK$28,139,FALSE)","v":"Azure Blue"}]
[null,23,4.2,"All Type Tests in Accordance with SANS 780:\n\n• Temperature rise test \n• Dielectric type test\n• Tank stiffness test \n• Corrugated tank fatigue test\n• Equivalent disturbing current test (This test is only applicable to SWER transformers)\n• Short Circuit Withstand Test\n• Natural ageing and pollution performance test",null,"Report Numbers"]
[null,24,4.3,"All Routine Tests in Accordance with SANS 780\n\n• Measurement of winding resistance\n• Measurement of voltage ratio and phase displacement\n• Measurement of short-circuit impedance and load loss\n• Measurement of no-load loss and current\n• Separate source voltage test\n• Induced overvoltage test\n• Measurement of paint thickness\n• Test for effectiveness of sealing\n• Measurement of secondary voltage across outer two terminals to be 484 V. (Only applicable to dual-phase transformers.) \n• Measurement of insulation resistance test\n• Reactance (%)\n• Dielectric routine tests\n• Vector group test ",null,"Report Numbers"]

{"sheet":"175093","index":28,"n_rows":137,"n_cols":7,"rows_kept":137,"merged":[[2,5,2,6],[3,5,3,6],[7,5,9,6],[9,1,9,3]]}
[]
[]
[{"$nulls":5},"Specification: DSP 240-45395762 Rev.4"]
[{"$nulls":5},{"$f":"'List of Items & Enquiry number'!B14","v":"Enquiry Number: 123456XYZ"}]
[]
[{"$nulls":3},"TECHNICAL SCHEDULES A & B FOR \nPOLE-MOUNTED  DISTRIBUTION TRANSFORMERS"]
[{"$nulls":3},"Three Phase, 500 kVA, 11 kV/420V (Coastal, Ester Oil Only)"]
[{"$nulls":5},"Deviations from the specific requirements stated in Schedule A must be recorded and explained in the Deviation Schedule"]
[null,"Schedule A:  Purchaser's specific requirements"]
[null,"Schedule B:  Guarantees and technical particulars of equipment offered"]
[null,"Item","Sub-clause of 240- 45395762","Description",null,"Schedule A","Schedule B"]
[null,1,null,"Identification"]
[null,1.1,null,"Name of manufacturer",null,{"$f":"VLOOKUP($D$7,'Source Data'!$A$2:$EK$28,3,FALSE)","v":"xxxxxxxxxxx"}]
[null,1.2000000000000002,null,"Name of supplier",null,{"$f":"VLOOKUP($D$7,'Source Data'!$A$2:$EK$28,4,FALSE)","v":"xxxxxxxxxxx"}]
[null,1.3,null,"Product code for Coastal transformers",null,{"$f":"VLOOKUP($D$7,'Source Data'!$A$2:$EK$28,6,FALSE)","v":"xxxxxxxxxxx"}]
[null,1.4,null,"Are the transformers covered by the SANS 780 certification mark?",null,{"$f":"VLOOKUP($D$7,'Source Data'!$A$2:$EK$28,7,FALSE)","v":"xxxxxxxxxxx"}]
[null,1.5,null,"State SANS 780 permit number",null,{"$f":"VLOOKUP($D$7,'Source Data'!$A$2:$EK$28,8,FALSE)","v":"xxxxxxxxxxx"}]
[null,1.6,null,"Oil Type",null,{"$f":"VLOOKUP($D$7,'Source Data'!$A$2:$EK$28,9,FALSE)","v":"Ester Oil"}]
[null,2,3,"Ratings"]
[null,2.1,null,"Power rating","kVA",{"$f":"VLOOKUP($D$7,'Source Data'!$A$2:$EK$28,11,FALSE)","v":500}]
[null,2.2,null,"Rated primary voltage","kV",{"$f":"VLOOKUP($D$7,'Source Data'!$A$2:$EK$28,12,FALSE)","v":11}]
[null,2.3000000000000003,null,"Rated no-load secondary voltage","V",{"$f":"VLOOKUP($D$7,'Source Data'!$A$2:$EK$28,13,FALSE)","v":420}]
[null,2.4000000000000004,null,"Frequency","Hz",{"$f":"VLOOKUP($D$7,'Source Data'!$A$2:$EK$28,14,FALSE)","v":50}]
[null,2.5,null,"Number of phases",null,{"$f":"VLOOKUP($D$7,'Source Data'!$A$2:$EK$28,15,FALSE)","v":"3ph"}]
[null,2.6,null,"Vector Group",null,{"$f":"VLOOKUP($D$7,'Source Data'!$A$2:$EK$28,16,FALSE)","v":"Dyn11 or Yzn11"}]
[null,3,"3.2.5","Insulation levels"]
[null,3.1,null,"BIL - Primary","kV",{"$f":"VLOOKUP($D$7,'Source Data'!$A$2:$EK$28,18,FALSE)","v":95}]
[null,3.2,null,"BIL - Secondary","kV",{"$f":"VLOOKUP($D$7,'Source Data'!$A$2:$EK$28,19,FALSE)","v":30}]
[null,3.3000000000000003,null,"Power frequency withstand voltage - Primary","kV",{"$f":"VLOOKUP($D$7,'Source Data'!$A$2:$EK$28,20,FALSE)","v":28}]
[null,3.4000000000000004,null,"Power frequency withstand voltage – Secondary","kV",{"$f":"VLOOKUP($D$7,'Source Data'!$A$2:$EK$28,21,FALSE)","v":8}]
[null,4,"3.2.8","Inter-turn winding insulation"]
[null,4.1,null,"Type (Enamel or Paper)",null,{"$f":"VLOOKUP($D$7,'Source Data'!$A$2:$EK$28,23,FALSE)","v":"xxxxxxxxxxx"}]
[null,4.199999999999999,null,"Enamel grade (if applicable)",null,{"$f":"VLOOKUP($D$7,'Source Data'!$A$2:$EK$28,24,FALSE)","v":"Grade 3"}]
[null,4.3,null,"Paper thickness (if applicable)","mm",{"$f":"VLOOKUP($D$7,'Source Data'!$A$2:$EK$28,25,FALSE)","v":"> 0.125"}]
[null,4.3999999999999995,null,"Paper type (if applicable)",null,{"$f":"VLOOKUP($D$7,'Source Data'!$A$2:$EK$28,26,FALSE)","v":"xxxxxxxxxxx"}]
[null,4.5,null,"Paper make (if applicable)",null,{"$f":"VLOOKUP($D$7,'Source Data'!$A$2:$EK$28,27,FALSE)","v":"xxxxxxxxxxx"}]
[null,4.6,null,"Paper minimum impulse withstand","kV",{"$f":"VLOOKUP($D$7,'Source Data'!$A$2:$EK$28,28,FALSE)","v":21}]
[null,4.7,null,"Paper minimum power frequency withstand ","kV",{"$f":"VLOOKUP($D$7,'Source Data'!$A$2:$EK$28,29,FALSE)","v":8}]
[null,4.8,null,"Inter-turn winding insulation stress shall not exceed 5 kV/mm","kV/mm",{"$f":"VLOOKUP($D$7,'Source Data'!$A$2:$EK$28,30,FALSE)","v":"<5"}]
[null,5,"3.2.9","Interlayer insulation"]
[null,5.1,null,"Highest interlayer stress in non-tap part of winding (<5kV/mm is not acceptable as the calculated value must be presented)","kV/mm",{"$f":"VLOOKUP($D$7,'Source Data'!$A$2:$EK$28,32,FALSE)","v":"< 5"}]
[null,5.199999999999999,null,"Highest interlayer stress in tap part of winding (<5kV/mm is not acceptable as the calculated value must be presented)","kV/mm",{"$f":"VLOOKUP($D$7,'Source Data'!$A$2:$EK$28,33,FALSE)","v":"< 5 "}]
[null,5.3,null,"Paper type.",null,{"$f":"VLOOKUP($D$7,'Source Data'!$A$2:$EK$28,34,FALSE)","v":"xxxxxxxxxxx"}]
[null,5.3999999999999995,null,"Paper make.",null,{"$f":"VLOOKUP($D$7,'Source Data'!$A$2:$EK$28,35,FALSE)","v":"xxxxxxxxxxx"}]
[null,6,"3.2.10","Tapping connections"]
[null,6.1,null,"Type ",null,{"$f":"VLOOKUP($D$7,'Source Data'!$A$2:$EK$28,37,FALSE)","v":"Switch"}]
[null,6.2,null,"Tapping range","%",{"$f":"VLOOKUP($D$7,'Source Data'!$A$2:$EK$28,38,FALSE)","v":"0, ±2.5, ±5"}]
[null,7,"3.2.11","MV Bushings for Coastal Transformers"]
[null,7.1,null,"Make ",null,{"$f":"VLOOKUP($D$7,'Source Data'!$A$2:$EK$28,48,FALSE)","v":"xxxxxxxxxxx"}]
[null,7.2,null,"Product code",null,{"$f":"VLOOKUP($D$7,'Source Data'!$A$2:$EK$28,49,FALSE)","v":"xxxxxxxxxxx"}]
[null,7.3,null,"Material (e.g. Porcelain)",null,{"$f":"VLOOKUP($D$7,'Source Data'!$A$2:$EK$28,50,FALSE)","v":"xxxxxxxxxxx"}]
[null,7.4,null,"Specific creepage distance","mm/kV",{"$f":"VLOOKUP($D$7,'Source Data'!$A$2:$EK$28,51,FALSE)","v":"≥ 31"}]
[null,7.5,null,"Clamping",null,{"$f":"VLOOKUP($D$7,'Source Data'!$A$2:$EK$28,52,FALSE)","v":"Base"}]
[null,7.6,null,"Type",null,{"$f":"VLOOKUP($D$7,'Source Data'!$A$2:$EK$28,53,FALSE)","v":"Draw lead"}]
[null,7.7,null,"Stem diameter",null,{"$f":"VLOOKUP($D$7,'Source Data'!$A$2:$EK$28,54,FALSE)","v":"M12"}]
[null,8,"3.2.11","LV Bushings"]
[null,8.1,null,"Make ",null,{"$f":"VLOOKUP($D$7,'Source Data'!$A$2:$EK$28,56,FALSE)","v":"xxxxxxxxxxx"}]
[null,8.2,null,"Product code",null,{"$f":"VLOOKUP($D$7,'Source Data'!$A$2:$EK$28,57,FALSE)","v":"xxxxxxxxxxx"}]
[null,8.3,null,"Material (e.g. Porcelain)",null,{"$f":"VLOOKUP($D$7,'Source Data'!$A$2:$EK$28,58,FALSE)","v":"xxxxxxxxxxx"}]
[null,8.4,null,"Stem diameter",null,{"$f":"VLOOKUP($D$7,'Source Data'!$A$2:$EK$28,59,FALSE)","v":"M12"}]
[null,8.5,null,"Supplied with flag ",null,{"$f":"VLOOKUP($D$7,'Source Data'!$A$2:$EK$28,60,FALSE)","v":"Yes"}]
[null,8.6,null,"Flag supplied with 2 x M12 x 50 mm set screws, 4 x flatwashers, 2 x spring washers and 2 x nuts",null,{"$f":"VLOOKUP($D$7,'Source Data'!$A$2:$EK$28,61,FALSE)","v":"Yes"}]
[null,9,"3.2.14","Losses"]
[null,9.1,null,"Loss factor base (Cost of Dx or Gx) ",null,{"$f":"VLOOKUP($D$7,'Source Data'!$A$2:$EK$28,63,FALSE)","v":"Distribution"},"xxxxxxxxxxx"]
[null,9.2,null,"No-load Loss Factor, NLLF ","R/kW",{"$f":"VLOOKUP($D$7,'Source Data'!$A$2:$EK$28,64,FALSE)","v":80500},"xxxxxxxxxxx"]
[null,9.3,null,"Load Loss Factor, LLF","R/kW",{"$f":"VLOOKUP($D$7,'Source Data'!$A$2:$EK$28,65,FALSE)","v":17500},"xxxxxxxxxxx"]
[null,9.4,null,"Guaranteed no-load losses, PNL (Steel Core)","W",{"$f":"VLOOKUP($D$7,'Source Data'!$A$2:$EK$28,66,FALSE)","v":630}]
[null,9.5,null,"Guaranteed no-load losses, PNL (only if Amorphous Core is offered)","W",{"$f":"VLOOKUP($D$7,'Source Data'!$A$2:$EL$28,142,FALSE)","v":230}]
[null,9.6,null,"Guaranteed load losses, PLL","W",{"$f":"VLOOKUP($D$7,'Source Data'!$A$2:$EK$28,67,FALSE)","v":5200}]
[null,10,"3.2.14","Impedance voltage & X/R ratio"]
[null,10.1,null,"Impedance at principle tapping (specific design impedances to be stated)","%",{"$f":"VLOOKUP($D$7,'Source Data'!$A$2:$EK$28,69,FALSE)","v":"4,0 to 5,0"}]
[null,10.2,null,"X/R ratio",null,{"$f":"VLOOKUP($D$7,'Source Data'!$A$2:$EK$28,70,FALSE)","v":"xxxxxxxxxx"}]
[null,11,null,"Audio-sound level (SANS 780)"]
[null,11.1,null,"Maximum limit of transformer audio-sound level","db(A)",{"$f":"VLOOKUP($D$7,'Source Data'!$A$2:$EK$28,72,FALSE)","v":"≤ 52"}]
[null,12,null,"MV winding wire"]
[null,12.1,null,"Material (e.g. Cu or Al)",null,{"$f":"VLOOKUP($D$7,'Source Data'!$A$2:$EK$28,74,FALSE)","v":"xxxxxxxxxxx"}]
[null,12.2,null,"Type (e.g. Round, Strip or Foil)",null,{"$f":"VLOOKUP($D$7,'Source Data'!$A$2:$EK$28,75,FALSE)","v":"xxxxxxxxxxx"}]
[null,13,null,"LV winding wire"]
[null,13.1,null,"Material (e.g. Cu or Al)",null,{"$f":"VLOOKUP($D$7,'Source Data'!$A$2:$EK$28,77,FALSE)","v":"xxxxxxxxxxx"}]
[null,13.2,null,"Type (e.g. Round, Strip or Foil)",null,{"$f":"VLOOKUP($D$7,'Source Data'!$A$2:$EK$28,78,FALSE)","v":"xxxxxxxxxxx"}]
[null,14,null,"Core material"]
[null,14.1,null,"Core material ",null,{"$f":"VLOOKUP($D$7,'Source Data'!$A$2:$EK$28,80,FALSE)","v":"Steel or Amporphous"}]
[null,14.2,null,"Type/code ",null,{"$f":"VLOOKUP($D$7,'Source Data'!$A$2:$EK$28,81,FALSE)","v":"xxxxxxxxxxx"}]
[null,14.3,null,"Maximum Flux Density of Material",null,{"$f":"VLOOKUP($D$7,'Source Data'!$A$2:$EK$28,82,FALSE)","v":"xxxxxxxxxxx"}]
[null,14.4,null,"Supplier",null,{"$f":"VLOOKUP($D$7,'Source Data'!$A$2:$EK$28,83,FALSE)","v":"xxxxxxxxxxx"}]
[null,15,"3.3.2","Tank and tank cover"]
[null,15.1,null,"Tank type: Sealed",null,{"$f":"VLOOKUP($D$7,'Source Data'!$A$2:$EK$28,85,FALSE)","v":"Sealed"}]
[null,15.2,null,"Plain, rigid or corrugated",null,{"$f":"VLOOKUP($D$7,'Source Data'!$A$2:$EK$28,86,FALSE)","v":"xxxxxxxxxx"}]
[null,16,"3.3.3","Transformer dimensions"]
[null,16.1,"Figure 12","Wo (including surge arrester)","mm",{"$f":"VLOOKUP($D$7,'Source Data'!$A$2:$EK$28,88,FALSE)","v":"≤ 1 800"}]
[null,16.2,"Figure 12","Lo","mm",{"$f":"VLOOKUP($D$7,'Source Data'!$A$2:$EK$28,89,FALSE)","v":"≤ 1 500 "}]
[null,16.3,"Figure 12","Ht","mm",{"$f":"VLOOKUP($D$7,'Source Data'!$A$2:$EK$28,90,FALSE)","v":"≤ 2000"}]
[null,16.4,"Figure 12","Mass","kg",{"$f":"VLOOKUP($D$7,'Source Data'!$A$2:$EK$28,91,FALSE)","v":"≤ 3500"}]
[null,16.5,null,"Oil capacity","l",{"$f":"VLOOKUP($D$7,'Source Data'!$A$2:$EK$28,92,FALSE)","v":"xxxxxxxxxxx"}]
[null,16.6,null,"Minimum clearance between live MV terminals and from MV live terminals to any part of the tank greater than twice the BIL ","mm",{"$f":"VLOOKUP($D$7,'Source Data'!$A$2:$EK$28,93,FALSE)","v":190}]
[null,16.7,"3.3.4","Minimum mechanical clearance of 100 mm between the brackets and LV bushings shall be maintained","mm",{"$f":"VLOOKUP($D$7,'Source Data'!$A$2:$EK$28,94,FALSE)","v":100}]
[null,17,"3.3.4","Pole mounting bracket"]
[null,17.1,null,"Single pole mounting bracket required? (Yes or No)",null,{"$f":"VLOOKUP($D$7,'Source Data'!$A$2:$EK$28,96,FALSE)","v":"No"}]
[null,"17.2.1",null,"Supplied with: - 2 x clamps",null,{"$f":"VLOOKUP($D$7,'Source Data'!$A$2:$EK$28,97,FALSE)","v":"N/A"}]
[null,"17.2.2",null,"                     - 1 x threaded rod (M20 x 350 mm)",null,{"$f":"VLOOKUP($D$7,'Source Data'!$A$2:$EK$28,98,FALSE)","v":"N/A"}]
[null,"17.2.3",null,"                     - 4 x threaded rods (M20 x 250 mm)",null,{"$f":"VLOOKUP($D$7,'Source Data'!$A$2:$EK$28,99,FALSE)","v":"N/A"}]
[null,"17.2.4",null,"                     - 12 x nuts, flat washers & spring washers (M20)",null,{"$f":"VLOOKUP($D$7,'Source Data'!$A$2:$EK$28,100,FALSE)","v":"N/A"}]
[null,17.2,"Figure 13","Dimension Mo","mm",{"$f":"VLOOKUP($D$7,'Source Data'!$A$2:$EK$28,101,FALSE)","v":"N/A"}]
[null,17.3,"Figure 13","Dimension h1","mm",{"$f":"VLOOKUP($D$7,'Source Data'!$A$2:$EK$28,102,FALSE)","v":"N/A"}]
[null,17.4,"Figure 13","Dimension W1","mm",{"$f":"VLOOKUP($D$7,'Source Data'!$A$2:$EK$28,103,FALSE)","v":"N/A"}]
[null,17.5,"Figure 13","Mounting hole diameter","mm",{"$f":"VLOOKUP($D$7,'Source Data'!$A$2:$EK$28,104,FALSE)","v":"N/A"}]
[null,17.6,"Figure 13","Mounting hole centres","mm",{"$f":"VLOOKUP($D$7,'Source Data'!$A$2:$EK$28,105,FALSE)","v":"N/A"}]
[null,18,"3.3.5","Transformer under base"]
[null,18.1,null,"Under base required? (Yes or No)",null,{"$f":"VLOOKUP($D$7,'Source Data'!$A$2:$EK$28,107,FALSE)","v":"Yes"},"xxxxxxxxxxx"]
[null,18.2,"Figure14","Lml","mm",{"$f":"VLOOKUP($D$7,'Source Data'!$A$2:$EK$28,108,FALSE)","v":400}]
[null,18.3,"Figure14","Lmw (300, 400 or 450)","mm",{"$f":"VLOOKUP($D$7,'Source Data'!$A$2:$EK$28,109,FALSE)","v":"xxxxxxxxxxx"}]
[null,18.4,"Figure14","Ls","mm",{"$f":"VLOOKUP($D$7,'Source Data'!$A$2:$EK$28,110,FALSE)","v":"≥ 320"}]
[null,18.5,"Figure14","Lmh","mm",{"$f":"VLOOKUP($D$7,'Source Data'!$A$2:$EK$28,111,FALSE)","v":"≤ 120 "}]
[null,18.6,"Figure14","Mounting hole diameter","mm",{"$f":"VLOOKUP($D$7,'Source Data'!$A$2:$EK$28,112,FALSE)","v":22}]
[null,19,"3.3.6","Lifting lugs"]
[null,19.1,null,"Lifting lugs fitted",null,{"$f":"VLOOKUP($D$7,'Source Data'!$A$2:$EK$28,114,FALSE)","v":"Yes"}]
[null,19.2,null,"Hole diameter","mm",{"$f":"VLOOKUP($D$7,'Source Data'!$A$2:$EK$28,115,FALSE)","v":"≥ 30 "}]
[null,20,"3.3.7","Earthing terminals"]
[null,20.1,null,"Boss material ",null,{"$f":"VLOOKUP($D$7,'Source Data'!$A$2:$EK$28,117,FALSE)","v":"316 Stainless Steel or Mild Steel"}]
[null,20.2,null,"Boss depth","mm",{"$f":"VLOOKUP($D$7,'Source Data'!$A$2:$EK$28,118,FALSE)","v":"≥ 30"}]
[null,20.3,null,"Set screw material",null,{"$f":"VLOOKUP($D$7,'Source Data'!$A$2:$EK$28,119,FALSE)","v":"316 Stainless Steel or Mild Steel"}]
[null,20.4,null,"Set screw dimensions","mm",{"$f":"VLOOKUP($D$7,'Source Data'!$A$2:$EK$28,120,FALSE)","v":"M12 x 25 "}]
[null,20.5,null,"Supplied with washer and spring washer",null,{"$f":"VLOOKUP($D$7,'Source Data'!$A$2:$EK$28,121,FALSE)","v":"Yes"}]
[null,21,"3.3.8","Surge arrester brackets"]
[null,21.1,null,"Surge arrester brackets fitted",null,{"$f":"VLOOKUP($D$7,'Source Data'!$A$2:$EK$28,123,FALSE)","v":"Yes"}]
[null,21.2,"Figure 16","Mounting hole diameter","mm",{"$f":"VLOOKUP($D$7,'Source Data'!$A$2:$EK$28,124,FALSE)","v":14}]
[null,21.3,"Figure 16","Dimension D (worst case)","mm",{"$f":"VLOOKUP($D$7,'Source Data'!$A$2:$EK$28,125,FALSE)","v":"≥ 200"}]
[null,21.4,"Figure 16","Dimension E (worst case)","mm",{"$f":"VLOOKUP($D$7,'Source Data'!$A$2:$EK$28,126,FALSE)","v":"≥ 190"}]
[null,21.5,"Figure 16","Dimension F (worst case)","mm",{"$f":"VLOOKUP($D$7,'Source Data'!$A$2:$EK$28,127,FALSE)","v":"≥ 150"}]
[null,22,3.4,"Corrosion protection for Coastal transformers"]
[null,22.1,null,"Indicate the coating system (i.e. DS numbers according to DSP 240-75655504) that is offered. (e.g. DS-14 + DS-15 for zinc sprayed mild steel with duplex coating)"]
[null,22.2,null,"Tank ",null,{"$f":"VLOOKUP($D$7,'Source Data'!$A$2:$EK$28,136,FALSE)","v":"xxxxxxxxxxx"}]
[null,22.3,null,"Radiators",null,{"$f":"VLOOKUP($D$7,'Source Data'!$A$2:$EK$28,137,FALSE)","v":"xxxxxxxxxxx"}]
[null,22.4,null,"Threaded rods and accessories",null,{"$f":"VLOOKUP($D$7,'Source Data'!$A$2:$EK$28,138,FALSE)","v":"xxxxxxxxxxx"}]
[null,22.5,null,"Colour of final coat",null,{"$f":"VLOOKUP($D$7,'Source Data'!$A$2:$EK$28,139,FALSE)","v":"Azure Blue"}]
[null,23,4.2,"All Type Tests in Accordance with SANS 780:\n\n• Temperature rise test \n• Dielectric type test\n• Tank stiffness test \n• Corrugated tank fatigue test\n• Equivalent disturbing current test (This test is only applicable to SWER transformers)\n• Short Circuit Withstand Test\n• Natural ageing and pollution performance test",null,"Report Numbers"]
[null,24,4.3,"All Routine Tests in Accordance with SANS 780\n\n• Measurement of winding resistance\n• Measurement of voltage ratio and phase displacement\n• Measurement of short-circuit impedance and load loss\n• Measurement of no-load loss and current\n• Separate source voltage test\n• Induced overvoltage test\n• Measurement of paint thickness\n• Test for effectiveness of sealing\n• Measurement of secondary voltage across outer two terminals to be 484 V. (Only applicable to dual-phase transformers.) \n• Measurement of insulation resistance test\n• Reactance (%)\n• Dielectric routine tests\n• Vector group test ",null,"Report Numbers"]

{"sheet":"175094","index":29,"n_rows":137,"n_cols":7,"rows_kept":137,"merged":[[2,5,2,6],[3,5,3,6],[7,5,9,6],[9,1,9,3]]}
[]
[]
[{"$nulls":5},"Specification: DSP 240-45395762 Rev.4"]
[{"$nulls":5},{"$f":"'List of Items & Enquiry number'!B14","v":"Enquiry Number: 123456XYZ"}]
[]
[{"$nulls":3},"TECHNICAL SCHEDULES A & B FOR \nPOLE-MOUNTED  DISTRIBUTION TRANSFORMERS"]
[{"$nulls":3},"Three-phase, 500 kVA, 22 kV/420V (Coastal, Ester Oil Only)"]
[{"$nulls":5},"Deviations from the specific requirements stated in Schedule A must be recorded and explained in the Deviation Schedule"]
[null,"Schedule A:  Purchaser's specific requirements"]
[null,"Schedule B:  Guarantees and technical particulars of equipment offered"]
[null,"Item","Sub-clause of 240- 45395762","Description",null,"Schedule A","Schedule B"]
[null,1,null,"Identification"]
[null,1.1,null,"Name of manufacturer",null,{"$f":"VLOOKUP($D$7,'Source Data'!$A$2:$EK$28,3,FALSE)","v":"xxxxxxxxxxx"}]
[null,1.2000000000000002,null,"Name of supplier",null,{"$f":"VLOOKUP($D$7,'Source Data'!$A$2:$EK$28,4,FALSE)","v":"xxxxxxxxxxx"}]
[null,1.3,null,"Product code for Coastal transformers",null,{"$f":"VLOOKUP($D$7,'Source Data'!$A$2:$EK$28,6,FALSE)","v":"xxxxxxxxxxx"}]
[null,1.4,null,"Are the transformers covered by the SANS 780 certification mark?",null,{"$f":"VLOOKUP($D$7,'Source Data'!$A$2:$EK$28,7,FALSE)","v":"xxxxxxxxxxx"}]
[null,1.5,null,"State SANS 780 permit number",null,{"$f":"VLOOKUP($D$7,'Source Data'!$A$2:$EK$28,8,FALSE)","v":"xxxxxxxxxxx"}]
[null,1.6,null,"Oil Type",null,{"$f":"VLOOKUP($D$7,'Source Data'!$A$2:$EK$28,9,FALSE)","v":"Ester Oil"}]
[null,2,3,"Ratings"]
[null,2.1,null,"Power rating","kVA",{"$f":"VLOOKUP($D$7,'Source Data'!$A$2:$EK$28,11,FALSE)","v":500}]
[null,2.2,null,"Rated primary voltage","kV",{"$f":"VLOOKUP($D$7,'Source Data'!$A$2:$EK$28,12,FALSE)","v":22}]
[null,2.3000000000000003,null,"Rated no-load secondary voltage","V",{"$f":"VLOOKUP($D$7,'Source Data'!$A$2:$EK$28,13,FALSE)","v":420}]
[null,2.4000000000000004,null,"Frequency","Hz",{"$f":"VLOOKUP($D$7,'Source Data'!$A$2:$EK$28,14,FALSE)","v":50}]
[null,2.5,null,"Number of phases",null,{"$f":"VLOOKUP($D$7,'Source Data'!$A$2:$EK$28,15,FALSE)","v":"3ph"}]
[null,2.6,null,"Vector Group",null,{"$f":"VLOOKUP($D$7,'Source Data'!$A$2:$EK$28,16,FALSE)","v":"Dyn11 or Yzn11"}]
[null,3,"3.2.5","Insulation levels"]
[null,3.1,null,"BIL - Primary","kV",{"$f":"VLOOKUP($D$7,'Source Data'!$A$2:$EK$28,18,FALSE)","v":150}]
[null,3.2,null,"BIL - Secondary","kV",{"$f":"VLOOKUP($D$7,'Source Data'!$A$2:$EK$28,19,FALSE)","v":30}]
[null,3.3000000000000003,null,"Power frequency withstand voltage - Primary","kV",{"$f":"VLOOKUP($D$7,'Source Data'!$A$2:$EK$28,20,FALSE)","v":50}]
[null,3.4000000000000004,null,"Power frequency withstand voltage – Secondary","kV",{"$f":"VLOOKUP($D$7,'Source Data'!$A$2:$EK$28,21,FALSE)","v":8}]
[null,4,"3.2.8","Inter-turn winding insulation"]
[null,4.1,null,"Type (Enamel or Paper)",null,{"$f":"VLOOKUP($D$7,'Source Data'!$A$2:$EK$28,23,FALSE)","v":"xxxxxxxxxxx"}]
[null,4.199999999999999,null,"Enamel grade (if applicable)",null,{"$f":"VLOOKUP($D$7,'Source Data'!$A$2:$EK$28,24,FALSE)","v":"Grade 3"}]
[null,4.3,null,"Paper thickness (if applicable)","mm",{"$f":"VLOOKUP($D$7,'Source Data'!$A$2:$EK$28,25,FALSE)","v":"> 0.125"}]
[null,4.3999999999999995,null,"Paper type (if applicable)",null,{"$f":"VLOOKUP($D$7,'Source Data'!$A$2:$EK$28,26,FALSE)","v":"xxxxxxxxxxx"}]
[null,4.5,null,"Paper make (if applicable)",null,{"$f":"VLOOKUP($D$7,'Source Data'!$A$2:$EK$28,27,FALSE)","v":"xxxxxxxxxxx"}]
[null,4.6,null,"Paper minimum impulse withstand","kV",{"$f":"VLOOKUP($D$7,'Source Data'!$A$2:$EK$28,28,FALSE)","v":21}]
[null,4.7,null,"Paper minimum power frequency withstand ","kV",{"$f":"VLOOKUP($D$7,'Source Data'!$A$2:$EK$28,29,FALSE)","v":8}]
[null,4.8,null,"Inter-turn winding insulation stress shall not exceed 5 kV/mm","kV/mm",{"$f":"VLOOKUP($D$7,'Source Data'!$A$2:$EK$28,30,FALSE)","v":"<5"}]
[null,5,"3.2.9","Interlayer insulation"]
[null,5.1,null,"Highest interlayer stress in non-tap part of winding (<5kV/mm is not acceptable as the calculated value must be presented)","kV/mm",{"$f":"VLOOKUP($D$7,'Source Data'!$A$2:$EK$28,32,FALSE)","v":"< 5"}]
[null,5.199999999999999,null,"Highest interlayer stress in tap part of winding (<5kV/mm is not acceptable as the calculated value must be presented)","kV/mm",{"$f":"VLOOKUP($D$7,'Source Data'!$A$2:$EK$28,33,FALSE)","v":"< 5 "}]
[null,5.3,null,"Paper type.",null,{"$f":"VLOOKUP($D$7,'Source Data'!$A$2:$EK$28,34,FALSE)","v":"xxxxxxxxxxx"}]
[null,5.3999999999999995,null,"Paper make.",null,{"$f":"VLOOKUP($D$7,'Source Data'!$A$2:$EK$28,35,FALSE)","v":"xxxxxxxxxxx"}]
[null,6,"3.2.10","Tapping connections"]
[null,6.1,null,"Type ",null,{"$f":"VLOOKUP($D$7,'Source Data'!$A$2:$EK$28,37,FALSE)","v":"Switch"}]
[null,6.2,null,"Tapping range","%",{"$f":"VLOOKUP($D$7,'Source Data'!$A$2:$EK$28,38,FALSE)","v":"0, ±2.5, ±5"}]
[null,7,"3.2.11","MV Bushings for Coastal Transformers"]
[null,7.1,null,"Make ",null,{"$f":"VLOOKUP($D$7,'Source Data'!$A$2:$EK$28,48,FALSE)","v":"xxxxxxxxxxx"}]
[null,7.2,null,"Product code",null,{"$f":"VLOOKUP($D$7,'Source Data'!$A$2:$EK$28,49,FALSE)","v":"xxxxxxxxxxx"}]
[null,7.3,null,"Material (e.g. Porcelain)",null,{"$f":"VLOOKUP($D$7,'Source Data'!$A$2:$EK$28,50,FALSE)","v":"xxxxxxxxxxx"}]
[null,7.4,null,"Specific creepage distance","mm/kV",{"$f":"VLOOKUP($D$7,'Source Data'!$A$2:$EK$28,51,FALSE)","v":"≥ 31"}]
[null,7.5,null,"Clamping",null,{"$f":"VLOOKUP($D$7,'Source Data'!$A$2:$EK$28,52,FALSE)","v":"Base"}]
[null,7.6,null,"Type",null,{"$f":"VLOOKUP($D$7,'Source Data'!$A$2:$EK$28,53,FALSE)","v":"Draw lead"}]
[null,7.7,null,"Stem diameter",null,{"$f":"VLOOKUP($D$7,'Source Data'!$A$2:$EK$28,54,FALSE)","v":"M12"}]
[null,8,"3.2.11","LV Bushings"]
[null,8.1,null,"Make ",null,{"$f":"VLOOKUP($D$7,'Source Data'!$A$2:$EK$28,56,FALSE)","v":"xxxxxxxxxxx"}]
[null,8.2,null,"Product code",null,{"$f":"VLOOKUP($D$7,'Source Data'!$A$2:$EK$28,57,FALSE)","v":"xxxxxxxxxxx"}]
[null,8.3,null,"Material (e.g. Porcelain)",null,{"$f":"VLOOKUP($D$7,'Source Data'!$A$2:$EK$28,58,FALSE)","v":"xxxxxxxxxxx"}]
[null,8.4,null,"Stem diameter",null,{"$f":"VLOOKUP($D$7,'Source Data'!$A$2:$EK$28,59,FALSE)","v":"M12"}]
[null,8.5,null,"Supplied with flag ",null,{"$f":"VLOOKUP($D$7,'Source Data'!$A$2:$EK$28,60,FALSE)","v":"Yes"}]
[null,8.6,null,"Flag supplied with 2 x M12 x 50 mm set screws, 4 x flatwashers, 2 x spring washers and 2 x nuts",null,{"$f":"VLOOKUP($D$7,'Source Data'!$A$2:$EK$28,61,FALSE)","v":"Yes"}]
[null,9,"3.2.14","Losses"]
[null,9.1,null,"Loss factor base (Cost of Dx or Gx) ",null,{"$f":"VLOOKUP($D$7,'Source Data'!$A$2:$EK$28,63,FALSE)","v":"Distribution"},"xxxxxxxxxxx"]
[null,9.2,null,"No-load Loss Factor, NLLF ","R/kW",{"$f":"VLOOKUP($D$7,'Source Data'!$A$2:$EK$28,64,FALSE)","v":80500},"xxxxxxxxxxx"]
[null,9.3,null,"Load Loss Factor, LLF","R/kW",{"$f":"VLOOKUP($D$7,'Source Data'!$A$2:$EK$28,65,FALSE)","v":17500},"xxxxxxxxxxx"]
[null,9.4,null,"Guaranteed no-load losses, PNL (Steel Core)","W",{"$f":"VLOOKUP($D$7,'Source Data'!$A$2:$EK$28,66,FALSE)","v":630}]
[null,9.5,null,"Guaranteed no-load losses, PNL (only if Amorphous Core is offered)","W",{"$f":"VLOOKUP($D$7,'Source Data'!$A$2:$EL$28,142,FALSE)","v":230}]
[null,9.6,null,"Guaranteed load losses, PLL","W",{"$f":"VLOOKUP($D$7,'Source Data'!$A$2:$EK$28,67,FALSE)","v":5200}]
[null,10,"3.2.14","Impedance voltage & X/R ratio"]
[null,10.1,null,"Impedance at principle tapping (specific design impedances to be stated)","%",{"$f":"VLOOKUP($D$7,'Source Data'!$A$2:$EK$28,69,FALSE)","v":"4,0 to 5,0"}]
[null,10.2,null,"X/R ratio",null,{"$f":"VLOOKUP($D$7,'Source Data'!$A$2:$EK$28,70,FALSE)","v":"xxxxxxxxxx"}]
[null,11,null,"Audio-sound level (SANS 780)"]
[null,11.1,null,"Maximum limit of transformer audio-sound level","db(A)",{"$f":"VLOOKUP($D$7,'Source Data'!$A$2:$EK$28,72,FALSE)","v":"≤ 52"}]
[null,12,null,"MV winding wire"]
[null,12.1,null,"Material (e.g. Cu or Al)",null,{"$f":"VLOOKUP($D$7,'Source Data'!$A$2:$EK$28,74,FALSE)","v":"xxxxxxxxxxx"}]
[null,12.2,null,"Type (e.g. Round, Strip or Foil)",null,{"$f":"VLOOKUP($D$7,'Source Data'!$A$2:$EK$28,75,FALSE)","v":"xxxxxxxxxxx"}]
[null,13,null,"LV winding wire"]
[null,13.1,null,"Material (e.g. Cu or Al)",null,{"$f":"VLOOKUP($D$7,'Source Data'!$A$2:$EK$28,77,FALSE)","v":"xxxxxxxxxxx"}]
[null,13.2,null,"Type (e.g. Round, Strip or Foil)",null,{"$f":"VLOOKUP($D$7,'Source Data'!$A$2:$EK$28,78,FALSE)","v":"xxxxxxxxxxx"}]
[null,14,null,"Core material"]
[null,14.1,null,"Core material ",null,{"$f":"VLOOKUP($D$7,'Source Data'!$A$2:$EK$28,80,FALSE)","v":"Steel or Amporphous"}]
[null,14.2,null,"Type/code ",null,{"$f":"VLOOKUP($D$7,'Source Data'!$A$2:$EK$28,81,FALSE)","v":"xxxxxxxxxxx"}]
[null,14.3,null,"Maximum Flux Density of Material",null,{"$f":"VLOOKUP($D$7,'Source Data'!$A$2:$EK$28,82,FALSE)","v":"xxxxxxxxxxx"}]
[null,14.4,null,"Supplier",null,{"$f":"VLOOKUP($D$7,'Source Data'!$A$2:$EK$28,83,FALSE)","v":"xxxxxxxxxxx"}]
[null,15,"3.3.2","Tank and tank cover"]
[null,15.1,null,"Tank type: Sealed",null,{"$f":"VLOOKUP($D$7,'Source Data'!$A$2:$EK$28,85,FALSE)","v":"Sealed"}]
[null,15.2,null,"Plain, rigid or corrugated",null,{"$f":"VLOOKUP($D$7,'Source Data'!$A$2:$EK$28,86,FALSE)","v":"xxxxxxxxxx"}]
[null,16,"3.3.3","Transformer dimensions"]
[null,16.1,"Figure 12","Wo (including surge arrester)","mm",{"$f":"VLOOKUP($D$7,'Source Data'!$A$2:$EK$28,88,FALSE)","v":"≤ 1 800"}]
[null,16.2,"Figure 12","Lo","mm",{"$f":"VLOOKUP($D$7,'Source Data'!$A$2:$EK$28,89,FALSE)","v":"≤ 1 500 "}]
[null,16.3,"Figure 12","Ht","mm",{"$f":"VLOOKUP($D$7,'Source Data'!$A$2:$EK$28,90,FALSE)","v":"≤ 2000"}]
[null,16.4,"Figure 12","Mass","kg",{"$f":"VLOOKUP($D$7,'Source Data'!$A$2:$EK$28,91,FALSE)","v":"≤ 3500"}]
[null,16.5,null,"Oil capacity","l",{"$f":"VLOOKUP($D$7,'Source Data'!$A$2:$EK$28,92,FALSE)","v":"xxxxxxxxxxx"}]
[null,16.6,null,"Minimum clearance between live MV terminals and from MV live terminals to any part of the tank greater than twice the BIL ","mm",{"$f":"VLOOKUP($D$7,'Source Data'!$A$2:$EK$28,93,FALSE)","v":300}]
[null,16.7,"3.3.4","Minimum mechanical clearance of 100 mm between the brackets and LV bushings shall be maintained","mm",{"$f":"VLOOKUP($D$7,'Source Data'!$A$2:$EK$28,94,FALSE)","v":100}]
[null,17,"3.3.4","Pole mounting bracket"]
[null,17.1,null,"Single pole mounting bracket required? (Yes or No)",null,{"$f":"VLOOKUP($D$7,'Source Data'!$A$2:$EK$28,96,FALSE)","v":"No"}]
[null,"17.2.1",null,"Supplied with: - 2 x clamps",null,{"$f":"VLOOKUP($D$7,'Source Data'!$A$2:$EK$28,97,FALSE)","v":"N/A"}]
[null,"17.2.2",null,"                     - 1 x threaded rod (M20 x 350 mm)",null,{"$f":"VLOOKUP($D$7,'Source Data'!$A$2:$EK$28,98,FALSE)","v":"N/A"}]
[null,"17.2.3",null,"                     - 4 x threaded rods (M20 x 250 mm)",null,{"$f":"VLOOKUP($D$7,'Source Data'!$A$2:$EK$28,99,FALSE)","v":"N/A"}]
[null,"17.2.4",null,"                     - 12 x nuts, flat washers & spring washers (M20)",null,{"$f":"VLOOKUP($D$7,'Source Data'!$A$2:$EK$28,100,FALSE)","v":"N/A"}]
[null,17.2,"Figure 13","Dimension Mo","mm",{"$f":"VLOOKUP($D$7,'Source Data'!$A$2:$EK$28,101,FALSE)","v":"N/A"}]
[null,17.3,"Figure 13","Dimension h1","mm",{"$f":"VLOOKUP($D$7,'Source Data'!$A$2:$EK$28,102,FALSE)","v":"N/A"}]
[null,17.4,"Figure 13","Dimension W1","mm",{"$f":"VLOOKUP($D$7,'Source Data'!$A$2:$EK$28,103,FALSE)","v":"N/A"}]
[null,17.5,"Figure 13","Mounting hole diameter","mm",{"$f":"VLOOKUP($D$7,'Source Data'!$A$2:$EK$28,104,FALSE)","v":"N/A"}]
[null,17.6,"Figure 13","Mounting hole centres","mm",{"$f":"VLOOKUP($D$7,'Source Data'!$A$2:$EK$28,105,FALSE)","v":"N/A"}]
[null,18,"3.3.5","Transformer under base"]
[null,18.1,null,"Under base required? (Yes or No)",null,{"$f":"VLOOKUP($D$7,'Source Data'!$A$2:$EK$28,107,FALSE)","v":"Yes"},"xxxxxxxxxxx"]
[null,18.2,"Figure14","Lml","mm",{"$f":"VLOOKUP($D$7,'Source Data'!$A$2:$EK$28,108,FALSE)","v":400}]
[null,18.3,"Figure14","Lmw (300, 400 or 450)","mm",{"$f":"VLOOKUP($D$7,'Source Data'!$A$2:$EK$28,109,FALSE)","v":"xxxxxxxxxxx"}]
[null,18.4,"Figure14","Ls","mm",{"$f":"VLOOKUP($D$7,'Source Data'!$A$2:$EK$28,110,FALSE)","v":"≥ 320"}]
[null,18.5,"Figure14","Lmh","mm",{"$f":"VLOOKUP($D$7,'Source Data'!$A$2:$EK$28,111,FALSE)","v":"≤ 120 "}]
[null,18.6,"Figure14","Mounting hole diameter","mm",{"$f":"VLOOKUP($D$7,'Source Data'!$A$2:$EK$28,112,FALSE)","v":22}]
[null,19,"3.3.6","Lifting lugs"]
[null,19.1,null,"Lifting lugs fitted",null,{"$f":"VLOOKUP($D$7,'Source Data'!$A$2:$EK$28,114,FALSE)","v":"Yes"}]
[null,19.2,null,"Hole diameter","mm",{"$f":"VLOOKUP($D$7,'Source Data'!$A$2:$EK$28,115,FALSE)","v":"≥ 30 "}]
[null,20,"3.3.7","Earthing terminals"]
[null,20.1,null,"Boss material ",null,{"$f":"VLOOKUP($D$7,'Source Data'!$A$2:$EK$28,117,FALSE)","v":"316 Stainless Steel or Mild Steel"}]
[null,20.2,null,"Boss depth","mm",{"$f":"VLOOKUP($D$7,'Source Data'!$A$2:$EK$28,118,FALSE)","v":"≥ 30"}]
[null,20.3,null,"Set screw material",null,{"$f":"VLOOKUP($D$7,'Source Data'!$A$2:$EK$28,119,FALSE)","v":"316 Stainless Steel or Mild Steel"}]
[null,20.4,null,"Set screw dimensions","mm",{"$f":"VLOOKUP($D$7,'Source Data'!$A$2:$EK$28,120,FALSE)","v":"M12 x 25 "}]
[null,20.5,null,"Supplied with washer and spring washer",null,{"$f":"VLOOKUP($D$7,'Source Data'!$A$2:$EK$28,121,FALSE)","v":"Yes"}]
[null,21,"3.3.8","Surge arrester brackets"]
[null,21.1,null,"Surge arrester brackets fitted",null,{"$f":"VLOOKUP($D$7,'Source Data'!$A$2:$EK$28,123,FALSE)","v":"Yes"}]
[null,21.2,"Figure 16","Mounting hole diameter","mm",{"$f":"VLOOKUP($D$7,'Source Data'!$A$2:$EK$28,124,FALSE)","v":14}]
[null,21.3,"Figure 16","Dimension D (worst case)","mm",{"$f":"VLOOKUP($D$7,'Source Data'!$A$2:$EK$28,125,FALSE)","v":"≥ 200"}]
[null,21.4,"Figure 16","Dimension E (worst case)","mm",{"$f":"VLOOKUP($D$7,'Source Data'!$A$2:$EK$28,126,FALSE)","v":"≥ 300"}]
[null,21.5,"Figure 16","Dimension F (worst case)","mm",{"$f":"VLOOKUP($D$7,'Source Data'!$A$2:$EK$28,127,FALSE)","v":"≥ 150"}]
[null,22,3.4,"Corrosion protection for Coastal transformers"]
[null,22.1,null,"Indicate the coating system (i.e. DS numbers according to DSP 240-75655504) that is offered. (e.g. DS-14 + DS-15 for zinc sprayed mild steel with duplex coating)"]
[null,22.2,null,"Tank ",null,{"$f":"VLOOKUP($D$7,'Source Data'!$A$2:$EK$28,136,FALSE)","v":"xxxxxxxxxxx"}]
[null,22.3,null,"Radiators",null,{"$f":"VLOOKUP($D$7,'Source Data'!$A$2:$EK$28,137,FALSE)","v":"xxxxxxxxxxx"}]
[null,22.4,null,"Threaded rods and accessories",null,{"$f":"VLOOKUP($D$7,'Source Data'!$A$2:$EK$28,138,FALSE)","v":"xxxxxxxxxxx"}]
[null,22.5,null,"Colour of final coat",null,{"$f":"VLOOKUP($D$7,'Source Data'!$A$2:$EK$28,139,FALSE)","v":"Azure Blue"}]
[null,23,4.2,"All Type Tests in Accordance with SANS 780:\n\n• Temperature rise test \n• Dielectric type test\n• Tank stiffness test \n• Corrugated tank fatigue test\n• Equivalent disturbing current test (This test is only applicable to SWER transformers)\n• Short Circuit Withstand Test\n• Natural ageing and pollution performance test",null,"Report Numbers"]
[null,24,4.3,"All Routine Tests in Accordance with SANS 780\n\n• Measurement of winding resistance\n• Measurement of voltage ratio and phase displacement\n• Measurement of short-circuit impedance and load loss\n• Measurement of no-load loss and current\n• Separate source voltage test\n• Induced overvoltage test\n• Measurement of paint thickness\n• Test for effectiveness of sealing\n• Measurement of secondary voltage across outer two terminals to be 484 V. (Only applicable to dual-phase transformers.) \n• Measurement of insulation resistance test\n• Reactance (%)\n• Dielectric routine tests\n• Vector group test ",null,"Report Numbers"]

{"sheet":"0182718","index":30,"n_rows":137,"n_cols":7,"rows_kept":137,"merged":[[2,5,2,6],[3,5,3,6],[7,5,9,6],[9,1,9,3]]}
[]
[]
[{"$nulls":5},"Specification: DSP 240-45395762 Rev.4"]
[{"$nulls":5},{"$f":"'List of Items & Enquiry number'!B14","v":"Enquiry Number: 123456XYZ"}]
[]
[{"$nulls":3},"TECHNICAL SCHEDULES A & B FOR \nPOLE-MOUNTED  DISTRIBUTION TRANSFORMERS"]
[{"$nulls":3},"Three Phase, 500 kVA, 33 kV/420V (Coastal, Ester Oil Only)"]
[{"$nulls":5},"Deviations from the specific requirements stated in Schedule A must be recorded and explained in the Deviation Schedule"]
[null,"Schedule A:  Purchaser's specific requirements"]
[null,"Schedule B:  Guarantees and technical particulars of equipment offered"]
[null,"Item","Sub-clause of 240- 45395762","Description",null,"Schedule A","Schedule B"]
[null,1,null,"Identification"]
[null,1.1,null,"Name of manufacturer",null,{"$f":"VLOOKUP($D$7,'Source Data'!$A$2:$EK$28,3,FALSE)","v":"xxxxxxxxxxx"}]
[null,1.2000000000000002,null,"Name of supplier",null,{"$f":"VLOOKUP($D$7,'Source Data'!$A$2:$EK$28,4,FALSE)","v":"xxxxxxxxxxx"}]
[null,1.3,null,"Product code for Coastal transformers",null,{"$f":"VLOOKUP($D$7,'Source Data'!$A$2:$EK$28,6,FALSE)","v":"xxxxxxxxxxx"}]
[null,1.4,null,"Are the transformers covered by the SANS 780 certification mark?",null,{"$f":"VLOOKUP($D$7,'Source Data'!$A$2:$EK$28,7,FALSE)","v":"xxxxxxxxxxx"}]
[null,1.5,null,"State SANS 780 permit number",null,{"$f":"VLOOKUP($D$7,'Source Data'!$A$2:$EK$28,8,FALSE)","v":"xxxxxxxxxxx"}]
[null,1.6,null,"Oil Type",null,{"$f":"VLOOKUP($D$7,'Source Data'!$A$2:$EK$28,9,FALSE)","v":"Ester Oil"}]
[null,2,3,"Ratings"]
[null,2.1,null,"Power rating","kVA",{"$f":"VLOOKUP($D$7,'Source Data'!$A$2:$EK$28,11,FALSE)","v":500}]
[null,2.2,null,"Rated primary voltage","kV",{"$f":"VLOOKUP($D$7,'Source Data'!$A$2:$EK$28,12,FALSE)","v":33}]
[null,2.3000000000000003,null,"Rated no-load secondary voltage","V",{"$f":"VLOOKUP($D$7,'Source Data'!$A$2:$EK$28,13,FALSE)","v":420}]
[null,2.4000000000000004,null,"Frequency","Hz",{"$f":"VLOOKUP($D$7,'Source Data'!$A$2:$EK$28,14,FALSE)","v":50}]
[null,2.5,null,"Number of phases",null,{"$f":"VLOOKUP($D$7,'Source Data'!$A$2:$EK$28,15,FALSE)","v":"3ph"}]
[null,2.6,null,"Vector Group",null,{"$f":"VLOOKUP($D$7,'Source Data'!$A$2:$EK$28,16,FALSE)","v":"Dyn11 or Yzn11"}]
[null,3,"3.2.5","Insulation levels"]
[null,3.1,null,"BIL - Primary","kV",{"$f":"VLOOKUP($D$7,'Source Data'!$A$2:$EK$28,18,FALSE)","v":200}]
[null,3.2,null,"BIL - Secondary","kV",{"$f":"VLOOKUP($D$7,'Source Data'!$A$2:$EK$28,19,FALSE)","v":30}]
[null,3.3000000000000003,null,"Power frequency withstand voltage - Primary","kV",{"$f":"VLOOKUP($D$7,'Source Data'!$A$2:$EK$28,20,FALSE)","v":70}]
[null,3.4000000000000004,null,"Power frequency withstand voltage – Secondary","kV",{"$f":"VLOOKUP($D$7,'Source Data'!$A$2:$EK$28,21,FALSE)","v":8}]
[null,4,"3.2.8","Inter-turn winding insulation"]
[null,4.1,null,"Type (Enamel or Paper)",null,{"$f":"VLOOKUP($D$7,'Source Data'!$A$2:$EK$28,23,FALSE)","v":"xxxxxxxxxxx"}]
[null,4.199999999999999,null,"Enamel grade (if applicable)",null,{"$f":"VLOOKUP($D$7,'Source Data'!$A$2:$EK$28,24,FALSE)","v":"Grade 3"}]
[null,4.3,null,"Paper thickness (if applicable)","mm",{"$f":"VLOOKUP($D$7,'Source Data'!$A$2:$EK$28,25,FALSE)","v":"> 0.125"}]
[null,4.3999999999999995,null,"Paper type (if applicable)",null,{"$f":"VLOOKUP($D$7,'Source Data'!$A$2:$EK$28,26,FALSE)","v":"xxxxxxxxxxx"}]
[null,4.5,null,"Paper make (if applicable)",null,{"$f":"VLOOKUP($D$7,'Source Data'!$A$2:$EK$28,27,FALSE)","v":"xxxxxxxxxxx"}]
[null,4.6,null,"Paper minimum impulse withstand","kV",{"$f":"VLOOKUP($D$7,'Source Data'!$A$2:$EK$28,28,FALSE)","v":21}]
[null,4.7,null,"Paper minimum power frequency withstand ","kV",{"$f":"VLOOKUP($D$7,'Source Data'!$A$2:$EK$28,29,FALSE)","v":8}]
[null,4.8,null,"Inter-turn winding insulation stress shall not exceed 5 kV/mm","kV/mm",{"$f":"VLOOKUP($D$7,'Source Data'!$A$2:$EK$28,30,FALSE)","v":"<5"}]
[null,5,"3.2.9","Interlayer insulation"]
[null,5.1,null,"Highest interlayer stress in non-tap part of winding (<5kV/mm is not acceptable as the calculated value must be presented)","kV/mm",{"$f":"VLOOKUP($D$7,'Source Data'!$A$2:$EK$28,32,FALSE)","v":"< 5"}]
[null,5.199999999999999,null,"Highest interlayer stress in tap part of winding (<5kV/mm is not acceptable as the calculated value must be presented)","kV/mm",{"$f":"VLOOKUP($D$7,'Source Data'!$A$2:$EK$28,33,FALSE)","v":"< 5 "}]
[null,5.3,null,"Paper type.",null,{"$f":"VLOOKUP($D$7,'Source Data'!$A$2:$EK$28,34,FALSE)","v":"xxxxxxxxxxx"}]
[null,5.3999999999999995,null,"Paper make.",null,{"$f":"VLOOKUP($D$7,'Source Data'!$A$2:$EK$28,35,FALSE)","v":"xxxxxxxxxxx"}]
[null,6,"3.2.10","Tapping connections"]
[null,6.1,null,"Type ",null,{"$f":"VLOOKUP($D$7,'Source Data'!$A$2:$EK$28,37,FALSE)","v":"Switch"}]
[null,6.2,null,"Tapping range","%",{"$f":"VLOOKUP($D$7,'Source Data'!$A$2:$EK$28,38,FALSE)","v":"0, ±2.5, ±5"}]
[null,7,"3.2.11","MV Bushings for Coastal Transformers"]
[null,7.1,null,"Make ",null,{"$f":"VLOOKUP($D$7,'Source Data'!$A$2:$EK$28,48,FALSE)","v":"xxxxxxxxxxx"}]
[null,7.2,null,"Product code",null,{"$f":"VLOOKUP($D$7,'Source Data'!$A$2:$EK$28,49,FALSE)","v":"xxxxxxxxxxx"}]
[null,7.3,null,"Material (e.g. Porcelain)",null,{"$f":"VLOOKUP($D$7,'Source Data'!$A$2:$EK$28,50,FALSE)","v":"xxxxxxxxxxx"}]
[null,7.4,null,"Specific creepage distance","mm/kV",{"$f":"VLOOKUP($D$7,'Source Data'!$A$2:$EK$28,51,FALSE)","v":"≥ 31"}]
[null,7.5,null,"Clamping",null,{"$f":"VLOOKUP($D$7,'Source Data'!$A$2:$EK$28,52,FALSE)","v":"Base"}]
[null,7.6,null,"Type",null,{"$f":"VLOOKUP($D$7,'Source Data'!$A$2:$EK$28,53,FALSE)","v":"Draw lead"}]
[null,7.7,null,"Stem diameter",null,{"$f":"VLOOKUP($D$7,'Source Data'!$A$2:$EK$28,54,FALSE)","v":"M12"}]
[null,8,"3.2.11","LV Bushings"]
[null,8.1,null,"Make ",null,{"$f":"VLOOKUP($D$7,'Source Data'!$A$2:$EK$28,56,FALSE)","v":"xxxxxxxxxxx"}]
[null,8.2,null,"Product code",null,{"$f":"VLOOKUP($D$7,'Source Data'!$A$2:$EK$28,57,FALSE)","v":"xxxxxxxxxxx"}]
[null,8.3,null,"Material (e.g. Porcelain)",null,{"$f":"VLOOKUP($D$7,'Source Data'!$A$2:$EK$28,58,FALSE)","v":"xxxxxxxxxxx"}]
[null,8.4,null,"Stem diameter",null,{"$f":"VLOOKUP($D$7,'Source Data'!$A$2:$EK$28,59,FALSE)","v":"M12"}]
[null,8.5,null,"Supplied with flag ",null,{"$f":"VLOOKUP($D$7,'Source Data'!$A$2:$EK$28,60,FALSE)","v":"Yes"}]
[null,8.6,null,"Flag supplied with 2 x M12 x 50 mm set screws, 4 x flatwashers, 2 x spring washers and 2 x nuts",null,{"$f":"VLOOKUP($D$7,'Source Data'!$A$2:$EK$28,61,FALSE)","v":"Yes"}]
[null,9,"3.2.14","Losses"]
[null,9.1,null,"Loss factor base (Cost of Dx or Gx) ",null,{"$f":"VLOOKUP($D$7,'Source Data'!$A$2:$EK$28,63,FALSE)","v":"Distribution"},"xxxxxxxxxxx"]
[null,9.2,null,"No-load Loss Factor, NLLF ","R/kW",{"$f":"VLOOKUP($D$7,'Source Data'!$A$2:$EK$28,64,FALSE)","v":80500},"xxxxxxxxxxx"]
[null,9.3,null,"Load Loss Factor, LLF","R/kW",{"$f":"VLOOKUP($D$7,'Source Data'!$A$2:$EK$28,65,FALSE)","v":17500},"xxxxxxxxxxx"]
[null,9.4,null,"Guaranteed no-load losses, PNL (Steel Core)","W",{"$f":"VLOOKUP($D$7,'Source Data'!$A$2:$EK$28,66,FALSE)","v":630}]
[null,9.5,null,"Guaranteed no-load losses, PNL (only if Amorphous Core is offered)","W",{"$f":"VLOOKUP($D$7,'Source Data'!$A$2:$EL$28,142,FALSE)","v":230}]
[null,9.6,null,"Guaranteed load losses, PLL","W",{"$f":"VLOOKUP($D$7,'Source Data'!$A$2:$EK$28,67,FALSE)","v":5200}]
[null,10,"3.2.14","Impedance voltage & X/R ratio"]
[null,10.1,null,"Impedance at principle tapping (specific design impedances to be stated)","%",{"$f":"VLOOKUP($D$7,'Source Data'!$A$2:$EK$28,69,FALSE)","v":"4,0 to 5,0"}]
[null,10.2,null,"X/R ratio",null,{"$f":"VLOOKUP($D$7,'Source Data'!$A$2:$EK$28,70,FALSE)","v":"xxxxxxxxxx"}]
[null,11,null,"Audio-sound level (clause 8.5.3 of SANS 780)"]
[null,11.1,null,"Maximum limit of transformer audio-sound level","db(A)",{"$f":"VLOOKUP($D$7,'Source Data'!$A$2:$EK$28,72,FALSE)","v":"≤ 52"}]
[null,12,null,"MV winding wire"]
[null,12.1,null,"Material (e.g. Cu or Al)",null,{"$f":"VLOOKUP($D$7,'Source Data'!$A$2:$EK$28,74,FALSE)","v":"xxxxxxxxxxx"}]
[null,12.2,null,"Type (e.g. Round, Strip or Foil)",null,{"$f":"VLOOKUP($D$7,'Source Data'!$A$2:$EK$28,75,FALSE)","v":"xxxxxxxxxxx"}]
[null,13,null,"LV winding wire"]
[null,13.1,null,"Material (e.g. Cu or Al)",null,{"$f":"VLOOKUP($D$7,'Source Data'!$A$2:$EK$28,77,FALSE)","v":"xxxxxxxxxxx"}]
[null,13.2,null,"Type (e.g. Round, Strip or Foil)",null,{"$f":"VLOOKUP($D$7,'Source Data'!$A$2:$EK$28,78,FALSE)","v":"xxxxxxxxxxx"}]
[null,14,null,"Core material"]
[null,14.1,null,"Core material ",null,{"$f":"VLOOKUP($D$7,'Source Data'!$A$2:$EK$28,80,FALSE)","v":"Steel or Amporphous"}]
[null,14.2,null,"Type/code ",null,{"$f":"VLOOKUP($D$7,'Source Data'!$A$2:$EK$28,81,FALSE)","v":"xxxxxxxxxxx"}]
[null,14.3,null,"Maximum Flux Density of Material",null,{"$f":"VLOOKUP($D$7,'Source Data'!$A$2:$EK$28,82,FALSE)","v":"xxxxxxxxxxx"}]
[null,14.4,null,"Supplier",null,{"$f":"VLOOKUP($D$7,'Source Data'!$A$2:$EK$28,83,FALSE)","v":"xxxxxxxxxxx"}]
[null,15,"3.3.2","Tank and tank cover"]
[null,15.1,null,"Tank type: Sealed",null,{"$f":"VLOOKUP($D$7,'Source Data'!$A$2:$EK$28,85,FALSE)","v":"Sealed"}]
[null,15.2,null,"Plain, rigid or corrugated",null,{"$f":"VLOOKUP($D$7,'Source Data'!$A$2:$EK$28,86,FALSE)","v":"xxxxxxxxxx"}]
[null,16,"3.3.3","Transformer dimensions"]
[null,16.1,"Figure 12","Wo (including surge arrester)","mm",{"$f":"VLOOKUP($D$7,'Source Data'!$A$2:$EK$28,88,FALSE)","v":"≤ 1 800"}]
[null,16.2,"Figure 12","Lo","mm",{"$f":"VLOOKUP($D$7,'Source Data'!$A$2:$EK$28,89,FALSE)","v":"≤ 1 500 "}]
[null,16.3,"Figure 12","Ht","mm",{"$f":"VLOOKUP($D$7,'Source Data'!$A$2:$EK$28,90,FALSE)","v":"≤ 2000"}]
[null,16.4,"Figure 12","Mass","kg",{"$f":"VLOOKUP($D$7,'Source Data'!$A$2:$EK$28,91,FALSE)","v":"≤ 3500"}]
[null,16.5,null,"Oil capacity","l",{"$f":"VLOOKUP($D$7,'Source Data'!$A$2:$EK$28,92,FALSE)","v":"xxxxxxxxxxx"}]
[null,16.6,null,"Minimum clearance between live MV terminals and from MV live terminals to any part of the tank greater than twice the BIL ","mm",{"$f":"VLOOKUP($D$7,'Source Data'!$A$2:$EK$28,93,FALSE)","v":400}]
[null,16.7,"3.3.4","Minimum mechanical clearance of 100 mm between the brackets and LV bushings shall be maintained","mm",{"$f":"VLOOKUP($D$7,'Source Data'!$A$2:$EK$28,94,FALSE)","v":100}]
[null,17,"3.3.4","Pole mounting bracket"]
[null,17.1,null,"Single pole mounting bracket required? (Yes or No)",null,{"$f":"VLOOKUP($D$7,'Source Data'!$A$2:$EK$28,96,FALSE)","v":"No"}]
[null,"17.2.1",null,"Supplied with: - 2 x clamps",null,{"$f":"VLOOKUP($D$7,'Source Data'!$A$2:$EK$28,97,FALSE)","v":"N/A"}]
[null,"17.2.2",null,"                     - 1 x threaded rod (M20 x 350 mm)",null,{"$f":"VLOOKUP($D$7,'Source Data'!$A$2:$EK$28,98,FALSE)","v":"N/A"}]
[null,"17.2.3",null,"                     - 4 x threaded rods (M20 x 250 mm)",null,{"$f":"VLOOKUP($D$7,'Source Data'!$A$2:$EK$28,99,FALSE)","v":"N/A"}]
[null,"17.2.4",null,"                     - 12 x nuts, flat washers & spring washers (M20)",null,{"$f":"VLOOKUP($D$7,'Source Data'!$A$2:$EK$28,100,FALSE)","v":"N/A"}]
[null,17.2,"Figure 13","Dimension Mo","mm",{"$f":"VLOOKUP($D$7,'Source Data'!$A$2:$EK$28,101,FALSE)","v":"N/A"}]
[null,17.3,"Figure 13","Dimension h1","mm",{"$f":"VLOOKUP($D$7,'Source Data'!$A$2:$EK$28,102,FALSE)","v":"N/A"}]
[null,17.4,"Figure 13","Dimension W1","mm",{"$f":"VLOOKUP($D$7,'Source Data'!$A$2:$EK$28,103,FALSE)","v":"N/A"}]
[null,17.5,"Figure 13","Mounting hole diameter","mm",{"$f":"VLOOKUP($D$7,'Source Data'!$A$2:$EK$28,104,FALSE)","v":"N/A"}]
[null,17.6,"Figure 13","Mounting hole centres","mm",{"$f":"VLOOKUP($D$7,'Source Data'!$A$2:$EK$28,105,FALSE)","v":"N/A"}]
[null,18,"3.3.5","Transformer under base"]
[null,18.1,null,"Under base required? (Yes or No)",null,{"$f":"VLOOKUP($D$7,'Source Data'!$A$2:$EK$28,107,FALSE)","v":"Yes"},"xxxxxxxxxxx"]
[null,18.2,"Figure14","Lml","mm",{"$f":"VLOOKUP($D$7,'Source Data'!$A$2:$EK$28,108,FALSE)","v":400}]
[null,18.3,"Figure14","Lmw (300, 400 or 450)","mm",{"$f":"VLOOKUP($D$7,'Source Data'!$A$2:$EK$28,109,FALSE)","v":"xxxxxxxxxxx"}]
[null,18.4,"Figure14","Ls","mm",{"$f":"VLOOKUP($D$7,'Source Data'!$A$2:$EK$28,110,FALSE)","v":"≥ 320"}]
[null,18.5,"Figure14","Lmh","mm",{"$f":"VLOOKUP($D$7,'Source Data'!$A$2:$EK$28,111,FALSE)","v":"≤ 120 "}]
[null,18.6,"Figure14","Mounting hole diameter","mm",{"$f":"VLOOKUP($D$7,'Source Data'!$A$2:$EK$28,112,FALSE)","v":22}]
[null,19,"3.3.6","Lifting lugs"]
[null,19.1,null,"Lifting lugs fitted",null,{"$f":"VLOOKUP($D$7,'Source Data'!$A$2:$EK$28,114,FALSE)","v":"Yes"}]
[null,19.2,null,"Hole diameter","mm",{"$f":"VLOOKUP($D$7,'Source Data'!$A$2:$EK$28,115,FALSE)","v":"≥ 30 "}]
[null,20,"3.3.7","Earthing terminals"]
[null,20.1,null,"Boss material ",null,{"$f":"VLOOKUP($D$7,'Source Data'!$A$2:$EK$28,117,FALSE)","v":"316 Stainless Steel or Mild Steel"}]
[null,20.2,null,"Boss depth","mm",{"$f":"VLOOKUP($D$7,'Source Data'!$A$2:$EK$28,118,FALSE)","v":"≥ 30"}]
[null,20.3,null,"Set screw material",null,{"$f":"VLOOKUP($D$7,'Source Data'!$A$2:$EK$28,119,FALSE)","v":"316 Stainless Steel or Mild Steel"}]
[null,20.4,null,"Set screw dimensions","mm",{"$f":"VLOOKUP($D$7,'Source Data'!$A$2:$EK$28,120,FALSE)","v":"M12 x 25 "}]
[null,20.5,null,"Supplied with washer and spring washer",null,{"$f":"VLOOKUP($D$7,'Source Data'!$A$2:$EK$28,121,FALSE)","v":"Yes"}]
[null,21,"3.3.8","Surge arrester brackets"]
[null,21.1,null,"Surge arrester brackets fitted",null,{"$f":"VLOOKUP($D$7,'Source Data'!$A$2:$EK$28,123,FALSE)","v":"Yes"}]
[null,21.2,"Figure 16","Mounting hole diameter","mm",{"$f":"VLOOKUP($D$7,'Source Data'!$A$2:$EK$28,124,FALSE)","v":14}]
[null,21.3,"Figure 16","Dimension D (worst case)","mm",{"$f":"VLOOKUP($D$7,'Source Data'!$A$2:$EK$28,125,FALSE)","v":"≥ 200"}]
[null,21.4,"Figure 16","Dimension E (worst case)","mm",{"$f":"VLOOKUP($D$7,'Source Data'!$A$2:$EK$28,126,FALSE)","v":"≥ 400 "}]
[null,21.5,"Figure 16","Dimension F (worst case)","mm",{"$f":"VLOOKUP($D$7,'Source Data'!$A$2:$EK$28,127,FALSE)","v":"≥ 150"}]
[null,22,3.4,"Corrosion protection for Coastal transformers"]
[null,22.1,null,"Indicate the coating system (i.e. DS numbers according to DSP 240-75655504) that is offered. (e.g. DS-14 + DS-15 for zinc sprayed mild steel with duplex coating)"]
[null,22.2,null,"Tank ",null,{"$f":"VLOOKUP($D$7,'Source Data'!$A$2:$EK$28,136,FALSE)","v":"xxxxxxxxxxx"}]
[null,22.3,null,"Radiators",null,{"$f":"VLOOKUP($D$7,'Source Data'!$A$2:$EK$28,137,FALSE)","v":"xxxxxxxxxxx"}]
[null,22.4,null,"Threaded rods and accessories",null,{"$f":"VLOOKUP($D$7,'Source Data'!$A$2:$EK$28,138,FALSE)","v":"xxxxxxxxxxx"}]
[null,22.5,null,"Colour of final coat",null,{"$f":"VLOOKUP($D$7,'Source Data'!$A$2:$EK$28,139,FALSE)","v":"Azure Blue"}]
[null,23,4.2,"All Type Tests in Accordance with SANS 780:\n\n• Temperature rise test \n• Dielectric type test\n• Tank stiffness test \n• Corrugated tank fatigue test\n• Equivalent disturbing current test (This test is only applicable to SWER transformers)\n• Short Circuit Withstand Test\n• Natural ageing and pollution performance test",null,"Report Numbers"]
[null,24,4.3,"All Routine Tests in Accordance with SANS 780\n\n• Measurement of winding resistance\n• Measurement of voltage ratio and phase displacement\n• Measurement of short-circuit impedance and load loss\n• Measurement of no-load loss and current\n• Separate source voltage test\n• Induced overvoltage test\n• Measurement of paint thickness\n• Test for effectiveness of sealing\n• Measurement of secondary voltage across outer two terminals to be 484 V. (Only applicable to dual-phase transformers.) \n• Measurement of insulation resistance test\n• Reactance (%)\n• Dielectric routine tests\n• Vector group test ",null,"Report Numbers"]